{"text_format":"2","workbook":"xlsx","n_sheets":5,"sheets":["ORÇAMENTO","CPU","AUX-VEIC","BDI","CRONOG"],"not_rendered":{"charts":0,"images":4,"macros":0,"external_links":239,"defined_names":32836,"comments":2,"pivot_tables":0},"unopened":[],"bounds":{"document_bytes":16777216,"sheet_cells":100000,"run_cost":"one","rows_first":2000,"rows_last":500,"rows_between":2000,"halvings":0,"cell_chars":16384,"cell_head_chars":4096},"cells_cut":0,"cells_raw":0,"read":"whole","date_system":"1900"}

{"sheet":"ORÇAMENTO","index":0,"n_rows":185,"n_cols":13,"rows_kept":185,"cut":false,"hidden":false,"merged":[[8,13,9,14],[180,9,180,10],[1,4,1,11],[2,4,2,11],[3,4,3,11],[6,1,6,11],[4,9,4,10],[5,9,5,10],[4,2,4,8],[5,2,5,8],[173,4,173,5]]}
[]
[{"$nulls":4},"               Ministério da Integração e do Desenvolvimento Regional"]
[{"$nulls":4},"               Companhia de Desenvolvimento dos Vales do São Francisco e do Parnaíba"]
[{"$nulls":4},"               1ª Superintendência Regional"]
[null,"OBRA:","EXECUÇÃO DAS OBRAS E SERVIÇOS DE CONSTRUÇÃO DE PONTES E GALERIAS, INCLUINDO A CONCLUSÃO DE ESTRUTURAS JÁ INICIADAS, LOCALIZADAS NA ÁREA DA BARRAGEM DE APROVEITAMENTO MÚLTIPLO JEQUITAÍ I, NO MUNICÍPIO DE FRANCISCO DUMONT, NO ESTADO DE MINAS GERAIS - ITEM 2: PONTE N e GALERIA O",{"$nulls":6},"BDI-SERVIÇO %",null,{"$f":"BDI!C17","v":0.26140000000000002}]
[null,"DATA:","2026-03-01",{"$nulls":6},"BDI - FORN. %",null,{"$f":"BDI!C62","v":0.15}]
[null,"PLANILHA DE ORÇAMENTAÇÃO"]
[null,"ITEM","CÓDIGO","FONTE","DISCRIMINAÇÃO","TIPO","UNID.","QUANT.","VR.UNIT.S/BDI","PR. UNIT.C/BDI","C. TOT.S/BDI","P. TOT.C/BDI"]
["A","1",null,null,"MOBILIZAÇÃO E SERVIÇOS PRELIMINARES",{"$nulls":6},{"$f":"ROUND(H9*J9,2)","v":0}]
["A1","1.1",null,null,"CANTEIRO DE OBRAS  "]
[1,"1.1.1","CA0001","CPU","ADMINISTRAÇÃO LOCAL  E MANUTENÇÃO DO CANTEIRO DE OBRAS","SERV","unid.",1,{"$f":"VLOOKUP(A11,CPU!A:P,11,0)","v":871533.60959999997},{"$f":"TRUNC(IF(F11=\"SERV\",I11*(1+$L$5),$L$6*I11),2)","v":1099352.49},{"$f":"TRUNC(H11*I11,2)","v":871533.6},{"$f":"TRUNC(H11*J11,2)","v":1099352.49}]
[2,"1.1.2","CA0002","CPU","MOBILIZAÇÃO E DESMOBILIZAÇÃO DE PESSOAL E EQUIPAMENTOS AUTOPROPELIDOS","SERV","unid.",1,{"$f":"VLOOKUP(A12,CPU!A:P,11,0)","v":14376.92},{"$f":"TRUNC(IF(F12=\"SERV\",I12*(1+$L$5),$L$6*I12),2)","v":18135.04},{"$f":"TRUNC(H12*I12,2)","v":14376.92},{"$f":"TRUNC(H12*J12,2)","v":18135.04}]
[2.5,"1.1.3","CA0003","CPU","MOBILIZAÇÃO E DESMOBILIZAÇÃO DE GUINDASTES ESPECIAIS PARA LANÇAMENTO DAS VIGAS PRÉ-MOLDADAS","SERV","unid.",1,{"$f":"VLOOKUP(A13,CPU!A:P,11,0)","v":60800.17},{"$f":"TRUNC(IF(F13=\"SERV\",I13*(1+$L$5),$L$6*I13),2)","v":76693.33},{"$f":"TRUNC(H13*I13,2)","v":60800.17},{"$f":"TRUNC(H13*J13,2)","v":76693.33}]
[2.6,"1.1.4","04.10.01","SUDECAP","MOBILIZAÇÃO E DESMOBILIZAÇÃO DE EQUIPAMENTO PARA ESTACA RAIZ","SERV","unid.",1,{"$f":"VLOOKUP(A14,CPU!A:P,11,0)","v":30000},37842,30000,37842]
[3,"1.1.5","CA0005","CPU","EXECUÇÃO DE CANTEIRO DE OBRA EM CHAPA DE MADEIRA COMPENSADA, INCLUSIVE MOBILIÁRIO E EQUIPAMENTOS","SERV","unid.",1,{"$f":"VLOOKUP(A15,CPU!A:P,11,0)","v":93294.02},117681.07,93294.02,117681.07]
[4,"1.1.6","103689","SINAPI","PLACA DE OBRA EM CHAPA DE ACO GALVANIZADO","SERV","m²",9,{"$f":"VLOOKUP(A16,CPU!A:P,11,0)","v":509.57},642.77,4586.13,5784.93]
[2.7,"1.1.7","CA0005","CODEVASF","CAMINHONETE COM MOTOR A DIESEL, POTÊNCIA 180 CV, CABINE DUPLA, 4X4 - PARA USO DA FISCALIZAÇÃO","SERV","mês",14,{"$f":"VLOOKUP(A17,CPU!A:P,11,0)","v":4448.05},{"$f":"TRUNC(IF(F17=\"SERV\",I17*(1+$L$5),$L$6*I17),2)","v":5610.77},{"$f":"TRUNC(H17*I17,2)","v":62272.7},{"$f":"TRUNC(H17*J17,2)","v":78550.78}]
["A2","1.2","",null,"TRANSPORTE DE EQUIPAMENTOS",null,"",null,"              "]
[5,"1.2.1","5914640","SICRO","TRANSPORTE DE EQUIPAMENTOS COM CAVALO MECÂNICO COM SEMI-REBOQUE, CAPACIDADE DE 30T - RODOVIA PAVIMENTADA","SERV","txkm",20000,{"$f":"VLOOKUP(A19,CPU!A:P,11,0)","v":0.57999999999999996},0.73,{"$f":"TRUNC(H19*I19,2)","v":11600},{"$f":"TRUNC(H19*J19,2)","v":14600}]
[6,"1.2.2","5914639","SICRO","TRANSPORTE DE EQUIPAMENTOS COM CAVALO MECÂNICO COM SEMI-REBOQUE, CAPACIDADE DE 30T - RODOVIA EM REVESTIMENTO PRIMÁRIO","SERV","txkm",2500,{"$f":"VLOOKUP(A20,CPU!A:P,11,0)","v":0.72},0.9,{"$f":"TRUNC(H20*I20,2)","v":1800},{"$f":"TRUNC(H20*J20,2)","v":2250}]
["A3","1.3",null,null,"SERVIÇOS PRELIMINARES"]
[7,"1.3.1",1600966,"SICRO","REMOÇÃO DE CERCAS E MOURÕES, DE FORMA MANUAL, SEM REAPROVEITAMENTO","SERV","m",540,{"$f":"VLOOKUP(A22,CPU!A:P,11,0)","v":0.75},{"$f":"TRUNC(IF(F22=\"SERV\",I22*(1+$L$5),$L$6*I22),2)","v":0.94},{"$f":"TRUNC(H22*I22,2)","v":405},{"$f":"TRUNC(H22*J22,2)","v":507.6}]
[8,"1.3.2","98529","SINAPI","CORTE RASO E RECORTE DE ÁRVORE COM DIÂMETRO DE TRONCO MAIOR OU IGUAL A 0,20 M E MENOR QUE 0,40","SERV","unid.",100,{"$f":"VLOOKUP(A23,CPU!A:P,11,0)","v":81.16},102.37,8116,10237]
[9,"1.3.3","98530","SINAPI","CORTE RASO E RECORTE DE ÁRVORE COM DIÂMETRO DE TRONCO MAIOR OU IGUAL A 0,40 M E MENOR QUE 0,60","SERV","unid.",20,{"$f":"VLOOKUP(A24,CPU!A:P,11,0)","v":159.29},200.92,3185.8,4018.4]
[10,"1.3.4","98531","SINAPI","CORTE RASO E RECORTE DE ÁRVORE COM DIÂMETRO DE TRONCO MAIOR OU IGUAL A 0,60 M","SERV","unid.",10,{"$f":"VLOOKUP(A25,CPU!A:P,11,0)","v":424.5},{"$f":"TRUNC(IF(F25=\"SERV\",I25*(1+$L$5),$L$6*I25),2)","v":535.46},4245,5354.6]
[11,"1.3.5",5502985,"SICRO","LIMPEZA MECANIZADA DE CAMADA VEGETAL, VEGETAÇÃO E PEQUENAS ÁRVORES (DIÂMETRO DE TRONCO MENOR QUE 0,20 M), COM TRATOR DE ESTEIRAS","SERV","m²",9000,{"$f":"VLOOKUP(A26,CPU!A:P,11,0)","v":0.77},0.97,{"$f":"TRUNC(H26*I26,2)","v":6930},{"$f":"TRUNC(H26*J26,2)","v":8730}]
[41,"1.3.6",5914351,"SICRO","CARGA, MANOBRA E DESCARGA DE AGREGADOS, ROCHA OU SOLOS EM CAMINHÃO BASCULANTE","SERV","ton",3000,{"$f":"VLOOKUP(A27,CPU!A:P,11,0)","v":2.92},3.68,8760,11040]
[83,"1.3.7","5915320","SICRO","TRANSPORTE COM CAMINHÃO BASCULANTE - RODOVIA EM REVESTIMENTO PRIMÁRIO","SERV","txkm",35000,{"$f":"VLOOKUP(A28,CPU!A:P,11,0)","v":0.75},0.94,26250,32900]
[82,"1.3.8","5915321","SICRO","TRANSPORTE COM CAMINHÃO BASCULANTE - RODOVIA PAVIMENTADA","SERV","txkm",180000,{"$f":"VLOOKUP(A29,CPU!A:P,11,0)","v":0.68},{"$f":"TRUNC(IF(F29=\"SERV\",I29*(1+$L$5),$L$6*I29),2)","v":0.85},{"$f":"TRUNC(H29*I29,2)","v":122400},{"$f":"TRUNC(H29*J29,2)","v":153000}]
[14,"1.3.9","4413942","SICRO","ESPALHAMENTO DE MATERIAL EM BOTA FORA","SERV","m³",2000,{"$f":"VLOOKUP(A30,CPU!A:P,11,0)","v":2.75},3.46,5500,6920]
[12,"1.3.10","CA0011","CPU","AQUISIÇÃO DE PEDRA DE MÃO COMERCIAL, PARA ENROCAMENTO, GABIÃO E DISSIPADORES - EXCLUSIVE TRANSPORTE","SERV","m³",900,{"$f":"VLOOKUP(A31,CPU!A:P,11,0)","v":165.48},208.73,148932,187857]
[16,"1.3.11","CA0006","CPU","SERVIÇOS TOPOGRÁFICOS PARA PAVIMENTAÇÃO E OEA, INCLUSIVE LEVANTAMENTO PLANIALTIMÉTRICO CADASTRAL, GERAÇÃO DE NOTAS DE SERVIÇO, SEÇÕES TRANSVERSAIS E GREIDE, ESTAQUEAMENTO E ACOMPANHAMENTO EXECUTIVO","SERV","m²",10000,{"$f":"VLOOKUP(A32,CPU!A:P,11,0)","v":0.4},{"$f":"TRUNC(IF(F32=\"SERV\",I32*(1+$L$5),$L$6*I32),2)","v":0.5},{"$f":"TRUNC(H32*I32,2)","v":4000},{"$f":"TRUNC(H32*J32,2)","v":5000}]
["A4","1.4",null,null,"PLANO DE RIGGING"]
[11,"1.4.1",5502985,"SICRO","LIMPEZA MECANIZADA DE CAMADA VEGETAL, VEGETAÇÃO E PEQUENAS ÁRVORES (DIÂMETRO DE TRONCO MENOR QUE 0,20 M), COM TRATOR DE ESTEIRAS","SERV","m²",1500,{"$f":"VLOOKUP(A34,CPU!A:P,11,0)","v":0.77},{"$f":"TRUNC(IF(F34=\"SERV\",I34*(1+$L$5),$L$6*I34),2)","v":0.97},{"$f":"TRUNC(H34*I34,2)","v":1155},{"$f":"TRUNC(H34*J34,2)","v":1455}]
[70,"1.4.2","5501906","SICRO","ESCAVAÇÃO, CARGA E TRANSPORTE DE MATERIAL DE 1A CATEGORIA - DMT DE 1.000 A 1.200M - CAMINHO DE SERVIÇO EM REVESTIMENTO PRIMÁRIO","SERV","m³",580,{"$f":"VLOOKUP(A35,CPU!A:P,11,0)","v":12.46},15.71,7226.8,9111.7999999999993]
[41,"1.4.3",5914351,"SICRO","CARGA, MANOBRA E DESCARGA DE AGREGADOS, ROCHA OU SOLOS EM CAMINHÃO BASCULANTE","SERV","ton",750,{"$f":"VLOOKUP(A36,CPU!A:P,11,0)","v":2.92},{"$f":"TRUNC(IF(F36=\"SERV\",I36*(1+$L$5),$L$6*I36),2)","v":3.68},{"$f":"TRUNC(H36*I36,2)","v":2190},{"$f":"TRUNC(H36*J36,2)","v":2760}]
[83,"1.4.4","5915320","SICRO","TRANSPORTE COM CAMINHÃO BASCULANTE - RODOVIA EM REVESTIMENTO PRIMÁRIO","SERV","txkm",10000,{"$f":"VLOOKUP(A37,CPU!A:P,11,0)","v":0.75},0.94,7500,9400]
[72,"1.4.5","4011227","SICRO","SUB-BASE DE SOLO ESTABILIZADO GRANULOMETRICAMENTE SEM MISTURA COM MATERIAL DE JAZIDA - 100% PROCTOR INTERMEDIÁRIO","SERV","m³",280,{"$f":"VLOOKUP(A38,CPU!A:P,11,0)","v":15.35},19.36,4298,5420.8]
[73,"1.4.6","4011219","SICRO","BASE DE SOLO ESTABILIZADO GRANULOMETRICAMENTE SEM MISTURA COM MATERIAL DE JAZIDA - 100% PROCTOR MODIFICADO","SERV","m³",280,{"$f":"VLOOKUP(A39,CPU!A:P,11,0)","v":16.77},21.15,4695.6000000000004,5922]
[132,"1.4.7","4011211","SICRO","REFORÇO DO SUBLEITO COM MATERIAL DE JAZIDA - 100% PROCTOR INTERMEDIÁRIO","SERV","m³",700,{"$f":"VLOOKUP(A40,CPU!A:P,11,0)","v":15.35},19.36,10745,13552]
[14,"1.4.8","4413942","SICRO","ESPALHAMENTO DE MATERIAL EM BOTA FORA","SERV","m³",450,{"$f":"VLOOKUP(A41,CPU!A:P,11,0)","v":2.75},3.46,1237.5,1557]
["B","2","",null,"PONTE N ",null,"",null,"              "]
["B1","2.1",null,null,"OBRAS DE ARTE CORRENTE E DRENAGEM"]
[31,"2.1.1","RO-40666","DER-MG","SARJETA DE CONCRETO EM CORTE TIPO DR.SCC 90/10 - EXECUÇÃO INCLUINDO ESCAVAÇÃO, FORNECIMENTO E TRANSPORTE DE TODOS OS MATERIAIS","SERV","m",40,{"$f":"VLOOKUP(A44,CPU!A:P,11,0)","v":63.12},{"$f":"TRUNC(IF(F44=\"SERV\",I44*(1+$L$5),$L$6*I44),2)","v":79.61},{"$f":"TRUNC(H44*I44,2)","v":2524.8000000000002},{"$f":"TRUNC(H44*J44,2)","v":3184.4}]
[32,"2.1.2","RO-40613","DER-MG","SARJETA DE CONCRETO EM ATERRO TIPO DR.SCA 30/10 - EXECUÇÃO INCLUINDO ESCAVAÇÃO, FORNECIMENTO E TRANSPORTE DE TODOS OS MATERIAIS","SERV","m",580,{"$f":"VLOOKUP(A45,CPU!A:P,11,0)","v":37.14},46.84,21541.200000000001,27167.200000000001]
[33,"2.1.3","CA0007","DER-MG","SAÍDA D'ÁGUA EM TALUDE DE CORTE PARA SARJETA DO TIPO SDC PARA SCC 90/10","SERV","unid.",4,{"$f":"VLOOKUP(A46,CPU!A:P,11,0)","v":568.33000000000004},716.89,2273.3200000000002,2867.56]
[34,"2.1.4","ED-48598","DER-MG","DESCIDA D'ÁGUA TIPO CALHA DN 500 - EXCLUSIVE BOTA FORA","SERV","m",40,{"$f":"VLOOKUP(A47,CPU!A:P,11,0)","v":480.78},606.45000000000005,19231.2,24258]
[35,"2.1.5","RO-40514","DER-MG","VALETA DE PROTEÇÃO DE ATERRO TIPO DR.VPA - EXECUÇÃO, INCLUSIVE ESCAVAÇÃO","SERV","m",480,{"$f":"VLOOKUP(A48,CPU!A:P,11,0)","v":33.979999999999997},42.86,16310.4,20572.8]
[36,"2.1.6","CA0008","DER-MG","DISSIPADOR DE ENERGIA PARA SAÍDA D'ÁGUA E VALETA DE PROTEÇÃO, TIPO DEN 01","SERV","unid.",4,{"$f":"VLOOKUP(A49,CPU!A:P,11,0)","v":319.13},402.55,1276.52,1610.2]
[37,"2.1.7","CA0009","DER-MG","DISSIPADOR DE ENERGIA PARA DESCIDA D'ÁGUA E BOCAS DE BUEIRO, TIPO DEN 04","SERV","unid.",4,{"$f":"VLOOKUP(A50,CPU!A:P,11,0)","v":261.08999999999997},329.33,1044.3599999999999,1317.32]
[38,"2.1.8","2003730","SICRO","CAIXA COLETORA DE TALVEGUE - CCT02 - AREIA E BRITA COMERCIAIS","SERV","unid.",4,{"$f":"VLOOKUP(A51,CPU!A:P,11,0)","v":3576.52},4511.42,14306.08,18045.68]
[15,"2.1.9","1505879a","SICRO","ENROCAMENTO DE PEDRA DE MÃO, ARRUMADA MANUALMENTE - EXCLUSIVE FORNECIMENTO","SERV","m³",3200,{"$f":"VLOOKUP(A52,CPU!A:P,11,0)","v":125.67},158.52000000000001,402144,507264]
[39.4,"2.1.10",2003866,"SICRO","APLICAÇÃO DE GEOTÊXTIL NÃO TECIDO AGULHADO COM RESISTÊNCIA À TRAÇÃO LONGITUDINAL DE 14KN/M","SERV","m²",2000,{"$f":"VLOOKUP(A53,CPU!A:P,11,0)","v":7.5},9.4600000000000009,15000,18920]
[39.5,"2.1.11","3205866a","SICRO","GABIÃO CAIXA 1,0M X 1,0M - PEDRA DE MÃO DISPONÍVEL NO LOCAL - FORNECIMENTO E ASSENTAMENTO","SERV","m³",150,{"$f":"VLOOKUP(A54,CPU!A:P,11,0)","v":534.08000000000004},{"$f":"TRUNC(IF(F54=\"SERV\",I54*(1+$L$5),$L$6*I54),2)","v":673.68},{"$f":"TRUNC(H54*I54,2)","v":80112},{"$f":"TRUNC(H54*J54,2)","v":101052}]
[40,"2.1.12","3205876a","SICRO","GABIÃO COLCHÃO ESPESSURA 0,30M - PEDRA DE MÃO DISPONÍVEL NO LOCAL - FORNECIMENTO E ASSENTAMENTO","SERV","m²",1600,{"$f":"VLOOKUP(A55,CPU!A:P,11,0)","v":237.15},299.14,379440,478624]
[39.6,"2.1.13","4011315a","SICRO","ATERRO MANUAL COM SOLO CIMENTO COMPACTADO COM 7% DE CIMENTO E MATERIAL DE JAZIDA - PARA ANCORAGEM DO GABIÃO COLCHÃO","SERV","m³",32,{"$f":"VLOOKUP(A56,CPU!A:P,11,0)","v":98},{"$f":"TRUNC(IF(F56=\"SERV\",I56*(1+$L$5),$L$6*I56),2)","v":123.61},{"$f":"TRUNC(H56*I56,2)","v":3136},{"$f":"TRUNC(H56*J56,2)","v":3955.52}]
[39.700000000000003,"2.1.14",4413993,"SICRO","REVESTIMENTO VEGETAL POR SEMEADURA DE GRAMÍNEAS E LEGUMINOSAS, EM SUPERFÍCIE INCLINADA","SERV","m²",2500,{"$f":"VLOOKUP(A57,CPU!A:P,11,0)","v":0.54},0.68,1350,1700]
[41,"2.1.15",5914351,"SICRO","CARGA, MANOBRA E DESCARGA DE AGREGADOS, ROCHA OU SOLOS EM CAMINHÃO BASCULANTE","SERV","ton",6500,{"$f":"VLOOKUP(A58,CPU!A:P,11,0)","v":2.92},3.68,18980,23920]
[42,"2.1.16","5914335","SICRO","TRANSPORTE DE MATERIAL DE 3A CATEGORIA COM CAMINHÃO BASCULANTE PARA ROCHA - RODOVIA EM REVESTIMENTO PRIMÁRIO","SERV","txkm",45000,{"$f":"VLOOKUP(A59,CPU!A:P,11,0)","v":0.96},1.21,43200,54450]
[43,"2.1.17","5914336","SICRO","TRANSPORTE DE MATERIAL DE 3A CATEGORIA COM CAMINHÃO BASCULANTE PARA ROCHA - RODOVIA PAVIMENTADA","SERV","txkm",680000,{"$f":"VLOOKUP(A60,CPU!A:P,11,0)","v":0.82},1.03,557600,700400]
["B2","2.2",null,null,"ESTRUTURAS"]
[129,"2.2.1",2306065,"SICRO","ESTACA RAIZ PERFURADA EM SOLO COM D = 31CM - CONFECÇÃO","SERV","m",80,{"$f":"VLOOKUP(A62,CPU!A:P,11,0)","v":189.32},{"$f":"TRUNC(IF(F62=\"SERV\",I62*(1+$L$5),$L$6*I62),2)","v":238.8},{"$f":"TRUNC(H62*I62,2)","v":15145.6},{"$f":"TRUNC(H62*J62,2)","v":19104}]
[130,"2.2.2",2306066,"SICRO","ESTACA RAIZ PERFURADA EM SOLO COM D = 40CM - CONFECÇÃO","SERV","m",640,{"$f":"VLOOKUP(A63,CPU!A:P,11,0)","v":263.95999999999998},332.95,168934.39999999999,213088]
[131,"2.2.3",2306247,"SICRO","ARRASAMENTO DE ESTACAS DE CONCRETO ","SERV","m³",4,{"$f":"VLOOKUP(A64,CPU!A:P,11,0)","v":257.7},{"$f":"TRUNC(IF(F64=\"SERV\",I64*(1+$L$5),$L$6*I64),2)","v":325.06},{"$f":"TRUNC(H64*I64,2)","v":1030.8},{"$f":"TRUNC(H64*J64,2)","v":1300.24}]
[109,"2.2.4",4805757,"SICRO","ESCAVAÇÃO MECÂNICA DE VALA EM MATERIAL DE 1ª CATEGORIA","SERV","m³",80,{"$f":"VLOOKUP(A65,CPU!A:P,11,0)","v":6.99},8.81,559.20000000000005,704.8]
[111,"2.2.5",4805756,"SICRO","APILOAMENTO MANUAL DE FUNDO DE VALA (ESP. = 15CM)","SERV","m²",45,{"$f":"VLOOKUP(A66,CPU!A:P,11,0)","v":4.87},6.14,219.15,276.3]
[46,"2.2.6",3108017,"SICRO","FORMA DE COMPENSADO PLASTIFICADO 14MM, USO GERAL - CONFECÇÃO, INSTALAÇÃO E RETIRADA","SERV","m²",1300,{"$f":"VLOOKUP(A67,CPU!A:P,11,0)","v":79.34},{"$f":"TRUNC(IF(F67=\"SERV\",I67*(1+$L$5),$L$6*I67),2)","v":100.07},{"$f":"TRUNC(H67*I67,2)","v":103142},{"$f":"TRUNC(H67*J67,2)","v":130091}]
[47,"2.2.7","1106057","SICRO","CONCRETO MAGRO - CONFECÇÃO EM BETONEIRA E LANÇAMENTO MANUAL - AREIA E BRITA COMERCIAIS","SERV","m³",2.5,{"$f":"VLOOKUP(A68,CPU!A:P,11,0)","v":460.03},580.28,1150.07,1450.7]
[48,"2.2.8","1116263","SICRO","CONCRETO PARA BOMBEAMENTO FCK = 25 MPA - CONFECÇÃO EM CENTRAL DOSADORA - AREIA E BRITA COMERCIAIS","SERV","m³",240,{"$f":"VLOOKUP(A69,CPU!A:P,11,0)","v":428.22},540.15,102772.8,129636]
[49,"2.2.9","1116264","SICRO","CONCRETO PARA BOMBEAMENTO FCK = 30 MPA - CONFECÇÃO EM CENTRAL DOSADORA - AREIA E BRITA COMERCIAIS","SERV","m³",78,{"$f":"VLOOKUP(A70,CPU!A:P,11,0)","v":444.89},561.17999999999995,34701.42,43772.04]
[51,"2.2.10",1107860,"SICRO","LANÇAMENTO MECÂNICO DE CONCRETO COM BOMBA","SERV","m³",290,{"$f":"VLOOKUP(A71,CPU!A:P,11,0)","v":63.98},80.7,18554.2,23403]
[52,"2.2.11","1106087","SICRO","LANÇAMENTO MANUAL DE CONCRETO","SERV","m³",28,{"$f":"VLOOKUP(A72,CPU!A:P,11,0)","v":56.32},71.040000000000006,1576.96,1989.12]
[53,"2.2.12","0407819","SICRO","ARMAÇÃO EM AÇO CA-50 - FORNECIMENTO, PREPARO E COLOCAÇÃO","SERV","kg",65000,{"$f":"VLOOKUP(A73,CPU!A:P,11,0)","v":12.35},15.57,802750,1012050]
[119,"2.2.13","0407819a","SICRO","ARMAÇÃO EM AÇO CA-50 - EXCLUSIVE FORNECIMENTO, CORTE E DOBRA","SERV","kg",13000,{"$f":"VLOOKUP(A74,CPU!A:P,11,0)","v":5.45},{"$f":"TRUNC(IF(F74=\"SERV\",I74*(1+$L$5),$L$6*I74),2)","v":6.87},{"$f":"TRUNC(H74*I74,2)","v":70850},{"$f":"TRUNC(H74*J74,2)","v":89310}]
[54,"2.2.14","1108055","SICRO","ARGAMASSA AUTOADENSÁVEL PARA GRAUTEAMENTO - CONFECÇÃO E LANÇAMENTO MANUAL","SERV","m³",0.15,{"$f":"VLOOKUP(A75,CPU!A:P,11,0)","v":3582.27},4518.67,537.34,677.8]
[54.5,"2.2.15","0307084","SICRO","LÁBIOS POLIMÉRICOS EM JUNTA DE PAVIMENTO DE CONCRETO - L=20MM E H=30MM - CONFECÇÃO E ASSENTAMENTO","SERV","m",32,{"$f":"VLOOKUP(A76,CPU!A:P,11,0)","v":31.71},{"$f":"TRUNC(IF(F76=\"SERV\",I76*(1+$L$5),$L$6*I76),2)","v":39.99},{"$f":"TRUNC(H76*I76,2)","v":1014.72},{"$f":"TRUNC(H76*J76,2)","v":1279.68}]
[55,"2.2.16","0307735","SICRO","JUNTA DE DILATAÇÃO EM ELASTÔMERO E PERFIL VV - L = 35MM E H = 60MM - FORNECIMENTO E INSTALAÇÃO","SERV","m",16,{"$f":"VLOOKUP(A77,CPU!A:P,11,0)","v":452.98},571.38,7247.68,9142.08]
[56,"2.2.17","307732","SICRO","APARELHO DE APOIO DE NEOPRENE FRETADO PARA ESTRUTURAS PRÉ-MOLDADAS - FORNECIMENTO E INSTALAÇÃO","SERV","dm³",100,{"$f":"VLOOKUP(A78,CPU!A:P,11,0)","v":125.33},158.09,12533,15809]
[133,"2.2.18","5915015","SICRO","CARGA, MANOBRA E DESCARGA DE MATERIAIS DIVERSOS EM CAMINHÃO CARROCERIA COM GUINDAUTO","SERV","ton",130,{"$f":"VLOOKUP(A79,CPU!A:P,11,0)","v":21.2},{"$f":"TRUNC(IF(F79=\"SERV\",I79*(1+$L$5),$L$6*I79),2)","v":26.74},{"$f":"TRUNC(H79*I79,2)","v":2756},{"$f":"TRUNC(H79*J79,2)","v":3476.2}]
[120,"2.2.19","5914583","SICRO","TRANSPORTE COM CAMINHÃO CARROCERIA COM GUINDAUTO DE 10 t.m - RODOVIA PAVIMENTADA","SERV","txkm",32000,{"$f":"VLOOKUP(A80,CPU!A:P,11,0)","v":1.35},1.7,43200,54400]
[121,"2.2.20","5914581","SICRO","TRANSPORTE COM CAMINHÃO CARROCERIA COM GUINDAUTO DE 10 t.m - RODOVIA LEITO NATURAL","SERV","txkm",1000,{"$f":"VLOOKUP(A81,CPU!A:P,11,0)","v":2.0699999999999998},2.61,2070,2610]
[134,"2.2.21","2408149a","SICRO","ESTRUTURA EM PERFIL DE AÇO ASTM A572, CORTE, SOLDA E MONTAGEM - FORNECIMENTO E INSTALAÇÃO","SERV","kg",62000,{"$f":"VLOOKUP(A82,CPU!A:P,11,0)","v":19.62},24.74,1216440,1533880]
[60,"2.2.22","3806421 + 5915401a","SICRO","CARGA, DESCARGA, MANOBRA E LANÇAMENTO DE VIGA METÁLICA OU PRÉ-MOLDADA DE ATÉ 750KN COM UTILIZAÇÃO DE GUINDASTES E CAVALO MECÂNICO COM REBOQUES DE 5 E 4 EIXOS COM CAPACIDADE DE 130T CADA","SERV","unid.",12,{"$f":"VLOOKUP(A83,CPU!A:P,11,0)","v":10934.56},13792.85,131214.72,165514.20000000001]
[61,"2.2.23","3806426","SICRO","LANÇAMENTO DE PRÉ-LAJE E PLACAS PRÉ-MOLDADAS COM UTILIZAÇÃO DE GUINDAUTO","SERV","ton",50,{"$f":"VLOOKUP(A84,CPU!A:P,11,0)","v":63.25},79.78,3162.5,3989]
[62,"2.2.24","2007971","SICRO","DRENO DE PVC D = 100MM PARA OAE - FORNECIMENTO E INSTALAÇÃO","SERV","m",15,{"$f":"VLOOKUP(A85,CPU!A:P,11,0)","v":89.78},113.24,1346.7,1698.6]
[63,"2.2.25","5919538","SICRO","CARGA, MANOBRA E DESCARGA DE CONCRETO COM CAMINHÃO BETONEIRA EM CENTRAL DE CONCRETO E DESCARGA LIVRE","SERV","ton",800,{"$f":"VLOOKUP(A86,CPU!A:P,11,0)","v":18.89},23.82,15112,19056]
[64,"2.2.26","5914569","SICRO","TRANSPORTE COM CAMINHÃO BETONEIRA - RODOVIA PAVIMENTADA","SERV","txkm",100000,{"$f":"VLOOKUP(A87,CPU!A:P,11,0)","v":0.8},1,80000,100000]
[65,"2.2.27","5914554","SICRO","TRANSPORTE COM CAMINHÃO BETONEIRA - RODOVIA EM REVESTIMENTO PRIMÁRIO","SERV","txkm",6500,{"$f":"VLOOKUP(A88,CPU!A:P,11,0)","v":0.98},1.23,6370,7995]
[66,"2.2.28","4805754","SICRO","COMPACTAÇÃO MANUAL COM SOQUETE VIBRATÓRIO","SERV","m³",100,{"$f":"VLOOKUP(A89,CPU!A:P,11,0)","v":7.51},9.4700000000000006,751,947]
[67,"2.2.29","3719529","SICRO","BARREIRA SIMPLES DE CONCRETO ARMADO, PRÉ-MOLDADA","SERV","m",90,{"$f":"VLOOKUP(A90,CPU!A:P,11,0)","v":199.59},251.76,17963.099999999999,22658.400000000001]
["B3","2.3",0,0,"TERRAPLANAGEM E PAVIMENTAÇÃO ASFÁLTICA"]
[70,"2.3.1","5501906","SICRO","ESCAVAÇÃO, CARGA E TRANSPORTE DE MATERIAL DE 1A CATEGORIA - DMT DE 1.000 A 1.200M - CAMINHO DE SERVIÇO EM REVESTIMENTO PRIMÁRIO","SERV","m³",56000,{"$f":"VLOOKUP(A92,CPU!A:P,11,0)","v":12.46},{"$f":"TRUNC(IF(F92=\"SERV\",I92*(1+$L$5),$L$6*I92),2)","v":15.71},{"$f":"TRUNC(H92*I92,2)","v":697760},{"$f":"TRUNC(H92*J92,2)","v":879760}]
[71,"2.3.2","5503041","SICRO","COMPACTAÇÃO DE ATERROS A 100% DO PROCTOR NORMAL","SERV","m³",44000,{"$f":"VLOOKUP(A93,CPU!A:P,11,0)","v":6.57},8.2799999999999994,289080,364320]
[72,"2.3.3","4011227","SICRO","SUB-BASE DE SOLO ESTABILIZADO GRANULOMETRICAMENTE SEM MISTURA COM MATERIAL DE JAZIDA - 100% PROCTOR INTERMEDIÁRIO","SERV","m³",520,{"$f":"VLOOKUP(A94,CPU!A:P,11,0)","v":15.35},19.36,7982,10067.200000000001]
[73,"2.3.4","4011219","SICRO","BASE DE SOLO ESTABILIZADO GRANULOMETRICAMENTE SEM MISTURA COM MATERIAL DE JAZIDA - 100% PROCTOR MODIFICADO","SERV","m³",520,{"$f":"VLOOKUP(A95,CPU!A:P,11,0)","v":16.77},21.15,8720.4,10998]
[74,"2.3.5","4011352","SICRO","IMPRIMAÇÃO COM EMULSÃO ASFÁLTICA (EAI)","SERV","m²",3500,{"$f":"VLOOKUP(A96,CPU!A:P,11,0)","v":0.62},0.78,2170,2730]
[75,"2.3.6","4011353","SICRO","PINTURA DE LIGAÇÃO","SERV","m²",3500,{"$f":"VLOOKUP(A97,CPU!A:P,11,0)","v":0.43},0.54,1505,1890]
[76,"2.3.7","4011464","SICRO","CONCRETO ASFÁLTICO FAIXA C - MASSA COMERCIAL","SERV","ton",440,{"$f":"VLOOKUP(A98,CPU!A:P,11,0)","v":21.1},26.61,9284,11708.4]
[77,"2.3.8","5914610","SICRO","CARGA, MANOBRA E DESCARGA DE MISTURA BETUMINOSA A QUENTE EM CAMINHÃO COM CAÇAMBA TÉRMICA - CARGA EM USINA DE ASFALTO E DESCARGA MANUAL","SERV","ton",440,{"$f":"VLOOKUP(A99,CPU!A:P,11,0)","v":28.49},35.93,12535.6,15809.2]
[78,"2.3.9","5914612","SICRO","TRANSPORTE DE MISTURA BETUMINOSA A QUENTE COM CAMINHÃO CAÇAMBA TÉRMICA - RODOVIA PAVIMENTADA","SERV","txkm",56000,{"$f":"VLOOKUP(A100,CPU!A:P,11,0)","v":0.9},1.1299999999999999,50400,63280]
[79,"2.3.10","5914613","SICRO","TRANSPORTE DE MISTURA BETUMINOSA A QUENTE COM CAMINHÃO CAÇAMBA TÉRMICA - RODOVIA EM REVESTIMENTO PRIMÁRIO","SERV","txkm",3200,{"$f":"VLOOKUP(A101,CPU!A:P,11,0)","v":1.1000000000000001},1.38,3520,4416]
[80,"2.3.11","5914622","SICRO","TRANSPORTE DE MATERIAL BETUMINOSO COM CAMINHÃO TANQUE DISTRIBUIDOR - RODOVIA PAVIMENTADA","SERV","txkm",2400,{"$f":"VLOOKUP(A102,CPU!A:P,11,0)","v":2.2400000000000002},2.82,5376,6768]
[81,"2.3.12","5914621","SICRO","TRANSPORTE DE MATERIAL BETUMINOSO COM CAMINHÃO TANQUE DISTRIBUIDOR - RODOVIA EM REVESTIMENTO PRIMÁRIO","SERV","txkm",21,{"$f":"VLOOKUP(A103,CPU!A:P,11,0)","v":2.73},3.44,57.33,72.239999999999995]
[82,"2.3.13","5915321","SICRO","TRANSPORTE COM CAMINHÃO BASCULANTE - RODOVIA PAVIMENTADA","SERV","txkm",100000,{"$f":"VLOOKUP(A104,CPU!A:P,11,0)","v":0.68},0.85,68000,85000]
[83,"2.3.14","5915320","SICRO","TRANSPORTE COM CAMINHÃO BASCULANTE - RODOVIA EM REVESTIMENTO PRIMÁRIO","SERV","txkm",410000,{"$f":"VLOOKUP(A105,CPU!A:P,11,0)","v":0.75},0.94,307500,385400]
["B4","2.4",0,0,"SINALIZAÇÃO E OBRAS COMPLEMENTARES"]
[85,"2.4.1",3713608,"SICRO","CERCA COM 4 FIOS DE ARAME FARPADO E MOURÃO DE MADEIRA A CADA 2,5M, ESTICADOR A CADA 50M","SERV","m",540,{"$f":"VLOOKUP(A107,CPU!A:P,11,0)","v":23},{"$f":"TRUNC(IF(F107=\"SERV\",I107*(1+$L$5),$L$6*I107),2)","v":29.01},{"$f":"TRUNC(H107*I107,2)","v":12420},{"$f":"TRUNC(H107*J107,2)","v":15665.4}]
[86,"2.4.2",3713604,"SICRO","DEFENSA SEMIMALEÁVEL SIMPLES - FORNECIMENTO E IMPLANTAÇÃO","SERV","m",560,{"$f":"VLOOKUP(A108,CPU!A:P,11,0)","v":331.88},418.63,185852.79999999999,234432.8]
[87,"2.4.3",3713605,"SICRO","ANCORAGEM DE DEFENSA SEMIMALEÁVEL SIMPLES - FORNECIMENTO E IMPLANTAÇÃO","SERV","m",32,{"$f":"VLOOKUP(A109,CPU!A:P,11,0)","v":392.66},495.3,12565.12,15849.6]
[88,"2.4.4","3713690","SICRO","TERMINAL DE ANCORAGEM DE DEFENSA METÁLICA EM BARREIRA DE CONCRETO, TIPO D - FORNECIMENTO E IMPLANTAÇÃO","SERV","unid.",4,{"$f":"VLOOKUP(A110,CPU!A:P,11,0)","v":501.13},632.12,2004.52,2528.48]
[89,"2.4.5","5213477a","SICRO","PLACA DELINEADORA EM AÇO - 80MM X 72MM - PELÍCULA RETROREFLETIVA TIPO I + IV - FORNECIMENTO E IMPLANTAÇÃO","SERV","unid.",90,{"$f":"VLOOKUP(A111,CPU!A:P,11,0)","v":73.77},93.05,6639.3,8374.5]
[90,"2.4.6","5213572","SICRO","PLACA EM AÇO Nº 16 GALVANIZADO COM PELÍCULA RETRORREFLETIVA TIPO III + III - FORNECIMENTO E INSTALAÇÃO","SERV","m²",1.5,{"$f":"VLOOKUP(A112,CPU!A:P,11,0)","v":583.76},736.35,875.64,1104.52]
[91,"2.4.7","5216111","SICRO","SUPORTE PARA PLACA DE SINALIZAÇÃO EM MADEIRA DE LEI TRATADA 8 X 8CM - FORNECIMENTO E INSTALAÇÃO","SERV","unid.",4,{"$f":"VLOOKUP(A113,CPU!A:P,11,0)","v":134.74},169.96,538.96,679.84]
[92,"2.4.8","5213408","SICRO","PINTURA DE FAIXA COM TERMOPLÁSTICO POR ASPERSÃO - ESPESSURA 1,5MM","SERV","m²",160,{"$f":"VLOOKUP(A114,CPU!A:P,11,0)","v":47.07},59.37,7531.2,9499.2000000000007]
["B5","2.5",0,0,"SINALIZAÇÃO DE OBRA",null,null,0]
[90,"2.5.1","5213572","SICRO","PLACA EM AÇO Nº 16 GALVANIZADO COM PELÍCULA RETRORREFLETIVA TIPO III + III - FORNECIMENTO E INSTALAÇÃO","SERV","m²",17,{"$f":"VLOOKUP(A116,CPU!A:P,11,0)","v":583.76},{"$f":"TRUNC(IF(F116=\"SERV\",I116*(1+$L$5),$L$6*I116),2)","v":736.35},{"$f":"TRUNC(H116*I116,2)","v":9923.92},{"$f":"TRUNC(H116*J116,2)","v":12517.95}]
[91,"2.5.2","5216111","SICRO","SUPORTE PARA PLACA DE SINALIZAÇÃO EM MADEIRA DE LEI TRATADA 8 X 8CM - FORNECIMENTO E INSTALAÇÃO","SERV","unid.",14,{"$f":"VLOOKUP(A117,CPU!A:P,11,0)","v":134.74},169.96,1886.36,2379.44]
[95,"2.5.3","5213840","SICRO","DISPOSITIVO DE DIRECIONAMENTO OU BLOQUEIO COM TELA PLÁSTICA E SUPORTE FIXO - CONFECÇÃO","SERV","m",720,{"$f":"VLOOKUP(A118,CPU!A:P,11,0)","v":27.93},35.229999999999997,20109.599999999999,25365.599999999999]
[]
["C","3","",0,"GALERIA O",null,"",null,"              "]
["C1","3.1",0,0,"TERRAPLANAGEM"]
[11,"3.1.1",5502985,"SICRO","LIMPEZA MECANIZADA DE CAMADA VEGETAL, VEGETAÇÃO E PEQUENAS ÁRVORES (DIÂMETRO DE TRONCO MENOR QUE 0,20 M), COM TRATOR DE ESTEIRAS","SERV","m²",38000,{"$f":"VLOOKUP(A122,CPU!A:P,11,0)","v":0.77},{"$f":"TRUNC(IF(F122=\"SERV\",I122*(1+$L$5),$L$6*I122),2)","v":0.97},{"$f":"TRUNC(H122*I122,2)","v":29260},{"$f":"TRUNC(H122*J122,2)","v":36860}]
[41,"3.1.2",5914351,"SICRO","CARGA, MANOBRA E DESCARGA DE AGREGADOS, ROCHA OU SOLOS EM CAMINHÃO BASCULANTE","SERV","ton",480,{"$f":"VLOOKUP(A123,CPU!A:P,11,0)","v":2.92},3.68,1401.6,1766.4]
[82,"3.1.3","5915321","SICRO","TRANSPORTE COM CAMINHÃO BASCULANTE - RODOVIA PAVIMENTADA","SERV","txkm",110000,{"$f":"VLOOKUP(A124,CPU!A:P,11,0)","v":0.68},{"$f":"TRUNC(IF(F124=\"SERV\",I124*(1+$L$5),$L$6*I124),2)","v":0.85},{"$f":"TRUNC(H124*I124,2)","v":74800},{"$f":"TRUNC(H124*J124,2)","v":93500}]
[83,"3.1.4",5915320,"SICRO","TRANSPORTE COM CAMINHÃO BASCULANTE - RODOVIA EM REVESTIMENTO PRIMÁRIO","SERV","txkm",285000,{"$f":"VLOOKUP(A125,CPU!A:P,11,0)","v":0.75},0.94,213750,267900]
[14,"3.1.5","4413942","SICRO","ESPALHAMENTO DE MATERIAL EM BOTA-FORA","SERV","m³",270,{"$f":"VLOOKUP(A126,CPU!A:P,11,0)","v":2.75},3.46,742.5,934.2]
[70,"3.1.6","5501906","SICRO","ESCAVAÇÃO, CARGA E TRANSPORTE DE MATERIAL DE 1A CATEGORIA - DMT DE 1.000 A 1.200M - CAMINHO DE SERVIÇO EM REVESTIMENTO PRIMÁRIO","SERV","m³",29000,{"$f":"VLOOKUP(A127,CPU!A:P,11,0)","v":12.46},15.71,361340,455590]
[71,"3.1.7","5503041","SICRO","COMPACTAÇÃO DE ATERROS A 100% DO PROCTOR NORMAL","SERV","m³",29000,{"$f":"VLOOKUP(A128,CPU!A:P,11,0)","v":6.57},8.2799999999999994,190530,240120]
[15,"3.1.8","1505879a","SICRO","ENROCAMENTO DE PEDRA DE MÃO, ARRUMADA MANUALMENTE - EXCLUSIVE FORNECIMENTO","SERV","m³",400,{"$f":"VLOOKUP(A129,CPU!A:P,11,0)","v":125.67},158.52000000000001,50268,63408]
[102,"3.1.9","C2767","SEINFRA","ENSECADEIRA COM SACOS DE AREIA","SERV","m³",18,{"$f":"VLOOKUP(A130,CPU!A:P,11,0)","v":304.81},384.48,5486.58,6920.64]
[103,"3.1.10","2003767a","SICRO","TRANSIÇÃO COMPACTADA COM AREIA COMERCIAL, ESPALHAMENTO MANUAL","SERV","m³",100,{"$f":"VLOOKUP(A131,CPU!A:P,11,0)","v":155.43},196.05,{"$f":"TRUNC(H131*I131,2)","v":15543},{"$f":"TRUNC(H131*J131,2)","v":19605}]
[104,"3.1.11",2003850,"SICRO","LASTRO COM MATERIAL GRANULAR (PEDRA BRITADA) - BRITA COMERCIAL","SERV","m³",3,{"$f":"VLOOKUP(A132,CPU!A:P,11,0)","v":192.58},242.92,577.74,728.76]
[105,"3.1.12",2003767,"SICRO","LASTRO COM MATERIAL GRANULAR (AREIA) -AREIA COMERCIAL","SERV","m³",3,{"$f":"VLOOKUP(A133,CPU!A:P,11,0)","v":151.96},191.68,455.88,575.04]
[39.700000000000003,"3.1.13",4413993,"SICRO","REVESTIMENTO VEGETAL POR SEMEADURA DE GRAMÍNEAS E LEGUMINOSAS, EM SUPERFÍCIE INCLINADA","SERV","m²",21600,{"$f":"VLOOKUP(A134,CPU!A:P,11,0)","v":0.54},0.68,11664,14688]
["C2","3.2",null,null,"ESTRUTURAS"]
[47,"3.2.1","1106057","SICRO","CONCRETO MAGRO - CONFECÇÃO EM BETONEIRA E LANÇAMENTO MANUAL - AREIA E BRITA COMERCIAIS","SERV","m³",6,{"$f":"VLOOKUP(A136,CPU!A:P,11,0)","v":460.03},{"$f":"TRUNC(IF(F136=\"SERV\",I136*(1+$L$5),$L$6*I136),2)","v":580.28},{"$f":"TRUNC(H136*I136,2)","v":2760.18},{"$f":"TRUNC(H136*J136,2)","v":3481.68}]
[48,"3.2.2",1116263,"SICRO","CONCRETO PARA BOMBEAMENTO FCK = 25 MPA - CONFECÇÃO EM CENTRAL DOSADORA - AREIA E BRITA COMERCIAIS","SERV","m³",80,{"$f":"VLOOKUP(A137,CPU!A:P,11,0)","v":428.22},540.15,34257.599999999999,43212]
[64,"3.2.3","5914569","SICRO","TRANSPORTE COM CAMINHÃO BETONEIRA - RODOVIA PAVIMENTADA","SERV","txkm",44000,{"$f":"VLOOKUP(A138,CPU!A:P,11,0)","v":0.8},1,35200,44000]
[65,"3.2.4","5914554","SICRO","TRANSPORTE COM CAMINHÃO BETONEIRA - RODOVIA EM REVESTIMENTO PRIMÁRIO","SERV","txkm",3700,{"$f":"VLOOKUP(A139,CPU!A:P,11,0)","v":0.98},1.23,3626,4551]
[51,"3.2.5",1107860,"SICRO","LANÇAMENTO MECÂNICO DE CONCRETO COM BOMBA","SERV","m³",150,{"$f":"VLOOKUP(A140,CPU!A:P,11,0)","v":63.98},80.7,9597,12105]
[53,"3.2.6","0407819","SICRO","ARMAÇÃO EM AÇO CA-50 - FORNECIMENTO, PREPARO E COLOCAÇÃO","SERV","kg",4000,{"$f":"VLOOKUP(A141,CPU!A:P,11,0)","v":12.35},15.57,49400,62280]
[46,"3.2.7","3108017","SICRO","FORMA DE COMPENSADO PLASTIFICADO 14MM, USO GERAL - CONFECÇÃO, INSTALAÇÃO E RETIRADA","SERV","m²",380,{"$f":"VLOOKUP(A142,CPU!A:P,11,0)","v":79.34},100.07,{"$f":"TRUNC(H142*I142,2)","v":30149.200000000001},{"$f":"TRUNC(H142*J142,2)","v":38026.6}]
[108,"3.2.8","2105605","SICRO","ESCORAMENTO PARA CORPO DE BUEIROS CELULARES - CONFECÇÃO, INSTALAÇÃO E RETIRADA","SERV","m³",125,{"$f":"VLOOKUP(A143,CPU!A:P,11,0)","v":54.81},69.13,6851.25,8641.25]
[54.5,"3.2.9","0307084","SICRO","LÁBIOS POLIMÉRICOS EM JUNTA DE PAVIMENTO DE CONCRETO - L=20MM E H=30MM - CONFECÇÃO E ASSENTAMENTO","SERV","m",76,{"$f":"VLOOKUP(A144,CPU!A:P,11,0)","v":31.71},{"$f":"TRUNC(IF(F144=\"SERV\",I144*(1+$L$5),$L$6*I144),2)","v":39.99},{"$f":"TRUNC(H144*I144,2)","v":2409.96},{"$f":"TRUNC(H144*J144,2)","v":3039.24}]
[55,"3.2.10","0307735","SICRO","JUNTA DE DILATAÇÃO EM ELASTÔMERO E PERFIL VV - L = 35MM E H = 60MM - FORNECIMENTO E INSTALAÇÃO","SERV","m",38,{"$f":"VLOOKUP(A145,CPU!A:P,11,0)","v":452.98},571.38,17213.240000000002,21712.44]
[109,"3.2.11","4805757","SICRO","ESCAVACAO MECANICA DE VALA EM MATERIAL DE 1ª CATEGORIA","SERV","m³",240,{"$f":"VLOOKUP(A146,CPU!A:P,11,0)","v":6.99},8.81,1677.6,2114.4]
[110,"3.2.12","4805762","SICRO","ESCAVACAO MECANICA DE VALA EM MATERIAL DE 2ª CATEGORIA","SERV","m³",270,{"$f":"VLOOKUP(A147,CPU!A:P,11,0)","v":8.6199999999999992},10.87,2327.4,2934.9]
[111,"3.2.13","4805756","SICRO","APILOAMENTO MANUAL DE FUNDO DE VALA (ESP. = 15CM)","SERV","m²",450,{"$f":"VLOOKUP(A148,CPU!A:P,11,0)","v":4.87},6.14,2191.5,2763]
[112,"3.2.14","4815671","SICRO","REATERRO MANUAL DE VALAS COM COMPACTAÇÃO COM SOQUETE VIBRATÓRIO","SERV","m³",160,{"$f":"VLOOKUP(A149,CPU!A:P,11,0)","v":18.010000000000002},22.71,2881.6,3633.6]
[113,"3.2.15","804029","SICRO","CORPO DE BSTC ø 800 - AREIA, BRITA E PEDRA DE MÃO COMERCIAIS","SERV","m",50,{"$f":"VLOOKUP(A150,CPU!A:P,11,0)","v":664.94},838.75,33247,41937.5]
[114,"3.2.16","804384","SICRO","BOCA DE BSTC ø 800 - AREIA E BRITA COMERCIAIS","SERV","unid.",4,{"$f":"VLOOKUP(A151,CPU!A:P,11,0)","v":1493.66},1884.1,5974.64,7536.4]
[115,"3.2.17","804053","SICRO","CORPO DE BSTC ø 1500 - AREIA, BRITA E PEDRA DE MÃO COMERCIAIS","SERV","m",45,{"$f":"VLOOKUP(A152,CPU!A:P,11,0)","v":1847.14},2329.98,83121.3,104849.1]
[116,"3.2.18","804409","SICRO","BOCA DE BSTC ø 1500 - AREIA E BRITA COMERCIAIS","SERV","unid.",4,{"$f":"VLOOKUP(A153,CPU!A:P,11,0)","v":7631.33},9626.15,30525.32,38504.6]
[38,"3.2.19","2003730","SICRO","CAIXA COLETORA DE TALVEGUE - CCT 02 - AREIA E BRITA COMERCIAIS","SERV","unid.",2,{"$f":"VLOOKUP(A154,CPU!A:P,11,0)","v":3576.52},4511.42,7153.04,9022.84]
[118,"3.2.20","1506055","SICRO","BACIA DE DISSIPAÇÃO COM PEDRA ARGAMASSADA - AREIA E PEDRA DE MÃO COMERCIAIS","SERV","m³",45,{"$f":"VLOOKUP(A155,CPU!A:P,11,0)","v":465.36},587,20941.2,26415]
[119,"3.2.21","0407819a","SICRO","ARMAÇÃO EM AÇO CA-50 - EXCLUSIVE FORNECIMENTO, CORTE E DOBRA","SERV","kg",800,{"$f":"VLOOKUP(A156,CPU!A:P,11,0)","v":5.45},6.87,4360,5496]
[120,"3.2.22","5914583","SICRO","TRANSPORTE COM CAMINHÃO CARROCERIA COM GUINDAUTO DE 10 t.m - RODOVIA PAVIMENTADA","SERV","txkm",500,{"$f":"VLOOKUP(A157,CPU!A:P,11,0)","v":1.35},1.7,675,850]
[121,"3.2.23","5914581","SICRO","TRANSPORTE COM CAMINHÃO CARROCERIA COM GUINDAUTO DE 10 t.m - RODOVIA LEITO NATURAL","SERV","txkm",50,{"$f":"VLOOKUP(A158,CPU!A:P,11,0)","v":2.0699999999999998},2.61,103.5,130.5]
["C3","3.3",null,null,"RELOCAÇÃO DE TRECHO"]
[16,"3.3.1","CA0006","CPU","SERVIÇOS TOPOGRÁFICOS PARA PAVIMENTAÇÃO E OEA, INCLUSIVE LEVANTAMENTO PLANIALTIMÉTRICO CADASTRAL, GERAÇÃO DE NOTAS DE SERVIÇO, SEÇÕES TRANSVERSAIS E GREIDE, ESTAQUEAMENTO E ACOMPANHAMENTO EXECUTIVO","SERV","m²",1800,{"$f":"VLOOKUP(A160,CPU!A:P,11,0)","v":0.4},{"$f":"TRUNC(IF(F160=\"SERV\",I160*(1+$L$5),$L$6*I160),2)","v":0.5},{"$f":"TRUNC(H160*I160,2)","v":720},{"$f":"TRUNC(H160*J160,2)","v":900}]
[11,"3.3.2",5502985,"SICRO","LIMPEZA MECANIZADA DE CAMADA VEGETAL, VEGETAÇÃO E PEQUENAS ÁRVORES (DIÂMETRO DE TRONCO MENOR QUE 0,20 M), COM TRATOR DE ESTEIRAS","SERV","m²",14500,{"$f":"VLOOKUP(A161,CPU!A:P,11,0)","v":0.77},0.97,{"$f":"TRUNC(H161*I161,2)","v":11165},{"$f":"TRUNC(H161*J161,2)","v":14065}]
[70,"3.3.3","5501906","SICRO","ESCAVAÇÃO, CARGA E TRANSPORTE DE MATERIAL DE 1A CATEGORIA - DMT DE 1.000 A 1.200M - CAMINHO DE SERVIÇO EM REVESTIMENTO PRIMÁRIO","SERV","m³",6500,{"$f":"VLOOKUP(A162,CPU!A:P,11,0)","v":12.46},15.71,80990,102115]
[71,"3.3.4","5503041","SICRO","COMPACTAÇÃO DE ATERROS A 100% DO PROCTOR NORMAL","SERV","m³",4500,{"$f":"VLOOKUP(A163,CPU!A:P,11,0)","v":6.57},8.2799999999999994,29565,37260]
[110,"3.3.5","4805762","SICRO","ESCAVACAO MECANICA DE VALA EM MATERIAL DE 2ª CATEGORIA","SERV","m³",80,{"$f":"VLOOKUP(A164,CPU!A:P,11,0)","v":8.6199999999999992},10.87,689.6,869.6]
[112,"3.3.6","4815671","SICRO","REATERRO MANUAL DE VALAS COM COMPACTAÇÃO COM SOQUETE VIBRATÓRIO","SERV","m³",60,{"$f":"VLOOKUP(A165,CPU!A:P,11,0)","v":18.010000000000002},22.71,1080.5999999999999,1362.6]
[122,"3.3.7","804180a","SICRO","CORPO DE BDTC ø 600 - AREIA, BRITA E PEDRA DE MÃO COMERCIAIS","SERV","m",18,{"$f":"VLOOKUP(A166,CPU!A:P,11,0)","v":819.02},1033.1099999999999,14742.36,18595.98]
[123,"3.3.8","804213a","SICRO","BOCA DE BDTC ø 60 - AREIA E BRITA COMERCIAIS","SERV","unid.",2,{"$f":"VLOOKUP(A167,CPU!A:P,11,0)","v":1397.77},1763.14,2795.54,3526.28]
[124,"3.3.9","4015612","SICRO","EXECUÇÃO DE REVESTIMENTO PRIMÁRIO COM MATERIAL DE JAZIDA","SERV","m³",2800,{"$f":"VLOOKUP(A168,CPU!A:P,11,0)","v":15.35},19.36,42980,54208]
[118,"3.3.10","1506055","SICRO","BACIA DE DISSIPAÇÃO COM PEDRA ARGAMASSADA - AREIA E PEDRA DE MÃO COMERCIAIS","SERV","m³",3.5,{"$f":"VLOOKUP(A169,CPU!A:P,11,0)","v":465.36},587,1628.76,2054.5]
[121,"3.3.11","5914581","SICRO","TRANSPORTE COM CAMINHÃO CARROCERIA COM GUINDAUTO DE 10 t.m - RODOVIA LEITO NATURAL","SERV","txkm",900,{"$f":"VLOOKUP(A170,CPU!A:P,11,0)","v":2.0699999999999998},2.61,1863,2349]
[120,"3.3.12","5914583","SICRO","TRANSPORTE COM CAMINHÃO CARROCERIA COM GUINDAUTO DE 10 t.m - RODOVIA PAVIMENTADA","SERV","txkm",11000,{"$f":"VLOOKUP(A171,CPU!A:P,11,0)","v":1.35},1.7,14850,18700]
["C4","3.4",null,null,"SINALIZAÇÃO DE OBRA"]
[125,"3.4.1","5212559","SICRO","PLACA DE SINALIZAÇÃO DE OBRAS, MONTADA EM SUPORTE METÁLICO MÓVEL, R2 LADO 1,00M - FORNECIMENTO, 01 IMPLANTAÇÃO E 01 RETIRADA DIÁRIA","SERV","unid.",600,{"$f":"VLOOKUP(A173,CPU!A:P,11,0)","v":3.39},{"$f":"TRUNC(IF(F173=\"SERV\",I173*(1+$L$5),$L$6*I173),2)","v":4.2699999999999996},{"$f":"TRUNC(H173*I173,2)","v":2034},{"$f":"TRUNC(H173*J173,2)","v":2562}]
["D","4","",null,"FORNECIMENTO DE MATERIAIS BETUMINOSOS E MASSA ASFÁLTICA (BDI DIFERENCIADO)",null,"",null,"              "]
["D1","4.1",null,null,"EMULSÕES ASFÁLTICAS"]
[126,"4.1.1","FORN.0001","ANP","EMULSÃO ASFÁLTICA PARA IMPRIMAÇÃO (EAI)","FORN","ton",46,{"$f":"VLOOKUP(A176,CPU!A:P,11,0)","v":2465.69},{"$f":"TRUNC(IF(F176=\"SERV\",I176*(1+$L$5),(1+$L$6)*I176),2)","v":2835.54},{"$f":"TRUNC(H176*I176,2)","v":113421.74},{"$f":"TRUNC(H176*J176,2)","v":130434.84}]
[127,"4.1.2","FORN.0002","ANP","EMULSÃO ASFÁLTICA TIPO RR-1C","FORN","ton",16,{"$f":"VLOOKUP(A177,CPU!A:P,11,0)","v":2953.58},{"$f":"TRUNC(IF(F177=\"SERV\",I177*(1+$L$5),(1+$L$6)*I177),2)","v":3396.61},47257.279999999999,54345.760000000002]
["D2","4.2",0,0,"MASSA ASFÁLTICA"]
[128,"4.2.1","FORN.0003","COTAÇÃO","CONCRETO BETUMINOSO USINADO A QUENTE - FAIXA C - COMERCIAL","FORN","ton",450,{"$f":"VLOOKUP(A179,CPU!A:P,11,0)","v":693.6},797.64,312120,358938]
[]
[{"$nulls":9},"TOTAL:",null,{"$f":"TRUNC(SUM(L11:L179),2)","v":12186985.699999999}]
[]
[]
[]
[{"$nulls":12},{"$f":"SUM(L186:L188)","v":0}]

{"sheet":"CPU","index":1,"n_rows":4263,"n_cols":11,"rows_kept":4263,"cut":false,"hidden":false,"merged":[[558,0,595,0],[558,11,560,12],[559,2,559,9],[560,1,561,3],[560,4,560,5],[561,4,561,5],[562,2,562,7],[562,8,562,9],[563,1,564,2],[563,3,564,3],[563,4,563,5],[563,6,563,7],[565,13,565,15],[568,7,568,9],[571,3,571,7],[572,3,572,7],[573,3,573,7],[573,11,573,13],[576,7,576,9],[579,3,579,7],[580,7,580,9],[583,3,583,7],[585,8,585,9],[588,3,588,7],[589,1,590,2],[589,3,590,3],[589,4,590,4],[589,5,589,7],[589,9,590,9],[593,3,593,7],[594,5,594,7],[86,11,86,12],[87,1,88,3],[87,4,87,5],[88,4,88,5],[89,2,89,7],[89,8,89,9],[90,1,91,2],[90,3,91,3],[90,4,90,5],[90,6,90,7],[92,13,92,15],[95,7,95,9],[98,3,98,7],[99,3,99,7],[100,3,100,7],[100,11,100,13],[103,7,103,9],[3812,0,3853,0],[3812,11,3812,12],[3813,2,3813,9],[3813,11,3813,12],[3814,1,3815,3],[3814,4,3814,5],[3815,4,3815,5],[3816,2,3816,7],[3816,8,3816,9],[3817,1,3818,2],[3817,3,3818,3],[3817,4,3817,5],[3817,6,3817,7],[3819,13,3819,15],[3826,7,3826,9],[3829,3,3829,7],[3830,3,3830,7],[3831,3,3831,7],[3831,11,3831,13],[3834,7,3834,9],[3837,3,3837,7],[3838,7,3838,9],[3841,3,3841,7],[3843,8,3843,9],[3846,3,3846,7],[3847,1,3848,2],[3847,3,3848,3],[3847,4,3848,4],[3847,5,3847,7],[3847,9,3848,9],[3851,3,3851,7],[3852,5,3852,7],[3773,0,3810,0],[3773,11,3773,12],[3774,2,3774,9],[3774,11,3774,12],[3775,1,3776,3],[3775,4,3775,5],[3776,4,3776,5],[3777,2,3777,7],[3777,8,3777,9],[3778,1,3779,2],[3778,3,3779,3],[3778,4,3778,5],[3778,6,3778,7],[3734,2,3734,9],[3734,11,3734,12],[3735,1,3736,3],[3735,4,3735,5],[3736,4,3736,5],[3737,2,3737,7],[3737,8,3737,9],[3738,1,3739,2],[3738,3,3739,3],[3738,4,3738,5],[3738,6,3738,7],[3733,0,3771,0],[3733,11,3733,12],[3751,7,3751,9],[3754,3,3754,7],[3755,7,3755,9],[3783,7,3783,9],[3786,3,3786,7],[3759,3,3759,7],[3740,13,3740,15],[3743,7,3743,9],[3746,3,3746,7],[3809,5,3809,7],[3787,3,3787,7],[3788,3,3788,7],[3788,11,3788,13],[3791,7,3791,9],[3794,3,3794,7],[3795,7,3795,9],[3798,3,3798,7],[3800,8,3800,9],[3803,3,3803,7],[3804,1,3805,2],[3804,3,3805,3],[3804,4,3805,4],[3804,5,3804,7],[3804,9,3805,9],[3747,3,3747,7],[3748,3,3748,7],[3748,11,3748,13],[3765,5,3765,7],[3765,9,3766,9],[3769,3,3769,7],[3780,13,3780,15],[3761,8,3761,9],[3764,3,3764,7],[3765,1,3766,2],[3765,3,3766,3],[3765,4,3766,4],[2396,7,2396,8],[2356,7,2356,8],[2317,7,2317,8],[3635,7,3635,8],[3770,5,3770,7],[3808,3,3808,7],[4036,7,4036,9],[3696,4,3696,5],[3697,4,3697,5],[3698,2,3698,7],[3698,8,3698,9],[3699,1,3700,2],[3699,3,3700,3],[3699,4,3699,5],[3699,6,3699,7],[3725,4,3726,4],[3725,5,3725,7],[3725,9,3726,9],[3729,3,3729,7],[3730,5,3730,7],[3696,1,3697,3],[4055,3,4055,7],[4056,5,4056,7],[4059,11,4059,12],[4060,2,4060,9],[4060,11,4060,12],[4061,1,4062,3],[4061,4,4061,5],[4062,4,4062,5],[4063,2,4063,7],[4063,8,4063,9],[4064,1,4065,2],[4064,3,4065,3],[4064,4,4064,5],[4064,6,4064,7],[4015,0,4057,0],[4029,7,4029,9],[4031,3,4031,7],[4032,3,4032,7],[4033,3,4033,7],[4040,3,4040,7],[4041,7,4041,9],[4033,11,4033,13],[4017,1,4018,3],[4017,4,4017,5],[4018,4,4018,5],[4019,2,4019,7],[4019,8,4019,9],[4020,1,4021,2],[4020,3,4021,3],[4020,4,4020,5],[4020,6,4020,7],[4022,13,4022,15],[4043,3,4043,7],[4045,8,4045,9],[4049,3,4049,7],[4050,1,4051,2],[4050,3,4051,3],[4050,4,4051,4],[4050,5,4050,7],[4050,9,4051,9],[3991,11,3991,13],[3994,7,3994,9],[3997,3,3997,7],[3998,7,3998,9],[4001,3,4001,7],[4003,8,4003,9],[4006,3,4006,7],[4007,1,4008,2],[4007,3,4008,3],[4007,4,4008,4],[4007,5,4007,7],[4007,9,4008,9],[4011,3,4011,7],[4012,5,4012,7],[4015,11,4015,12],[4016,2,4016,9],[4016,11,4016,12],[3951,11,3951,13],[3954,7,3954,9],[3957,3,3957,7],[3958,7,3958,9],[3962,3,3962,7],[3964,8,3964,9],[3967,3,3967,7],[3968,1,3969,2],[3968,3,3969,3],[3968,4,3969,4],[3968,5,3968,7],[3968,9,3969,9],[3972,3,3972,7],[3973,5,3973,7],[3976,0,4013,0],[3976,11,3976,12],[3977,2,3977,9],[3977,11,3977,12],[3978,1,3979,3],[3978,4,3978,5],[3979,4,3979,5],[3980,2,3980,7],[3980,8,3980,9],[3981,1,3982,2],[3981,3,3982,3],[3981,4,3981,5],[3981,6,3981,7],[3983,13,3983,15],[3986,7,3986,9],[3989,3,3989,7],[3990,3,3990,7],[3991,3,3991,7],[3911,11,3911,13],[3914,7,3914,9],[3917,3,3917,7],[3918,7,3918,9],[3922,3,3922,7],[3924,8,3924,9],[3927,3,3927,7],[3928,1,3929,2],[3928,3,3929,3],[3928,4,3929,4],[3928,5,3928,7],[3928,9,3929,9],[3932,3,3932,7],[3933,5,3933,7],[3936,0,3974,0],[3936,11,3936,12],[3937,2,3937,9],[3937,11,3937,12],[3938,1,3939,3],[3938,4,3938,5],[3939,4,3939,5],[3940,2,3940,7],[3940,8,3940,9],[3941,1,3942,2],[3941,3,3942,3],[3941,4,3941,5],[3941,6,3941,7],[3943,13,3943,15],[3946,7,3946,9],[3949,3,3949,7],[3950,3,3950,7],[3951,3,3951,7],[3870,11,3870,13],[3873,7,3873,9],[3876,3,3876,7],[3877,7,3877,9],[3880,3,3880,7],[3882,8,3882,9],[3886,3,3886,7],[3887,1,3888,2],[3887,3,3888,3],[3887,4,3888,4],[3887,5,3887,7],[3887,9,3888,9],[3892,3,3892,7],[3893,5,3893,7],[3896,0,3934,0],[3896,11,3896,12],[3897,2,3897,9],[3897,11,3897,12],[3898,1,3899,3],[3898,4,3898,5],[3899,4,3899,5],[3900,2,3900,7],[3900,8,3900,9],[3901,1,3902,2],[3901,3,3902,3],[3901,4,3901,5],[3901,6,3901,7],[3903,13,3903,15],[3906,7,3906,9],[3909,3,3909,7],[3910,3,3910,7],[3911,3,3911,7],[3701,13,3701,15],[3704,7,3704,9],[3707,3,3707,7],[3708,3,3708,7],[3709,3,3709,7],[3709,11,3709,13],[3855,0,3894,0],[3855,11,3855,12],[3856,2,3856,9],[3856,11,3856,12],[3857,1,3858,3],[3857,4,3857,5],[3858,4,3858,5],[3859,2,3859,7],[3859,8,3859,9],[3860,1,3861,2],[3860,3,3861,3],[3860,4,3860,5],[3860,6,3860,7],[3862,13,3862,15],[3865,7,3865,9],[3868,3,3868,7],[3869,3,3869,7],[3870,3,3870,7],[3712,7,3712,9],[3715,3,3715,7],[3716,7,3716,9],[3719,3,3719,7],[3721,8,3721,9],[3724,3,3724,7],[3725,1,3726,2],[3725,3,3726,3],[3655,0,3692,0],[3655,11,3655,12],[3656,2,3656,9],[3656,11,3656,12],[3657,1,3658,3],[3657,4,3657,5],[3658,4,3658,5],[3659,2,3659,7],[3659,8,3659,9],[3660,1,3661,2],[3660,3,3661,3],[3660,4,3660,5],[3660,6,3660,7],[3690,3,3690,7],[3691,5,3691,7],[3694,11,3694,12],[3695,2,3695,9],[3695,11,3695,12],[3694,0,3731,0],[3662,13,3662,15],[3665,7,3665,9],[3668,3,3668,7],[3669,3,3669,7],[3670,3,3670,7],[3670,11,3670,13],[3673,7,3673,9],[3676,3,3676,7],[3677,7,3677,9],[3680,3,3680,7],[3682,8,3682,9],[3685,3,3685,7],[3686,1,3687,2],[3686,3,3687,3],[3686,4,3687,4],[3686,5,3686,7],[3686,9,3687,9],[3616,0,3653,0],[3616,11,3616,12],[3617,2,3617,9],[3617,11,3617,12],[3618,1,3619,3],[3618,4,3618,5],[3619,4,3619,5],[3620,2,3620,7],[3620,8,3620,9],[3621,1,3622,2],[3621,3,3622,3],[3621,4,3621,5],[3621,6,3621,7],[3623,13,3623,15],[3626,7,3626,9],[3629,3,3629,7],[3630,3,3630,7],[3631,3,3631,7],[3631,11,3631,13],[3634,7,3634,9],[3637,3,3637,7],[3638,7,3638,9],[3641,3,3641,7],[3643,8,3643,9],[3646,3,3646,7],[3647,1,3648,2],[3647,3,3648,3],[3647,4,3648,4],[3647,5,3647,7],[3647,9,3648,9],[3651,3,3651,7],[3652,5,3652,7],[3577,0,3614,0],[3577,11,3577,12],[3578,2,3578,9],[3578,11,3578,12],[3579,1,3580,3],[3579,4,3579,5],[3580,4,3580,5],[3581,2,3581,7],[3581,8,3581,9],[3582,1,3583,2],[3582,3,3583,3],[3582,4,3582,5],[3582,6,3582,7],[3584,13,3584,15],[3587,7,3587,9],[3590,3,3590,7],[3591,3,3591,7],[3592,3,3592,7],[3592,11,3592,13],[3595,7,3595,9],[3598,3,3598,7],[3599,7,3599,9],[3602,3,3602,7],[3604,8,3604,9],[3607,3,3607,7],[3608,1,3609,2],[3608,3,3609,3],[3608,4,3609,4],[3608,5,3608,7],[3608,9,3609,9],[3612,3,3612,7],[3613,5,3613,7],[3538,0,3575,0],[3538,11,3538,12],[3539,2,3539,9],[3539,11,3539,12],[3540,1,3541,3],[3540,4,3540,5],[3541,4,3541,5],[3542,2,3542,7],[3542,8,3542,9],[3543,1,3544,2],[3543,3,3544,3],[3543,4,3543,5],[3543,6,3543,7],[3545,13,3545,15],[3548,7,3548,9],[3551,3,3551,7],[3552,3,3552,7],[3553,3,3553,7],[3553,11,3553,13],[3556,7,3556,9],[3559,3,3559,7],[3560,7,3560,9],[3563,3,3563,7],[3565,8,3565,9],[3568,3,3568,7],[3569,1,3570,2],[3569,3,3570,3],[3569,4,3570,4],[3569,5,3569,7],[3569,9,3570,9],[3573,3,3573,7],[3574,5,3574,7],[3498,0,3536,0],[3498,11,3498,12],[3499,2,3499,9],[3499,11,3499,12],[3500,1,3501,3],[3500,4,3500,5],[3501,4,3501,5],[3502,2,3502,7],[3502,8,3502,9],[3503,1,3504,2],[3503,3,3504,3],[3503,4,3503,5],[3503,6,3503,7],[3505,13,3505,15],[3508,7,3508,9],[3511,3,3511,7],[3512,3,3512,7],[3513,3,3513,7],[3513,11,3513,13],[3516,7,3516,9],[3519,3,3519,7],[3520,7,3520,9],[3524,3,3524,7],[3526,8,3526,9],[3529,3,3529,7],[3530,1,3531,2],[3530,3,3531,3],[3530,4,3531,4],[3530,5,3530,7],[3530,9,3531,9],[3534,3,3534,7],[3535,5,3535,7],[3459,0,3496,0],[3459,11,3459,12],[3460,2,3460,9],[3460,11,3460,12],[3461,1,3462,3],[3461,4,3461,5],[3462,4,3462,5],[3463,2,3463,7],[3463,8,3463,9],[3464,1,3465,2],[3464,3,3465,3],[3464,4,3464,5],[3464,6,3464,7],[3466,13,3466,15],[3469,7,3469,9],[3472,3,3472,7],[3473,3,3473,7],[3474,3,3474,7],[3474,11,3474,13],[3477,7,3477,9],[3480,3,3480,7],[3481,7,3481,9],[3484,3,3484,7],[3486,8,3486,9],[3489,3,3489,7],[3490,1,3491,2],[3490,3,3491,3],[3490,4,3491,4],[3490,5,3490,7],[3490,9,3491,9],[3494,3,3494,7],[3495,5,3495,7],[3419,0,3457,0],[3419,11,3419,12],[3420,2,3420,9],[3420,11,3420,12],[3421,1,3422,3],[3421,4,3421,5],[3422,4,3422,5],[3423,2,3423,7],[3423,8,3423,9],[3424,1,3425,2],[3424,3,3425,3],[3424,4,3424,5],[3424,6,3424,7],[3426,13,3426,15],[3429,7,3429,9],[3432,3,3432,7],[3433,3,3433,7],[3434,3,3434,7],[3434,11,3434,13],[3437,7,3437,9],[3440,3,3440,7],[3441,7,3441,9],[3445,3,3445,7],[3447,8,3447,9],[3450,3,3450,7],[3451,1,3452,2],[3451,3,3452,3],[3451,4,3452,4],[3451,5,3451,7],[3451,9,3452,9],[3455,3,3455,7],[3456,5,3456,7],[3380,0,3417,0],[3380,11,3380,12],[3381,2,3381,9],[3381,11,3381,12],[3382,1,3383,3],[3382,4,3382,5],[3383,4,3383,5],[3384,2,3384,7],[3384,8,3384,9],[3385,1,3386,2],[3385,3,3386,3],[3385,4,3385,5],[3385,6,3385,7],[3387,13,3387,15],[3390,7,3390,9],[3393,3,3393,7],[3394,3,3394,7],[3395,3,3395,7],[3395,11,3395,13],[3398,7,3398,9],[3401,3,3401,7],[3402,7,3402,9],[3405,3,3405,7],[3407,8,3407,9],[3410,3,3410,7],[3411,1,3412,2],[3411,3,3412,3],[3411,4,3412,4],[3411,5,3411,7],[3411,9,3412,9],[3415,3,3415,7],[3416,5,3416,7],[3341,0,3378,0],[3341,11,3341,12],[3342,2,3342,9],[3342,11,3342,12],[3343,1,3344,3],[3343,4,3343,5],[3344,4,3344,5],[3345,2,3345,7],[3345,8,3345,9],[3346,1,3347,2],[3346,3,3347,3],[3346,4,3346,5],[3346,6,3346,7],[3348,13,3348,15],[3351,7,3351,9],[3354,3,3354,7],[3355,3,3355,7],[3356,3,3356,7],[3356,11,3356,13],[3359,7,3359,9],[3362,3,3362,7],[3363,7,3363,9],[3366,3,3366,7],[3368,8,3368,9],[3371,3,3371,7],[3372,1,3373,2],[3372,3,3373,3],[3372,4,3373,4],[3372,5,3372,7],[3372,9,3373,9],[3376,3,3376,7],[3377,5,3377,7],[3302,0,3339,0],[3302,11,3302,12],[3303,2,3303,9],[3303,11,3303,12],[3304,1,3305,3],[3304,4,3304,5],[3305,4,3305,5],[3306,2,3306,7],[3306,8,3306,9],[3307,1,3308,2],[3307,3,3308,3],[3307,4,3307,5],[3307,6,3307,7],[3309,13,3309,15],[3312,7,3312,9],[3315,3,3315,7],[3316,3,3316,7],[3317,3,3317,7],[3317,11,3317,13],[3320,7,3320,9],[3323,3,3323,7],[3324,7,3324,9],[3327,3,3327,7],[3329,8,3329,9],[3332,3,3332,7],[3333,1,3334,2],[3333,3,3334,3],[3333,4,3334,4],[3333,5,3333,7],[3333,9,3334,9],[3337,3,3337,7],[3338,5,3338,7],[3263,0,3300,0],[3263,11,3263,12],[3264,2,3264,9],[3264,11,3264,12],[3265,1,3266,3],[3265,4,3265,5],[3266,4,3266,5],[3267,2,3267,7],[3267,8,3267,9],[3268,1,3269,2],[3268,3,3269,3],[3268,4,3268,5],[3268,6,3268,7],[3270,13,3270,15],[3273,7,3273,9],[3276,3,3276,7],[3277,3,3277,7],[3278,3,3278,7],[3278,11,3278,13],[3281,7,3281,9],[3284,3,3284,7],[3285,7,3285,9],[3288,3,3288,7],[3290,8,3290,9],[3293,3,3293,7],[3294,1,3295,2],[3294,3,3295,3],[3294,4,3295,4],[3294,5,3294,7],[3294,9,3295,9],[3298,3,3298,7],[3299,5,3299,7],[3213,0,3261,0],[3213,11,3213,12],[3214,2,3214,9],[3214,11,3214,12],[3215,1,3216,3],[3215,4,3215,5],[3216,4,3216,5],[3217,2,3217,7],[3217,8,3217,9],[3218,1,3219,2],[3218,3,3219,3],[3218,4,3218,5],[3218,6,3218,7],[3220,13,3220,15],[3223,7,3223,9],[3226,3,3226,7],[3227,3,3227,7],[3228,3,3228,7],[3228,11,3228,13],[3231,7,3231,9],[3238,3,3238,7],[3239,7,3239,9],[3241,3,3241,7],[3243,8,3243,9],[3250,3,3250,7],[3251,1,3252,2],[3251,3,3252,3],[3251,4,3252,4],[3251,5,3251,7],[3251,9,3252,9],[3259,3,3259,7],[3260,5,3260,7],[3174,0,3211,0],[3174,11,3174,12],[3175,2,3175,9],[3175,11,3175,12],[3176,1,3177,3],[3176,4,3176,5],[3177,4,3177,5],[3178,2,3178,7],[3178,8,3178,9],[3179,1,3180,2],[3179,3,3180,3],[3179,4,3179,5],[3179,6,3179,7],[3181,13,3181,15],[3184,7,3184,9],[3187,3,3187,7],[3188,3,3188,7],[3189,3,3189,7],[3189,11,3189,13],[3192,7,3192,9],[3195,3,3195,7],[3196,7,3196,9],[3199,3,3199,7],[3201,8,3201,9],[3204,3,3204,7],[3205,1,3206,2],[3205,3,3206,3],[3205,4,3206,4],[3205,5,3205,7],[3205,9,3206,9],[3209,3,3209,7],[3210,5,3210,7],[3135,0,3172,0],[3135,11,3135,12],[3136,2,3136,9],[3136,11,3136,12],[3137,1,3138,3],[3137,4,3137,5],[3138,4,3138,5],[3139,2,3139,7],[3139,8,3139,9],[3140,1,3141,2],[3140,3,3141,3],[3140,4,3140,5],[3140,6,3140,7],[3142,13,3142,15],[3145,7,3145,9],[3148,3,3148,7],[3149,3,3149,7],[3150,3,3150,7],[3150,11,3150,13],[3153,7,3153,9],[3156,3,3156,7],[3157,7,3157,9],[3160,3,3160,7],[3162,8,3162,9],[3165,3,3165,7],[3166,1,3167,2],[3166,3,3167,3],[3166,4,3167,4],[3166,5,3166,7],[3166,9,3167,9],[3170,3,3170,7],[3171,5,3171,7],[3096,0,3133,0],[3097,2,3097,9],[3098,1,3099,3],[3098,4,3098,5],[3099,4,3099,5],[3100,2,3100,7],[3100,8,3100,9],[3101,1,3102,2],[3101,3,3102,3],[3101,4,3101,5],[3101,6,3101,7],[3103,13,3103,15],[3106,7,3106,9],[3109,3,3109,7],[3110,3,3110,7],[3111,3,3111,7],[3111,11,3111,13],[3114,7,3114,9],[3117,3,3117,7],[3118,7,3118,9],[3121,3,3121,7],[3123,8,3123,9],[3126,3,3126,7],[3127,1,3128,2],[3127,3,3128,3],[3127,4,3128,4],[3127,5,3127,7],[3127,9,3128,9],[3131,3,3131,7],[3132,5,3132,7],[3096,11,3099,13],[3055,0,3094,0],[3055,11,3055,12],[3056,2,3056,9],[3056,11,3056,12],[3057,1,3058,3],[3057,4,3057,5],[3058,4,3058,5],[3059,2,3059,7],[3059,8,3059,9],[3060,1,3061,2],[3060,3,3061,3],[3060,4,3060,5],[3060,6,3060,7],[3062,13,3062,15],[3065,7,3065,9],[3068,3,3068,7],[3069,3,3069,7],[3070,3,3070,7],[3070,11,3070,13],[3073,7,3073,9],[3078,3,3078,7],[3079,7,3079,9],[3082,3,3082,7],[3084,8,3084,9],[3087,3,3087,7],[3088,1,3089,2],[3088,3,3089,3],[3088,4,3089,4],[3088,5,3088,7],[3088,9,3089,9],[3092,3,3092,7],[3093,5,3093,7],[3013,0,3053,0],[3013,11,3013,12],[3014,2,3014,9],[3014,11,3014,12],[3015,1,3016,3],[3015,4,3015,5],[3016,4,3016,5],[3017,2,3017,7],[3017,8,3017,9],[3018,1,3019,2],[3018,3,3019,3],[3018,4,3018,5],[3018,6,3018,7],[3020,13,3020,15],[3023,7,3023,9],[3026,3,3026,7],[3027,3,3027,7],[3028,3,3028,7],[3028,11,3028,13],[3031,7,3031,9],[3035,3,3035,7],[3036,7,3036,9],[3039,3,3039,7],[3041,8,3041,9],[3045,3,3045,7],[3046,1,3047,2],[3046,3,3047,3],[3046,4,3047,4],[3046,5,3046,7],[3046,9,3047,9],[3051,3,3051,7],[3052,5,3052,7],[2973,0,3011,0],[2973,11,2973,12],[2974,2,2974,9],[2974,11,2974,12],[2975,1,2976,3],[2975,4,2975,5],[2976,4,2976,5],[2977,2,2977,7],[2977,8,2977,9],[2978,1,2979,2],[2978,3,2979,3],[2978,4,2978,5],[2978,6,2978,7],[2980,13,2980,15],[2983,7,2983,9],[2986,3,2986,7],[2987,3,2987,7],[2988,3,2988,7],[2988,11,2988,13],[2991,7,2991,9],[2995,3,2995,7],[2996,7,2996,9],[2999,3,2999,7],[3001,8,3001,9],[3004,3,3004,7],[3005,1,3006,2],[3005,3,3006,3],[3005,4,3006,4],[3005,5,3005,7],[3005,9,3006,9],[3009,3,3009,7],[3010,5,3010,7],[2929,0,2971,0],[2929,11,2929,12],[2930,2,2930,9],[2930,11,2930,12],[2931,1,2932,3],[2931,4,2931,5],[2932,4,2932,5],[2933,2,2933,7],[2933,8,2933,9],[2934,1,2935,2],[2934,3,2935,3],[2934,4,2934,5],[2934,6,2934,7],[2936,13,2936,15],[2939,7,2939,9],[2943,3,2943,7],[2944,3,2944,7],[2945,3,2945,7],[2945,11,2945,13],[2948,7,2948,9],[2952,3,2952,7],[2953,7,2953,9],[2957,3,2957,7],[2959,8,2959,9],[2963,3,2963,7],[2964,1,2965,2],[2964,3,2965,3],[2964,4,2965,4],[2964,5,2964,7],[2964,9,2965,9],[2969,3,2969,7],[2970,5,2970,7],[2890,0,2927,0],[2890,11,2890,12],[2891,2,2891,9],[2891,11,2891,12],[2892,1,2893,3],[2892,4,2892,5],[2893,4,2893,5],[2894,2,2894,7],[2894,8,2894,9],[2895,1,2896,2],[2895,3,2896,3],[2895,4,2895,5],[2895,6,2895,7],[2897,13,2897,15],[2900,7,2900,9],[2903,3,2903,7],[2904,3,2904,7],[2905,3,2905,7],[2905,11,2905,13],[2908,7,2908,9],[2911,3,2911,7],[2912,7,2912,9],[2915,3,2915,7],[2917,8,2917,9],[2920,3,2920,7],[2921,1,2922,2],[2921,3,2922,3],[2921,4,2922,4],[2921,5,2921,7],[2921,9,2922,9],[2925,3,2925,7],[2926,5,2926,7],[2851,0,2888,0],[2851,11,2851,12],[2852,2,2852,9],[2852,11,2852,12],[2853,1,2854,3],[2853,4,2853,5],[2854,4,2854,5],[2855,2,2855,7],[2855,8,2855,9]],"merged_total":3403,"flags":["merged_cut"]}
[1,"1ª/GRD",{"$nulls":8},{"$f":"J43","v":871533.60959999997}]
[null,"OBRA:","EXECUÇÃO DAS OBRAS E SERVIÇOS DE CONSTRUÇÃO DE PONTES E GALERIAS, INCLUINDO A CONCLUSÃO DE ESTRUTURAS JÁ INICIADAS, LOCALIZADAS NA ÁREA DA BARRAGEM DE APROVEITAMENTO MÚLTIPLO JEQUITAÍ I, NO MUNICÍPIO DE FRANCISCO DUMONT, NO ESTADO DE MINAS GERAIS - ITEM 2: PONTE N e GALERIA O"]
[null,"Custo Unitário de Referência",null,null,"Minas Gerais"]
[{"$nulls":4}," Abril/2025 ",null,null,"Produção da equipe ",1,{"$f":"VLOOKUP(A1,ORÇAMENTO!A:L,7,0)","v":"unid."}]
[null,"CA0001","ADMINISTRAÇÃO LOCAL  E MANUTENÇÃO DO CANTEIRO DE OBRAS",{"$nulls":5},"Valores em reais (R$)"]
[null,"A - EQUIPAMENTOS",null,"Quantidade","Utilização",null,"Custo Horário",null,null,"Custo"]
[{"$nulls":4},"Operativa","Improdutiva","Produtivo","Improdutivo",null,"Horário Total"]
[null,92138,"Caminhonete a diesel, cabine dupla, 4x4",2112,0.25,0.75,95.54,45.25,null,{"$f":"D8*(E8*G8+F8*H8)","v":122121.12000000001}]
[null,"E9125","Veículo tipo van furgão com capacidade de 1,38 t - 100 kW",1056,0.12,0.88,87.335700000000003,47.899799999999999,null,{"$f":"D9*(E9*G9+F9*H9)","v":55579.506047999996}]
[{"$nulls":7},"Custo horário total de equipamentos",null,{"$f":"SUM(J8:J9)","v":177700.62604800001}]
[null,"B - MÃO DE OBRA",null,"Quantidade","Unidade",null,"Custo Horário","Custo Horário Total"]
[null,"P9812","Engenheiro - mensalista",5.9997022051707667,"mês",null,26982.6132,null,null,{"$f":"D12*G12","v":161887.64391730985}]
[null,"P9876","Técnico de segurança do trabalho - mensalista",12,"mês",null,8251.9032999999999,null,null,{"$f":"D13*G13","v":99022.839600000007}]
[null,"P9840","Encarregado geral - mensalista",6,"mês",null,13706.441699999999,null,null,82238.650200000004]
[null,"P9811","Encarregado especializado - mensalista",12,"mês",null,9586.3796000000002,null,null,115036.5552]
[null,"P9827","Vigia - mensalista",24,"mês",null,4905.9498000000003,null,null,117742.79520000001]
[null,"P9806","Auxiliar administrativo - mensalista",12,"mês",null,4706.5968999999996,null,null,56479.162799999991]
[null,"P9858","Laboratorista - mensalista",4,"mês",null,6549.5189,null,null,{"$f":"D18*G18","v":26198.0756}]
[null,"P9833","Auxiliar de laboratório - mensalista",4,"mês",null,6450.1135999999997,null,null,25800.454399999999]
[null,null,null,"Custo horário total de mão de obra",{"$nulls":5},{"$f":"SUM(J12:J19)","v":684406.17691730987}]
[null,null,null,"Custo horário total de execução",{"$nulls":5},{"$f":"J10+J20","v":862106.80296530994}]
[null,null,null,"Custo unitário de execução",{"$nulls":5},{"$f":"J21/I4","v":862106.80296530994}]
[{"$nulls":7},"Custo do FIC",null,0]
[{"$nulls":7},"Custo do FIT",null,0]
[null,"C - MATERIAL",null,"Quantidade","Unidade",null,"Preço Unitário","Custo Unitário"]
[null,"-",0,null," - ",null,0,null,null,{"$f":"D26*G26","v":0}]
[null,"-",0,null," - ",null,0,null,null,{"$f":"D27*G27","v":0}]
[null,null,null,"Custo unitário total de material",{"$nulls":5},{"$f":"SUM(J26:J27)","v":0}]
[null,"D - ATIVIDADES AUXILIARES",null,"Quantidade","Unidade",null,"Custo Unitário","Custo Unitário"]
[null,"B8957","Cesta das instalações - Laboretório de Solos e Concreto (simplificado - ensaios in situ e amostras)",4,"mês",null,842.15166666666653,null,null,{"$f":"D30*G30","v":3368.6066666666661}]
[null,"SBC 008823","Ensaio de resistência a compressão simples - concreto",60,"unid.",null,100.97,null,null,{"$f":"D31*G31","v":6058.2}]
[null,null,null,"Custo total de atividades auxiliares",{"$nulls":5},{"$f":"SUM(J30:J31)","v":9426.8066666666655}]
[{"$nulls":7},"Subtotal",null,{"$f":"J22+J28+J32+J23+J24","v":871533.60963197658}]
[null,"E - TEMPO FIXO",null,"Código","Quantidade","Unidade",null,"Custo Unitário","Custo Unitário"]
[null,"-",0,"-",null,0,null,0,null,{"$f":"ROUNDDOWN(E35*H35,4)","v":0}]
[null,"-",0,"-",null,0,null,0,null,{"$f":"ROUNDDOWN(E36*H36,4)","v":0}]
[null,null,null,"Custo unitário total de tempo fixo",{"$nulls":5},{"$f":"SUM(J35:J36)","v":0}]
[null,"F - MOMENTO DE TRANSPORTE",null,"Quantidade","Unidade","DMT",null,null,null,"Custo Unitário"]
[{"$nulls":5},"LN","RP","P"]
[null,"-",0,null,"tkm"]
[null,"-",0,null,"tkm"]
[null,null,null,"Custo unitário total de transporte"]
[{"$nulls":5},"Custo unitário direto total",null,null,null,{"$f":"TRUNC(J33+J37,4)","v":871533.60959999997}]
[null,"Obs."]
[]
[2,"1ª/GRD",{"$nulls":8},{"$f":"J83","v":14376.92}]
[null,"OBRA:","EXECUÇÃO DAS OBRAS E SERVIÇOS DE CONSTRUÇÃO DE PONTES E GALERIAS, INCLUINDO A CONCLUSÃO DE ESTRUTURAS JÁ INICIADAS, LOCALIZADAS NA ÁREA DA BARRAGEM DE APROVEITAMENTO MÚLTIPLO JEQUITAÍ I, NO MUNICÍPIO DE FRANCISCO DUMONT, NO ESTADO DE MINAS GERAIS - ITEM 2: PONTE N e GALERIA O"]
[null,"Custo Unitário de Referência",null,null,"Minas Gerais"]
[{"$nulls":4}," Abril/2025 ",null,null,"Produção da equipe ",0.5,{"$f":"VLOOKUP(A46,ORÇAMENTO!A:L,7,0)","v":"unid."}]
[null,"CA0002","MOBILIZAÇÃO E DESMOBILIZAÇÃO DE PESSOAL E EQUIPAMENTOS AUTOPROPELIDOS",{"$nulls":5},"Valores em reais (R$)"]
[null,"A - EQUIPAMENTOS",null,"Quantidade","Utilização",null,"Custo Horário",null,null,"Custo"]
[{"$nulls":4},"Operativa","Improdutiva","Produtivo","Improdutivo",null,"Horário Total"]
[null,"E9041","Caminhão guindauto com capacidade de elevação de 11,9 t e carroceria de 11,5 t - 188 kW",8,0.5,0.5,397.6644,122.861,null,{"$f":"D53*(E53*G53+F53*H53)","v":2082.1016}]
[null,"E9667","Caminhão basculante com capacidade de 14 m³ - 210 kW",16,0.8,0.2,322.66559999999998,97.340599999999995,null,{"$f":"D54*(E54*G54+F54*H54)","v":4441.6095999999998}]
[null,"E9125","Veículo tipo van furgão com capacidade de 1,38 t - 100 kW",4,0.8,0.2,87.335700000000003,47.899799999999999,null,{"$f":"D55*(E55*G55+F55*H55)","v":317.79408000000001}]
[{"$nulls":7},"Custo horário total de equipamentos",null,{"$f":"SUM(J53:J55)","v":6841.5052799999994}]
[null,"B - MÃO DE OBRA",null,"Quantidade","Unidade",null,"Custo Horário","Custo Horário Total"]
[null,"P9824","Servente",16,"h",null,21.684899999999999,null,null,{"$f":"D58*G58","v":346.95839999999998}]
[null,"-",0,null,0,null,0,null,null,{"$f":"D59*G59","v":0}]
[null,null,null,"Custo horário total de mão de obra",{"$nulls":5},{"$f":"SUM(J58:J59)","v":346.95839999999998}]
[null,null,null,"Custo horário total de execução",{"$nulls":5},{"$f":"J56+J60","v":7188.4636799999989}]
[null,null,null,"Custo unitário de execução",{"$nulls":5},{"$f":"J61/I49","v":14376.927359999998}]
[{"$nulls":7},"Custo do FIC",null,0]
[{"$nulls":7},"Custo do FIT",null,0]
[null,"C - MATERIAL",null,"Quantidade","Unidade",null,"Preço Unitário","Custo Unitário"]
[null,"-",0,null," - ",null,0,null,null,{"$f":"D66*G66","v":0}]
[null,"-",0,null," - ",null,0,null,null,{"$f":"D67*G67","v":0}]
[null,null,null,"Custo unitário total de material",{"$nulls":5},{"$f":"SUM(J66:J67)","v":0}]
[null,"D - ATIVIDADES AUXILIARES",null,"Quantidade","Unidade",null,"Custo Unitário","Custo Unitário"]
[null,"-",0,null,0,null,0,null,null,{"$f":"D70*G70","v":0}]
[null,"-",0,null,0,null,0,null,null,{"$f":"D71*G71","v":0}]
[null,null,null,"Custo total de atividades auxiliares",{"$nulls":5},{"$f":"SUM(J70:J71)","v":0}]
[{"$nulls":7},"Subtotal",null,{"$f":"J62+J68+J72+J63+J64","v":14376.927359999998}]
[null,"E - TEMPO FIXO",null,"Código","Quantidade","Unidade",null,"Custo Unitário","Custo Unitário"]
[null,"-",0,"-",null,0,null,0,null,{"$f":"ROUNDDOWN(E75*H75,4)","v":0}]
[null,"-",0,"-",null,0,null,0,null,{"$f":"ROUNDDOWN(E76*H76,4)","v":0}]
[null,null,null,"Custo unitário total de tempo fixo",{"$nulls":5},{"$f":"SUM(J75:J76)","v":0}]
[null,"F - MOMENTO DE TRANSPORTE",null,"Quantidade","Unidade","DMT",null,null,null,"Custo Unitário"]
[{"$nulls":5},"LN","RP","P"]
[null,"-",0,null,"tkm"]
[null,"-",0,null,"tkm"]
[null,null,null,"Custo unitário total de transporte"]
[{"$nulls":5},"Custo unitário direto total",null,null,null,{"$f":"TRUNC(J73+J77,2)","v":14376.92}]
[null,"Obs."]
[]
[2.5,"1ª/GRD",{"$nulls":8},{"$f":"J122","v":60800.17}]
[null,"OBRA:","EXECUÇÃO DAS OBRAS E SERVIÇOS DE CONSTRUÇÃO DE PONTES E GALERIAS, INCLUINDO A CONCLUSÃO DE ESTRUTURAS JÁ INICIADAS, LOCALIZADAS NA ÁREA DA BARRAGEM DE APROVEITAMENTO MÚLTIPLO JEQUITAÍ I, NO MUNICÍPIO DE FRANCISCO DUMONT, NO ESTADO DE MINAS GERAIS - ITEM 2: PONTE N e GALERIA O"]
[null,"Custo Unitário de Referência",null,null,"Minas Gerais"]
[{"$nulls":4}," Abril/2025 ",null,null,"Produção da equipe ",0.5,{"$f":"VLOOKUP(A86,ORÇAMENTO!A:L,7,0)","v":"unid."}]
[null,"CA0003","MOBILIZAÇÃO E DESMOBILIZAÇÃO DE GUINDASTES ESPECIAIS PARA LANÇAMENTO DAS VIGAS PRÉ-MOLDADAS",{"$nulls":5},"Valores em reais (R$)"]
[null,"A - EQUIPAMENTOS",null,"Quantidade","Utilização",null,"Custo Horário",null,null,"Custo"]
[{"$nulls":4},"Operativa","Improdutiva","Produtivo","Improdutivo",null,"Horário Total"]
[null,"-",0,8,0.5,0.5,0,0,null,{"$f":"D93*(E93*G93+F93*H93)","v":0}]
[null,"-",0,4,0.8,0.2,0,0,null,{"$f":"D94*(E94*G94+F94*H94)","v":0}]
[{"$nulls":7},"Custo horário total de equipamentos",null,{"$f":"SUM(J93:J94)","v":0}]
[null,"B - MÃO DE OBRA",null,"Quantidade","Unidade",null,"Custo Horário","Custo Horário Total"]
[null,"-",0,16,0,null,0,null,null,{"$f":"D97*G97","v":0}]
[null,"-",0,null,0,null,0,null,null,{"$f":"D98*G98","v":0}]
[null,null,null,"Custo horário total de mão de obra",{"$nulls":5},{"$f":"SUM(J97:J98)","v":0}]
[null,null,null,"Custo horário total de execução",{"$nulls":5},{"$f":"J95+J99","v":0}]
[null,null,null,"Custo unitário de execução",{"$nulls":5},{"$f":"J100/I89","v":0}]
[{"$nulls":7},"Custo do FIC",null,0]
[{"$nulls":7},"Custo do FIT",null,0]
[null,"C - MATERIAL",null,"Quantidade","Unidade",null,"Preço Unitário","Custo Unitário"]
[null,"-",0,null," - ",null,0,null,null,{"$f":"D105*G105","v":0}]
[null,"-",0,null," - ",null,0,null,null,{"$f":"D106*G106","v":0}]
[null,null,null,"Custo unitário total de material",{"$nulls":5},{"$f":"SUM(J105:J106)","v":0}]
[null,"D - ATIVIDADES AUXILIARES",null,"Quantidade","Unidade",null,"Custo Unitário","Custo Unitário"]
[null,9999999,"Mobilização/Desmobilização de guindaste de 90 toneladas",1,"unid",null,60800.178232784667,null,null,{"$f":"D109*G109","v":60800.178232784667}]
[null,"-",0,null,0,null,0,null,null,{"$f":"D110*G110","v":0}]
[null,null,null,"Custo total de atividades auxiliares",{"$nulls":5},{"$f":"SUM(J109:J110)","v":60800.178232784667}]
[{"$nulls":7},"Subtotal",null,{"$f":"J101+J107+J111+J102+J103","v":60800.178232784667}]
[null,"E - TEMPO FIXO",null,"Código","Quantidade","Unidade",null,"Custo Unitário","Custo Unitário"]
[null,"-",0,"-",null,0,null,0,null,{"$f":"ROUNDDOWN(E114*H114,4)","v":0}]
[null,"-",0,"-",null,0,null,0,null,{"$f":"ROUNDDOWN(E115*H115,4)","v":0}]
[null,null,null,"Custo unitário total de tempo fixo",{"$nulls":5},{"$f":"SUM(J114:J115)","v":0}]
[null,"F - MOMENTO DE TRANSPORTE",null,"Quantidade","Unidade","DMT",null,null,null,"Custo Unitário"]
[{"$nulls":5},"LN","RP","P"]
[null,"-",0,null,"tkm"]
[null,"-",0,null,"tkm"]
[null,null,null,"Custo unitário total de transporte"]
[{"$nulls":5},"Custo unitário direto total",null,null,null,{"$f":"TRUNC(J112+J116,2)","v":60800.17}]
[null,"Obs."]
[]
[2.6,"1ª/GRD",{"$nulls":8},{"$f":"J161","v":30000}]
[null,"OBRA:","EXECUÇÃO DAS OBRAS E SERVIÇOS DE CONSTRUÇÃO DE PONTES E GALERIAS, INCLUINDO A CONCLUSÃO DE ESTRUTURAS JÁ INICIADAS, LOCALIZADAS NA ÁREA DA BARRAGEM DE APROVEITAMENTO MÚLTIPLO JEQUITAÍ I, NO MUNICÍPIO DE FRANCISCO DUMONT, NO ESTADO DE MINAS GERAIS - ITEM 2: PONTE N e GALERIA O"]
[null,"Custo Unitário de Referência",null,null,"Minas Gerais"]
[{"$nulls":4}," Abril/2025 ",null,null,"Produção da equipe ",0.5,{"$f":"VLOOKUP(A125,ORÇAMENTO!A:L,7,0)","v":"unid."}]
[null,"04.10.01","MOBILIZAÇÃO E DESMOBILIZAÇÃO DE EQUIPAMENTO PARA ESTACA RAIZ",{"$nulls":5},"Valores em reais (R$)"]
[null,"A - EQUIPAMENTOS",null,"Quantidade","Utilização",null,"Custo Horário",null,null,"Custo"]
[{"$nulls":4},"Operativa","Improdutiva","Produtivo","Improdutivo",null,"Horário Total"]
[null,"-",0,null,null,null,0,0,null,{"$f":"D132*(E132*G132+F132*H132)","v":0}]
[null,"-",0,null,null,null,0,0,null,{"$f":"D133*(E133*G133+F133*H133)","v":0}]
[{"$nulls":7},"Custo horário total de equipamentos",null,{"$f":"SUM(J132:J133)","v":0}]
[null,"B - MÃO DE OBRA",null,"Quantidade","Unidade",null,"Custo Horário","Custo Horário Total"]
[null,"-",0,16,0,null,0,null,null,{"$f":"D136*G136","v":0}]
[null,"-",0,null,0,null,0,null,null,{"$f":"D137*G137","v":0}]
[null,null,null,"Custo horário total de mão de obra",{"$nulls":5},{"$f":"SUM(J136:J137)","v":0}]
[null,null,null,"Custo horário total de execução",{"$nulls":5},{"$f":"J134+J138","v":0}]
[null,null,null,"Custo unitário de execução",{"$nulls":5},{"$f":"J139/I128","v":0}]
[{"$nulls":7},"Custo do FIC",null,0]
[{"$nulls":7},"Custo do FIT",null,0]
[null,"C - MATERIAL",null,"Quantidade","Unidade",null,"Preço Unitário","Custo Unitário"]
[null,"-",0,null," - ",null,0,null,null,{"$f":"D144*G144","v":0}]
[null,"-",0,null," - ",null,0,null,null,{"$f":"D145*G145","v":0}]
[null,null,null,"Custo unitário total de material",{"$nulls":5},{"$f":"SUM(J144:J145)","v":0}]
[null,"D - ATIVIDADES AUXILIARES",null,"Quantidade","Unidade",null,"Custo Unitário","Custo Unitário"]
[null,9999997,"Mobilização/Desmobilização de equipamento para execução de estaca raiz",1,"unid",null,30000,null,null,{"$f":"D148*G148","v":30000}]
[null,"-",0,null,0,null,0,null,null,{"$f":"D149*G149","v":0}]
[null,null,null,"Custo total de atividades auxiliares",{"$nulls":5},{"$f":"SUM(J148:J149)","v":30000}]
[{"$nulls":7},"Subtotal",null,{"$f":"J140+J146+J150+J141+J142","v":30000}]
[null,"E - TEMPO FIXO",null,"Código","Quantidade","Unidade",null,"Custo Unitário","Custo Unitário"]
[null,"-",0,"-",null,0,null,0,null,{"$f":"ROUNDDOWN(E153*H153,4)","v":0}]
[null,"-",0,"-",null,0,null,0,null,{"$f":"ROUNDDOWN(E154*H154,4)","v":0}]
[null,null,null,"Custo unitário total de tempo fixo",{"$nulls":5},{"$f":"SUM(J153:J154)","v":0}]
[null,"F - MOMENTO DE TRANSPORTE",null,"Quantidade","Unidade","DMT",null,null,null,"Custo Unitário"]
[{"$nulls":5},"LN","RP","P"]
[null,"-",0,null,"tkm"]
[null,"-",0,null,"tkm"]
[null,null,null,"Custo unitário total de transporte"]
[{"$nulls":5},"Custo unitário direto total",null,null,null,{"$f":"TRUNC(J151+J155,2)","v":30000}]
[null,"Obs."]
[]
[2.7,"1ª/GRD",{"$nulls":8},{"$f":"J203","v":4448.05}]
[null,"OBRA:","EXECUÇÃO DAS OBRAS E SERVIÇOS DE CONSTRUÇÃO DE PONTES E GALERIAS, INCLUINDO A CONCLUSÃO DE ESTRUTURAS JÁ INICIADAS, LOCALIZADAS NA ÁREA DA BARRAGEM DE APROVEITAMENTO MÚLTIPLO JEQUITAÍ I, NO MUNICÍPIO DE FRANCISCO DUMONT, NO ESTADO DE MINAS GERAIS - ITEM 2: PONTE N e GALERIA O"]
[null,"Custo Unitário de Referência",null,null,"Minas Gerais"]
[{"$nulls":4}," Abril/2025 ",null,null,"Produção da equipe ",1,{"$f":"VLOOKUP(A164,ORÇAMENTO!A:L,7,0)","v":"mês"}]
[null,"CA0005","CAMINHONETE COM MOTOR A DIESEL, POTÊNCIA 180 CV, CABINE DUPLA, 4X4 - PARA USO DA FISCALIZAÇÃO",{"$nulls":5},"Valores em reais (R$)"]
[null,"A - EQUIPAMENTOS",null,"Quantidade","Utilização",null,"Custo Horário",null,null,"Custo"]
[{"$nulls":4},"Operativa","Improdutiva","Produtivo","Improdutivo",null,"Horário Total"]
[null,"-",0,null,null,null,0,0,null,{"$f":"D171*(E171*G171+F171*H171)","v":0}]
[{"$nulls":7},"Custo horário total de equipamentos",null,{"$f":"SUM(J171:J171)","v":0}]
[null,"B - MÃO DE OBRA",null,"Quantidade","Unidade",null,"Custo Horário","Custo Horário Total"]
[null,"-",0,16,0,null,0,null,null,{"$f":"D174*G174","v":0}]
[null,null,null,"Custo horário total de mão de obra",{"$nulls":5},{"$f":"SUM(J174:J174)","v":0}]
[null,null,null,"Custo horário total de execução",{"$nulls":5},{"$f":"J172+J175","v":0}]
[null,null,null,"Custo unitário de execução",{"$nulls":5},{"$f":"J176/I167","v":0}]
[{"$nulls":7},"Custo do FIC",null,0]
[{"$nulls":7},"Custo do FIT",null,0]
[null,"C - MATERIAL",null,"Quantidade","Unidade",null,"Preço Unitário","Custo Unitário"]
[null,"-",0,null," - ",null,0,null,null,{"$f":"D181*G181","v":0}]
[null,null,null,"Custo unitário total de material",{"$nulls":5},{"$f":"SUM(J181:J181)","v":0}]
[null,"D - ATIVIDADES AUXILIARES",null,"Quantidade","Unidade",null,"Custo Unitário","Custo Unitário"]
[null,"-","Depreciação mensal do equipamento",1,"vb",null,1744.3958333333333,null,null,{"$f":"D184*G184","v":1744.3958333333333}]
[null,"-","Juros pelo Capital empregado",1,"vb",null,20.307514940273467,null,null,{"$f":"D185*G185","v":20.307514940273467}]
[null,"-","Conservação e manutenção **",1,"vb",null,1308.296875,null,null,1308.296875]
[null,"-","Combustível",1,"vb",null,1224,null,null,1224]
[null,"-","Lubrificantes",1,"vb",null,38.40164383561644,null,null,38.40164383561644]
[null,"-","Pneus",1,"vb",null,112.65534246575342,null,null,112.65534246575342]
[null,"-",{"$nulls":7},0]
[null,"-",{"$nulls":7},0]
[null,"-",{"$nulls":7},0]
[null,"-",{"$nulls":7},0]
[null,null,null,"Custo total de atividades auxiliares",{"$nulls":5},{"$f":"SUM(J184:J193)","v":4448.0572095749767}]
[{"$nulls":7},"Subtotal",null,{"$f":"J177+J182+J194+J178+J179","v":4448.0572095749767}]
[null,"E - TEMPO FIXO",null,"Código","Quantidade","Unidade",null,"Custo Unitário","Custo Unitário"]
[null,"-",0,"-",null,0,null,0,null,{"$f":"ROUNDDOWN(E197*H197,4)","v":0}]
[null,null,null,"Custo unitário total de tempo fixo",{"$nulls":5},{"$f":"SUM(J197:J197)","v":0}]
[null,"F - MOMENTO DE TRANSPORTE",null,"Quantidade","Unidade","DMT",null,null,null,"Custo Unitário"]
[{"$nulls":5},"LN","RP","P"]
[null,"-",0,null,"tkm"]
[null,null,null,"Custo unitário total de transporte"]
[{"$nulls":5},"Custo unitário direto total",null,null,null,{"$f":"TRUNC(J195+J198,2)","v":4448.05}]
[null,"Obs."]
[]
[3,"1ª/GRD",{"$nulls":8},{"$f":"J242","v":93294.02}]
[null,"OBRA:","EXECUÇÃO DAS OBRAS E SERVIÇOS DE CONSTRUÇÃO DE PONTES E GALERIAS, INCLUINDO A CONCLUSÃO DE ESTRUTURAS JÁ INICIADAS, LOCALIZADAS NA ÁREA DA BARRAGEM DE APROVEITAMENTO MÚLTIPLO JEQUITAÍ I, NO MUNICÍPIO DE FRANCISCO DUMONT, NO ESTADO DE MINAS GERAIS - ITEM 2: PONTE N e GALERIA O"]
[null,"Custo Unitário de Referência",null,null,"Minas Gerais"]
[{"$nulls":4}," Abril/2025 ",null,null,"Produção da equipe ",1,{"$f":"VLOOKUP(A206,ORÇAMENTO!A:L,7,0)","v":"unid."}]
[null,"CA0005","EXECUÇÃO DE CANTEIRO DE OBRA EM CHAPA DE MADEIRA COMPENSADA, INCLUSIVE MOBILIÁRIO E EQUIPAMENTOS",{"$nulls":5},"Valores em reais (R$)"]
[null,"A - EQUIPAMENTOS",null,"Quantidade","Utilização",null,"Custo Horário",null,null,"Custo"]
[{"$nulls":4},"Operativa","Improdutiva","Produtivo","Improdutivo",null,"Horário Total"]
[null,"-",0,null,null,null,0,0,null,{"$f":"D213*(E213*G213+F213*H213)","v":0}]
[{"$nulls":7},"Custo horário total de equipamentos",null,{"$f":"SUM(J213:J213)","v":0}]
[null,"B - MÃO DE OBRA",null,"Quantidade","Unidade",null,"Custo Horário","Custo Horário Total"]
[null,"P9808","Carpinteiro",4,"h",null,27.647099999999998,null,null,{"$f":"D216*G216","v":110.58839999999999}]
[null,"P9824","Servente",8,"h",null,21.684899999999999,null,null,{"$f":"D217*G217","v":173.47919999999999}]
[null,null,null,"Custo horário total de mão de obra",{"$nulls":5},{"$f":"SUM(J216:J217)","v":284.06759999999997}]
[null,null,null,"Custo horário total de execução",{"$nulls":5},{"$f":"J214+J218","v":284.06759999999997}]
[null,null,null,"Custo unitário de execução",{"$nulls":5},{"$f":"J219/I209","v":284.06759999999997}]
[{"$nulls":7},"Custo do FIC",null,0]
[{"$nulls":7},"Custo do FIT",null,0]
[null,"C - MATERIAL",null,"Quantidade","Unidade",null,"Preço Unitário","Custo Unitário"]
[null,"M0160","Extintor de incêndio tipo espuma mecânica - V = 10 l",3.8600000000000002E-2,"un",null,593.4,null,null,{"$f":"D224*G224","v":22.905239999999999}]
[null,"M0053","Tela plástica em polipropileno na cor laranja para tapume - L = 1,2 m",100,"m",null,1.79,null,null,{"$f":"D225*G225","v":179}]
[null,null,null,"Custo unitário total de material",{"$nulls":5},{"$f":"SUM(J224:J225)","v":201.90523999999999}]
[null,"D - ATIVIDADES AUXILIARES",null,"Quantidade","Unidade",null,"Custo Unitário","Custo Unitário"]
[null,"ED-50135","Barracão de obra em chapa de compensado resinado, inclusive instalações sanitárias e mobiliário",80,"m²",null,675.66,"SETOP-MG",null,{"$f":"D228*G228","v":54052.799999999996}]
[null,"ED-50125","Área coberta em telha fibrocimento para central de corte / dobra / montagem em canteiro de obras, inclusive bancadas e instalações elétricas",20,"m²",null,153.22999999999999,"SETOP-MG",null,{"$f":"D229*G229","v":3064.6}]
[null,"ED-16350","Locação de conteiner com isolamento térmico para depósito e ferramentaria de obra - 6,0m x 2,3m x 2,5m (canteiro avançado)",18,"mês",null,858.71,"SETOP-MG",null,15456.78]
[null,"ED-50155","Locação de banheiro químico, linha padrão com higienizadora de mãos, inclusive manutenção (canteiro avançado)",18,"mês",null,1050,"SETOP-MG",null,18900]
[null,34640,"CAIXA D'AGUA / RESERVATORIO EM POLIETILENO, 2000 LITROS, COM TAMPA",1,"UNID.",null,1333.87,"SINAPI",null,1333.87]
[null,null,null,"Custo total de atividades auxiliares",{"$nulls":5},{"$f":"SUM(J228:J232)","v":92808.049999999988}]
[{"$nulls":7},"Subtotal",null,{"$f":"J220+J226+J233+J221+J222","v":93294.022839999991}]
[null,"E - TEMPO FIXO",null,"Código","Quantidade","Unidade",null,"Custo Unitário","Custo Unitário"]
[null,"-",0,"-",null,0,null,0,null,{"$f":"ROUNDDOWN(E236*H236,4)","v":0}]
[null,null,null,"Custo unitário total de tempo fixo",{"$nulls":5},{"$f":"SUM(J236:J236)","v":0}]
[null,"F - MOMENTO DE TRANSPORTE",null,"Quantidade","Unidade","DMT",null,null,null,"Custo Unitário"]
[{"$nulls":5},"LN","RP","P"]
[null,"-",0,null,"tkm"]
[null,null,null,"Custo unitário total de transporte"]
[{"$nulls":5},"Custo unitário direto total",null,null,null,{"$f":"TRUNC(J234+J237,2)","v":93294.02}]
[null,"Obs."]
[]
[4,"1ª/GRD",{"$nulls":8},{"$f":"J283","v":509.57}]
[null,"OBRA:","EXECUÇÃO DAS OBRAS E SERVIÇOS DE CONSTRUÇÃO DE PONTES E GALERIAS, INCLUINDO A CONCLUSÃO DE ESTRUTURAS JÁ INICIADAS, LOCALIZADAS NA ÁREA DA BARRAGEM DE APROVEITAMENTO MÚLTIPLO JEQUITAÍ I, NO MUNICÍPIO DE FRANCISCO DUMONT, NO ESTADO DE MINAS GERAIS - ITEM 2: PONTE N e GALERIA O"]
[null,"Custo Unitário de Referência",null,null,"Minas Gerais"]
[{"$nulls":4}," Abril/2025 ",null,null,"Produção da equipe ",1,{"$f":"VLOOKUP(A245,ORÇAMENTO!A:L,7,1)","v":"m²"}]
[null,"103689","PLACA DE OBRA EM CHAPA DE ACO GALVANIZADO",{"$nulls":5},"Valores em reais (R$)"]
[null,"A - EQUIPAMENTOS",null,"Quantidade","Utilização",null,"Custo Horário",null,null,"Custo"]
[{"$nulls":4},"Operativa","Improdutiva","Produtivo","Improdutivo",null,"Horário Total"]
[null,"-",0,null,null,null,0,0,null,{"$f":"D252*(E252*G252+F252*H252)","v":0}]
[null,"-",0,null,null,null,0,0,null,{"$f":"D253*(E253*G253+F253*H253)","v":0}]
[{"$nulls":7},"Custo horário total de equipamentos",null,{"$f":"SUM(J252:J253)","v":0}]
[null,"B - MÃO DE OBRA",null,"Quantidade","Unidade",null,"Custo Horário","Custo Horário Total"]
[null,"P9824","Servente",1.1186,"h",null,21.684899999999999,null,null,{"$f":"D256*G256","v":24.256729140000001}]
[null,"P9808","Carpinteiro",0.37290000000000001,"h",null,27.647099999999998,null,null,{"$f":"D257*G257","v":10.30960359}]
[null,null,null,"Custo horário total de mão de obra",{"$nulls":5},{"$f":"SUM(J256:J257)","v":34.566332729999999}]
[null,null,null,"Custo horário total de execução",{"$nulls":5},{"$f":"J254+J258","v":34.566332729999999}]
[null,null,null,"Custo unitário de execução",{"$nulls":5},{"$f":"J259/I248","v":34.566332729999999}]
[{"$nulls":7},"Custo do FIC",null,0]
[{"$nulls":7},"Custo do FIT",null,0]
[null,"C - MATERIAL",null,"Quantidade","Unidade",null,"Preço Unitário","Custo Unitário"]
[null,"M1358","Sarrafo em madeira de terceira - E = 2,5 cm e L = 5 cm",3.2082999999999999,"m",null,2.1217000000000001,null,null,{"$f":"D264*G264","v":6.8070501100000005}]
[null,"M1205","Prego de ferro",2.4500000000000001E-2,"kg",null,15.2544,null,null,{"$f":"D265*G265","v":0.37373280000000003}]
[null,"M0998","Madeira estrutural de eucalipto",2.2608E-2,"m³",null,3000,null,null,67.823999999999998]
[null,4813,"Placa de obra (para construção civil) em chapa galvanizada *N. 22*, adesivada, de *2,4 X 1,2* m (sem postes para fixação)",1,"m²",null,400,"(SINAPI)",null,400]
[null,null,null,"Custo unitário total de material",{"$nulls":5},{"$f":"SUM(J264:J267)","v":475.00478291000002}]
[null,"D - ATIVIDADES AUXILIARES",null,"Quantidade","Unidade",null,"Custo Unitário","Custo Unitário"]
[null,"-",0,null,0,null,0,null,null,{"$f":"D270*G270","v":0}]
[null,"-",0,null,0,null,0,null,null,{"$f":"D271*G271","v":0}]
[null,null,null,"Custo total de atividades auxiliares",{"$nulls":5},{"$f":"SUM(J270:J271)","v":0}]
[{"$nulls":7},"Subtotal",null,{"$f":"J260+J268+J272+J261+J262","v":509.57111564000002}]
[null,"E - TEMPO FIXO",null,"Código","Quantidade","Unidade",null,"Custo Unitário","Custo Unitário"]
[null,"-",0,"-",null,0,null,0,null,{"$f":"ROUNDDOWN(E275*H275,4)","v":0}]
[null,"-",0,"-",null,0,null,0,null,{"$f":"ROUNDDOWN(E276*H276,4)","v":0}]
[null,null,null,"Custo unitário total de tempo fixo",{"$nulls":5},{"$f":"SUM(J275:J276)","v":0}]
[null,"F - MOMENTO DE TRANSPORTE",null,"Quantidade","Unidade","DMT",null,null,null,"Custo Unitário"]
[{"$nulls":5},"LN","RP","P"]
[null,"-",0,null,"tkm"]
[null,"-",0,null,"tkm"]
[null,null,null,"Custo unitário total de transporte"]
[{"$nulls":5},"Custo unitário direto total",null,null,null,{"$f":"TRUNC(J273+J277,2)","v":509.57}]
[null,"Obs."]
[]
[5,"1ª/GRD",{"$nulls":8},{"$f":"J322","v":0.57999999999999996}]
[null,"OBRA:","EXECUÇÃO DAS OBRAS E SERVIÇOS DE CONSTRUÇÃO DE PONTES E GALERIAS, INCLUINDO A CONCLUSÃO DE ESTRUTURAS JÁ INICIADAS, LOCALIZADAS NA ÁREA DA BARRAGEM DE APROVEITAMENTO MÚLTIPLO JEQUITAÍ I, NO MUNICÍPIO DE FRANCISCO DUMONT, NO ESTADO DE MINAS GERAIS - ITEM 2: PONTE N e GALERIA O"]
[null,"Custo Unitário de Referência",null,null,"Minas Gerais"]
[{"$nulls":4}," Abril/2025 ",null,null,"Produção da equipe ",803.77,{"$f":"VLOOKUP(A286,ORÇAMENTO!A:L,7,1)","v":"txkm"}]
[null,"5914640","TRANSPORTE DE EQUIPAMENTOS COM CAVALO MECÂNICO COM SEMI-REBOQUE, CAPACIDADE DE 30T - RODOVIA PAVIMENTADA",{"$nulls":5},"Valores em reais (R$)"]
[null,"A - EQUIPAMENTOS",null,"Quantidade","Utilização",null,"Custo Horário",null,null,"Custo"]
[{"$nulls":4},"Operativa","Improdutiva","Produtivo","Improdutivo",null,"Horário Total"]
[null,"E9666","Cavalo mecânico com semirreboque com capacidade de 32 t - 302 kW",1,1,0,472.48610000000002,141.1146,null,{"$f":"D293*(E293*G293+F293*H293)","v":472.48610000000002}]
[null,"-",0,null,null,null,0,0,null,{"$f":"D294*(E294*G294+F294*H294)","v":0}]
[{"$nulls":7},"Custo horário total de equipamentos",null,{"$f":"SUM(J293:J294)","v":472.48610000000002}]
[null,"B - MÃO DE OBRA",null,"Quantidade","Unidade",null,"Custo Horário","Custo Horário Total"]
[null,"-",0,null,0,null,0,null,null,{"$f":"D297*G297","v":0}]
[null,"-",0,null,0,null,0,null,null,{"$f":"D298*G298","v":0}]
[null,null,null,"Custo horário total de mão de obra",{"$nulls":5},{"$f":"SUM(J297:J298)","v":0}]
[null,null,null,"Custo horário total de execução",{"$nulls":5},{"$f":"J295+J299","v":472.48610000000002}]
[null,null,null,"Custo unitário de execução",{"$nulls":5},{"$f":"J300/I289","v":0.58783744105900948}]
[{"$nulls":7},"Custo do FIC",null,0]
[{"$nulls":7},"Custo do FIT",null,0]
[null,"C - MATERIAL",null,"Quantidade","Unidade",null,"Preço Unitário","Custo Unitário"]
[null,"-",0,null," - ",null,0,null,null,{"$f":"D305*G305","v":0}]
[null,"-",0,null," - ",null,0,null,null,{"$f":"D306*G306","v":0}]
[null,null,null,"Custo unitário total de material",{"$nulls":5},{"$f":"SUM(J305:J306)","v":0}]
[null,"D - ATIVIDADES AUXILIARES",null,"Quantidade","Unidade",null,"Custo Unitário","Custo Unitário"]
[null,"-",0,null,0,null,0,null,null,{"$f":"D309*G309","v":0}]
[null,"-",0,null,0,null,0,null,null,{"$f":"D310*G310","v":0}]
[null,null,null,"Custo total de atividades auxiliares",{"$nulls":5},{"$f":"SUM(J309:J310)","v":0}]
[{"$nulls":7},"Subtotal",null,{"$f":"J301+J307+J311+J302+J303","v":0.58783744105900948}]
[null,"E - TEMPO FIXO",null,"Código","Quantidade","Unidade",null,"Custo Unitário","Custo Unitário"]
[null,"-",0,"-",null,0,null,0,null,{"$f":"ROUNDDOWN(E314*H314,4)","v":0}]
[null,"-",0,"-",null,0,null,0,null,{"$f":"ROUNDDOWN(E315*H315,4)","v":0}]
[null,null,null,"Custo unitário total de tempo fixo",{"$nulls":5},{"$f":"SUM(J314:J315)","v":0}]
[null,"F - MOMENTO DE TRANSPORTE",null,"Quantidade","Unidade","DMT",null,null,null,"Custo Unitário"]
[{"$nulls":5},"LN","RP","P"]
[null,"-",0,null,"tkm"]
[null,"-",0,null,"tkm"]
[null,null,null,"Custo unitário total de transporte"]
[{"$nulls":5},"Custo unitário direto total",null,null,null,{"$f":"TRUNC(J312+J316,2)","v":0.57999999999999996}]
[null,"Obs."]
[]
[6,"1ª/GRD",{"$nulls":8},{"$f":"J361","v":0.72}]
[null,"OBRA:","EXECUÇÃO DAS OBRAS E SERVIÇOS DE CONSTRUÇÃO DE PONTES E GALERIAS, INCLUINDO A CONCLUSÃO DE ESTRUTURAS JÁ INICIADAS, LOCALIZADAS NA ÁREA DA BARRAGEM DE APROVEITAMENTO MÚLTIPLO JEQUITAÍ I, NO MUNICÍPIO DE FRANCISCO DUMONT, NO ESTADO DE MINAS GERAIS - ITEM 2: PONTE N e GALERIA O"]
[null,"Custo Unitário de Referência",null,null,"Minas Gerais"]
[{"$nulls":4}," Abril/2025 ",null,null,"Produção da equipe ",669.81,{"$f":"VLOOKUP(A325,ORÇAMENTO!A:L,7,1)","v":"txkm"}]
[null,"5914639","TRANSPORTE DE EQUIPAMENTOS COM CAVALO MECÂNICO COM SEMI-REBOQUE, CAPACIDADE DE 30T - RODOVIA EM REVESTIMENTO PRIMÁRIO",{"$nulls":5},"Valores em reais (R$)"]
[null,"A - EQUIPAMENTOS",null,"Quantidade","Utilização",null,"Custo Horário",null,null,"Custo"]
[{"$nulls":4},"Operativa","Improdutiva","Produtivo","Improdutivo",null,"Horário Total"]
[null,"E9666","Cavalo mecânico com semirreboque com capacidade de 32 t - 302 kW",1,1,0,472.48610000000002,141.1146,null,{"$f":"D332*(E332*G332+F332*H332)","v":472.48610000000002}]
[null,"-",0,null,null,null,0,0,null,{"$f":"D333*(E333*G333+F333*H333)","v":0}]
[{"$nulls":7},"Custo horário total de equipamentos",null,{"$f":"SUM(J332:J333)","v":472.48610000000002}]
[null,"B - MÃO DE OBRA",null,"Quantidade","Unidade",null,"Custo Horário","Custo Horário Total"]
[null,"-",0,null,0,null,0,null,null,{"$f":"D336*G336","v":0}]
[null,"-",0,null,0,null,0,null,null,{"$f":"D337*G337","v":0}]
[null,null,null,"Custo horário total de mão de obra",{"$nulls":5},{"$f":"SUM(J336:J337)","v":0}]
[null,null,null,"Custo horário total de execução",{"$nulls":5},{"$f":"J334+J338","v":472.48610000000002}]
[null,null,null,"Custo unitário de execução",{"$nulls":5},{"$f":"J339/I328","v":0.70540317403442776}]
[{"$nulls":7},"Custo do FIC",null,1.7299999999999999E-2]
[{"$nulls":7},"Custo do FIT",null,0]
[null,"C - MATERIAL",null,"Quantidade","Unidade",null,"Preço Unitário","Custo Unitário"]
[null,"-",0,null," - ",null,0,null,null,{"$f":"D344*G344","v":0}]
[null,"-",0,null," - ",null,0,null,null,{"$f":"D345*G345","v":0}]
[null,null,null,"Custo unitário total de material",{"$nulls":5},{"$f":"SUM(J344:J345)","v":0}]
[null,"D - ATIVIDADES AUXILIARES",null,"Quantidade","Unidade",null,"Custo Unitário","Custo Unitário"]
[null,"-",0,null,0,null,0,null,null,{"$f":"D348*G348","v":0}]
[null,"-",0,null,0,null,0,null,null,{"$f":"D349*G349","v":0}]
[null,null,null,"Custo total de atividades auxiliares",{"$nulls":5},{"$f":"SUM(J348:J349)","v":0}]
[{"$nulls":7},"Subtotal",null,{"$f":"J340+J346+J350+J341+J342","v":0.72270317403442774}]
[null,"E - TEMPO FIXO",null,"Código","Quantidade","Unidade",null,"Custo Unitário","Custo Unitário"]
[null,"-",0,"-",null,0,null,0,null,{"$f":"ROUNDDOWN(E353*H353,4)","v":0}]
[null,"-",0,"-",null,0,null,0,null,{"$f":"ROUNDDOWN(E354*H354,4)","v":0}]
[null,null,null,"Custo unitário total de tempo fixo",{"$nulls":5},{"$f":"SUM(J353:J354)","v":0}]
[null,"F - MOMENTO DE TRANSPORTE",null,"Quantidade","Unidade","DMT",null,null,null,"Custo Unitário"]
[{"$nulls":5},"LN","RP","P"]
[null,"-",0,null,"tkm"]
[null,"-",0,null,"tkm"]
[null,null,null,"Custo unitário total de transporte"]
[{"$nulls":5},"Custo unitário direto total",null,null,null,{"$f":"TRUNC(J351+J355,2)","v":0.72}]
[null,"Obs."]
[]
[7,"1ª/GRD",{"$nulls":8},{"$f":"J400","v":0.75}]
[null,"OBRA:","EXECUÇÃO DAS OBRAS E SERVIÇOS DE CONSTRUÇÃO DE PONTES E GALERIAS, INCLUINDO A CONCLUSÃO DE ESTRUTURAS JÁ INICIADAS, LOCALIZADAS NA ÁREA DA BARRAGEM DE APROVEITAMENTO MÚLTIPLO JEQUITAÍ I, NO MUNICÍPIO DE FRANCISCO DUMONT, NO ESTADO DE MINAS GERAIS - ITEM 2: PONTE N e GALERIA O"]
[null,"Custo Unitário de Referência",null,null,"Minas Gerais"]
[{"$nulls":4}," Abril/2025 ",null,null,"Produção da equipe ",57.1,{"$f":"VLOOKUP(A364,ORÇAMENTO!A:L,7,0)","v":"m"}]
[null,1600966,"REMOÇÃO DE CERCAS E MOURÕES, DE FORMA MANUAL, SEM REAPROVEITAMENTO",{"$nulls":5},"Valores em reais (R$)"]
[null,"A - EQUIPAMENTOS",null,"Quantidade","Utilização",null,"Custo Horário",null,null,"Custo"]
[{"$nulls":4},"Operativa","Improdutiva","Produtivo","Improdutivo",null,"Horário Total"]
[null,"-",0,null,null,null,0,0,null,{"$f":"D371*(E371*G371+F371*H371)","v":0}]
[null,"-",0,null,null,null,0,0,null,{"$f":"D372*(E372*G372+F372*H372)","v":0}]
[{"$nulls":7},"Custo horário total de equipamentos",null,{"$f":"SUM(J371:J372)","v":0}]
[null,"B - MÃO DE OBRA",null,"Quantidade","Unidade",null,"Custo Horário","Custo Horário Total"]
[null,"P9824","Servente",2,"h",null,21.684899999999999,null,null,{"$f":"D375*G375","v":43.369799999999998}]
[null,"-",0,null,0,null,0,null,null,{"$f":"D376*G376","v":0}]
[null,null,null,"Custo horário total de mão de obra",{"$nulls":5},{"$f":"SUM(J375:J376)","v":43.369799999999998}]
[null,null,null,"Custo horário total de execução",{"$nulls":5},{"$f":"J373+J377","v":43.369799999999998}]
[null,null,null,"Custo unitário de execução",{"$nulls":5},{"$f":"J378/I367","v":0.75954115586690008}]
[{"$nulls":7},"Custo do FIC",null,0]
[{"$nulls":7},"Custo do FIT",null,0]
[null,"C - MATERIAL",null,"Quantidade","Unidade",null,"Preço Unitário","Custo Unitário"]
[null,"-",0,null," - ",null,0,null,null,{"$f":"D383*G383","v":0}]
[null,"-",0,null," - ",null,0,null,null,{"$f":"D384*G384","v":0}]
[null,null,null,"Custo unitário total de material",{"$nulls":5},{"$f":"SUM(J383:J384)","v":0}]
[null,"D - ATIVIDADES AUXILIARES",null,"Quantidade","Unidade",null,"Custo Unitário","Custo Unitário"]
[null,"-",0,null,0,null,0,null,null,{"$f":"D387*G387","v":0}]
[null,"-",0,null,0,null,0,null,null,{"$f":"D388*G388","v":0}]
[null,null,null,"Custo total de atividades auxiliares",{"$nulls":5},{"$f":"SUM(J387:J388)","v":0}]
[{"$nulls":7},"Subtotal",null,{"$f":"J379+J385+J389+J380+J381","v":0.75954115586690008}]
[null,"E - TEMPO FIXO",null,"Código","Quantidade","Unidade",null,"Custo Unitário","Custo Unitário"]
[null,"-",0,"-",null,0,null,0,null,{"$f":"ROUNDDOWN(E392*H392,4)","v":0}]
[null,"-",0,"-",null,0,null,0,null,{"$f":"ROUNDDOWN(E393*H393,4)","v":0}]
[null,null,null,"Custo unitário total de tempo fixo",{"$nulls":5},{"$f":"SUM(J392:J393)","v":0}]
[null,"F - MOMENTO DE TRANSPORTE",null,"Quantidade","Unidade","DMT",null,null,null,"Custo Unitário"]
[{"$nulls":5},"LN","RP","P"]
[null,"-",0,null,"tkm"]
[null,"-",0,null,"tkm"]
[null,null,null,"Custo unitário total de transporte"]
[{"$nulls":5},"Custo unitário direto total",null,null,null,{"$f":"TRUNC(J390+J394,2)","v":0.75}]
[null,"Obs."]
[]
[8,"1ª/GRD",{"$nulls":8},{"$f":"J439","v":81.16}]
[null,"OBRA:","EXECUÇÃO DAS OBRAS E SERVIÇOS DE CONSTRUÇÃO DE PONTES E GALERIAS, INCLUINDO A CONCLUSÃO DE ESTRUTURAS JÁ INICIADAS, LOCALIZADAS NA ÁREA DA BARRAGEM DE APROVEITAMENTO MÚLTIPLO JEQUITAÍ I, NO MUNICÍPIO DE FRANCISCO DUMONT, NO ESTADO DE MINAS GERAIS - ITEM 2: PONTE N e GALERIA O"]
[null,"Custo Unitário de Referência",null,null,"Minas Gerais"]
[{"$nulls":4}," Abril/2025 ",null,null,"Produção da equipe ",1,{"$f":"VLOOKUP(A403,ORÇAMENTO!A:L,7,1)","v":"unid."}]
[null,"98529","CORTE RASO E RECORTE DE ÁRVORE COM DIÂMETRO DE TRONCO MAIOR OU IGUAL A 0,20 M E MENOR QUE 0,40",{"$nulls":5},"Valores em reais (R$)"]
[null,"A - EQUIPAMENTOS",null,"Quantidade","Utilização",null,"Custo Horário",null,null,"Custo"]
[{"$nulls":4},"Operativa","Improdutiva","Produtivo","Improdutivo",null,"Horário Total"]
[null,"-",0,null,null,null,0,0,null,{"$f":"D410*(E410*G410+F410*H410)","v":0}]
[null,"-",0,null,null,null,0,0,null,{"$f":"D411*(E411*G411+F411*H411)","v":0}]
[{"$nulls":7},"Custo horário total de equipamentos",null,{"$f":"SUM(J410:J411)","v":0}]
[null,"B - MÃO DE OBRA",null,"Quantidade","Unidade",null,"Custo Horário","Custo Horário Total"]
[null,"P9815","Jardineiro",1.1535,"h",null,29.593800000000002,null,null,{"$f":"D414*G414","v":34.136448299999998}]
[null,"P9824","Servente",2.1684999999999999,"h",null,21.684899999999999,null,null,{"$f":"D415*G415","v":47.023705649999997}]
[null,null,null,"Custo horário total de mão de obra",{"$nulls":5},{"$f":"SUM(J414:J415)","v":81.160153949999994}]
[null,null,null,"Custo horário total de execução",{"$nulls":5},{"$f":"J412+J416","v":81.160153949999994}]
[null,null,null,"Custo unitário de execução",{"$nulls":5},{"$f":"J417/I406","v":81.160153949999994}]
[{"$nulls":7},"Custo do FIC",null,0]
[{"$nulls":7},"Custo do FIT",null,0]
[null,"C - MATERIAL",null,"Quantidade","Unidade",null,"Preço Unitário","Custo Unitário"]
[null,"-",0,null," - ",null,0,null,null,{"$f":"D422*G422","v":0}]
[null,"-",0,null," - ",null,0,null,null,{"$f":"D423*G423","v":0}]
[null,null,null,"Custo unitário total de material",{"$nulls":5},{"$f":"SUM(J422:J423)","v":0}]
[null,"D - ATIVIDADES AUXILIARES",null,"Quantidade","Unidade",null,"Custo Unitário","Custo Unitário"]
[null,"-",0,null,0,null,0,null,null,{"$f":"D426*G426","v":0}]
[null,"-",0,null,0,null,0,null,null,{"$f":"D427*G427","v":0}]
[null,null,null,"Custo total de atividades auxiliares",{"$nulls":5},{"$f":"SUM(J426:J427)","v":0}]
[{"$nulls":7},"Subtotal",null,{"$f":"J418+J424+J428+J419+J420","v":81.160153949999994}]
[null,"E - TEMPO FIXO",null,"Código","Quantidade","Unidade",null,"Custo Unitário","Custo Unitário"]
[null,"-",0,"-",null,0,null,0,null,{"$f":"ROUNDDOWN(E431*H431,4)","v":0}]
[null,"-",0,"-",null,0,null,0,null,{"$f":"ROUNDDOWN(E432*H432,4)","v":0}]
[null,null,null,"Custo unitário total de tempo fixo",{"$nulls":5},{"$f":"SUM(J431:J432)","v":0}]
[null,"F - MOMENTO DE TRANSPORTE",null,"Quantidade","Unidade","DMT",null,null,null,"Custo Unitário"]
[{"$nulls":5},"LN","RP","P"]
[null,"-",0,null,"tkm"]
[null,"-",0,null,"tkm"]
[null,null,null,"Custo unitário total de transporte"]
[{"$nulls":5},"Custo unitário direto total",null,null,null,{"$f":"TRUNC(J429+J433,2)","v":81.16}]
[null,"Obs."]
[]
[9,"1ª/GRD",{"$nulls":8},{"$f":"J478","v":159.29}]
[null,"OBRA:","EXECUÇÃO DAS OBRAS E SERVIÇOS DE CONSTRUÇÃO DE PONTES E GALERIAS, INCLUINDO A CONCLUSÃO DE ESTRUTURAS JÁ INICIADAS, LOCALIZADAS NA ÁREA DA BARRAGEM DE APROVEITAMENTO MÚLTIPLO JEQUITAÍ I, NO MUNICÍPIO DE FRANCISCO DUMONT, NO ESTADO DE MINAS GERAIS - ITEM 2: PONTE N e GALERIA O"]
[null,"Custo Unitário de Referência",null,null,"Minas Gerais"]
[{"$nulls":4}," Abril/2025 ",null,null,"Produção da equipe ",1,{"$f":"VLOOKUP(A442,ORÇAMENTO!A:L,7,0)","v":"unid."}]
[null,"98530","CORTE RASO E RECORTE DE ÁRVORE COM DIÂMETRO DE TRONCO MAIOR OU IGUAL A 0,40 M E MENOR QUE 0,60",{"$nulls":5},"Valores em reais (R$)"]
[null,"A - EQUIPAMENTOS",null,"Quantidade","Utilização",null,"Custo Horário",null,null,"Custo"]
[{"$nulls":4},"Operativa","Improdutiva","Produtivo","Improdutivo",null,"Horário Total"]
[null,"-",0,null,null,null,0,0,null,{"$f":"D449*(E449*G449+F449*H449)","v":0}]
[null,"-",0,null,null,null,0,0,null,{"$f":"D450*(E450*G450+F450*H450)","v":0}]
[{"$nulls":7},"Custo horário total de equipamentos",null,{"$f":"SUM(J449:J450)","v":0}]
[null,"B - MÃO DE OBRA",null,"Quantidade","Unidade",null,"Custo Horário","Custo Horário Total"]
[null,"P9815","Jardineiro",2.2639,"h",null,29.593800000000002,null,null,{"$f":"D453*G453","v":66.997403820000002}]
[null,"P9824","Servente",4.2561999999999998,"h",null,21.684899999999999,null,null,{"$f":"D454*G454","v":92.295271379999988}]
[null,null,null,"Custo horário total de mão de obra",{"$nulls":5},{"$f":"SUM(J453:J454)","v":159.29267519999999}]
[null,null,null,"Custo horário total de execução",{"$nulls":5},{"$f":"J451+J455","v":159.29267519999999}]
[null,null,null,"Custo unitário de execução",{"$nulls":5},{"$f":"J456/I445","v":159.29267519999999}]
[{"$nulls":7},"Custo do FIC",null,0]
[{"$nulls":7},"Custo do FIT",null,0]
[null,"C - MATERIAL",null,"Quantidade","Unidade",null,"Preço Unitário","Custo Unitário"]
[null,"-",0,null," - ",null,0,null,null,{"$f":"D461*G461","v":0}]
[null,"-",0,null," - ",null,0,null,null,{"$f":"D462*G462","v":0}]
[null,null,null,"Custo unitário total de material",{"$nulls":5},{"$f":"SUM(J461:J462)","v":0}]
[null,"D - ATIVIDADES AUXILIARES",null,"Quantidade","Unidade",null,"Custo Unitário","Custo Unitário"]
[null,"-",0,null,0,null,0,null,null,{"$f":"D465*G465","v":0}]
[null,"-",0,null,0,null,0,null,null,{"$f":"D466*G466","v":0}]
[null,null,null,"Custo total de atividades auxiliares",{"$nulls":5},{"$f":"SUM(J465:J466)","v":0}]
[{"$nulls":7},"Subtotal",null,{"$f":"J457+J463+J467+J458+J459","v":159.29267519999999}]
[null,"E - TEMPO FIXO",null,"Código","Quantidade","Unidade",null,"Custo Unitário","Custo Unitário"]
[null,"-",0,"-",null,0,null,0,null,{"$f":"ROUNDDOWN(E470*H470,4)","v":0}]
[null,"-",0,"-",null,0,null,0,null,{"$f":"ROUNDDOWN(E471*H471,4)","v":0}]
[null,null,null,"Custo unitário total de tempo fixo",{"$nulls":5},{"$f":"SUM(J470:J471)","v":0}]
[null,"F - MOMENTO DE TRANSPORTE",null,"Quantidade","Unidade","DMT",null,null,null,"Custo Unitário"]
[{"$nulls":5},"LN","RP","P"]
[null,"-",0,null,"tkm"]
[null,"-",0,null,"tkm"]
[null,null,null,"Custo unitário total de transporte"]
[{"$nulls":5},"Custo unitário direto total",null,null,null,{"$f":"TRUNC(J468+J472,2)","v":159.29}]
[null,"Obs."]
[]
[10,"1ª/GRD",{"$nulls":8},{"$f":"J517","v":424.5}]
[null,"OBRA:","EXECUÇÃO DAS OBRAS E SERVIÇOS DE CONSTRUÇÃO DE PONTES E GALERIAS, INCLUINDO A CONCLUSÃO DE ESTRUTURAS JÁ INICIADAS, LOCALIZADAS NA ÁREA DA BARRAGEM DE APROVEITAMENTO MÚLTIPLO JEQUITAÍ I, NO MUNICÍPIO DE FRANCISCO DUMONT, NO ESTADO DE MINAS GERAIS - ITEM 2: PONTE N e GALERIA O"]
[null,"Custo Unitário de Referência",null,null,"Minas Gerais"]
[{"$nulls":4}," Abril/2025 ",null,null,"Produção da equipe ",1,{"$f":"VLOOKUP(A481,ORÇAMENTO!A:L,7,0)","v":"unid."}]
[null,"98531","CORTE RASO E RECORTE DE ÁRVORE COM DIÂMETRO DE TRONCO MAIOR OU IGUAL A 0,60 M",{"$nulls":5},"Valores em reais (R$)"]
[null,"A - EQUIPAMENTOS",null,"Quantidade","Utilização",null,"Custo Horário",null,null,"Custo"]
[{"$nulls":4},"Operativa","Improdutiva","Produtivo","Improdutivo",null,"Horário Total"]
[null,"E9050","Guindaste móvel sobre pneus com 2 eixos com capacidade de 18 t - 97 kW",1,0.15,0.85,442.19510000000002,230.80350000000001,null,{"$f":"D488*(E488*G488+F488*H488)","v":262.51224000000002}]
[null,"-",0,null,null,null,0,0,null,{"$f":"D489*(E489*G489+F489*H489)","v":0}]
[{"$nulls":7},"Custo horário total de equipamentos",null,{"$f":"SUM(J488:J489)","v":262.51224000000002}]
[null,"B - MÃO DE OBRA",null,"Quantidade","Unidade",null,"Custo Horário","Custo Horário Total"]
[null,"P9815","Jardineiro",2.3022857142857145,"h",null,29.593800000000002,null,null,{"$f":"D492*G492","v":68.133382971428588}]
[null,"P9824","Servente",4.3282857142857143,"h",null,21.684899999999999,null,null,{"$f":"D493*G493","v":93.858442885714283}]
[null,null,null,"Custo horário total de mão de obra",{"$nulls":5},{"$f":"SUM(J492:J493)","v":161.99182585714289}]
[null,null,null,"Custo horário total de execução",{"$nulls":5},{"$f":"J490+J494","v":424.5040658571429}]
[null,null,null,"Custo unitário de execução",{"$nulls":5},{"$f":"J495/I484","v":424.5040658571429}]
[{"$nulls":7},"Custo do FIC",null,0]
[{"$nulls":7},"Custo do FIT",null,0]
[null,"C - MATERIAL",null,"Quantidade","Unidade",null,"Preço Unitário","Custo Unitário"]
[null,"-",0,null," - ",null,0,null,null,{"$f":"D500*G500","v":0}]
[null,"-",0,null," - ",null,0,null,null,{"$f":"D501*G501","v":0}]
[null,null,null,"Custo unitário total de material",{"$nulls":5},{"$f":"SUM(J500:J501)","v":0}]
[null,"D - ATIVIDADES AUXILIARES",null,"Quantidade","Unidade",null,"Custo Unitário","Custo Unitário"]
[null,"-",0,null,0,null,0,null,null,{"$f":"D504*G504","v":0}]
[null,"-",0,null,0,null,0,null,null,{"$f":"D505*G505","v":0}]
[null,null,null,"Custo total de atividades auxiliares",{"$nulls":5},{"$f":"SUM(J504:J505)","v":0}]
[{"$nulls":7},"Subtotal",null,{"$f":"J496+J502+J506+J497+J498","v":424.5040658571429}]
[null,"E - TEMPO FIXO",null,"Código","Quantidade","Unidade",null,"Custo Unitário","Custo Unitário"]
[null,"-",0,"-",null,0,null,0,null,{"$f":"ROUNDDOWN(E509*H509,4)","v":0}]
[null,"-",0,"-",null,0,null,0,null,{"$f":"ROUNDDOWN(E510*H510,4)","v":0}]
[null,null,null,"Custo unitário total de tempo fixo",{"$nulls":5},{"$f":"SUM(J509:J510)","v":0}]
[null,"F - MOMENTO DE TRANSPORTE",null,"Quantidade","Unidade","DMT",null,null,null,"Custo Unitário"]
[{"$nulls":5},"LN","RP","P"]
[null,"-",0,null,"tkm"]
[null,"-",0,null,"tkm"]
[null,null,null,"Custo unitário total de transporte"]
[{"$nulls":5},"Custo unitário direto total",null,null,null,{"$f":"TRUNC(J507+J511,2)","v":424.5}]
[null,"Obs."]
[]
[11,"1ª/GRD",{"$nulls":8},{"$f":"J556","v":0.77}]
[null,"OBRA:","EXECUÇÃO DAS OBRAS E SERVIÇOS DE CONSTRUÇÃO DE PONTES E GALERIAS, INCLUINDO A CONCLUSÃO DE ESTRUTURAS JÁ INICIADAS, LOCALIZADAS NA ÁREA DA BARRAGEM DE APROVEITAMENTO MÚLTIPLO JEQUITAÍ I, NO MUNICÍPIO DE FRANCISCO DUMONT, NO ESTADO DE MINAS GERAIS - ITEM 2: PONTE N e GALERIA O"]
[null,"Custo Unitário de Referência",null,null,"Minas Gerais"]
[{"$nulls":4}," Abril/2025 ",null,null,"Produção da equipe ",622.95000000000005,{"$f":"VLOOKUP(A520,ORÇAMENTO!A:L,7,0)","v":"m²"}]
[null,5502985,"LIMPEZA MECANIZADA DE CAMADA VEGETAL, VEGETAÇÃO E PEQUENAS ÁRVORES (DIÂMETRO DE TRONCO MENOR QUE 0,20 M), COM TRATOR DE ESTEIRAS",{"$nulls":5},"Valores em reais (R$)"]
[null,"A - EQUIPAMENTOS",null,"Quantidade","Utilização",null,"Custo Horário",null,null,"Custo"]
[{"$nulls":4},"Operativa","Improdutiva","Produtivo","Improdutivo",null,"Horário Total"]
[null,"E9540","Trator sobre esteiras com lâmina - 127 kW",1,1,0,455.12479999999999,187.84559999999999,null,{"$f":"D527*(E527*G527+F527*H527)","v":455.12479999999999}]
[null,"-",0,null,null,null,0,0,null,{"$f":"D528*(E528*G528+F528*H528)","v":0}]
[{"$nulls":7},"Custo horário total de equipamentos",null,{"$f":"SUM(J527:J528)","v":455.12479999999999}]
[null,"B - MÃO DE OBRA",null,"Quantidade","Unidade",null,"Custo Horário","Custo Horário Total"]
[null,"P9824","Servente",1,"h",null,21.684899999999999,null,null,{"$f":"D531*G531","v":21.684899999999999}]
[null,"-",0,null,0,null,0,null,null,{"$f":"D532*G532","v":0}]
[null,null,null,"Custo horário total de mão de obra",{"$nulls":5},{"$f":"SUM(J531:J532)","v":21.684899999999999}]
[null,null,null,"Custo horário total de execução",{"$nulls":5},{"$f":"J529+J533","v":476.80970000000002}]
[null,null,null,"Custo unitário de execução",{"$nulls":5},{"$f":"J534/I523","v":0.76540605185006816}]
[{"$nulls":7},"Custo do FIC",null,1.14E-2]
[{"$nulls":7},"Custo do FIT",null,0]
[null,"C - MATERIAL",null,"Quantidade","Unidade",null,"Preço Unitário","Custo Unitário"]
[null,"-",0,null," - ",null,0,null,null,{"$f":"D539*G539","v":0}]
[null,"-",0,null," - ",null,0,null,null,{"$f":"D540*G540","v":0}]
[null,null,null,"Custo unitário total de material",{"$nulls":5},{"$f":"SUM(J539:J540)","v":0}]
[null,"D - ATIVIDADES AUXILIARES",null,"Quantidade","Unidade",null,"Custo Unitário","Custo Unitário"]
[null,"-",0,null,0,null,0,null,null,{"$f":"D543*G543","v":0}]
[null,"-",0,null,0,null,0,null,null,{"$f":"D544*G544","v":0}]
[null,null,null,"Custo total de atividades auxiliares",{"$nulls":5},{"$f":"SUM(J543:J544)","v":0}]
[{"$nulls":7},"Subtotal",null,{"$f":"J535+J541+J545+J536+J537","v":0.77680605185006812}]
[null,"E - TEMPO FIXO",null,"Código","Quantidade","Unidade",null,"Custo Unitário","Custo Unitário"]
[null,"-",0,"-",null,0,null,0,null,{"$f":"ROUNDDOWN(E548*H548,4)","v":0}]
[null,"-",0,"-",null,0,null,0,null,{"$f":"ROUNDDOWN(E549*H549,4)","v":0}]
[null,null,null,"Custo unitário total de tempo fixo",{"$nulls":5},{"$f":"SUM(J548:J549)","v":0}]
[null,"F - MOMENTO DE TRANSPORTE",null,"Quantidade","Unidade","DMT",null,null,null,"Custo Unitário"]
[{"$nulls":5},"LN","RP","P"]
[null,"-",0,null,"tkm"]
[null,"-",0,null,"tkm"]
[null,null,null,"Custo unitário total de transporte"]
[{"$nulls":5},"Custo unitário direto total",null,null,null,{"$f":"TRUNC(J546+J550,2)","v":0.77}]
[null,"Obs."]
[]
[12,"1ª/GRD",{"$nulls":8},{"$f":"J595","v":165.48}]
[null,"OBRA:","EXECUÇÃO DAS OBRAS E SERVIÇOS DE CONSTRUÇÃO DE PONTES E GALERIAS, INCLUINDO A CONCLUSÃO DE ESTRUTURAS JÁ INICIADAS, LOCALIZADAS NA ÁREA DA BARRAGEM DE APROVEITAMENTO MÚLTIPLO JEQUITAÍ I, NO MUNICÍPIO DE FRANCISCO DUMONT, NO ESTADO DE MINAS GERAIS - ITEM 2: PONTE N e GALERIA O"]
[null,"Custo Unitário de Referência",null,null,"Minas Gerais"]
[{"$nulls":4}," Abril/2025 ",null,null,"Produção da equipe ",1,{"$f":"VLOOKUP(A559,ORÇAMENTO!A:L,7,0)","v":"m³"}]
[null,"CA0011","AQUISIÇÃO DE PEDRA DE MÃO COMERCIAL, PARA ENROCAMENTO, GABIÃO E DISSIPADORES - EXCLUSIVE TRANSPORTE",{"$nulls":5},"Valores em reais (R$)"]
[null,"A - EQUIPAMENTOS",null,"Quantidade","Utilização",null,"Custo Horário",null,null,"Custo"]
[{"$nulls":4},"Operativa","Improdutiva","Produtivo","Improdutivo",null,"Horário Total"]
[null,"-",0,null,null,null,0,0,null,{"$f":"D566*(E566*G566+F566*H566)","v":0}]
[null,"-",0,null,null,null,0,0,null,{"$f":"D567*(E567*G567+F567*H567)","v":0}]
[{"$nulls":7},"Custo horário total de equipamentos",null,{"$f":"SUM(J566:J567)","v":0}]
[null,"B - MÃO DE OBRA",null,"Quantidade","Unidade",null,"Custo Horário","Custo Horário Total"]
[null,"-",0,null,0,null,0,null,null,{"$f":"D570*G570","v":0}]
[null,"-",0,null,0,null,0,null,null,{"$f":"D571*G571","v":0}]
[null,null,null,"Custo horário total de mão de obra",{"$nulls":5},{"$f":"SUM(J570:J571)","v":0}]
[null,null,null,"Custo horário total de execução",{"$nulls":5},{"$f":"J568+J572","v":0}]
[null,null,null,"Custo unitário de execução",{"$nulls":5},{"$f":"J573/I562","v":0}]
[{"$nulls":7},"Custo do FIC",null,5.5E-2]
[{"$nulls":7},"Custo do FIT",null,0]
[null,"C - MATERIAL",null,"Quantidade","Unidade",null,"Preço Unitário","Custo Unitário"]
[null,"M1097","Pedra de mão ou rachão",1.02,"m³",null,159.40690000000001,null,null,{"$f":"D578*G578","v":162.59503800000002}]
[null,"-",0,null," - ",null,0,null,null,{"$f":"D579*G579","v":0}]
[null,null,null,"Custo unitário total de material",{"$nulls":5},{"$f":"SUM(J578:J579)","v":162.59503800000002}]
[null,"D - ATIVIDADES AUXILIARES",null,"Quantidade","Unidade",null,"Custo Unitário","Custo Unitário"]
[null,"-",0,null,0,null,0,null,null,{"$f":"D582*G582","v":0}]
[null,"-",0,null,0,null,0,null,null,{"$f":"D583*G583","v":0}]
[null,null,null,"Custo total de atividades auxiliares",{"$nulls":5},{"$f":"SUM(J582:J583)","v":0}]
[{"$nulls":7},"Subtotal",null,{"$f":"J574+J580+J584+J575+J576","v":162.65003800000002}]
[null,"E - TEMPO FIXO",null,"Código","Quantidade","Unidade",null,"Custo Unitário","Custo Unitário"]
[null,"M1097","Pedra de mão ou rachão",5914647,1.53,"m³",null,1.85,null,{"$f":"ROUNDDOWN(E587*H587,4)","v":2.8304999999999998}]
[null,"-",0,"-",null,0,null,0,null,{"$f":"ROUNDDOWN(E588*H588,4)","v":0}]
[null,null,null,"Custo unitário total de tempo fixo",{"$nulls":5},{"$f":"SUM(J587:J588)","v":2.8304999999999998}]
[null,"F - MOMENTO DE TRANSPORTE",null,"Quantidade","Unidade","DMT",null,null,null,"Custo Unitário"]
[{"$nulls":5},"LN","RP","P"]
[null,"-",0,null,"tkm"]
[null,"-",0,null,"tkm"]
[null,null,null,"Custo unitário total de transporte"]
[{"$nulls":5},"Custo unitário direto total",null,null,null,{"$f":"TRUNC(J585+J589,2)","v":165.48}]
[null,"Obs."]
[]
[14,"1ª/GRD",{"$nulls":8},{"$f":"J634","v":2.75}]
[null,"OBRA:","EXECUÇÃO DAS OBRAS E SERVIÇOS DE CONSTRUÇÃO DE PONTES E GALERIAS, INCLUINDO A CONCLUSÃO DE ESTRUTURAS JÁ INICIADAS, LOCALIZADAS NA ÁREA DA BARRAGEM DE APROVEITAMENTO MÚLTIPLO JEQUITAÍ I, NO MUNICÍPIO DE FRANCISCO DUMONT, NO ESTADO DE MINAS GERAIS - ITEM 2: PONTE N e GALERIA O"]
[null,"Custo Unitário de Referência",null,null,"Minas Gerais"]
[{"$nulls":4}," Abril/2025 ",null,null,"Produção da equipe ",176.81,{"$f":"VLOOKUP(A598,ORÇAMENTO!A:L,7,0)","v":"m³"}]
[null,"4413942","ESPALHAMENTO DE MATERIAL EM BOTA FORA",{"$nulls":5},"Valores em reais (R$)"]
[null,"A - EQUIPAMENTOS",null,"Quantidade","Utilização",null,"Custo Horário",null,null,"Custo"]
[{"$nulls":4},"Operativa","Improdutiva","Produtivo","Improdutivo",null,"Horário Total"]
[null,"E9540","Trator sobre esteiras com lâmina - 127 kW",1,1,0,455.12479999999999,187.84559999999999,null,{"$f":"D605*(E605*G605+F605*H605)","v":455.12479999999999}]
[null,"-",0,null,null,null,0,0,null,{"$f":"D606*(E606*G606+F606*H606)","v":0}]
[{"$nulls":7},"Custo horário total de equipamentos",null,{"$f":"SUM(J605:J606)","v":455.12479999999999}]
[null,"B - MÃO DE OBRA",null,"Quantidade","Unidade",null,"Custo Horário","Custo Horário Total"]
[null,"P9824","Servente",1,"h",null,21.684899999999999,null,null,{"$f":"D609*G609","v":21.684899999999999}]
[null,"-",0,null,0,null,0,null,null,{"$f":"D610*G610","v":0}]
[null,null,null,"Custo horário total de mão de obra",{"$nulls":5},{"$f":"SUM(J609:J610)","v":21.684899999999999}]
[null,null,null,"Custo horário total de execução",{"$nulls":5},{"$f":"J607+J611","v":476.80970000000002}]
[null,null,null,"Custo unitário de execução",{"$nulls":5},{"$f":"J612/I601","v":2.6967349131836436}]
[{"$nulls":7},"Custo do FIC",null,5.5E-2]
[{"$nulls":7},"Custo do FIT",null,0]
[null,"C - MATERIAL",null,"Quantidade","Unidade",null,"Preço Unitário","Custo Unitário"]
[null,"-",0,null," - ",null,0,null,null,{"$f":"D617*G617","v":0}]
[null,"-",0,null," - ",null,0,null,null,{"$f":"D618*G618","v":0}]
[null,null,null,"Custo unitário total de material",{"$nulls":5},{"$f":"SUM(J617:J618)","v":0}]
[null,"D - ATIVIDADES AUXILIARES",null,"Quantidade","Unidade",null,"Custo Unitário","Custo Unitário"]
[null,"-",0,null,0,null,0,null,null,{"$f":"D621*G621","v":0}]
[null,"-",0,null,0,null,0,null,null,{"$f":"D622*G622","v":0}]
[null,null,null,"Custo total de atividades auxiliares",{"$nulls":5},{"$f":"SUM(J621:J622)","v":0}]
[{"$nulls":7},"Subtotal",null,{"$f":"J613+J619+J623+J614+J615","v":2.7517349131836437}]
[null,"E - TEMPO FIXO",null,"Código","Quantidade","Unidade",null,"Custo Unitário","Custo Unitário"]
[null,"-",0,"-",null," - ",null,0,null,{"$f":"ROUNDDOWN(E626*H626,4)","v":0}]
[null,"-",0,"-",null,0,null,0,null,{"$f":"ROUNDDOWN(E627*H627,4)","v":0}]
[null,null,null,"Custo unitário total de tempo fixo",{"$nulls":5},{"$f":"SUM(J626:J627)","v":0}]
[null,"F - MOMENTO DE TRANSPORTE",null,"Quantidade","Unidade","DMT",null,null,null,"Custo Unitário"]
[{"$nulls":5},"LN","RP","P"]
[null,"-",0,null,"tkm"]
[null,"-",0,null,"tkm"]
[null,null,null,"Custo unitário total de transporte"]
[{"$nulls":5},"Custo unitário direto total",null,null,null,{"$f":"TRUNC(J624+J628,2)","v":2.75}]
[null,"Obs."]
[]
[15,"1ª/GRD",{"$nulls":8},{"$f":"J673","v":125.67}]
[null,"OBRA:","EXECUÇÃO DAS OBRAS E SERVIÇOS DE CONSTRUÇÃO DE PONTES E GALERIAS, INCLUINDO A CONCLUSÃO DE ESTRUTURAS JÁ INICIADAS, LOCALIZADAS NA ÁREA DA BARRAGEM DE APROVEITAMENTO MÚLTIPLO JEQUITAÍ I, NO MUNICÍPIO DE FRANCISCO DUMONT, NO ESTADO DE MINAS GERAIS - ITEM 2: PONTE N e GALERIA O"]
[null,"Custo Unitário de Referência",null,null,"Minas Gerais"]
[{"$nulls":4}," Abril/2025 ",null,null,"Produção da equipe ",2,{"$f":"VLOOKUP(A637,ORÇAMENTO!A:L,7,0)","v":"m³"}]
[null,"1505879a","ENROCAMENTO DE PEDRA DE MÃO, ARRUMADA MANUALMENTE - EXCLUSIVE FORNECIMENTO",{"$nulls":5},"Valores em reais (R$)"]
[null,"A - EQUIPAMENTOS",null,"Quantidade","Utilização",null,"Custo Horário",null,null,"Custo"]
[{"$nulls":4},"Operativa","Improdutiva","Produtivo","Improdutivo",null,"Horário Total"]
[null,"-",0,null,null,null,0,0,null,{"$f":"D644*(E644*G644+F644*H644)","v":0}]
[null,"-",0,null,null,null,0,0,null,{"$f":"D645*(E645*G645+F645*H645)","v":0}]
[{"$nulls":7},"Custo horário total de equipamentos",null,{"$f":"SUM(J644:J645)","v":0}]
[null,"B - MÃO DE OBRA",null,"Quantidade","Unidade",null,"Custo Horário","Custo Horário Total"]
[null,"P9821","Pedreiro",1,"h",null,27.839500000000001,null,null,{"$f":"D648*G648","v":27.839500000000001}]
[null,"P9824","Servente",10,"h",null,21.684899999999999,null,null,{"$f":"D649*G649","v":216.84899999999999}]
[null,null,null,"Custo horário total de mão de obra",{"$nulls":5},{"$f":"SUM(J648:J649)","v":244.68849999999998}]
[null,null,null,"Custo horário total de execução",{"$nulls":5},{"$f":"J646+J650","v":244.68849999999998}]
[null,null,null,"Custo unitário de execução",{"$nulls":5},{"$f":"J651/I640","v":122.34424999999999}]
[{"$nulls":7},"Custo do FIC",null,0]
[{"$nulls":7},"Custo do FIT",null,0]
[null,"C - MATERIAL",null,"Quantidade","Unidade",null,"Preço Unitário","Custo Unitário"]
[null,"M1097","Pedra de mão ou rachão",1.2,"m³",null,0,"FORNECIMENTO NÃO INCLUSO",null,{"$f":"D656*G656","v":0}]
[null,"-",0,null," - ",null,0,null,null,{"$f":"D657*G657","v":0}]
[null,null,null,"Custo unitário total de material",{"$nulls":5},{"$f":"SUM(J656:J657)","v":0}]
[null,"D - ATIVIDADES AUXILIARES",null,"Quantidade","Unidade",null,"Custo Unitário","Custo Unitário"]
[null,"-",0,null,0,null,0,null,null,{"$f":"D660*G660","v":0}]
[null,"-",0,null,0,null,0,null,null,{"$f":"D661*G661","v":0}]
[null,null,null,"Custo total de atividades auxiliares",{"$nulls":5},{"$f":"SUM(J660:J661)","v":0}]
[{"$nulls":7},"Subtotal",null,{"$f":"J652+J658+J662+J653+J654","v":122.34424999999999}]
[null,"E - TEMPO FIXO",null,"Código","Quantidade","Unidade",null,"Custo Unitário","Custo Unitário"]
[null,"M1097","Pedra de mão ou rachão",5914647,1.8,"m³",null,1.85,null,{"$f":"ROUNDDOWN(E665*H665,4)","v":3.33}]
[null,"-",0,"-",null,0,null,0,null,{"$f":"ROUNDDOWN(E666*H666,4)","v":0}]
[null,null,null,"Custo unitário total de tempo fixo",{"$nulls":5},{"$f":"SUM(J665:J666)","v":3.33}]
[null,"F - MOMENTO DE TRANSPORTE",null,"Quantidade","Unidade","DMT",null,null,null,"Custo Unitário"]
[{"$nulls":5},"LN","RP","P"]
[null,"-",0,null,"tkm"]
[null,"-",0,null,"tkm"]
[null,null,null,"Custo unitário total de transporte"]
[{"$nulls":5},"Custo unitário direto total",null,null,null,{"$f":"TRUNC(J663+J667,2)","v":125.67}]
[null,"Obs."]
[]
[16,"1ª/GRD",{"$nulls":8},{"$f":"J714","v":0.4}]
[null,"OBRA:","EXECUÇÃO DAS OBRAS E SERVIÇOS DE CONSTRUÇÃO DE PONTES E GALERIAS, INCLUINDO A CONCLUSÃO DE ESTRUTURAS JÁ INICIADAS, LOCALIZADAS NA ÁREA DA BARRAGEM DE APROVEITAMENTO MÚLTIPLO JEQUITAÍ I, NO MUNICÍPIO DE FRANCISCO DUMONT, NO ESTADO DE MINAS GERAIS - ITEM 2: PONTE N e GALERIA O"]
[null,"Custo Unitário de Referência",null,null,"Minas Gerais"]
[{"$nulls":4}," Abril/2025 ",null,null,"Produção da equipe ",1,{"$f":"VLOOKUP(A676,ORÇAMENTO!A:L,7,0)","v":"m²"}]
[null,"CA0006","SERVIÇOS TOPOGRÁFICOS PARA PAVIMENTAÇÃO E OEA, INCLUSIVE LEVANTAMENTO PLANIALTIMÉTRICO CADASTRAL, GERAÇÃO DE NOTAS DE SERVIÇO, SEÇÕES TRANSVERSAIS E GREIDE, ESTAQUEAMENTO E ACOMPANHAMENTO EXECUTIVO",{"$nulls":5},"Valores em reais (R$)"]
[null,"A - EQUIPAMENTOS",null,"Quantidade","Utilização",null,"Custo Horário",null,null,"Custo"]
[{"$nulls":4},"Operativa","Improdutiva","Produtivo","Improdutivo",null,"Horário Total"]
[null,92145,"Caminhonete cabine simples com motor 1.6 flex, câmbio manual, potência 101/104 cv, 2 portas",5.0000000000000001E-4,1,0,76.5,0,null,{"$f":"D683*(E683*G683+F683*H683)","v":3.8249999999999999E-2}]
[null,"-",0,null,null,null,0,0,null,{"$f":"D684*(E684*G684+F684*H684)","v":0}]
[{"$nulls":7},"Custo horário total de equipamentos",null,{"$f":"SUM(J683:J684)","v":3.8249999999999999E-2}]
[null,"B - MÃO DE OBRA",null,"Quantidade","Unidade",null,"Custo Horário","Custo Horário Total"]
[null,"P9949","Topógrafo - mensalista",9.2592592592592591E-6,"mês",null,7071.0056999999997,null,null,{"$f":"D687*G687","v":6.5472274999999996E-2}]
[null,"P9950","Auxiliar de topografia - mensalista",9.2592592592592591E-6,"mês",null,6461.7082,null,null,{"$f":"D688*G688","v":5.9830631481481482E-2}]
[null,"P9824","Servente",7.4999999999999997E-3,"h",null,21.684899999999999,null,null,0.16263675]
[null,"P9848","Desenhista - mensalista",7.4074074074074075E-6,"mês",null,10938.037899999999,null,null,8.1022502962962956E-2]
[null,null,null,"Custo horário total de mão de obra",{"$nulls":5},{"$f":"SUM(J687:J690)","v":0.36896215944444444}]
[null,null,null,"Custo horário total de execução",{"$nulls":5},{"$f":"J685+J691","v":0.40721215944444444}]
[null,null,null,"Custo unitário de execução",{"$nulls":5},{"$f":"J692/I679","v":0.40721215944444444}]
[{"$nulls":7},"Custo do FIC",null,0]
[{"$nulls":7},"Custo do FIT",null,0]
[null,"C - MATERIAL",null,"Quantidade","Unidade",null,"Preço Unitário","Custo Unitário"]
[null,"-",0,null," - ",null,0,null,null,{"$f":"D697*G697","v":0}]
[null,"-",0,null," - ",null,0,null,null,{"$f":"D698*G698","v":0}]
[null,null,null,"Custo unitário total de material",{"$nulls":5},{"$f":"SUM(J697:J698)","v":0}]
[null,"D - ATIVIDADES AUXILIARES",null,"Quantidade","Unidade",null,"Custo Unitário","Custo Unitário"]
[null,"-",0,1.1002700000000001,0,null,0,null,null,{"$f":"D701*G701","v":0}]
[null,"-",0,null,0,null,0,null,null,{"$f":"D702*G702","v":0}]
[null,null,null,"Custo total de atividades auxiliares",{"$nulls":5},{"$f":"SUM(J701:J702)","v":0}]
[{"$nulls":7},"Subtotal",null,{"$f":"J693+J699+J703+J694+J695","v":0.40721215944444444}]
[null,"E - TEMPO FIXO",null,"Código","Quantidade","Unidade",null,"Custo Unitário","Custo Unitário"]
[null,"-",0,"-",null,0,null,0,null,{"$f":"ROUNDDOWN(E706*H706,4)","v":0}]
[null,"-",0,"-",null,0,null,0,null,{"$f":"ROUNDDOWN(E707*H707,4)","v":0}]
[null,null,null,"Custo unitário total de tempo fixo",{"$nulls":5},{"$f":"SUM(J706:J707)","v":0}]
[null,"F - MOMENTO DE TRANSPORTE",null,"Quantidade","Unidade","DMT",null,null,null,"Custo Unitário"]
[{"$nulls":5},"LN","RP","P"]
[null,"-",0,null,"tkm"]
[null,"-",0,null,"tkm"]
[null,null,null,"Custo unitário total de transporte"]
[{"$nulls":5},"Custo unitário direto total",null,null,null,{"$f":"TRUNC(J704+J708,2)","v":0.4}]
[null,"Obs."]
[]
[31,"1ª/GRD",{"$nulls":8},{"$f":"J753","v":63.12}]
[null,"OBRA:","EXECUÇÃO DAS OBRAS E SERVIÇOS DE CONSTRUÇÃO DE PONTES E GALERIAS, INCLUINDO A CONCLUSÃO DE ESTRUTURAS JÁ INICIADAS, LOCALIZADAS NA ÁREA DA BARRAGEM DE APROVEITAMENTO MÚLTIPLO JEQUITAÍ I, NO MUNICÍPIO DE FRANCISCO DUMONT, NO ESTADO DE MINAS GERAIS - ITEM 2: PONTE N e GALERIA O"]
[null,"Custo Unitário de Referência",null,null,"Minas Gerais"]
[{"$nulls":4}," Abril/2025 ",null,null,"Produção da equipe ",1,{"$f":"VLOOKUP(A717,ORÇAMENTO!A:L,7,0)","v":"m"}]
[null,"RO-40666","SARJETA DE CONCRETO EM CORTE TIPO DR.SCC 90/10 - EXECUÇÃO INCLUINDO ESCAVAÇÃO, FORNECIMENTO E TRANSPORTE DE TODOS OS MATERIAIS",{"$nulls":5},"Valores em reais (R$)"]
[null,"A - EQUIPAMENTOS",null,"Quantidade","Utilização",null,"Custo Horário",null,null,"Custo"]
[{"$nulls":4},"Operativa","Improdutiva","Produtivo","Improdutivo",null,"Horário Total"]
[null,"-",0,null,null,null,0,0,null,{"$f":"D724*(E724*G724+F724*H724)","v":0}]
[null,"-",0,null,null,null,0,0,null,{"$f":"D725*(E725*G725+F725*H725)","v":0}]
[{"$nulls":7},"Custo horário total de equipamentos",null,{"$f":"SUM(J724:J725)","v":0}]
[null,"B - MÃO DE OBRA",null,"Quantidade","Unidade",null,"Custo Horário","Custo Horário Total"]
[null,"P9821","Pedreiro",0.2,"h",null,27.839500000000001,null,null,{"$f":"D728*G728","v":5.5679000000000007}]
[null,"P9824","Servente",0.2,"h",null,21.684899999999999,null,null,{"$f":"D729*G729","v":4.3369799999999996}]
[null,null,null,"Custo horário total de mão de obra",{"$nulls":5},{"$f":"SUM(J728:J729)","v":9.9048800000000004}]
[null,null,null,"Custo horário total de execução",{"$nulls":5},{"$f":"J726+J730","v":9.9048800000000004}]
[null,null,null,"Custo unitário de execução",{"$nulls":5},{"$f":"J731/I720","v":9.9048800000000004}]
[{"$nulls":7},"Custo do FIC",null,0]
[{"$nulls":7},"Custo do FIT",null,0]
[null,"C - MATERIAL",null,"Quantidade","Unidade",null,"Preço Unitário","Custo Unitário"]
[null,"-",0,null," - ",null,0,null,null,{"$f":"D736*G736","v":0}]
[null,"-",0,null," - ",null,0,null,null,{"$f":"D737*G737","v":0}]
[null,null,null,"Custo unitário total de material",{"$nulls":5},{"$f":"SUM(J736:J737)","v":0}]
[null,"D - ATIVIDADES AUXILIARES",null,"Quantidade","Unidade",null,"Custo Unitário","Custo Unitário"]
[null,1107888,"Concreto fck = 15 MPa - confecção em betoneira e lançamento manual - areia e brita comerciais",8.6999999999999994E-2,"m³",null,461.7,null,null,{"$f":"D740*G740","v":40.167899999999996}]
[null,4805749,"Escavação manual de vala em material de 1ª categoria",0.153,"m³",null,74.48,null,null,{"$f":"D741*G741","v":11.395440000000001}]
[null,null,null,"Custo total de atividades auxiliares",{"$nulls":5},{"$f":"SUM(J740:J741)","v":51.563339999999997}]
[{"$nulls":7},"Subtotal",null,{"$f":"J732+J738+J742+J733+J734","v":61.468219999999995}]
[null,"E - TEMPO FIXO",null,"Código","Quantidade","Unidade",null,"Custo Unitário","Custo Unitário"]
[null,1107888,"Concreto fck = 15 MPa - confecção em betoneira e lançamento manual - areia e brita comerciais",5919538,8.6999999999999994E-2,"m³",null,19.100000000000001,null,{"$f":"ROUNDDOWN(E745*H745,4)","v":1.6617}]
[null,"-",0,"-",null,0,null,0,null,{"$f":"ROUNDDOWN(E746*H746,4)","v":0}]
[null,null,null,"Custo unitário total de tempo fixo",{"$nulls":5},{"$f":"SUM(J745:J746)","v":1.6617}]
[null,"F - MOMENTO DE TRANSPORTE",null,"Quantidade","Unidade","DMT",null,null,null,"Custo Unitário"]
[{"$nulls":5},"LN","RP","P"]
[null,"-",0,null,"tkm"]
[null,"-",0,null,"tkm"]
[null,null,null,"Custo unitário total de transporte"]
[{"$nulls":5},"Custo unitário direto total",null,null,null,{"$f":"TRUNC(J743+J747,2)","v":63.12}]
[null,"Obs."]
[]
[32,"1ª/GRD",{"$nulls":8},{"$f":"J792","v":37.14}]
[null,"OBRA:","EXECUÇÃO DAS OBRAS E SERVIÇOS DE CONSTRUÇÃO DE PONTES E GALERIAS, INCLUINDO A CONCLUSÃO DE ESTRUTURAS JÁ INICIADAS, LOCALIZADAS NA ÁREA DA BARRAGEM DE APROVEITAMENTO MÚLTIPLO JEQUITAÍ I, NO MUNICÍPIO DE FRANCISCO DUMONT, NO ESTADO DE MINAS GERAIS - ITEM 2: PONTE N e GALERIA O"]
[null,"Custo Unitário de Referência",null,null,"Minas Gerais"]
[{"$nulls":4}," Abril/2025 ",null,null,"Produção da equipe ",1,{"$f":"VLOOKUP(A756,ORÇAMENTO!A:L,7,0)","v":"m"}]
[null,"RO-40613","SARJETA DE CONCRETO EM ATERRO TIPO DR.SCA 30/10 - EXECUÇÃO INCLUINDO ESCAVAÇÃO, FORNECIMENTO E TRANSPORTE DE TODOS OS MATERIAIS",{"$nulls":5},"Valores em reais (R$)"]
[null,"A - EQUIPAMENTOS",null,"Quantidade","Utilização",null,"Custo Horário",null,null,"Custo"]
[{"$nulls":4},"Operativa","Improdutiva","Produtivo","Improdutivo",null,"Horário Total"]
[null,"-",0,null,null,null,0,0,null,{"$f":"D763*(E763*G763+F763*H763)","v":0}]
[null,"-",0,null,null,null,0,0,null,{"$f":"D764*(E764*G764+F764*H764)","v":0}]
[{"$nulls":7},"Custo horário total de equipamentos",null,{"$f":"SUM(J763:J764)","v":0}]
[null,"B - MÃO DE OBRA",null,"Quantidade","Unidade",null,"Custo Horário","Custo Horário Total"]
[null,"P9821","Pedreiro",0.2,"h",null,27.839500000000001,null,null,{"$f":"D767*G767","v":5.5679000000000007}]
[null,"P9824","Servente",0.2,"h",null,21.684899999999999,null,null,{"$f":"D768*G768","v":4.3369799999999996}]
[null,null,null,"Custo horário total de mão de obra",{"$nulls":5},{"$f":"SUM(J767:J768)","v":9.9048800000000004}]
[null,null,null,"Custo horário total de execução",{"$nulls":5},{"$f":"J765+J769","v":9.9048800000000004}]
[null,null,null,"Custo unitário de execução",{"$nulls":5},{"$f":"J770/I759","v":9.9048800000000004}]
[{"$nulls":7},"Custo do FIC",null,0]
[{"$nulls":7},"Custo do FIT",null,0]
[null,"C - MATERIAL",null,"Quantidade","Unidade",null,"Preço Unitário","Custo Unitário"]
[null,"-",0,1.1000000000000001," - ",null,0,null,null,{"$f":"D775*G775","v":0}]
[null,"-",0,1.4999999999999999E-2," - ",null,0,null,null,{"$f":"D776*G776","v":0}]
[null,null,null,"Custo unitário total de material",{"$nulls":5},{"$f":"SUM(J775:J776)","v":0}]
[null,"D - ATIVIDADES AUXILIARES",null,"Quantidade","Unidade",null,"Custo Unitário","Custo Unitário"]
[null,1107888,"Concreto fck = 15 MPa - confecção em betoneira e lançamento manual - areia e brita comerciais",0.05,"m³",null,461.7,null,null,{"$f":"D779*G779","v":23.085000000000001}]
[null,4805749,"Escavação manual de vala em material de 1ª categoria",4.2999999999999997E-2,"m³",null,74.48,null,null,{"$f":"D780*G780","v":3.2026399999999997}]
[null,null,null,"Custo total de atividades auxiliares",{"$nulls":5},{"$f":"SUM(J779:J780)","v":26.28764}]
[{"$nulls":7},"Subtotal",null,{"$f":"J771+J777+J781+J772+J773","v":36.192520000000002}]
[null,"E - TEMPO FIXO",null,"Código","Quantidade","Unidade",null,"Custo Unitário","Custo Unitário"]
[null,1107888,"Concreto fck = 15 MPa - confecção em betoneira e lançamento manual - areia e brita comerciais",5919538,0.05,"m³",null,19.100000000000001,null,{"$f":"ROUNDDOWN(E784*H784,4)","v":0.95499999999999996}]
[null,"-",0,"-",null," - ",null,0,null,{"$f":"ROUNDDOWN(E785*H785,4)","v":0}]
[null,null,null,"Custo unitário total de tempo fixo",{"$nulls":5},{"$f":"SUM(J784:J785)","v":0.95499999999999996}]
[null,"F - MOMENTO DE TRANSPORTE",null,"Quantidade","Unidade","DMT",null,null,null,"Custo Unitário"]
[{"$nulls":5},"LN","RP","P"]
[null,"-",0,null,"tkm"]
[null,"-",0,null,"tkm"]
[null,null,null,"Custo unitário total de transporte"]
[{"$nulls":5},"Custo unitário direto total",null,null,null,{"$f":"TRUNC(J782+J786,2)","v":37.14}]
[null,"Obs."]
[]
[33,"1ª/GRD",{"$nulls":8},{"$f":"J832","v":568.33000000000004}]
[null,"OBRA:","EXECUÇÃO DAS OBRAS E SERVIÇOS DE CONSTRUÇÃO DE PONTES E GALERIAS, INCLUINDO A CONCLUSÃO DE ESTRUTURAS JÁ INICIADAS, LOCALIZADAS NA ÁREA DA BARRAGEM DE APROVEITAMENTO MÚLTIPLO JEQUITAÍ I, NO MUNICÍPIO DE FRANCISCO DUMONT, NO ESTADO DE MINAS GERAIS - ITEM 2: PONTE N e GALERIA O"]
[null,"Custo Unitário de Referência",null,null,"Minas Gerais"]
[{"$nulls":4}," Abril/2025 ",null,null,"Produção da equipe ",1,{"$f":"VLOOKUP(A795,ORÇAMENTO!A:L,7,0)","v":"unid."}]
[null,"CA0007","SAÍDA D'ÁGUA EM TALUDE DE CORTE PARA SARJETA DO TIPO SDC PARA SCC 90/10",{"$nulls":5},"Valores em reais (R$)"]
[null,"A - EQUIPAMENTOS",null,"Quantidade","Utilização",null,"Custo Horário",null,null,"Custo"]
[{"$nulls":4},"Operativa","Improdutiva","Produtivo","Improdutivo",null,"Horário Total"]
[null,"-",0,null,null,null,0,0,null,{"$f":"D802*(E802*G802+F802*H802)","v":0}]
[null,"-",0,null,null,null,0,0,null,{"$f":"D803*(E803*G803+F803*H803)","v":0}]
[{"$nulls":7},"Custo horário total de equipamentos",null,{"$f":"SUM(J802:J803)","v":0}]
[null,"B - MÃO DE OBRA",null,"Quantidade","Unidade",null,"Custo Horário","Custo Horário Total"]
[null,"P9821","Pedreiro",0.2,"h",null,27.839500000000001,null,null,{"$f":"D806*G806","v":5.5679000000000007}]
[null,"P9824","Servente",0.2,"h",null,21.684899999999999,null,null,{"$f":"D807*G807","v":4.3369799999999996}]
[null,null,null,"Custo horário total de mão de obra",{"$nulls":5},{"$f":"SUM(J806:J807)","v":9.9048800000000004}]
[null,null,null,"Custo horário total de execução",{"$nulls":5},{"$f":"J804+J808","v":9.9048800000000004}]
[null,null,null,"Custo unitário de execução",{"$nulls":5},{"$f":"J809/I798","v":9.9048800000000004}]
[{"$nulls":7},"Custo do FIC",null,0]
[{"$nulls":7},"Custo do FIT",null,0]
[null,"C - MATERIAL",null,"Quantidade","Unidade",null,"Preço Unitário","Custo Unitário"]
[null,"-",0,1.1000000000000001," - ",null,0,null,null,{"$f":"D814*G814","v":0}]
[null,"-",0,1.4999999999999999E-2," - ",null,0,null,null,{"$f":"D815*G815","v":0}]
[null,null,null,"Custo unitário total de material",{"$nulls":5},{"$f":"SUM(J814:J815)","v":0}]
[null,"D - ATIVIDADES AUXILIARES",null,"Quantidade","Unidade",null,"Custo Unitário","Custo Unitário"]
[null,1107888,"Concreto fck = 15 MPa - confecção em betoneira e lançamento manual - areia e brita comerciais",0.39200000000000002,"m³",null,461.7,null,null,{"$f":"D818*G818","v":180.9864}]
[null,3108013,"Fôrmas de compensado plastificado 12 mm - uso geral - utilização de 3 vezes - confecção, instalação e retirada",3.7522000000000002,"m²",null,78.86,null,null,{"$f":"D819*G819","v":295.89849200000003}]
[null,4805749,"Escavação manual de vala em material de 1ª categoria",0.99429999999999996,"m³",null,74.48,null,null,{"$f":"D820*G820","v":74.055464000000001}]
[null,null,null,"Custo total de atividades auxiliares",{"$nulls":5},{"$f":"SUM(J818:J820)","v":550.94035600000007}]
[{"$nulls":7},"Subtotal",null,{"$f":"J810+J816+J821+J811+J812","v":560.84523600000011}]
[null,"E - TEMPO FIXO",null,"Código","Quantidade","Unidade",null,"Custo Unitário","Custo Unitário"]
[null,1107888,"Concreto fck = 15 MPa - confecção em betoneira e lançamento manual - areia e brita comerciais",5919538,0.39200000000000002,"m³",null,19.100000000000001,null,{"$f":"ROUNDDOWN(E824*H824,4)","v":7.4871999999999996}]
[null,"-",0,"-",null," - ",null,0,null,{"$f":"ROUNDDOWN(E825*H825,4)","v":0}]
[null,null,null,"Custo unitário total de tempo fixo",{"$nulls":5},{"$f":"SUM(J824:J825)","v":7.4871999999999996}]
[null,"F - MOMENTO DE TRANSPORTE",null,"Quantidade","Unidade","DMT",null,null,null,"Custo Unitário"]
[{"$nulls":5},"LN","RP","P"]
[null,"-",0,null,"tkm"]
[null,"-",0,null,"tkm"]
[null,null,null,"Custo unitário total de transporte"]
[{"$nulls":5},"Custo unitário direto total",null,null,null,{"$f":"TRUNC(J822+J826,2)","v":568.33000000000004}]
[null,"Obs."]
[]
[34,"1ª/GRD",{"$nulls":8},{"$f":"J872","v":480.78}]
[null,"OBRA:","EXECUÇÃO DAS OBRAS E SERVIÇOS DE CONSTRUÇÃO DE PONTES E GALERIAS, INCLUINDO A CONCLUSÃO DE ESTRUTURAS JÁ INICIADAS, LOCALIZADAS NA ÁREA DA BARRAGEM DE APROVEITAMENTO MÚLTIPLO JEQUITAÍ I, NO MUNICÍPIO DE FRANCISCO DUMONT, NO ESTADO DE MINAS GERAIS - ITEM 2: PONTE N e GALERIA O"]
[null,"Custo Unitário de Referência",null,null,"Minas Gerais"]
[{"$nulls":4}," Abril/2025 ",null,null,"Produção da equipe ",1,{"$f":"VLOOKUP(A835,ORÇAMENTO!A:L,7,0)","v":"m"}]
[null,"ED-48598","DESCIDA D'ÁGUA TIPO CALHA DN 500 - EXCLUSIVE BOTA FORA",{"$nulls":5},"Valores em reais (R$)"]
[null,"A - EQUIPAMENTOS",null,"Quantidade","Utilização",null,"Custo Horário",null,null,"Custo"]
[{"$nulls":4},"Operativa","Improdutiva","Produtivo","Improdutivo",null,"Horário Total"]
[null,"-",0,null,null,null,0,0,null,{"$f":"D842*(E842*G842+F842*H842)","v":0}]
[null,"-",0,null,null,null,0,0,null,{"$f":"D843*(E843*G843+F843*H843)","v":0}]
[{"$nulls":7},"Custo horário total de equipamentos",null,{"$f":"SUM(J842:J843)","v":0}]
[null,"B - MÃO DE OBRA",null,"Quantidade","Unidade",null,"Custo Horário","Custo Horário Total"]
[null,"-",0,null,0,null,0,null,null,{"$f":"D846*G846","v":0}]
[null,"-",0,null,0,null,0,null,null,{"$f":"D847*G847","v":0}]
[null,null,null,"Custo horário total de mão de obra",{"$nulls":5},{"$f":"SUM(J846:J847)","v":0}]
[null,null,null,"Custo horário total de execução",{"$nulls":5},{"$f":"J844+J848","v":0}]
[null,null,null,"Custo unitário de execução",{"$nulls":5},{"$f":"J849/I838","v":0}]
[{"$nulls":7},"Custo do FIC",null,0]
[{"$nulls":7},"Custo do FIT",null,0]
[null,"C - MATERIAL",null,"Quantidade","Unidade",null,"Preço Unitário","Custo Unitário"]
[null,"-",0,null," - ",null,0,null,null,{"$f":"D854*G854","v":0}]
[null,"-",0,null," - ",null,0,null,null,{"$f":"D855*G855","v":0}]
[null,null,null,"Custo unitário total de material",{"$nulls":5},{"$f":"SUM(J854:J855)","v":0}]
[null,"D - ATIVIDADES AUXILIARES",null,"Quantidade","Unidade",null,"Custo Unitário","Custo Unitário"]
[null,4805749,"Escavação manual de vala em material de 1ª categoria",0.72,"m³",null,74.48,null,null,{"$f":"D858*G858","v":53.625599999999999}]
[null,3108013,"Fôrmas de compensado plastificado 12 mm - uso geral - utilização de 3 vezes - confecção, instalação e retirada",2.8,"m²",null,78.86,null,null,{"$f":"D859*G859","v":220.80799999999999}]
[null,1107892,"Concreto fck = 20 MPa - confecção em betoneira e lançamento manual - areia e brita comerciais",0.32,"m³",null,477.72,null,null,{"$f":"D860*G860","v":152.87040000000002}]
[null,null,null,"Custo total de atividades auxiliares",{"$nulls":5},{"$f":"SUM(J858:J860)","v":427.30400000000003}]
[{"$nulls":7},"Subtotal",null,{"$f":"J850+J856+J861+J851+J852","v":427.30400000000003}]
[null,"E - TEMPO FIXO",null,"Código","Quantidade","Unidade",null,"Custo Unitário","Custo Unitário"]
[null,1107888,"Concreto fck = 15 MPa - confecção em betoneira e lançamento manual - areia e brita comerciais",5919538,2.8,"m³",null,19.100000000000001,null,{"$f":"ROUNDDOWN(E864*H864,4)","v":53.48}]
[null,"-",0,"-",null," - ",null,0,null,{"$f":"ROUNDDOWN(E865*H865,4)","v":0}]
[null,null,null,"Custo unitário total de tempo fixo",{"$nulls":5},{"$f":"SUM(J864:J865)","v":53.48}]
[null,"F - MOMENTO DE TRANSPORTE",null,"Quantidade","Unidade","DMT",null,null,null,"Custo Unitário"]
[{"$nulls":5},"LN","RP","P"]
[null,"-",0,null,"tkm"]
[null,"-",0,null,"tkm"]
[null,null,null,"Custo unitário total de transporte"]
[{"$nulls":5},"Custo unitário direto total",null,null,null,{"$f":"TRUNC(J862+J866,2)","v":480.78}]
[null,"Obs."]
[]
[35,"1ª/GRD",{"$nulls":8},{"$f":"J911","v":33.979999999999997}]
[null,"OBRA:","EXECUÇÃO DAS OBRAS E SERVIÇOS DE CONSTRUÇÃO DE PONTES E GALERIAS, INCLUINDO A CONCLUSÃO DE ESTRUTURAS JÁ INICIADAS, LOCALIZADAS NA ÁREA DA BARRAGEM DE APROVEITAMENTO MÚLTIPLO JEQUITAÍ I, NO MUNICÍPIO DE FRANCISCO DUMONT, NO ESTADO DE MINAS GERAIS - ITEM 2: PONTE N e GALERIA O"]
[null,"Custo Unitário de Referência",null,null,"Minas Gerais"]
[{"$nulls":4}," Abril/2025 ",null,null,"Produção da equipe ",1,{"$f":"VLOOKUP(A875,ORÇAMENTO!A:L,7,0)","v":"m"}]
[null,"RO-40514","VALETA DE PROTEÇÃO DE ATERRO TIPO DR.VPA - EXECUÇÃO, INCLUSIVE ESCAVAÇÃO",{"$nulls":5},"Valores em reais (R$)"]
[null,"A - EQUIPAMENTOS",null,"Quantidade","Utilização",null,"Custo Horário",null,null,"Custo"]
[{"$nulls":4},"Operativa","Improdutiva","Produtivo","Improdutivo",null,"Horário Total"]
[null,"-",0,null,null,null,0,0,null,{"$f":"D882*(E882*G882+F882*H882)","v":0}]
[null,"-",0,null,null,null,0,0,null,{"$f":"D883*(E883*G883+F883*H883)","v":0}]
[{"$nulls":7},"Custo horário total de equipamentos",null,{"$f":"SUM(J882:J883)","v":0}]
[null,"B - MÃO DE OBRA",null,"Quantidade","Unidade",null,"Custo Horário","Custo Horário Total"]
[null,"-",0,null,0,null,0,null,null,{"$f":"D886*G886","v":0}]
[null,"-",0,null,0,null,0,null,null,{"$f":"D887*G887","v":0}]
[null,null,null,"Custo horário total de mão de obra",{"$nulls":5},{"$f":"SUM(J886:J887)","v":0}]
[null,null,null,"Custo horário total de execução",{"$nulls":5},{"$f":"J884+J888","v":0}]
[null,null,null,"Custo unitário de execução",{"$nulls":5},{"$f":"J889/I878","v":0}]
[{"$nulls":7},"Custo do FIC",null,0]
[{"$nulls":7},"Custo do FIT",null,0]
[null,"C - MATERIAL",null,"Quantidade","Unidade",null,"Preço Unitário","Custo Unitário"]
[null,"-",0,null," - ",null,0,null,null,{"$f":"D894*G894","v":0}]
[null,"-",0,null," - ",null,0,null,null,{"$f":"D895*G895","v":0}]
[null,null,null,"Custo unitário total de material",{"$nulls":5},{"$f":"SUM(J894:J895)","v":0}]
[null,"D - ATIVIDADES AUXILIARES",null,"Quantidade","Unidade",null,"Custo Unitário","Custo Unitário"]
[null,4805757,"Escavação mecânica de vala em material de 1ª categoria",0.6,"m³",null,6.98,null,null,{"$f":"D898*G898","v":4.1879999999999997}]
[null,4805749,"Escavação manual de vala em material de 1ª categoria",0.4,"m³",null,74.48,null,null,{"$f":"D899*G899","v":29.792000000000002}]
[null,null,null,"Custo total de atividades auxiliares",{"$nulls":5},{"$f":"SUM(J898:J899)","v":33.980000000000004}]
[{"$nulls":7},"Subtotal",null,{"$f":"J890+J896+J900+J891+J892","v":33.980000000000004}]
[null,"E - TEMPO FIXO",null,"Código","Quantidade","Unidade",null,"Custo Unitário","Custo Unitário"]
[null,"-",0,"-",null,0,null,0,null,{"$f":"ROUNDDOWN(E903*H903,4)","v":0}]
[null,"-",0,"-",null," - ",null,0,null,{"$f":"ROUNDDOWN(E904*H904,4)","v":0}]
[null,null,null,"Custo unitário total de tempo fixo",{"$nulls":5},{"$f":"SUM(J903:J904)","v":0}]
[null,"F - MOMENTO DE TRANSPORTE",null,"Quantidade","Unidade","DMT",null,null,null,"Custo Unitário"]
[{"$nulls":5},"LN","RP","P"]
[null,"-",0,null,"tkm"]
[null,"-",0,null,"tkm"]
[null,null,null,"Custo unitário total de transporte"]
[{"$nulls":5},"Custo unitário direto total",null,null,null,{"$f":"TRUNC(J901+J905,2)","v":33.979999999999997}]
[null,"Obs."]
[]
[36,"1ª/GRD",{"$nulls":8},{"$f":"J952","v":319.13}]
[null,"OBRA:","EXECUÇÃO DAS OBRAS E SERVIÇOS DE CONSTRUÇÃO DE PONTES E GALERIAS, INCLUINDO A CONCLUSÃO DE ESTRUTURAS JÁ INICIADAS, LOCALIZADAS NA ÁREA DA BARRAGEM DE APROVEITAMENTO MÚLTIPLO JEQUITAÍ I, NO MUNICÍPIO DE FRANCISCO DUMONT, NO ESTADO DE MINAS GERAIS - ITEM 2: PONTE N e GALERIA O"]
[null,"Custo Unitário de Referência",null,null,"Minas Gerais"]
[{"$nulls":4}," Abril/2025 ",null,null,"Produção da equipe ",1,{"$f":"VLOOKUP(A914,ORÇAMENTO!A:L,7,0)","v":"unid."}]
[null,"CA0008","DISSIPADOR DE ENERGIA PARA SAÍDA D'ÁGUA E VALETA DE PROTEÇÃO, TIPO DEN 01",{"$nulls":5},"Valores em reais (R$)"]
[null,"A - EQUIPAMENTOS",null,"Quantidade","Utilização",null,"Custo Horário",null,null,"Custo"]
[{"$nulls":4},"Operativa","Improdutiva","Produtivo","Improdutivo",null,"Horário Total"]
[null,"-",0,null,null,null,0,0,null,{"$f":"D921*(E921*G921+F921*H921)","v":0}]
[null,"-",0,null,null,null,0,0,null,{"$f":"D922*(E922*G922+F922*H922)","v":0}]
[{"$nulls":7},"Custo horário total de equipamentos",null,{"$f":"SUM(J921:J922)","v":0}]
[null,"B - MÃO DE OBRA",null,"Quantidade","Unidade",null,"Custo Horário","Custo Horário Total"]
[null,"-",0,null,0,null,0,null,null,{"$f":"D925*G925","v":0}]
[null,"-",0,null,0,null,0,null,null,{"$f":"D926*G926","v":0}]
[null,null,null,"Custo horário total de mão de obra",{"$nulls":5},{"$f":"SUM(J925:J926)","v":0}]
[null,null,null,"Custo horário total de execução",{"$nulls":5},{"$f":"J923+J927","v":0}]
[null,null,null,"Custo unitário de execução",{"$nulls":5},{"$f":"J928/I917","v":0}]
[{"$nulls":7},"Custo do FIC",null,0]
[{"$nulls":7},"Custo do FIT",null,0]
[null,"C - MATERIAL",null,"Quantidade","Unidade",null,"Preço Unitário","Custo Unitário"]
[null,"M1097","Pedra de mão ou rachão",0.1099,"m³",null,159.40690000000001,null,null,{"$f":"D933*G933","v":17.51881831}]
[null,"-",0,null," - ",null,0,null,null,{"$f":"D934*G934","v":0}]
[null,null,null,"Custo unitário total de material",{"$nulls":5},{"$f":"SUM(J933:J934)","v":17.51881831}]
[null,"D - ATIVIDADES AUXILIARES",null,"Quantidade","Unidade",null,"Custo Unitário","Custo Unitário"]
[null,4805749,"Escavação manual de vala em material de 1ª categoria",0.46200000000000002,"m³",null,74.48,null,null,{"$f":"D937*G937","v":34.409760000000006}]
[null,3108013,"Fôrmas de compensado plastificado 12 mm - uso geral - utilização de 3 vezes - confecção, instalação e retirada",7.1999999999999998E-3,"m²",null,78.86,null,null,{"$f":"D938*G938","v":0.56779199999999996}]
[null,1107892,"Concreto fck = 20 MPa - confecção em betoneira e lançamento manual - areia e brita comerciais",0.46350000000000002,"m³",null,477.72,null,null,221.42322000000001]
[null,4805755,"Apiloamento manual",2.3099999999999999E-2,"m³",null,33.520000000000003,null,null,0.774312]
[null,null,null,"Custo total de atividades auxiliares",{"$nulls":5},{"$f":"SUM(J937:J940)","v":257.17508400000003}]
[{"$nulls":7},"Subtotal",null,{"$f":"J929+J935+J941+J930+J931","v":274.69390231}]
[null,"E - TEMPO FIXO",null,"Código","Quantidade","Unidade",null,"Custo Unitário","Custo Unitário"]
[null,"M1097","Pedra de mão ou rachão",5914655,0.19782,"t",null,33.92,null,{"$f":"ROUNDDOWN(E944*H944,4)","v":6.71}]
[null,1107892,"Concreto fck = 20 MPa - confecção em betoneira e lançamento manual - areia e brita comerciais",5914655,1.1124000000000001,"t",null,33.92,null,{"$f":"ROUNDDOWN(E945*H945,4)","v":37.732599999999998}]
[null,null,null,"Custo unitário total de tempo fixo",{"$nulls":5},{"$f":"SUM(J944:J945)","v":44.442599999999999}]
[null,"F - MOMENTO DE TRANSPORTE",null,"Quantidade","Unidade","DMT",null,null,null,"Custo Unitário"]
[{"$nulls":5},"LN","RP","P"]
[null,"M1097","Pedra de mão ou rachão",0.19782,"tkm"]
[null,1107892,"Concreto fck = 20 MPa - confecção em betoneira e lançamento manual - areia e brita comerciais",1.1124000000000001,"tkm"]
[null,null,null,"Custo unitário total de transporte"]
[{"$nulls":5},"Custo unitário direto total",null,null,null,{"$f":"TRUNC(J942+J946,2)","v":319.13}]
[null,"Obs."]
[]
[37,"1ª/GRD",{"$nulls":8},{"$f":"J993","v":261.08999999999997}]
[null,"OBRA:","EXECUÇÃO DAS OBRAS E SERVIÇOS DE CONSTRUÇÃO DE PONTES E GALERIAS, INCLUINDO A CONCLUSÃO DE ESTRUTURAS JÁ INICIADAS, LOCALIZADAS NA ÁREA DA BARRAGEM DE APROVEITAMENTO MÚLTIPLO JEQUITAÍ I, NO MUNICÍPIO DE FRANCISCO DUMONT, NO ESTADO DE MINAS GERAIS - ITEM 2: PONTE N e GALERIA O"]
[null,"Custo Unitário de Referência",null,null,"Minas Gerais"]
[{"$nulls":4}," Abril/2025 ",null,null,"Produção da equipe ",1,{"$f":"VLOOKUP(A955,ORÇAMENTO!A:L,7,0)","v":"unid."}]
[null,"CA0009","DISSIPADOR DE ENERGIA PARA DESCIDA D'ÁGUA E BOCAS DE BUEIRO, TIPO DEN 04",{"$nulls":5},"Valores em reais (R$)"]
[null,"A - EQUIPAMENTOS",null,"Quantidade","Utilização",null,"Custo Horário",null,null,"Custo"]
[{"$nulls":4},"Operativa","Improdutiva","Produtivo","Improdutivo",null,"Horário Total"]
[null,"-",0,null,null,null,0,0,null,{"$f":"D962*(E962*G962+F962*H962)","v":0}]
[null,"-",0,null,null,null,0,0,null,{"$f":"D963*(E963*G963+F963*H963)","v":0}]
[{"$nulls":7},"Custo horário total de equipamentos",null,{"$f":"SUM(J962:J963)","v":0}]
[null,"B - MÃO DE OBRA",null,"Quantidade","Unidade",null,"Custo Horário","Custo Horário Total"]
[null,"-",0,null,0,null,0,null,null,{"$f":"D966*G966","v":0}]
[null,"-",0,null,0,null,0,null,null,{"$f":"D967*G967","v":0}]
[null,null,null,"Custo horário total de mão de obra",{"$nulls":5},{"$f":"SUM(J966:J967)","v":0}]
[null,null,null,"Custo horário total de execução",{"$nulls":5},{"$f":"J964+J968","v":0}]
[null,null,null,"Custo unitário de execução",{"$nulls":5},{"$f":"J969/I958","v":0}]
[{"$nulls":7},"Custo do FIC",null,0]
[{"$nulls":7},"Custo do FIT",null,0]
[null,"C - MATERIAL",null,"Quantidade","Unidade",null,"Preço Unitário","Custo Unitário"]
[null,"M1097","Pedra de mão ou rachão",0.09,"m³",null,159.40690000000001,null,null,{"$f":"D974*G974","v":14.346621000000001}]
[null,"-",0,null," - ",null,0,null,null,{"$f":"D975*G975","v":0}]
[null,null,null,"Custo unitário total de material",{"$nulls":5},{"$f":"SUM(J974:J975)","v":14.346621000000001}]
[null,"D - ATIVIDADES AUXILIARES",null,"Quantidade","Unidade",null,"Custo Unitário","Custo Unitário"]
[null,4805749,"Escavação manual de vala em material de 1ª categoria",0.378,"m³",null,74.48,null,null,{"$f":"D978*G978","v":28.153440000000003}]
[null,3108013,"Fôrmas de compensado plastificado 12 mm - uso geral - utilização de 3 vezes - confecção, instalação e retirada",5.7000000000000002E-3,"m²",null,78.86,null,null,{"$f":"D979*G979","v":0.44950200000000001}]
[null,1107892,"Concreto fck = 20 MPa - confecção em betoneira e lançamento manual - areia e brita comerciais",0.37919999999999998,"m³",null,477.72,null,null,181.15142399999999]
[null,4805755,"Apiloamento manual",1.89E-2,"m³",null,33.520000000000003,null,null,0.63352800000000009]
[null,null,null,"Custo total de atividades auxiliares",{"$nulls":5},{"$f":"SUM(J978:J981)","v":210.38789400000002}]
[{"$nulls":7},"Subtotal",null,{"$f":"J970+J976+J982+J971+J972","v":224.73451500000002}]
[null,"E - TEMPO FIXO",null,"Código","Quantidade","Unidade",null,"Custo Unitário","Custo Unitário"]
[null,"M1097","Pedra de mão ou rachão",5914655,0.16200000000000001,"t",null,33.92,null,{"$f":"ROUNDDOWN(E985*H985,4)","v":5.4950000000000001}]
[null,1107892,"Concreto fck = 20 MPa - confecção em betoneira e lançamento manual - areia e brita comerciais",5914655,0.91007999999999989,"t",null,33.92,null,{"$f":"ROUNDDOWN(E986*H986,4)","v":30.869900000000001}]
[null,null,null,"Custo unitário total de tempo fixo",{"$nulls":5},{"$f":"SUM(J985:J986)","v":36.364899999999999}]
[null,"F - MOMENTO DE TRANSPORTE",null,"Quantidade","Unidade","DMT",null,null,null,"Custo Unitário"]
[{"$nulls":5},"LN","RP","P"]
[null,"M1097","Pedra de mão ou rachão",0.16200000000000001,"tkm"]
[null,1107892,"Concreto fck = 20 MPa - confecção em betoneira e lançamento manual - areia e brita comerciais",0.91007999999999989,"tkm"]
[null,null,null,"Custo unitário total de transporte"]
[{"$nulls":5},"Custo unitário direto total",null,null,null,{"$f":"TRUNC(J983+J987,2)","v":261.08999999999997}]
[null,"Obs."]
[]
[38,"1ª/GRD",{"$nulls":8},{"$f":"J1034","v":3576.52}]
[null,"OBRA:","EXECUÇÃO DAS OBRAS E SERVIÇOS DE CONSTRUÇÃO DE PONTES E GALERIAS, INCLUINDO A CONCLUSÃO DE ESTRUTURAS JÁ INICIADAS, LOCALIZADAS NA ÁREA DA BARRAGEM DE APROVEITAMENTO MÚLTIPLO JEQUITAÍ I, NO MUNICÍPIO DE FRANCISCO DUMONT, NO ESTADO DE MINAS GERAIS - ITEM 2: PONTE N e GALERIA O"]
[null,"Custo Unitário de Referência",null,null,"Minas Gerais"]
[{"$nulls":4}," Abril/2025 ",null,null,"Produção da equipe ",1,{"$f":"VLOOKUP(A996,ORÇAMENTO!A:L,7,0)","v":"unid."}]
[null,"2003730","CAIXA COLETORA DE TALVEGUE - CCT02 - AREIA E BRITA COMERCIAIS",{"$nulls":5},"Valores em reais (R$)"]
[null,"A - EQUIPAMENTOS",null,"Quantidade","Utilização",null,"Custo Horário",null,null,"Custo"]
[{"$nulls":4},"Operativa","Improdutiva","Produtivo","Improdutivo",null,"Horário Total"]
[null,"-",0,null,null,null,0,0,null,{"$f":"D1003*(E1003*G1003+F1003*H1003)","v":0}]
[null,"-",0,null,null,null,0,0,null,{"$f":"D1004*(E1004*G1004+F1004*H1004)","v":0}]
[{"$nulls":7},"Custo horário total de equipamentos",null,{"$f":"SUM(J1003:J1004)","v":0}]
[null,"B - MÃO DE OBRA",null,"Quantidade","Unidade",null,"Custo Horário","Custo Horário Total"]
[null,"-",0,null,0,null,0,null,null,{"$f":"D1007*G1007","v":0}]
[null,"-",0,null,0,null,0,null,null,{"$f":"D1008*G1008","v":0}]
[null,null,null,"Custo horário total de mão de obra",{"$nulls":5},{"$f":"SUM(J1007:J1008)","v":0}]
[null,null,null,"Custo horário total de execução",{"$nulls":5},{"$f":"J1005+J1009","v":0}]
[null,null,null,"Custo unitário de execução",{"$nulls":5},{"$f":"J1010/I999","v":0}]
[{"$nulls":7},"Custo do FIC",null,0]
[{"$nulls":7},"Custo do FIT",null,0]
[null,"C - MATERIAL",null,"Quantidade","Unidade",null,"Preço Unitário","Custo Unitário"]
[null,"-",0,null," - ",null,0,null,null,{"$f":"D1015*G1015","v":0}]
[null,"-",0,null," - ",null,0,null,null,{"$f":"D1016*G1016","v":0}]
[null,null,null,"Custo unitário total de material",{"$nulls":5},{"$f":"SUM(J1015:J1016)","v":0}]
[null,"D - ATIVIDADES AUXILIARES",null,"Quantidade","Unidade",null,"Custo Unitário","Custo Unitário"]
[null,4805755,"Apiloamento manual",5,"m³",null,33.520000000000003,null,null,{"$f":"D1019*G1019","v":167.60000000000002}]
[null,1107892,"Concreto fck = 20 MPa - confecção em betoneira e lançamento manual - areia e brita comerciais",2.16,"m³",null,477.72,null,null,{"$f":"D1020*G1020","v":1031.8752000000002}]
[null,4805751,"Escavação manual em material de 1ª categoria na profundidade de 1 a 2 m",15,"m³",null,55.86,null,null,837.9]
[null,3103302,"Fôrmas de tábuas de pinho para dispositivos de drenagem - utilização de 3 vezes - confecção, instalação e retirada",20.3,"m²",null,75.819999999999993,null,null,{"$f":"D1022*G1022","v":1539.146}]
[null,null,null,"Custo total de atividades auxiliares",{"$nulls":5},{"$f":"SUM(J1019:J1022)","v":3576.5212000000001}]
[{"$nulls":7},"Subtotal",null,{"$f":"J1011+J1017+J1023+J1012+J1013","v":3576.5212000000001}]
[null,"E - TEMPO FIXO",null,"Código","Quantidade","Unidade",null,"Custo Unitário","Custo Unitário"]
[null,"-",0,"-",null,0,null,0,null,{"$f":"ROUNDDOWN(E1026*H1026,4)","v":0}]
[null,"-",0,"-",null,0,null,0,null,{"$f":"ROUNDDOWN(E1027*H1027,4)","v":0}]
[null,null,null,"Custo unitário total de tempo fixo",{"$nulls":5},{"$f":"SUM(J1026:J1027)","v":0}]
[null,"F - MOMENTO DE TRANSPORTE",null,"Quantidade","Unidade","DMT",null,null,null,"Custo Unitário"]
[{"$nulls":5},"LN","RP","P"]
[null,"-",0,null,"tkm"]
[null,"-",0,null,"tkm"]
[null,null,null,"Custo unitário total de transporte"]
[{"$nulls":5},"Custo unitário direto total",null,null,null,{"$f":"TRUNC(J1024+J1028,2)","v":3576.52}]
[null,"Obs."]
[]
[39.4,"1ª/GRD",{"$nulls":8},{"$f":"J1073","v":7.5}]
[null,"OBRA:","EXECUÇÃO DAS OBRAS E SERVIÇOS DE CONSTRUÇÃO DE PONTES E GALERIAS, INCLUINDO A CONCLUSÃO DE ESTRUTURAS JÁ INICIADAS, LOCALIZADAS NA ÁREA DA BARRAGEM DE APROVEITAMENTO MÚLTIPLO JEQUITAÍ I, NO MUNICÍPIO DE FRANCISCO DUMONT, NO ESTADO DE MINAS GERAIS - ITEM 2: PONTE N e GALERIA O"]
[null,"Custo Unitário de Referência",null,null,"Minas Gerais"]
[{"$nulls":4}," Abril/2025 ",null,null,"Produção da equipe ",180,{"$f":"VLOOKUP(A1037,ORÇAMENTO!A:L,7,0)","v":"m²"}]
[null,2003866,"APLICAÇÃO DE GEOTÊXTIL NÃO TECIDO AGULHADO COM RESISTÊNCIA À TRAÇÃO LONGITUDINAL DE 14KN/M",{"$nulls":5},"Valores em reais (R$)"]
[null,"A - EQUIPAMENTOS",null,"Quantidade","Utilização",null,"Custo Horário",null,null,"Custo"]
[{"$nulls":4},"Operativa","Improdutiva","Produtivo","Improdutivo",null,"Horário Total"]
[null,"-",0,null,null,null,0,0,null,{"$f":"D1044*(E1044*G1044+F1044*H1044)","v":0}]
[null,"-",0,null,null,null,0,0,null,{"$f":"D1045*(E1045*G1045+F1045*H1045)","v":0}]
[{"$nulls":7},"Custo horário total de equipamentos",null,{"$f":"SUM(J1044:J1045)","v":0}]
[null,"B - MÃO DE OBRA",null,"Quantidade","Unidade",null,"Custo Horário","Custo Horário Total"]
[null,"P9824","Servente",3,"h",null,21.684899999999999,null,null,{"$f":"D1048*G1048","v":65.054699999999997}]
[null,"-",0,null,0,null,0,null,null,{"$f":"D1049*G1049","v":0}]
[null,null,null,"Custo horário total de mão de obra",{"$nulls":5},{"$f":"SUM(J1048:J1049)","v":65.054699999999997}]
[null,null,null,"Custo horário total de execução",{"$nulls":5},{"$f":"J1046+J1050","v":65.054699999999997}]
[null,null,null,"Custo unitário de execução",{"$nulls":5},{"$f":"J1051/I1040","v":0.36141499999999999}]
[{"$nulls":7},"Custo do FIC",null,0]
[{"$nulls":7},"Custo do FIT",null,0]
[null,"C - MATERIAL",null,"Quantidade","Unidade",null,"Preço Unitário","Custo Unitário"]
[null,"M2051","Geotêxtil não-tecido agulhado em poliéster - resistência à tração longitudinal de 14 kN/m",1.05,"m²",null,6.7979000000000003,null,null,{"$f":"D1056*G1056","v":7.1377950000000006}]
[null,"-",0,null," - ",null,0,null,null,{"$f":"D1057*G1057","v":0}]
[null,null,null,"Custo unitário total de material",{"$nulls":5},{"$f":"SUM(J1056:J1057)","v":7.1377950000000006}]
[null,"D - ATIVIDADES AUXILIARES",null,"Quantidade","Unidade",null,"Custo Unitário","Custo Unitário"]
[null,"-",0,null,0,null,0,null,null,{"$f":"D1060*G1060","v":0}]
[null,"-",0,null,0,null,0,null,null,{"$f":"D1061*G1061","v":0}]
[null,null,null,"Custo total de atividades auxiliares",{"$nulls":5},{"$f":"SUM(J1060:J1061)","v":0}]
[{"$nulls":7},"Subtotal",null,{"$f":"J1052+J1058+J1062+J1053+J1054","v":7.4992100000000006}]
[null,"E - TEMPO FIXO",null,"Código","Quantidade","Unidade",null,"Custo Unitário","Custo Unitário"]
[null,"M2051","Geotêxtil não-tecido agulhado em poliéster - resistência à tração longitudinal de 14 kN/m",5914655,2.5999999999999998E-4,"t",null,33.92,null,{"$f":"ROUNDDOWN(E1065*H1065,4)","v":8.8000000000000005E-3}]
[null,"-",0,"-",null," - ",null,0,null,{"$f":"ROUNDDOWN(E1066*H1066,4)","v":0}]
[null,null,null,"Custo unitário total de tempo fixo",{"$nulls":5},{"$f":"SUM(J1065:J1066)","v":8.8000000000000005E-3}]
[null,"F - MOMENTO DE TRANSPORTE",null,"Quantidade","Unidade","DMT",null,null,null,"Custo Unitário"]
[{"$nulls":5},"LN","RP","P"]
[null,"M2051","Geotêxtil não-tecido agulhado em poliéster - resistência à tração longitudinal de 14 kN/m",2.5999999999999998E-4,"tkm"]
[null,"-",0,0,"tkm"]
[null,null,null,"Custo unitário total de transporte"]
[{"$nulls":5},"Custo unitário direto total",null,null,null,{"$f":"TRUNC(J1063+J1067,2)","v":7.5}]
[null,"Obs."]
[]
[39.5,"1ª/GRD",{"$nulls":8},{"$f":"J1112","v":534.08000000000004}]
[null,"OBRA:","EXECUÇÃO DAS OBRAS E SERVIÇOS DE CONSTRUÇÃO DE PONTES E GALERIAS, INCLUINDO A CONCLUSÃO DE ESTRUTURAS JÁ INICIADAS, LOCALIZADAS NA ÁREA DA BARRAGEM DE APROVEITAMENTO MÚLTIPLO JEQUITAÍ I, NO MUNICÍPIO DE FRANCISCO DUMONT, NO ESTADO DE MINAS GERAIS - ITEM 2: PONTE N e GALERIA O"]
[null,"Custo Unitário de Referência",null,null,"Minas Gerais"]
[{"$nulls":4}," Abril/2025 ",null,null,"Produção da equipe ",4.5,{"$f":"VLOOKUP(A1076,ORÇAMENTO!A:L,7,0)","v":"m³"}]
[null,"3205866a","GABIÃO CAIXA 1,0M X 1,0M - PEDRA DE MÃO DISPONÍVEL NO LOCAL - FORNECIMENTO E ASSENTAMENTO",{"$nulls":5},"Valores em reais (R$)"]
[null,"A - EQUIPAMENTOS",null,"Quantidade","Utilização",null,"Custo Horário",null,null,"Custo"]
[{"$nulls":4},"Operativa","Improdutiva","Produtivo","Improdutivo",null,"Horário Total"]
[null,"E9526","Retroescavadeira de pneus - capacidade da caçamba da pá-carregadeira de 0,76 m³ e da retroescavadeira de 0,29 m³ - 58 kW ",1,1,0,156.566,80.653599999999997,null,{"$f":"D1083*(E1083*G1083+F1083*H1083)","v":156.566}]
[null,"-",0,null,null,null,0,0,null,{"$f":"D1084*(E1084*G1084+F1084*H1084)","v":0}]
[{"$nulls":7},"Custo horário total de equipamentos",null,{"$f":"SUM(J1083:J1084)","v":156.566}]
[null,"B - MÃO DE OBRA",null,"Quantidade","Unidade",null,"Custo Horário","Custo Horário Total"]
[null,"P9821","Pedreiro",4,"h",null,27.839500000000001,null,null,{"$f":"D1087*G1087","v":111.358}]
[null,"P9824","Servente",8,"h",null,21.684899999999999,null,null,{"$f":"D1088*G1088","v":173.47919999999999}]
[null,null,null,"Custo horário total de mão de obra",{"$nulls":5},{"$f":"SUM(J1087:J1088)","v":284.8372}]
[null,null,null,"Custo horário total de execução",{"$nulls":5},{"$f":"J1085+J1089","v":441.40319999999997}]
[null,null,null,"Custo unitário de execução",{"$nulls":5},{"$f":"J1090/I1079","v":98.08959999999999}]
[{"$nulls":7},"Custo do FIC",null,0]
[{"$nulls":7},"Custo do FIT",null,0]
[null,"C - MATERIAL",null,"Quantidade","Unidade",null,"Preço Unitário","Custo Unitário"]
[null,"M0233","Gabião tipo caixa em liga de zinco e alumínio revestido com polímero de malha hexagonal - C = 2,00 m, L = 1,00 m e H = 1,00 m",0.5,"un",null,865.2047,null,null,{"$f":"D1095*G1095","v":432.60235}]
[null,"M1097","Pedra de mão ou rachão",1.1499999999999999,"m³",null,0,"FORNECIMENTO NÃO INCLUSO",null,{"$f":"D1096*G1096","v":0}]
[null,null,null,"Custo unitário total de material",{"$nulls":5},{"$f":"SUM(J1095:J1096)","v":432.60235}]
[null,"D - ATIVIDADES AUXILIARES",null,"Quantidade","Unidade",null,"Custo Unitário","Custo Unitário"]
[null,"-",0,null,0,null,0,null,null,{"$f":"D1099*G1099","v":0}]
[null,"-",0,null,0,null,0,null,null,{"$f":"D1100*G1100","v":0}]
[null,null,null,"Custo total de atividades auxiliares",{"$nulls":5},{"$f":"SUM(J1099:J1100)","v":0}]
[{"$nulls":7},"Subtotal",null,{"$f":"J1091+J1097+J1101+J1092+J1093","v":530.69195000000002}]
[null,"E - TEMPO FIXO",null,"Código","Quantidade","Unidade",null,"Custo Unitário","Custo Unitário"]
[null,"M0233","Gabião tipo caixa em liga de zinco e alumínio revestido com polímero de malha hexagonal - C = 2,00 m, L = 1,00 m e H = 1,00 m",5914655,6.0000000000000001E-3,"un",null,33.92,null,{"$f":"ROUNDDOWN(E1104*H1104,4)","v":0.20349999999999999}]
[null,"M1097","Pedra de mão ou rachão",5914647,1.7250000000000001,"m³",null,1.85,null,{"$f":"ROUNDDOWN(E1105*H1105,4)","v":3.1911999999999998}]
[null,null,null,"Custo unitário total de tempo fixo",{"$nulls":5},{"$f":"SUM(J1104:J1105)","v":3.3946999999999998}]
[null,"F - MOMENTO DE TRANSPORTE",null,"Quantidade","Unidade","DMT",null,null,null,"Custo Unitário"]
[{"$nulls":5},"LN","RP","P"]
[null,"M0233","Gabião tipo caixa em liga de zinco e alumínio revestido com polímero de malha hexagonal - C = 2,00 m, L = 1,00 m e H = 1,00 m",6.0000000000000001E-3,"tkm"]
[null,"M1097","Pedra de mão ou rachão",1.7250000000000001,"tkm"]
[null,null,null,"Custo unitário total de transporte"]
[{"$nulls":5},"Custo unitário direto total",null,null,null,{"$f":"TRUNC(J1102+J1106,2)","v":534.08000000000004}]
[null,"Obs."]
[]
[39.6,"1ª/GRD",{"$nulls":8},{"$f":"J1151","v":98}]
[null,"OBRA:","EXECUÇÃO DAS OBRAS E SERVIÇOS DE CONSTRUÇÃO DE PONTES E GALERIAS, INCLUINDO A CONCLUSÃO DE ESTRUTURAS JÁ INICIADAS, LOCALIZADAS NA ÁREA DA BARRAGEM DE APROVEITAMENTO MÚLTIPLO JEQUITAÍ I, NO MUNICÍPIO DE FRANCISCO DUMONT, NO ESTADO DE MINAS GERAIS - ITEM 2: PONTE N e GALERIA O"]
[null,"Custo Unitário de Referência",null,null,"Minas Gerais"]
[{"$nulls":4}," Abril/2025 ",null,null,"Produção da equipe ",4.6687500000000002,{"$f":"VLOOKUP(A1115,ORÇAMENTO!A:L,7,0)","v":"m³"}]
[null,"4011315a","ATERRO MANUAL COM SOLO CIMENTO COMPACTADO COM 7% DE CIMENTO E MATERIAL DE JAZIDA - PARA ANCORAGEM DO GABIÃO COLCHÃO",{"$nulls":5},"Valores em reais (R$)"]
[null,"A - EQUIPAMENTOS",null,"Quantidade","Utilização",null,"Custo Horário",null,null,"Custo"]
[{"$nulls":4},"Operativa","Improdutiva","Produtivo","Improdutivo",null,"Horário Total"]
[null,"E9647","Compactador manual com soquete vibratório - 4,10 kW",1,1,0,12.7166,2.7597,null,{"$f":"D1122*(E1122*G1122+F1122*H1122)","v":12.7166}]
[null,"-",0,null,null,null,0,0,null,{"$f":"D1123*(E1123*G1123+F1123*H1123)","v":0}]
[{"$nulls":7},"Custo horário total de equipamentos",null,{"$f":"SUM(J1122:J1123)","v":12.7166}]
[null,"B - MÃO DE OBRA",null,"Quantidade","Unidade",null,"Custo Horário","Custo Horário Total"]
[null,"P9824","Servente",1,"h",null,21.684899999999999,null,null,{"$f":"D1126*G1126","v":21.684899999999999}]
[null,"-",0,null,0,null,0,null,null,{"$f":"D1127*G1127","v":0}]
[null,null,null,"Custo horário total de mão de obra",{"$nulls":5},{"$f":"SUM(J1126:J1127)","v":21.684899999999999}]
[null,null,null,"Custo horário total de execução",{"$nulls":5},{"$f":"J1124+J1128","v":34.401499999999999}]
[null,null,null,"Custo unitário de execução",{"$nulls":5},{"$f":"J1129/I1118","v":7.3684605087014718}]
[{"$nulls":7},"Custo do FIC",null,0]
[{"$nulls":7},"Custo do FIT",null,0]
[null,"C - MATERIAL",null,"Quantidade","Unidade",null,"Preço Unitário","Custo Unitário"]
[null,"M0424","Cimento Portland CP II - 32 - saco",144.41,"kg",null,0.55669999999999997,null,null,{"$f":"D1134*G1134","v":80.393046999999996}]
[null,"-",0,null," - ",null,0,null,null,{"$f":"D1135*G1135","v":0}]
[null,null,null,"Custo unitário total de material",{"$nulls":5},{"$f":"SUM(J1134:J1135)","v":80.393046999999996}]
[null,"D - ATIVIDADES AUXILIARES",null,"Quantidade","Unidade",null,"Custo Unitário","Custo Unitário"]
[null,4016096,"Escavação e carga de material de jazida com escavadeira hidráulica de 1,56 m³",1.02325,"m³",null,1.62,null,null,{"$f":"D1138*G1138","v":1.6576650000000002}]
[null,"-",0,null,0,null,0,null,null,{"$f":"D1139*G1139","v":0}]
[null,null,null,"Custo total de atividades auxiliares",{"$nulls":5},{"$f":"SUM(J1138:J1139)","v":1.6576650000000002}]
[{"$nulls":7},"Subtotal",null,{"$f":"J1130+J1136+J1140+J1131+J1132","v":89.419172508701465}]
[null,"E - TEMPO FIXO",null,"Código","Quantidade","Unidade",null,"Custo Unitário","Custo Unitário"]
[null,4016096,"Escavação e carga de material de jazida com escavadeira hidráulica de 1,56 m³",5914354,1.91859,"t",null,1.92,null,{"$f":"ROUNDDOWN(E1143*H1143,4)","v":3.6836000000000002}]
[null,"M0424","Cimento Portland CP II - 32 - saco",5914655,0.14441000000000001,"t",null,33.92,null,{"$f":"ROUNDDOWN(E1144*H1144,4)","v":4.8982999999999999}]
[null,null,null,"Custo unitário total de tempo fixo",{"$nulls":5},{"$f":"SUM(J1143:J1144)","v":8.581900000000001}]
[null,"F - MOMENTO DE TRANSPORTE",null,"Quantidade","Unidade","DMT",null,null,null,"Custo Unitário"]
[{"$nulls":5},"LN","RP","P"]
[null,4016096,"Escavação e carga de material de jazida com escavadeira hidráulica de 1,56 m³",1.91859,"tkm"]
[null,"M0424","Cimento Portland CP II - 32 - saco",0.14441000000000001,"tkm"]
[null,null,null,"Custo unitário total de transporte"]
[{"$nulls":5},"Custo unitário direto total",null,null,null,{"$f":"TRUNC(J1141+J1145,2)","v":98}]
[null,"Obs."]
[]
[39.700000000000003,"1ª/GRD",{"$nulls":8},{"$f":"J1197","v":0.54}]
[null,"OBRA:","EXECUÇÃO DAS OBRAS E SERVIÇOS DE CONSTRUÇÃO DE PONTES E GALERIAS, INCLUINDO A CONCLUSÃO DE ESTRUTURAS JÁ INICIADAS, LOCALIZADAS NA ÁREA DA BARRAGEM DE APROVEITAMENTO MÚLTIPLO JEQUITAÍ I, NO MUNICÍPIO DE FRANCISCO DUMONT, NO ESTADO DE MINAS GERAIS - ITEM 2: PONTE N e GALERIA O"]
[null,"Custo Unitário de Referência",null,null,"Minas Gerais"]
[{"$nulls":4}," Abril/2025 ",null,null,"Produção da equipe ",500,{"$f":"VLOOKUP(A1154,ORÇAMENTO!A:L,7,0)","v":"m²"}]
[null,4413993,"REVESTIMENTO VEGETAL POR SEMEADURA DE GRAMÍNEAS E LEGUMINOSAS, EM SUPERFÍCIE INCLINADA",{"$nulls":5},"Valores em reais (R$)"]
[null,"A - EQUIPAMENTOS",null,"Quantidade","Utilização",null,"Custo Horário",null,null,"Custo"]
[{"$nulls":4},"Operativa","Improdutiva","Produtivo","Improdutivo",null,"Horário Total"]
[null,"-",0,null,null,null,0,0,null,{"$f":"D1161*(E1161*G1161+F1161*H1161)","v":0}]
[null,"-",0,null,null,null,0,0,null,{"$f":"D1162*(E1162*G1162+F1162*H1162)","v":0}]
[{"$nulls":7},"Custo horário total de equipamentos",null,{"$f":"SUM(J1161:J1162)","v":0}]
[null,"B - MÃO DE OBRA",null,"Quantidade","Unidade",null,"Custo Horário","Custo Horário Total"]
[null,"P9824","Servente",1,"h",null,21.684899999999999,null,null,{"$f":"D1165*G1165","v":21.684899999999999}]
[null,"-",0,null,0,null,0,null,null,{"$f":"D1166*G1166","v":0}]
[null,null,null,"Custo horário total de mão de obra",{"$nulls":5},{"$f":"SUM(J1165:J1166)","v":21.684899999999999}]
[null,null,null,"Custo horário total de execução",{"$nulls":5},{"$f":"J1163+J1167","v":21.684899999999999}]
[null,null,null,"Custo unitário de execução",{"$nulls":5},{"$f":"J1168/I1157","v":4.33698E-2}]
[{"$nulls":7},"Custo do FIC",null,0]
[{"$nulls":7},"Custo do FIT",null,0]
[null,"C - MATERIAL",null,"Quantidade","Unidade",null,"Preço Unitário","Custo Unitário"]
[null,"M0220","Adubo à base de nitrogênio, fósforo e potássio (NPK)",0.06,"kg",null,2.726,null,null,{"$f":"D1173*G1173","v":0.16355999999999998}]
[null,"M0225","Adubo orgânico composto",0.2,"kg",null,0.39800000000000002,null,null,{"$f":"D1174*G1174","v":7.9600000000000004E-2}]
[null,"M0217","Enxofre",3.0000000000000001E-3,"kg",null,3.0802999999999998,null,null,9.2408999999999998E-3]
[null,"M1755","Pó calcário dolomítico",0.17499999999999999,"kg",null,0.14879999999999999,null,null,2.6039999999999997E-2]
[null,"M0223","Sementes para hidrossemeadura",7.0000000000000001E-3,"kg",null,30.408000000000001,null,null,0.21285600000000002]
[null,null,null,"Custo unitário total de material",{"$nulls":5},{"$f":"SUM(J1173:J1177)","v":0.49129690000000004}]
[null,"D - ATIVIDADES AUXILIARES",null,"Quantidade","Unidade",null,"Custo Unitário","Custo Unitário"]
[null,"-",0,null,0,null,0,null,null,{"$f":"D1180*G1180","v":0}]
[null,"-",0,null,0,null,0,null,null,{"$f":"D1181*G1181","v":0}]
[null,null,null,"Custo total de atividades auxiliares",{"$nulls":5},{"$f":"SUM(J1180:J1181)","v":0}]
[{"$nulls":7},"Subtotal",null,{"$f":"J1169+J1178+J1182+J1170+J1171","v":0.53466670000000005}]
[null,"E - TEMPO FIXO",null,"Código","Quantidade","Unidade",null,"Custo Unitário","Custo Unitário"]
[null,"M0220","Adubo à base de nitrogênio, fósforo e potássio (NPK)",5914655,6.0000000000000002E-5,"t",null,33.92,null,{"$f":"ROUNDDOWN(E1185*H1185,4)","v":2E-3}]
[null,"M0225","Adubo orgânico composto",5914655,2.0000000000000001E-4,"t",null,33.92,null,{"$f":"ROUNDDOWN(E1186*H1186,4)","v":6.7000000000000002E-3}]
[null,"M1755","Pó calcário dolomítico",5914655,1.8000000000000001E-4,"t",null,33.92,null,6.1000000000000004E-3]
[null,"M0223","Sementes para hidrossemeadura",5914655,1.0000000000000001E-5,"t",null,33.92,null,2.9999999999999997E-4]
[null,null,null,"Custo unitário total de tempo fixo",{"$nulls":5},{"$f":"SUM(J1185:J1188)","v":1.5100000000000001E-2}]
[null,"F - MOMENTO DE TRANSPORTE",null,"Quantidade","Unidade","DMT",null,null,null,"Custo Unitário"]
[{"$nulls":5},"LN","RP","P"]
[null,"M0220","Adubo à base de nitrogênio, fósforo e potássio (NPK)",6.0000000000000002E-5,"tkm"]
[null,"M0225","Adubo orgânico composto",2.0000000000000001E-4,"tkm"]
[null,"M1755","Pó calcário dolomítico",1.8000000000000001E-4,"tkm"]
[null,"M0223","Sementes para hidrossemeadura",1.0000000000000001E-5,"tkm"]
[null,null,null,"Custo unitário total de transporte"]
[{"$nulls":5},"Custo unitário direto total",null,null,null,{"$f":"TRUNC(J1183+J1189,2)","v":0.54}]
[null,"Obs."]
[]
[40,"1ª/GRD",{"$nulls":8},{"$f":"J1236","v":237.15}]
[null,"OBRA:","EXECUÇÃO DAS OBRAS E SERVIÇOS DE CONSTRUÇÃO DE PONTES E GALERIAS, INCLUINDO A CONCLUSÃO DE ESTRUTURAS JÁ INICIADAS, LOCALIZADAS NA ÁREA DA BARRAGEM DE APROVEITAMENTO MÚLTIPLO JEQUITAÍ I, NO MUNICÍPIO DE FRANCISCO DUMONT, NO ESTADO DE MINAS GERAIS - ITEM 2: PONTE N e GALERIA O"]
[null,"Custo Unitário de Referência",null,null,"Minas Gerais"]
[{"$nulls":4}," Abril/2025 ",null,null,"Produção da equipe ",11,{"$f":"VLOOKUP(A1200,ORÇAMENTO!A:L,7,0)","v":"m²"}]
[null,"3205876a","GABIÃO COLCHÃO ESPESSURA 0,30M - PEDRA DE MÃO DISPONÍVEL NO LOCAL - FORNECIMENTO E ASSENTAMENTO",{"$nulls":5},"Valores em reais (R$)"]
[null,"A - EQUIPAMENTOS",null,"Quantidade","Utilização",null,"Custo Horário",null,null,"Custo"]
[{"$nulls":4},"Operativa","Improdutiva","Produtivo","Improdutivo",null,"Horário Total"]
[null,"E9526","Retroescavadeira de pneus - capacidade da caçamba da pá-carregadeira de 0,76 m³ e da retroescavadeira de 0,29 m³ - 58 kW ",1,1,0,156.566,80.653599999999997,null,{"$f":"D1207*(E1207*G1207+F1207*H1207)","v":156.566}]
[null,"-",0,null,null,null,0,0,null,{"$f":"D1208*(E1208*G1208+F1208*H1208)","v":0}]
[{"$nulls":7},"Custo horário total de equipamentos",null,{"$f":"SUM(J1207:J1208)","v":156.566}]
[null,"B - MÃO DE OBRA",null,"Quantidade","Unidade",null,"Custo Horário","Custo Horário Total"]
[null,"P9821","Pedreiro",4,"h",null,27.839500000000001,null,null,{"$f":"D1211*G1211","v":111.358}]
[null,"P9824","Servente",8,"h",null,21.684899999999999,null,null,{"$f":"D1212*G1212","v":173.47919999999999}]
[null,null,null,"Custo horário total de mão de obra",{"$nulls":5},{"$f":"SUM(J1211:J1212)","v":284.8372}]
[null,null,null,"Custo horário total de execução",{"$nulls":5},{"$f":"J1209+J1213","v":441.40319999999997}]
[null,null,null,"Custo unitário de execução",{"$nulls":5},{"$f":"J1214/I1203","v":40.127563636363632}]
[{"$nulls":7},"Custo do FIC",null,0]
[{"$nulls":7},"Custo do FIT",null,0]
[null,"C - MATERIAL",null,"Quantidade","Unidade",null,"Preço Unitário","Custo Unitário"]
[null,"M0236","Gabião tipo colchão em liga de zinco e alumínio revestido com polímero de malha hexagonal - E = 0,30 m",1,"m²",null,195.93870000000001,null,null,{"$f":"D1219*G1219","v":195.93870000000001}]
[null,"M1097","Pedra de mão ou rachão",0.34499999999999997,"m³",null,0,"FORNECIMENTO NÃO INCLUSO",null,{"$f":"D1220*G1220","v":0}]
[null,null,null,"Custo unitário total de material",{"$nulls":5},{"$f":"SUM(J1219:J1220)","v":195.93870000000001}]
[null,"D - ATIVIDADES AUXILIARES",null,"Quantidade","Unidade",null,"Custo Unitário","Custo Unitário"]
[null,"-",0,null,0,null,0,null,null,{"$f":"D1223*G1223","v":0}]
[null,"-",0,null,0,null,0,null,null,{"$f":"D1224*G1224","v":0}]
[null,null,null,"Custo total de atividades auxiliares",{"$nulls":5},{"$f":"SUM(J1223:J1224)","v":0}]
[{"$nulls":7},"Subtotal",null,{"$f":"J1215+J1221+J1225+J1216+J1217","v":236.06626363636366}]
[null,"E - TEMPO FIXO",null,"Código","Quantidade","Unidade",null,"Custo Unitário","Custo Unitário"]
[null,"M0236","Gabião tipo colchão em liga de zinco e alumínio revestido com polímero de malha hexagonal - E = 0,30 m",5914655,3.82E-3,"t",null,33.92,null,{"$f":"ROUNDDOWN(E1228*H1228,4)","v":0.1295}]
[null,"M1097","Pedra de mão ou rachão",5914647,0.51749999999999996,"t",null,1.85,null,{"$f":"ROUNDDOWN(E1229*H1229,4)","v":0.95730000000000004}]
[null,null,null,"Custo unitário total de tempo fixo",{"$nulls":5},{"$f":"SUM(J1228:J1229)","v":1.0868}]
[null,"F - MOMENTO DE TRANSPORTE",null,"Quantidade","Unidade","DMT",null,null,null,"Custo Unitário"]
[{"$nulls":5},"LN","RP","P"]
[null,"M0236","Gabião tipo colchão em liga de zinco e alumínio revestido com polímero de malha hexagonal - E = 0,30 m",3.82E-3,"tkm"]
[null,"M1097","Pedra de mão ou rachão",0.51749999999999996,"tkm"]
[null,null,null,"Custo unitário total de transporte"]
[{"$nulls":5},"Custo unitário direto total",null,null,null,{"$f":"TRUNC(J1226+J1230,2)","v":237.15}]
[null,"Obs."]
[]
[41,"1ª/GRD",{"$nulls":8},{"$f":"J1275","v":2.92}]
[null,"OBRA:","EXECUÇÃO DAS OBRAS E SERVIÇOS DE CONSTRUÇÃO DE PONTES E GALERIAS, INCLUINDO A CONCLUSÃO DE ESTRUTURAS JÁ INICIADAS, LOCALIZADAS NA ÁREA DA BARRAGEM DE APROVEITAMENTO MÚLTIPLO JEQUITAÍ I, NO MUNICÍPIO DE FRANCISCO DUMONT, NO ESTADO DE MINAS GERAIS - ITEM 2: PONTE N e GALERIA O"]
[null,"Custo Unitário de Referência",null,null,"Minas Gerais"]
[{"$nulls":4}," Abril/2025 ",null,null,"Produção da equipe ",457.16,{"$f":"VLOOKUP(A1239,ORÇAMENTO!A:L,7,0)","v":"ton"}]
[null,5914351,"CARGA, MANOBRA E DESCARGA DE AGREGADOS, ROCHA OU SOLOS EM CAMINHÃO BASCULANTE",{"$nulls":5},"Valores em reais (R$)"]
[null,"A - EQUIPAMENTOS",null,"Quantidade","Utilização",null,"Custo Horário",null,null,"Custo"]
[{"$nulls":4},"Operativa","Improdutiva","Produtivo","Improdutivo",null,"Horário Total"]
[null,"E9667","Caminhão basculante com capacidade de 14 m³ - 210 kW",3,0.77,0.23,322.66559999999998,97.340599999999995,null,{"$f":"D1246*(E1246*G1246+F1246*H1246)","v":812.52254999999991}]
[null,"E9511","Carregadeira de pneus com capacidade de 3,40 m³ - 195 kW",1,1,0,522.5317,257.15769999999998,null,{"$f":"D1247*(E1247*G1247+F1247*H1247)","v":522.5317}]
[{"$nulls":7},"Custo horário total de equipamentos",null,{"$f":"SUM(J1246:J1247)","v":1335.0542499999999}]
[null,"B - MÃO DE OBRA",null,"Quantidade","Unidade",null,"Custo Horário","Custo Horário Total"]
[null,"-",0,null,0,null,0,null,null,{"$f":"D1250*G1250","v":0}]
[null,"-",0,null,0,null,0,null,null,{"$f":"D1251*G1251","v":0}]
[null,null,null,"Custo horário total de mão de obra",{"$nulls":5},{"$f":"SUM(J1250:J1251)","v":0}]
[null,null,null,"Custo horário total de execução",{"$nulls":5},{"$f":"J1248+J1252","v":1335.0542499999999}]
[null,null,null,"Custo unitário de execução",{"$nulls":5},{"$f":"J1253/I1242","v":2.9203216598127568}]
[{"$nulls":7},"Custo do FIC",null,0]
[{"$nulls":7},"Custo do FIT",null,0]
[null,"C - MATERIAL",null,"Quantidade","Unidade",null,"Preço Unitário","Custo Unitário"]
[null,"-",0,null," - ",null,0,null,null,{"$f":"D1258*G1258","v":0}]
[null,"-",0,null," - ",null,0,null,null,{"$f":"D1259*G1259","v":0}]
[null,null,null,"Custo unitário total de material",{"$nulls":5},{"$f":"SUM(J1258:J1259)","v":0}]
[null,"D - ATIVIDADES AUXILIARES",null,"Quantidade","Unidade",null,"Custo Unitário","Custo Unitário"]
[null,"-",0,null,0,null,0,null,null,{"$f":"D1262*G1262","v":0}]
[null,"-",0,null,0,null,0,null,null,{"$f":"D1263*G1263","v":0}]
[null,null,null,"Custo total de atividades auxiliares",{"$nulls":5},{"$f":"SUM(J1262:J1263)","v":0}]
[{"$nulls":7},"Subtotal",null,{"$f":"J1254+J1260+J1264+J1255+J1256","v":2.9203216598127568}]
[null,"E - TEMPO FIXO",null,"Código","Quantidade","Unidade",null,"Custo Unitário","Custo Unitário"]
[null,"-",0,"-",null,0,null,0,null,{"$f":"ROUNDDOWN(E1267*H1267,4)","v":0}]
[null,"-",0,"-",null,0,null,0,null,{"$f":"ROUNDDOWN(E1268*H1268,4)","v":0}]
[null,null,null,"Custo unitário total de tempo fixo",{"$nulls":5},{"$f":"SUM(J1267:J1268)","v":0}]
[null,"F - MOMENTO DE TRANSPORTE",null,"Quantidade","Unidade","DMT",null,null,null,"Custo Unitário"]
[{"$nulls":5},"LN","RP","P"]
[null,"-",0,null,"tkm"]
[null,"-",0,null,"tkm"]
[null,null,null,"Custo unitário total de transporte"]
[{"$nulls":5},"Custo unitário direto total",null,null,null,{"$f":"TRUNC(J1265+J1269,2)","v":2.92}]
[null,"Obs."]
[]
[42,"1ª/GRD",{"$nulls":8},{"$f":"J1314","v":0.96}]
[null,"OBRA:","EXECUÇÃO DAS OBRAS E SERVIÇOS DE CONSTRUÇÃO DE PONTES E GALERIAS, INCLUINDO A CONCLUSÃO DE ESTRUTURAS JÁ INICIADAS, LOCALIZADAS NA ÁREA DA BARRAGEM DE APROVEITAMENTO MÚLTIPLO JEQUITAÍ I, NO MUNICÍPIO DE FRANCISCO DUMONT, NO ESTADO DE MINAS GERAIS - ITEM 2: PONTE N e GALERIA O"]
[null,"Custo Unitário de Referência",null,null,"Minas Gerais"]
[{"$nulls":4}," Abril/2025 ",null,null,"Produção da equipe ",373.5,{"$f":"VLOOKUP(A1278,ORÇAMENTO!A:L,7,0)","v":"txkm"}]
[null,"5914335","TRANSPORTE DE MATERIAL DE 3A CATEGORIA COM CAMINHÃO BASCULANTE PARA ROCHA - RODOVIA EM REVESTIMENTO PRIMÁRIO",{"$nulls":5},"Valores em reais (R$)"]
[null,"A - EQUIPAMENTOS",null,"Quantidade","Utilização",null,"Custo Horário",null,null,"Custo"]
[{"$nulls":4},"Operativa","Improdutiva","Produtivo","Improdutivo",null,"Horário Total"]
[null,"E9672","Caminhão basculante para rocha com capacidade de 12 m³ - 210 kW",1,1,0,352.36559999999997,112.3145,null,{"$f":"D1285*(E1285*G1285+F1285*H1285)","v":352.36559999999997}]
[null,"-",0,null,null,null,0,0,null,{"$f":"D1286*(E1286*G1286+F1286*H1286)","v":0}]
[{"$nulls":7},"Custo horário total de equipamentos",null,{"$f":"SUM(J1285:J1286)","v":352.36559999999997}]
[null,"B - MÃO DE OBRA",null,"Quantidade","Unidade",null,"Custo Horário","Custo Horário Total"]
[null,"-",0,null,0,null,0,null,null,{"$f":"D1289*G1289","v":0}]
[null,"-",0,null,0,null,0,null,null,{"$f":"D1290*G1290","v":0}]
[null,null,null,"Custo horário total de mão de obra",{"$nulls":5},{"$f":"SUM(J1289:J1290)","v":0}]
[null,null,null,"Custo horário total de execução",{"$nulls":5},{"$f":"J1287+J1291","v":352.36559999999997}]
[null,null,null,"Custo unitário de execução",{"$nulls":5},{"$f":"J1292/I1281","v":0.94341526104417661}]
[{"$nulls":7},"Custo do FIC",null,1.83E-2]
[{"$nulls":7},"Custo do FIT",null,0]
[null,"C - MATERIAL",null,"Quantidade","Unidade",null,"Preço Unitário","Custo Unitário"]
[null,"-",0,null," - ",null,0,null,null,{"$f":"D1297*G1297","v":0}]
[null,"-",0,null," - ",null,0,null,null,{"$f":"D1298*G1298","v":0}]
[null,null,null,"Custo unitário total de material",{"$nulls":5},{"$f":"SUM(J1297:J1298)","v":0}]
[null,"D - ATIVIDADES AUXILIARES",null,"Quantidade","Unidade",null,"Custo Unitário","Custo Unitário"]
[null,"-",0,null,0,null,0,null,null,{"$f":"D1301*G1301","v":0}]
[null,"-",0,null,0,null,0,null,null,{"$f":"D1302*G1302","v":0}]
[null,null,null,"Custo total de atividades auxiliares",{"$nulls":5},{"$f":"SUM(J1301:J1302)","v":0}]
[{"$nulls":7},"Subtotal",null,{"$f":"J1293+J1299+J1303+J1294+J1295","v":0.96171526104417659}]
[null,"E - TEMPO FIXO",null,"Código","Quantidade","Unidade",null,"Custo Unitário","Custo Unitário"]
[null,"-",0,"-",null,0,null,0,null,{"$f":"ROUNDDOWN(E1306*H1306,4)","v":0}]
[null,"-",0,"-",null,0,null,0,null,{"$f":"ROUNDDOWN(E1307*H1307,4)","v":0}]
[null,null,null,"Custo unitário total de tempo fixo",{"$nulls":5},{"$f":"SUM(J1306:J1307)","v":0}]
[null,"F - MOMENTO DE TRANSPORTE",null,"Quantidade","Unidade","DMT",null,null,null,"Custo Unitário"]
[{"$nulls":5},"LN","RP","P"]
[null,"-",0,null,"tkm"]
[null,"-",0,null,"tkm"]
[null,null,null,"Custo unitário total de transporte"]
[{"$nulls":5},"Custo unitário direto total",null,null,null,{"$f":"TRUNC(J1304+J1308,2)","v":0.96}]
[null,"Obs."]
[]
[43,"1ª/GRD",{"$nulls":8},{"$f":"J1353","v":0.82}]
[null,"OBRA:","EXECUÇÃO DAS OBRAS E SERVIÇOS DE CONSTRUÇÃO DE PONTES E GALERIAS, INCLUINDO A CONCLUSÃO DE ESTRUTURAS JÁ INICIADAS, LOCALIZADAS NA ÁREA DA BARRAGEM DE APROVEITAMENTO MÚLTIPLO JEQUITAÍ I, NO MUNICÍPIO DE FRANCISCO DUMONT, NO ESTADO DE MINAS GERAIS - ITEM 2: PONTE N e GALERIA O"]
[null,"Custo Unitário de Referência",null,null,"Minas Gerais"]
[{"$nulls":4}," Abril/2025 ",null,null,"Produção da equipe ",425.79,{"$f":"VLOOKUP(A1317,ORÇAMENTO!A:L,7,0)","v":"txkm"}]
[null,"5914336","TRANSPORTE DE MATERIAL DE 3A CATEGORIA COM CAMINHÃO BASCULANTE PARA ROCHA - RODOVIA PAVIMENTADA",{"$nulls":5},"Valores em reais (R$)"]
[null,"A - EQUIPAMENTOS",null,"Quantidade","Utilização",null,"Custo Horário",null,null,"Custo"]
[{"$nulls":4},"Operativa","Improdutiva","Produtivo","Improdutivo",null,"Horário Total"]
[null,"E9672","Caminhão basculante para rocha com capacidade de 12 m³ - 210 kW",1,1,0,352.36559999999997,112.3145,null,{"$f":"D1324*(E1324*G1324+F1324*H1324)","v":352.36559999999997}]
[null,"-",0,null,null,null,0,0,null,{"$f":"D1325*(E1325*G1325+F1325*H1325)","v":0}]
[{"$nulls":7},"Custo horário total de equipamentos",null,{"$f":"SUM(J1324:J1325)","v":352.36559999999997}]
[null,"B - MÃO DE OBRA",null,"Quantidade","Unidade",null,"Custo Horário","Custo Horário Total"]
[null,"-",0,null,0,null,0,null,null,{"$f":"D1328*G1328","v":0}]
[null,"-",0,null,0,null,0,null,null,{"$f":"D1329*G1329","v":0}]
[null,null,null,"Custo horário total de mão de obra",{"$nulls":5},{"$f":"SUM(J1328:J1329)","v":0}]
[null,null,null,"Custo horário total de execução",{"$nulls":5},{"$f":"J1326+J1330","v":352.36559999999997}]
[null,null,null,"Custo unitário de execução",{"$nulls":5},{"$f":"J1331/I1320","v":0.82755724652997942}]
[{"$nulls":7},"Custo do FIC",null,0]
[{"$nulls":7},"Custo do FIT",null,0]
[null,"C - MATERIAL",null,"Quantidade","Unidade",null,"Preço Unitário","Custo Unitário"]
[null,"-",0,null," - ",null,0,null,null,{"$f":"D1336*G1336","v":0}]
[null,"-",0,null," - ",null,0,null,null,{"$f":"D1337*G1337","v":0}]
[null,null,null,"Custo unitário total de material",{"$nulls":5},{"$f":"SUM(J1336:J1337)","v":0}]
[null,"D - ATIVIDADES AUXILIARES",null,"Quantidade","Unidade",null,"Custo Unitário","Custo Unitário"]
[null,"-",0,null,0,null,0,null,null,{"$f":"D1340*G1340","v":0}]
[null,"-",0,null,0,null,0,null,null,{"$f":"D1341*G1341","v":0}]
[null,null,null,"Custo total de atividades auxiliares",{"$nulls":5},{"$f":"SUM(J1340:J1341)","v":0}]
[{"$nulls":7},"Subtotal",null,{"$f":"J1332+J1338+J1342+J1333+J1334","v":0.82755724652997942}]
[null,"E - TEMPO FIXO",null,"Código","Quantidade","Unidade",null,"Custo Unitário","Custo Unitário"]
[null,"-",0,"-",null,0,null,0,null,{"$f":"ROUNDDOWN(E1345*H1345,4)","v":0}]
[null,"-",0,"-",null,0,null,0,null,{"$f":"ROUNDDOWN(E1346*H1346,4)","v":0}]
[null,null,null,"Custo unitário total de tempo fixo",{"$nulls":5},{"$f":"SUM(J1345:J1346)","v":0}]
[null,"F - MOMENTO DE TRANSPORTE",null,"Quantidade","Unidade","DMT",null,null,null,"Custo Unitário"]
[{"$nulls":5},"LN","RP","P"]
[null,"-",0,null,"tkm"]
[null,"-",0,null,"tkm"]
[null,null,null,"Custo unitário total de transporte"]
[{"$nulls":5},"Custo unitário direto total",null,null,null,{"$f":"TRUNC(J1343+J1347,2)","v":0.82}]
[null,"Obs."]
[]
[46,"1ª/GRD",{"$nulls":8},{"$f":"J1406","v":79.34}]
[null,"OBRA:","EXECUÇÃO DAS OBRAS E SERVIÇOS DE CONSTRUÇÃO DE PONTES E GALERIAS, INCLUINDO A CONCLUSÃO DE ESTRUTURAS JÁ INICIADAS, LOCALIZADAS NA ÁREA DA BARRAGEM DE APROVEITAMENTO MÚLTIPLO JEQUITAÍ I, NO MUNICÍPIO DE FRANCISCO DUMONT, NO ESTADO DE MINAS GERAIS - ITEM 2: PONTE N e GALERIA O"]
[null,"Custo Unitário de Referência",null,null,"Minas Gerais"]
[{"$nulls":4}," Abril/2025 ",null,null,"Produção da equipe ",1,{"$f":"VLOOKUP(A1356,ORÇAMENTO!A:L,7,0)","v":"m²"}]
[null,3108017,"FORMA DE COMPENSADO PLASTIFICADO 14MM, USO GERAL - CONFECÇÃO, INSTALAÇÃO E RETIRADA",{"$nulls":5},"Valores em reais (R$)"]
[null,"A - EQUIPAMENTOS",null,"Quantidade","Utilização",null,"Custo Horário",null,null,"Custo"]
[{"$nulls":4},"Operativa","Improdutiva","Produtivo","Improdutivo",null,"Horário Total"]
[null,"E9066","Grupo gerador - 14 kVA",4.0160000000000001E-2,1,0,21.014500000000002,6.157,null,{"$f":"D1363*(E1363*G1363+F1363*H1363)","v":0.84394232000000013}]
[null,"E9535","Serra circular com bancada - D = 30 cm - 4 kW",4.0160000000000001E-2,1,0,27.200299999999999,26.836200000000002,null,{"$f":"D1364*(E1364*G1364+F1364*H1364)","v":1.0923640480000001}]
[{"$nulls":7},"Custo horário total de equipamentos",null,{"$f":"SUM(J1363:J1364)","v":1.9363063680000003}]
[null,"B - MÃO DE OBRA",null,"Quantidade","Unidade",null,"Custo Horário","Custo Horário Total"]
[null,"P9801","Ajudante",0.7,"h",null,23.715,null,null,{"$f":"D1367*G1367","v":16.6005}]
[null,"P9808","Carpinteiro",0.7,"h",null,27.647099999999998,null,null,{"$f":"D1368*G1368","v":19.352969999999999}]
[null,null,null,"Custo horário total de mão de obra",{"$nulls":5},{"$f":"SUM(J1367:J1368)","v":35.953469999999996}]
[null,null,null,"Custo horário total de execução",{"$nulls":5},{"$f":"J1365+J1369","v":37.889776368}]
[null,null,null,"Custo unitário de execução",{"$nulls":5},{"$f":"J1370/I1359","v":37.889776368}]
[{"$nulls":7},"Custo do FIC",null,0]
[{"$nulls":7},"Custo do FIT",null,0]
[null,"C - MATERIAL",null,"Quantidade","Unidade",null,"Preço Unitário","Custo Unitário"]
[null,"M0284","Caibro de pinho - L = 7,5 cm e E = 7,5 cm",0.44922000000000001,"m",null,8.3402999999999992,null,null,{"$f":"D1375*G1375","v":3.7466295659999997}]
[null,"M0459","Compensado plastificado - E = 14 mm",0.40429999999999999,"m²",null,46.688099999999999,null,null,{"$f":"D1376*G1376","v":18.87599883}]
[null,"M0560","Desmoldante para fôrmas de madeira",1.111E-2,"l",null,11.3888,null,null,0.12652956800000001]
[null,"M0310","Peça de madeira - L = 7,5 cm e E = 2,5 cm",0.19908000000000001,"m",null,3.2216999999999998,null,null,0.64137603599999993]
[null,"M1205","Prego de ferro",0.20394999999999999,"kg",null,15.2544,null,null,3.1111348799999998]
[null,"M0290","Tábua - E = 2,5 cm e L = 10 cm",2.0900300000000001,"m",null,4.1909000000000001,null,null,8.7591067270000007]
[null,"M0286","Tábua - E = 2,5 cm e L = 30 cm",0.35937999999999998,"m",null,15.6488,null,null,{"$f":"D1381*G1381","v":5.6238657439999997}]
[null,null,null,"Custo unitário total de material",{"$nulls":5},{"$f":"SUM(J1375:J1381)","v":40.884641350999999}]
[null,"D - ATIVIDADES AUXILIARES",null,"Quantidade","Unidade",null,"Custo Unitário","Custo Unitário"]
[null,"-",0,null,0,null,0,null,null,{"$f":"D1384*G1384","v":0}]
[null,null,null,"Custo total de atividades auxiliares",{"$nulls":5},{"$f":"SUM(J1384:J1384)","v":0}]
[{"$nulls":7},"Subtotal",null,{"$f":"J1371+J1382+J1385+J1372+J1373","v":78.774417718999999}]
[null,"E - TEMPO FIXO",null,"Código","Quantidade","Unidade",null,"Custo Unitário","Custo Unitário"]
[null,"M0284","Caibro de pinho - L = 7,5 cm e E = 7,5 cm",5914655,2.5300000000000001E-3,"m",null,33.92,null,{"$f":"ROUNDDOWN(E1388*H1388,4)","v":8.5800000000000001E-2}]
[null,"M0459","Compensado plastificado - E = 14 mm",5914655,5.6600000000000001E-3,"m²",null,33.92,null,{"$f":"ROUNDDOWN(E1389*H1389,4)","v":0.19189999999999999}]
[null,"M0560","Desmoldante para fôrmas de madeira",5914655,1.0000000000000001E-5,"l",null,33.92,null,2.9999999999999997E-4]
[null,"M0310","Peça de madeira - L = 7,5 cm e E = 2,5 cm",5914655,3.6999999999999999E-4,"m",null,33.92,null,1.2500000000000001E-2]
[null,"M1205","Prego de ferro",5914655,2.0000000000000001E-4,"kg",null,33.92,null,6.7000000000000002E-3]
[null,"M0290","Tábua - E = 2,5 cm e L = 10 cm",5914655,5.2300000000000003E-3,"m",null,33.92,null,0.1774]
[null,"M0286","Tábua - E = 2,5 cm e L = 30 cm",5914655,2.7000000000000001E-3,"m",null,33.92,null,9.1499999999999998E-2]
[null,null,null,"Custo unitário total de tempo fixo",{"$nulls":5},{"$f":"SUM(J1388:J1394)","v":0.56610000000000005}]
[null,"F - MOMENTO DE TRANSPORTE",null,"Quantidade","Unidade","DMT",null,null,null,"Custo Unitário"]
[{"$nulls":5},"LN","RP","P"]
[null,"M0284","Caibro de pinho - L = 7,5 cm e E = 7,5 cm",2.5300000000000001E-3,"tkm"]
[null,"M0459","Compensado plastificado - E = 14 mm",5.6600000000000001E-3,"tkm"]
[null,"M0560","Desmoldante para fôrmas de madeira",1.0000000000000001E-5,"tkm"]
[null,"M0310","Peça de madeira - L = 7,5 cm e E = 2,5 cm",3.6999999999999999E-4,"tkm"]
[null,"M1205","Prego de ferro",2.0000000000000001E-4,"tkm"]
[null,"M0290","Tábua - E = 2,5 cm e L = 10 cm",5.2300000000000003E-3,"tkm"]
[null,"M0286","Tábua - E = 2,5 cm e L = 30 cm",2.7000000000000001E-3,"tkm"]
[null,null,null,"Custo unitário total de transporte"]
[{"$nulls":5},"Custo unitário direto total",null,null,null,{"$f":"TRUNC(J1386+J1395,2)","v":79.34}]
[null,"Obs."]
[]
[47,"1ª/GRD",{"$nulls":8},{"$f":"J1448","v":460.03}]
[null,"OBRA:","EXECUÇÃO DAS OBRAS E SERVIÇOS DE CONSTRUÇÃO DE PONTES E GALERIAS, INCLUINDO A CONCLUSÃO DE ESTRUTURAS JÁ INICIADAS, LOCALIZADAS NA ÁREA DA BARRAGEM DE APROVEITAMENTO MÚLTIPLO JEQUITAÍ I, NO MUNICÍPIO DE FRANCISCO DUMONT, NO ESTADO DE MINAS GERAIS - ITEM 2: PONTE N e GALERIA O"]
[null,"Custo Unitário de Referência",null,null,"Minas Gerais"]
[{"$nulls":4}," Abril/2025 ",null,null,"Produção da equipe ",3.9289900000000002,{"$f":"VLOOKUP(A1409,ORÇAMENTO!A:L,7,0)","v":"m³"}]
[null,"1106057","CONCRETO MAGRO - CONFECÇÃO EM BETONEIRA E LANÇAMENTO MANUAL - AREIA E BRITA COMERCIAIS",{"$nulls":5},"Valores em reais (R$)"]
[null,"A - EQUIPAMENTOS",null,"Quantidade","Utilização",null,"Custo Horário",null,null,"Custo"]
[{"$nulls":4},"Operativa","Improdutiva","Produtivo","Improdutivo",null,"Horário Total"]
[null,"E9519","Betoneira com motor a gasolina com capacidade de 600 l - 10 kW",1,1,0,55.4191,32.742100000000001,null,{"$f":"D1416*(E1416*G1416+F1416*H1416)","v":55.4191}]
[null,"E9071","Transportador manual carrinho de mão com capacidade de 80 l",4,0.88,0.12,0.70299999999999996,0.47570000000000001,null,{"$f":"D1417*(E1417*G1417+F1417*H1417)","v":2.702896}]
[null,"E9064","Transportador manual gerica com capacidade de 180 l",3,0.41,0.59,1.56,1.0556000000000001,null,3.7872120000000002]
[{"$nulls":7},"Custo horário total de equipamentos",null,{"$f":"SUM(J1416:J1418)","v":61.909208000000007}]
[null,"B - MÃO DE OBRA",null,"Quantidade","Unidade",null,"Custo Horário","Custo Horário Total"]
[null,"P9821","Pedreiro",1,"h",null,27.839500000000001,null,null,{"$f":"D1421*G1421","v":27.839500000000001}]
[null,"P9824","Servente",9,"h",null,21.684899999999999,null,null,{"$f":"D1422*G1422","v":195.16409999999999}]
[null,null,null,"Custo horário total de mão de obra",{"$nulls":5},{"$f":"SUM(J1421:J1422)","v":223.00360000000001}]
[null,null,null,"Custo horário total de execução",{"$nulls":5},{"$f":"J1419+J1423","v":284.91280800000004}]
[null,null,null,"Custo unitário de execução",{"$nulls":5},{"$f":"J1424/I1412","v":72.515534017648307}]
[{"$nulls":7},"Custo do FIC",null,0]
[{"$nulls":7},"Custo do FIT",null,0]
[null,"C - MATERIAL",null,"Quantidade","Unidade",null,"Preço Unitário","Custo Unitário"]
[null,"M0082","Areia média lavada",0.59948000000000001,"m³",null,157.22040000000001,null,null,{"$f":"D1429*G1429","v":94.250485392000016}]
[null,"M0192","Brita 2",0.73507999999999996,"m³",null,168.52109999999999,null,null,{"$f":"D1430*G1430","v":123.87649018799999}]
[null,"M0424","Cimento Portland CP II - 32 - saco",280.53417999999999,"kg",null,0.55669999999999997,null,null,156.17337800599998]
[null,null,null,"Custo unitário total de material",{"$nulls":5},{"$f":"SUM(J1429:J1431)","v":374.30035358600003}]
[null,"D - ATIVIDADES AUXILIARES",null,"Quantidade","Unidade",null,"Custo Unitário","Custo Unitário"]
[null,"-",0,null,0,null,0,null,null,{"$f":"D1434*G1434","v":0}]
[null,null,null,"Custo total de atividades auxiliares",{"$nulls":5},{"$f":"SUM(J1434:J1434)","v":0}]
[{"$nulls":7},"Subtotal",null,{"$f":"J1425+J1432+J1435+J1426+J1427","v":446.81588760364832}]
[null,"E - TEMPO FIXO",null,"Código","Quantidade","Unidade",null,"Custo Unitário","Custo Unitário"]
[null,"M0082","Areia média lavada",5914647,0.89922000000000002,"m³",null,1.85,null,{"$f":"ROUNDDOWN(E1438*H1438,4)","v":1.6635}]
[null,"M0192","Brita 2",5914647,1.1026199999999999,"m³",null,1.85,null,{"$f":"ROUNDDOWN(E1439*H1439,4)","v":2.0398000000000001}]
[null,"M0424","Cimento Portland CP II - 32 - saco",5914655,0.28053,"kg",null,33.92,null,9.5154999999999994]
[null,null,null,"Custo unitário total de tempo fixo",{"$nulls":5},{"$f":"SUM(J1438:J1440)","v":13.2188}]
[null,"F - MOMENTO DE TRANSPORTE",null,"Quantidade","Unidade","DMT",null,null,null,"Custo Unitário"]
[{"$nulls":5},"LN","RP","P"]
[null,"M0082","Areia média lavada",0.89922000000000002,"tkm"]
[null,"M0192","Brita 2",1.1026199999999999,"tkm"]
[null,"M0424","Cimento Portland CP II - 32 - saco",0.28053,"tkm"]
[null,null,null,"Custo unitário total de transporte"]
[{"$nulls":5},"Custo unitário direto total",null,null,null,{"$f":"TRUNC(J1436+J1441,2)","v":460.03}]
[null,"Obs."]
[]
[48,"1ª/GRD",{"$nulls":8},{"$f":"J1494","v":428.22}]
[null,"OBRA:","EXECUÇÃO DAS OBRAS E SERVIÇOS DE CONSTRUÇÃO DE PONTES E GALERIAS, INCLUINDO A CONCLUSÃO DE ESTRUTURAS JÁ INICIADAS, LOCALIZADAS NA ÁREA DA BARRAGEM DE APROVEITAMENTO MÚLTIPLO JEQUITAÍ I, NO MUNICÍPIO DE FRANCISCO DUMONT, NO ESTADO DE MINAS GERAIS - ITEM 2: PONTE N e GALERIA O"]
[null,"Custo Unitário de Referência",null,null,"Minas Gerais"]
[{"$nulls":4}," Abril/2025 ",null,null,"Produção da equipe ",33.200000000000003,{"$f":"VLOOKUP(A1451,ORÇAMENTO!A:L,7,0)","v":"m³"}]
[null,"1116263","CONCRETO PARA BOMBEAMENTO FCK = 25 MPA - CONFECÇÃO EM CENTRAL DOSADORA - AREIA E BRITA COMERCIAIS",{"$nulls":5},"Valores em reais (R$)"]
[null,"A - EQUIPAMENTOS",null,"Quantidade","Utilização",null,"Custo Horário",null,null,"Custo"]
[{"$nulls":4},"Operativa","Improdutiva","Produtivo","Improdutivo",null,"Horário Total"]
[null,"E9584","Carregadeira de pneus com capacidade de 1,72 m³ - 113 kW",1,0.42,0.57999999999999996,217.29580000000001,109.75360000000001,null,{"$f":"D1458*(E1458*G1458+F1458*H1458)","v":154.921324}]
[null,"E9590","Central de concreto com capacidade de 40 m³/h - dosadora fixa",1,1,0,137.7081,99.532799999999995,null,{"$f":"D1459*(E1459*G1459+F1459*H1459)","v":137.7081}]
[null,"E9754","Grupo gerador - 68 kVA",1,1,0,70.654300000000006,9.4520999999999997,null,70.654300000000006]
[{"$nulls":7},"Custo horário total de equipamentos",null,{"$f":"SUM(J1458:J1460)","v":363.28372400000001}]
[null,"B - MÃO DE OBRA",null,"Quantidade","Unidade",null,"Custo Horário","Custo Horário Total"]
[null,"P9824","Servente",1,"h",null,21.684899999999999,null,null,{"$f":"D1463*G1463","v":21.684899999999999}]
[null,"-",0,null,0,null,0,null,null,{"$f":"D1464*G1464","v":0}]
[null,null,null,"Custo horário total de mão de obra",{"$nulls":5},{"$f":"SUM(J1463:J1464)","v":21.684899999999999}]
[null,null,null,"Custo horário total de execução",{"$nulls":5},{"$f":"J1461+J1465","v":384.96862399999998}]
[null,null,null,"Custo unitário de execução",{"$nulls":5},{"$f":"J1466/I1454","v":11.595440481927708}]
[{"$nulls":7},"Custo do FIC",null,0]
[{"$nulls":7},"Custo do FIT",null,0]
[null,"C - MATERIAL",null,"Quantidade","Unidade",null,"Preço Unitário","Custo Unitário"]
[null,"M0030","Aditivo plastificante e retardador de pega para concreto e argamassa",1.38493,"kg",null,6.7175000000000002,null,null,{"$f":"D1471*G1471","v":9.3032672749999996}]
[null,"M0082","Areia média lavada",0.59280999999999995,"m³",null,157.22040000000001,null,null,{"$f":"D1472*G1472","v":93.201825323999998}]
[null,"M0191","Brita 1",0.68813000000000002,"m³",null,178.40889999999999,null,null,122.768516357]
[null,"M1954","Cimento Portland CP II - 32 - a granel",346.23135000000002,"kg",null,0.52290000000000003,null,null,181.04437291500003]
[null,null,null,"Custo unitário total de material",{"$nulls":5},{"$f":"SUM(J1471:J1474)","v":406.31798187100003}]
[null,"D - ATIVIDADES AUXILIARES",null,"Quantidade","Unidade",null,"Custo Unitário","Custo Unitário"]
[null,"-",0,null,0,null,0,null,null,{"$f":"D1477*G1477","v":0}]
[null,"-",0,null,0,null,0,null,null,{"$f":"D1478*G1478","v":0}]
[null,null,null,"Custo total de atividades auxiliares",{"$nulls":5},{"$f":"SUM(J1477:J1478)","v":0}]
[{"$nulls":7},"Subtotal",null,{"$f":"J1467+J1475+J1479+J1468+J1469","v":417.91342235292774}]
[null,"E - TEMPO FIXO",null,"Código","Quantidade","Unidade",null,"Custo Unitário","Custo Unitário"]
[null,"M0030","Aditivo plastificante e retardador de pega para concreto e argamassa",5914655,1.3799999999999999E-3,"kg",null,33.92,null,{"$f":"ROUNDDOWN(E1482*H1482,4)","v":4.6800000000000001E-2}]
[null,"M0082","Areia média lavada",5914647,0.88922000000000001,"m³",null,1.85,null,{"$f":"ROUNDDOWN(E1483*H1483,4)","v":1.645}]
[null,"M0191","Brita 1",5914647,1.0322,"m³",null,1.85,null,1.9095]
[null,"M1954","Cimento Portland CP II - 32 - a granel",5914363,0.34622999999999998,"kg",null,19.38,null,6.7099000000000002]
[null,null,null,"Custo unitário total de tempo fixo",{"$nulls":5},{"$f":"SUM(J1482:J1485)","v":10.311199999999999}]
[null,"F - MOMENTO DE TRANSPORTE",null,"Quantidade","Unidade","DMT",null,null,null,"Custo Unitário"]
[{"$nulls":5},"LN","RP","P"]
[null,"M0030","Aditivo plastificante e retardador de pega para concreto e argamassa",1.3799999999999999E-3,"tkm"]
[null,"M0082","Areia média lavada",0.88922000000000001,"tkm"]
[null,"M0191","Brita 1",1.0322,"tkm"]
[null,"M1954","Cimento Portland CP II - 32 - a granel",0.34622999999999998,"tkm"]
[null,null,null,"Custo unitário total de transporte"]
[{"$nulls":5},"Custo unitário direto total",null,null,null,{"$f":"TRUNC(J1480+J1486,2)","v":428.22}]
[null,"Obs."]
[]
[49,"1ª/GRD",{"$nulls":8},{"$f":"J1540","v":444.89}]
[null,"OBRA:","EXECUÇÃO DAS OBRAS E SERVIÇOS DE CONSTRUÇÃO DE PONTES E GALERIAS, INCLUINDO A CONCLUSÃO DE ESTRUTURAS JÁ INICIADAS, LOCALIZADAS NA ÁREA DA BARRAGEM DE APROVEITAMENTO MÚLTIPLO JEQUITAÍ I, NO MUNICÍPIO DE FRANCISCO DUMONT, NO ESTADO DE MINAS GERAIS - ITEM 2: PONTE N e GALERIA O"]
[null,"Custo Unitário de Referência",null,null,"Minas Gerais"]
[{"$nulls":4}," Abril/2025 ",null,null,"Produção da equipe ",33.200000000000003,{"$f":"VLOOKUP(A1497,ORÇAMENTO!A:L,7,0)","v":"m³"}]
[null,"1116264","CONCRETO PARA BOMBEAMENTO FCK = 30 MPA - CONFECÇÃO EM CENTRAL DOSADORA - AREIA E BRITA COMERCIAIS",{"$nulls":5},"Valores em reais (R$)"]
[null,"A - EQUIPAMENTOS",null,"Quantidade","Utilização",null,"Custo Horário",null,null,"Custo"]
[{"$nulls":4},"Operativa","Improdutiva","Produtivo","Improdutivo",null,"Horário Total"]
[null,"E9584","Carregadeira de pneus com capacidade de 1,72 m³ - 113 kW",1,0.42,0.57999999999999996,217.29580000000001,109.75360000000001,null,{"$f":"D1504*(E1504*G1504+F1504*H1504)","v":154.921324}]
[null,"E9590","Central de concreto com capacidade de 40 m³/h - dosadora fixa",1,1,0,137.7081,99.532799999999995,null,{"$f":"D1505*(E1505*G1505+F1505*H1505)","v":137.7081}]
[null,"E9754","Grupo gerador - 68 kVA",1,1,0,70.654300000000006,9.4520999999999997,null,70.654300000000006]
[{"$nulls":7},"Custo horário total de equipamentos",null,{"$f":"SUM(J1504:J1506)","v":363.28372400000001}]
[null,"B - MÃO DE OBRA",null,"Quantidade","Unidade",null,"Custo Horário","Custo Horário Total"]
[null,"P9824","Servente",1,"h",null,21.684899999999999,null,null,{"$f":"D1509*G1509","v":21.684899999999999}]
[null,"-",0,null,0,null,0,null,null,{"$f":"D1510*G1510","v":0}]
[null,null,null,"Custo horário total de mão de obra",{"$nulls":5},{"$f":"SUM(J1509:J1510)","v":21.684899999999999}]
[null,null,null,"Custo horário total de execução",{"$nulls":5},{"$f":"J1507+J1511","v":384.96862399999998}]
[null,null,null,"Custo unitário de execução",{"$nulls":5},{"$f":"J1512/I1500","v":11.595440481927708}]
[{"$nulls":7},"Custo do FIC",null,0]
[{"$nulls":7},"Custo do FIT",null,0]
[null,"C - MATERIAL",null,"Quantidade","Unidade",null,"Preço Unitário","Custo Unitário"]
[null,"M0030","Aditivo plastificante e retardador de pega para concreto e argamassa",1.52423,"kg",null,6.7175000000000002,null,null,{"$f":"D1517*G1517","v":10.239015025}]
[null,"M0082","Areia média lavada",0.57311000000000001,"m³",null,157.22040000000001,null,null,{"$f":"D1518*G1518","v":90.104583444000014}]
[null,"M0191","Brita 1",0.68813000000000002,"m³",null,178.40889999999999,null,null,122.768516357]
[null,"M1954","Cimento Portland CP II - 32 - a granel",381.05671999999998,"kg",null,0.52290000000000003,null,null,199.25455888799999]
[null,null,null,"Custo unitário total de material",{"$nulls":5},{"$f":"SUM(J1517:J1520)","v":422.366673714}]
[null,"D - ATIVIDADES AUXILIARES",null,"Quantidade","Unidade",null,"Custo Unitário","Custo Unitário"]
[null,"-",0,null,0,null,0,null,null,{"$f":"D1523*G1523","v":0}]
[null,"-",0,null,0,null,0,null,null,{"$f":"D1524*G1524","v":0}]
[null,null,null,"Custo total de atividades auxiliares",{"$nulls":5},{"$f":"SUM(J1523:J1524)","v":0}]
[{"$nulls":7},"Subtotal",null,{"$f":"J1513+J1521+J1525+J1514+J1515","v":433.96211419592771}]
[null,"E - TEMPO FIXO",null,"Código","Quantidade","Unidade",null,"Custo Unitário","Custo Unitário"]
[null,"M0030","Aditivo plastificante e retardador de pega para concreto e argamassa",5914655,1.5200000000000001E-3,"kg",null,33.92,null,{"$f":"ROUNDDOWN(E1528*H1528,4)","v":5.1499999999999997E-2}]
[null,"M0082","Areia média lavada",5914647,0.85967000000000005,"m³",null,1.85,null,{"$f":"ROUNDDOWN(E1529*H1529,4)","v":1.5903}]
[null,"M0191","Brita 1",5914647,1.0322,"m³",null,1.85,null,1.9095]
[null,"M1954","Cimento Portland CP II - 32 - a granel",5914363,0.38106000000000001,"kg",null,19.38,null,7.3849]
[null,null,null,"Custo unitário total de tempo fixo",{"$nulls":5},{"$f":"SUM(J1528:J1531)","v":10.936199999999999}]
[null,"F - MOMENTO DE TRANSPORTE",null,"Quantidade","Unidade","DMT",null,null,null,"Custo Unitário"]
[{"$nulls":5},"LN","RP","P"]
[null,"M0030","Aditivo plastificante e retardador de pega para concreto e argamassa",1.5200000000000001E-3,"tkm"]
[null,"M0082","Areia média lavada",0.85967000000000005,"tkm"]
[null,"M0191","Brita 1",1.0322,"tkm"]
[null,"M1954","Cimento Portland CP II - 32 - a granel",0.38106000000000001,"tkm"]
[null,null,null,"Custo unitário total de transporte"]
[{"$nulls":5},"Custo unitário direto total",null,null,null,{"$f":"TRUNC(J1526+J1532,2)","v":444.89}]
[null,"Obs."]
[]
[51,"1ª/GRD",{"$nulls":8},{"$f":"J1579","v":63.98}]
[null,"OBRA:","EXECUÇÃO DAS OBRAS E SERVIÇOS DE CONSTRUÇÃO DE PONTES E GALERIAS, INCLUINDO A CONCLUSÃO DE ESTRUTURAS JÁ INICIADAS, LOCALIZADAS NA ÁREA DA BARRAGEM DE APROVEITAMENTO MÚLTIPLO JEQUITAÍ I, NO MUNICÍPIO DE FRANCISCO DUMONT, NO ESTADO DE MINAS GERAIS - ITEM 2: PONTE N e GALERIA O"]
[null,"Custo Unitário de Referência",null,null,"Minas Gerais"]
[{"$nulls":4}," Abril/2025 ",null,null,"Produção da equipe ",33.200000000000003,{"$f":"VLOOKUP(A1543,ORÇAMENTO!A:L,7,0)","v":"m³"}]
[null,1107860,"LANÇAMENTO MECÂNICO DE CONCRETO COM BOMBA",{"$nulls":5},"Valores em reais (R$)"]
[null,"A - EQUIPAMENTOS",null,"Quantidade","Utilização",null,"Custo Horário",null,null,"Custo"]
[{"$nulls":4},"Operativa","Improdutiva","Produtivo","Improdutivo",null,"Horário Total"]
[null,"E9787","Bomba para concreto com lança montada sobre chassi com capacidade de 50 m³/h - 136 kW",1,0.8,0.2,550.62159999999994,236.0659,null,{"$f":"D1550*(E1550*G1550+F1550*H1550)","v":487.71046000000001}]
[null,"-",0,null,null,null,0,0,null,{"$f":"D1551*(E1551*G1551+F1551*H1551)","v":0}]
[{"$nulls":7},"Custo horário total de equipamentos",null,{"$f":"SUM(J1550:J1551)","v":487.71046000000001}]
[null,"B - MÃO DE OBRA",null,"Quantidade","Unidade",null,"Custo Horário","Custo Horário Total"]
[null,"P9821","Pedreiro",1,"h",null,27.839500000000001,null,null,{"$f":"D1554*G1554","v":27.839500000000001}]
[null,"P9824","Servente",4,"h",null,21.684899999999999,null,null,{"$f":"D1555*G1555","v":86.739599999999996}]
[null,null,null,"Custo horário total de mão de obra",{"$nulls":5},{"$f":"SUM(J1554:J1555)","v":114.5791}]
[null,null,null,"Custo horário total de execução",{"$nulls":5},{"$f":"J1552+J1556","v":602.28956000000005}]
[null,null,null,"Custo unitário de execução",{"$nulls":5},{"$f":"J1557/I1546","v":18.141251807228915}]
[{"$nulls":7},"Custo do FIC",null,0]
[{"$nulls":7},"Custo do FIT",null,0]
[null,"C - MATERIAL",null,"Quantidade","Unidade",null,"Preço Unitário","Custo Unitário"]
[null,"-",0,null," - ",null,0,null,null,{"$f":"D1562*G1562","v":0}]
[null,"-",0,null," - ",null,0,null,null,{"$f":"D1563*G1563","v":0}]
[null,null,null,"Custo unitário total de material",{"$nulls":5},{"$f":"SUM(J1562:J1563)","v":0}]
[null,"D - ATIVIDADES AUXILIARES",null,"Quantidade","Unidade",null,"Custo Unitário","Custo Unitário"]
[null,1110000,"Concreto",1,"m³",null,0,null,null,{"$f":"D1566*G1566","v":0}]
[null,"-",0,null,0,null,0,null,null,{"$f":"D1567*G1567","v":0}]
[null,null,null,"Custo total de atividades auxiliares",{"$nulls":5},{"$f":"SUM(J1566:J1567)","v":0}]
[{"$nulls":7},"Subtotal",null,{"$f":"J1558+J1564+J1568+J1559+J1560","v":18.141251807228915}]
[null,"E - TEMPO FIXO",null,"Código","Quantidade","Unidade",null,"Custo Unitário","Custo Unitário"]
[null,1110000,"Concreto",5919538,2.4,"m³",null,19.100000000000001,null,{"$f":"ROUNDDOWN(E1571*H1571,4)","v":45.84}]
[null,"-",0,"-",null,0,null,0,null,{"$f":"ROUNDDOWN(E1572*H1572,4)","v":0}]
[null,null,null,"Custo unitário total de tempo fixo",{"$nulls":5},{"$f":"SUM(J1571:J1572)","v":45.84}]
[null,"F - MOMENTO DE TRANSPORTE",null,"Quantidade","Unidade","DMT",null,null,null,"Custo Unitário"]
[{"$nulls":5},"LN","RP","P"]
[null,1110000,"Concreto",2.4,"tkm"]
[null,"-",0,null,"tkm"]
[null,null,null,"Custo unitário total de transporte"]
[{"$nulls":5},"Custo unitário direto total",null,null,null,{"$f":"TRUNC(J1569+J1573,2)","v":63.98}]
[null,"Obs."]
[]
[52,"1ª/GRD",{"$nulls":8},{"$f":"J1618","v":56.32}]
[null,"OBRA:","EXECUÇÃO DAS OBRAS E SERVIÇOS DE CONSTRUÇÃO DE PONTES E GALERIAS, INCLUINDO A CONCLUSÃO DE ESTRUTURAS JÁ INICIADAS, LOCALIZADAS NA ÁREA DA BARRAGEM DE APROVEITAMENTO MÚLTIPLO JEQUITAÍ I, NO MUNICÍPIO DE FRANCISCO DUMONT, NO ESTADO DE MINAS GERAIS - ITEM 2: PONTE N e GALERIA O"]
[null,"Custo Unitário de Referência",null,null,"Minas Gerais"]
[{"$nulls":4}," Abril/2025 ",null,null,"Produção da equipe ",33.200000000000003,{"$f":"VLOOKUP(A1582,ORÇAMENTO!A:L,7,0)","v":"m³"}]
[null,"1106087","LANÇAMENTO MANUAL DE CONCRETO",{"$nulls":5},"Valores em reais (R$)"]
[null,"A - EQUIPAMENTOS",null,"Quantidade","Utilização",null,"Custo Horário",null,null,"Custo"]
[{"$nulls":4},"Operativa","Improdutiva","Produtivo","Improdutivo",null,"Horário Total"]
[null,"E9064","Transportador manual gerica com capacidade de 180 l",11,0.94,0.06,1.56,1.0556000000000001,null,{"$f":"D1589*(E1589*G1589+F1589*H1589)","v":16.827096000000001}]
[null,"-",0,null,null,null,0,0,null,{"$f":"D1590*(E1590*G1590+F1590*H1590)","v":0}]
[{"$nulls":7},"Custo horário total de equipamentos",null,{"$f":"SUM(J1589:J1590)","v":16.827096000000001}]
[null,"B - MÃO DE OBRA",null,"Quantidade","Unidade",null,"Custo Horário","Custo Horário Total"]
[null,"P9821","Pedreiro",1,"h",null,27.839500000000001,null,null,{"$f":"D1593*G1593","v":27.839500000000001}]
[null,"P9824","Servente",14,"h",null,21.684899999999999,null,null,{"$f":"D1594*G1594","v":303.58859999999999}]
[null,null,null,"Custo horário total de mão de obra",{"$nulls":5},{"$f":"SUM(J1593:J1594)","v":331.42809999999997}]
[null,null,null,"Custo horário total de execução",{"$nulls":5},{"$f":"J1591+J1595","v":348.25519599999996}]
[null,null,null,"Custo unitário de execução",{"$nulls":5},{"$f":"J1596/I1585","v":10.489614337349396}]
[{"$nulls":7},"Custo do FIC",null,0]
[{"$nulls":7},"Custo do FIT",null,0]
[null,"C - MATERIAL",null,"Quantidade","Unidade",null,"Preço Unitário","Custo Unitário"]
[null,"-",0,null," - ",null,0,null,null,{"$f":"D1601*G1601","v":0}]
[null,"-",0,null," - ",null,0,null,null,{"$f":"D1602*G1602","v":0}]
[null,null,null,"Custo unitário total de material",{"$nulls":5},{"$f":"SUM(J1601:J1602)","v":0}]
[null,"D - ATIVIDADES AUXILIARES",null,"Quantidade","Unidade",null,"Custo Unitário","Custo Unitário"]
[null,1110000,"Concreto",1,"m³",null,0,null,null,{"$f":"D1605*G1605","v":0}]
[null,"-",0,null,0,null,0,null,null,{"$f":"D1606*G1606","v":0}]
[null,null,null,"Custo total de atividades auxiliares",{"$nulls":5},{"$f":"SUM(J1605:J1606)","v":0}]
[{"$nulls":7},"Subtotal",null,{"$f":"J1597+J1603+J1607+J1598+J1599","v":10.489614337349396}]
[null,"E - TEMPO FIXO",null,"Código","Quantidade","Unidade",null,"Custo Unitário","Custo Unitário"]
[null,1110000,"Concreto",5919538,2.4,"m³",null,19.100000000000001,null,{"$f":"ROUNDDOWN(E1610*H1610,4)","v":45.84}]
[null,"-",0,"-",null,0,null,0,null,{"$f":"ROUNDDOWN(E1611*H1611,4)","v":0}]
[null,null,null,"Custo unitário total de tempo fixo",{"$nulls":5},{"$f":"SUM(J1610:J1611)","v":45.84}]
[null,"F - MOMENTO DE TRANSPORTE",null,"Quantidade","Unidade","DMT",null,null,null,"Custo Unitário"]
[{"$nulls":5},"LN","RP","P"]
[null,1110000,"Concreto",2.4,"tkm"]
[null,"-",0,null,"tkm"]
[null,null,null,"Custo unitário total de transporte"]
[{"$nulls":5},"Custo unitário direto total",null,null,null,{"$f":"TRUNC(J1608+J1612,2)","v":56.32}]
[null,"Obs."]
[]
[53,"1ª/GRD",{"$nulls":8},{"$f":"J1657","v":12.35}]
[null,"OBRA:","EXECUÇÃO DAS OBRAS E SERVIÇOS DE CONSTRUÇÃO DE PONTES E GALERIAS, INCLUINDO A CONCLUSÃO DE ESTRUTURAS JÁ INICIADAS, LOCALIZADAS NA ÁREA DA BARRAGEM DE APROVEITAMENTO MÚLTIPLO JEQUITAÍ I, NO MUNICÍPIO DE FRANCISCO DUMONT, NO ESTADO DE MINAS GERAIS - ITEM 2: PONTE N e GALERIA O"]
[null,"Custo Unitário de Referência",null,null,"Minas Gerais"]
[{"$nulls":4}," Abril/2025 ",null,null,"Produção da equipe ",1,{"$f":"VLOOKUP(A1621,ORÇAMENTO!A:L,7,0)","v":"kg"}]
[null,"0407819","ARMAÇÃO EM AÇO CA-50 - FORNECIMENTO, PREPARO E COLOCAÇÃO",{"$nulls":5},"Valores em reais (R$)"]
[null,"A - EQUIPAMENTOS",null,"Quantidade","Utilização",null,"Custo Horário",null,null,"Custo"]
[{"$nulls":4},"Operativa","Improdutiva","Produtivo","Improdutivo",null,"Horário Total"]
[null,"-",0,null,null,null,0,0,null,{"$f":"D1628*(E1628*G1628+F1628*H1628)","v":0}]
[null,"-",0,null,null,null,0,0,null,{"$f":"D1629*(E1629*G1629+F1629*H1629)","v":0}]
[{"$nulls":7},"Custo horário total de equipamentos",null,{"$f":"SUM(J1628:J1629)","v":0}]
[null,"B - MÃO DE OBRA",null,"Quantidade","Unidade",null,"Custo Horário","Custo Horário Total"]
[null,"P9801","Ajudante",0.09,"h",null,23.715,null,null,{"$f":"D1632*G1632","v":2.13435}]
[null,"P9805","Armador",0.09,"h",null,35.150199999999998,null,null,{"$f":"D1633*G1633","v":3.1635179999999998}]
[null,null,null,"Custo horário total de mão de obra",{"$nulls":5},{"$f":"SUM(J1632:J1633)","v":5.2978679999999994}]
[null,null,null,"Custo horário total de execução",{"$nulls":5},{"$f":"J1630+J1634","v":5.2978679999999994}]
[null,null,null,"Custo unitário de execução",{"$nulls":5},{"$f":"J1635/I1624","v":5.2978679999999994}]
[{"$nulls":7},"Custo do FIC",null,0]
[{"$nulls":7},"Custo do FIT",null,0]
[null,"C - MATERIAL",null,"Quantidade","Unidade",null,"Preço Unitário","Custo Unitário"]
[null,"M0004","Aço CA 50",1.1000000000000001,"kg",null,6.2323000000000004,null,null,{"$f":"D1640*G1640","v":6.8555300000000008}]
[null,"M0075","Arame liso recozido em aço-carbono - D = 1,24 mm (18 BWG)",1.4999999999999999E-2,"kg",null,10.790100000000001,null,null,{"$f":"D1641*G1641","v":0.16185150000000001}]
[null,null,null,"Custo unitário total de material",{"$nulls":5},{"$f":"SUM(J1640:J1641)","v":7.0173815000000008}]
[null,"D - ATIVIDADES AUXILIARES",null,"Quantidade","Unidade",null,"Custo Unitário","Custo Unitário"]
[null,"-",0,null,0,null,0,null,null,{"$f":"D1644*G1644","v":0}]
[null,"-",0,null,0,null,0,null,null,{"$f":"D1645*G1645","v":0}]
[null,null,null,"Custo total de atividades auxiliares",{"$nulls":5},{"$f":"SUM(J1644:J1645)","v":0}]
[{"$nulls":7},"Subtotal",null,{"$f":"J1636+J1642+J1646+J1637+J1638","v":12.3152495}]
[null,"E - TEMPO FIXO",null,"Código","Quantidade","Unidade",null,"Custo Unitário","Custo Unitário"]
[null,"M0004","Aço CA 50",5914655,1.1000000000000001E-3,"kg",null,33.92,null,{"$f":"ROUNDDOWN(E1649*H1649,4)","v":3.73E-2}]
[null,"M0075","Arame liso recozido em aço-carbono - D = 1,24 mm (18 BWG)",5914655,2.0000000000000002E-5,"kg",null,33.92,null,{"$f":"ROUNDDOWN(E1650*H1650,4)","v":5.9999999999999995E-4}]
[null,null,null,"Custo unitário total de tempo fixo",{"$nulls":5},{"$f":"SUM(J1649:J1650)","v":3.7900000000000003E-2}]
[null,"F - MOMENTO DE TRANSPORTE",null,"Quantidade","Unidade","DMT",null,null,null,"Custo Unitário"]
[{"$nulls":5},"LN","RP","P"]
[null,"M0004","Aço CA 50",null,"tkm"]
[null,"M0075","Arame liso recozido em aço-carbono - D = 1,24 mm (18 BWG)",null,"tkm"]
[null,null,null,"Custo unitário total de transporte"]
[{"$nulls":5},"Custo unitário direto total",null,null,null,{"$f":"TRUNC(J1647+J1651,2)","v":12.35}]
[null,"Obs."]
[]
[54,"1ª/GRD",{"$nulls":8},{"$f":"J1696","v":3582.27}]
[null,"OBRA:","EXECUÇÃO DAS OBRAS E SERVIÇOS DE CONSTRUÇÃO DE PONTES E GALERIAS, INCLUINDO A CONCLUSÃO DE ESTRUTURAS JÁ INICIADAS, LOCALIZADAS NA ÁREA DA BARRAGEM DE APROVEITAMENTO MÚLTIPLO JEQUITAÍ I, NO MUNICÍPIO DE FRANCISCO DUMONT, NO ESTADO DE MINAS GERAIS - ITEM 2: PONTE N e GALERIA O"]
[null,"Custo Unitário de Referência",null,null,"Minas Gerais"]
[{"$nulls":4}," Abril/2025 ",null,null,"Produção da equipe ",1.2176,{"$f":"VLOOKUP(A1660,ORÇAMENTO!A:L,7,0)","v":"m³"}]
[null,"1108055","ARGAMASSA AUTOADENSÁVEL PARA GRAUTEAMENTO - CONFECÇÃO E LANÇAMENTO MANUAL",{"$nulls":5},"Valores em reais (R$)"]
[null,"A - EQUIPAMENTOS",null,"Quantidade","Utilização",null,"Custo Horário",null,null,"Custo"]
[{"$nulls":4},"Operativa","Improdutiva","Produtivo","Improdutivo",null,"Horário Total"]
[null,"E9788","Misturador de argamassa com capacidade de 0,250 m³ - 3,70 kW",1,1,0,38.326900000000002,30.539899999999999,null,{"$f":"D1667*(E1667*G1667+F1667*H1667)","v":38.326900000000002}]
[null,"E9064","Transportador manual gerica com capacidade de 180 l",2,0.17,0.83,1.56,1.0556000000000001,null,{"$f":"D1668*(E1668*G1668+F1668*H1668)","v":2.2826960000000001}]
[{"$nulls":7},"Custo horário total de equipamentos",null,{"$f":"SUM(J1667:J1668)","v":40.609596000000003}]
[null,"B - MÃO DE OBRA",null,"Quantidade","Unidade",null,"Custo Horário","Custo Horário Total"]
[null,"P9821","Pedreiro",1,"h",null,27.839500000000001,null,null,{"$f":"D1671*G1671","v":27.839500000000001}]
[null,"P9824","Servente",2,"h",null,21.684899999999999,null,null,{"$f":"D1672*G1672","v":43.369799999999998}]
[null,null,null,"Custo horário total de mão de obra",{"$nulls":5},{"$f":"SUM(J1671:J1672)","v":71.209299999999999}]
[null,null,null,"Custo horário total de execução",{"$nulls":5},{"$f":"J1669+J1673","v":111.818896}]
[null,null,null,"Custo unitário de execução",{"$nulls":5},{"$f":"J1674/I1663","v":91.835492772667536}]
[{"$nulls":7},"Custo do FIC",null,0]
[{"$nulls":7},"Custo do FIT",null,0]
[null,"C - MATERIAL",null,"Quantidade","Unidade",null,"Preço Unitário","Custo Unitário"]
[null,"M0084","Argamassa pré-dosada autoadensável para grauteamento",1968.75,"kg",null,1.7390000000000001,null,null,{"$f":"D1679*G1679","v":3423.65625}]
[null,"-",0,null," - ",null,0,null,null,{"$f":"D1680*G1680","v":0}]
[null,null,null,"Custo unitário total de material",{"$nulls":5},{"$f":"SUM(J1679:J1680)","v":3423.65625}]
[null,"D - ATIVIDADES AUXILIARES",null,"Quantidade","Unidade",null,"Custo Unitário","Custo Unitário"]
[null,"-",0,null,0,null,0,null,null,{"$f":"D1683*G1683","v":0}]
[null,"-",0,null,0,null,0,null,null,{"$f":"D1684*G1684","v":0}]
[null,null,null,"Custo total de atividades auxiliares",{"$nulls":5},{"$f":"SUM(J1683:J1684)","v":0}]
[{"$nulls":7},"Subtotal",null,{"$f":"J1675+J1681+J1685+J1676+J1677","v":3515.4917427726677}]
[null,"E - TEMPO FIXO",null,"Código","Quantidade","Unidade",null,"Custo Unitário","Custo Unitário"]
[null,"M0084","Argamassa pré-dosada autoadensável para grauteamento",5914655,1.96875,"kg",null,33.92,null,{"$f":"ROUNDDOWN(E1688*H1688,4)","v":66.78}]
[null,"-",0,"-",null,0,null,0,null,{"$f":"ROUNDDOWN(E1689*H1689,4)","v":0}]
[null,null,null,"Custo unitário total de tempo fixo",{"$nulls":5},{"$f":"SUM(J1688:J1689)","v":66.78}]
[null,"F - MOMENTO DE TRANSPORTE",null,"Quantidade","Unidade","DMT",null,null,null,"Custo Unitário"]
[{"$nulls":5},"LN","RP","P"]
[null,"M0084","Argamassa pré-dosada autoadensável para grauteamento",1.96875,"tkm"]
[null,"-",0,null,"tkm"]
[null,null,null,"Custo unitário total de transporte"]
[{"$nulls":5},"Custo unitário direto total",null,null,null,{"$f":"TRUNC(J1686+J1690,2)","v":3582.27}]
[null,"Obs."]
[]
[54.5,"1ª/GRD",{"$nulls":8},{"$f":"J1737","v":31.71}]
[null,"OBRA:","EXECUÇÃO DAS OBRAS E SERVIÇOS DE CONSTRUÇÃO DE PONTES E GALERIAS, INCLUINDO A CONCLUSÃO DE ESTRUTURAS JÁ INICIADAS, LOCALIZADAS NA ÁREA DA BARRAGEM DE APROVEITAMENTO MÚLTIPLO JEQUITAÍ I, NO MUNICÍPIO DE FRANCISCO DUMONT, NO ESTADO DE MINAS GERAIS - ITEM 2: PONTE N e GALERIA O"]
[null,"Custo Unitário de Referência",null,null,"Minas Gerais"]
[{"$nulls":4}," Abril/2025 ",null,null,"Produção da equipe ",5,{"$f":"VLOOKUP(A1699,ORÇAMENTO!A:L,7,0)","v":"m"}]
[null,"0307084","LÁBIOS POLIMÉRICOS EM JUNTA DE PAVIMENTO DE CONCRETO - L=20MM E H=30MM - CONFECÇÃO E ASSENTAMENTO",{"$nulls":5},"Valores em reais (R$)"]
[null,"A - EQUIPAMENTOS",null,"Quantidade","Utilização",null,"Custo Horário",null,null,"Custo"]
[{"$nulls":4},"Operativa","Improdutiva","Produtivo","Improdutivo",null,"Horário Total"]
[null,"E9764","Grupo gerador - 7,2 kVA",0.60241,1,0,10.9619,0.75670000000000004,null,{"$f":"D1706*(E1706*G1706+F1706*H1706)","v":6.6035581790000002}]
[null,"E9675","Martelete perfurador/rompedor elétrico - 1,50 kW",0.60241,1,0,2.3081,1.2366999999999999,null,{"$f":"D1707*(E1707*G1707+F1707*H1707)","v":1.3904225210000001}]
[null,"E9591","Serra para corte de concreto e asfalto - 10 kW",0.12048,1,0,24.021100000000001,3.2814000000000001,null,{"$f":"D1708*(E1708*G1708+F1708*H1708)","v":2.8940621280000003}]
[{"$nulls":7},"Custo horário total de equipamentos",null,{"$f":"SUM(J1706:J1708)","v":10.888042828}]
[null,"B - MÃO DE OBRA",null,"Quantidade","Unidade",null,"Custo Horário","Custo Horário Total"]
[null,"P9821","Pedreiro",1,"h",null,27.839500000000001,null,null,{"$f":"D1711*G1711","v":27.839500000000001}]
[null,"P9824","Servente",2,"h",null,21.684899999999999,null,null,{"$f":"D1712*G1712","v":43.369799999999998}]
[null,null,null,"Custo horário total de mão de obra",{"$nulls":5},{"$f":"SUM(J1711:J1712)","v":71.209299999999999}]
[null,null,null,"Custo horário total de execução",{"$nulls":5},{"$f":"J1709+J1713","v":82.097342827999995}]
[null,null,null,"Custo unitário de execução",{"$nulls":5},{"$f":"J1714/I1702","v":16.419468565599999}]
[{"$nulls":7},"Custo do FIC",null,0]
[{"$nulls":7},"Custo do FIT",null,0]
[null,"C - MATERIAL",null,"Quantidade","Unidade",null,"Preço Unitário","Custo Unitário"]
[null,"M1379","Argamassa polimérica monocomponente para reparos estruturais",2.4,"kg",null,4.8924000000000003,null,null,{"$f":"D1719*G1719","v":11.741760000000001}]
[null,"M1385","Disco de corte diamantado para concreto e asfalto - D = 350 mm",6.6699999999999997E-3,"un",null,461.38,null,null,{"$f":"D1720*G1720","v":3.0774045999999999}]
[null,"M1391","Ponteiro para martelete - D = 22 mm e C = 1,00 m",8.0000000000000004E-4,"un",null,491.53449999999998,null,null,{"$f":"D1721*G1721","v":0.39322760000000001}]
[null,null,null,"Custo unitário total de material",{"$nulls":5},{"$f":"SUM(J1719:J1721)","v":15.2123922}]
[null,"D - ATIVIDADES AUXILIARES",null,"Quantidade","Unidade",null,"Custo Unitário","Custo Unitário"]
[null,"-",0,null,0,null,0,null,null,{"$f":"D1724*G1724","v":0}]
[null,"-",0,null,0,null,0,null,null,{"$f":"D1725*G1725","v":0}]
[null,null,null,"Custo total de atividades auxiliares",{"$nulls":5},{"$f":"SUM(J1724:J1725)","v":0}]
[{"$nulls":7},"Subtotal",null,{"$f":"J1715+J1722+J1726+J1716+J1717","v":31.631860765599999}]
[null,"E - TEMPO FIXO",null,"Código","Quantidade","Unidade",null,"Custo Unitário","Custo Unitário"]
[null,"M1379","Argamassa polimérica monocomponente para reparos estruturais",5914655,2.3999999999999998E-3,"kg",null,33.92,null,{"$f":"ROUNDDOWN(E1729*H1729,4)","v":8.14E-2}]
[null,"-",0,"-",null," - ",null,0,null,{"$f":"ROUNDDOWN(E1730*H1730,4)","v":0}]
[null,null,null,"Custo unitário total de tempo fixo",{"$nulls":5},{"$f":"SUM(J1729:J1730)","v":8.14E-2}]
[null,"F - MOMENTO DE TRANSPORTE",null,"Quantidade","Unidade","DMT",null,null,null,"Custo Unitário"]
[{"$nulls":5},"LN","RP","P"]
[null,"M1379","Argamassa polimérica monocomponente para reparos estruturais",2.3999999999999998E-3,"tkm"]
[null,"-",0]
[null,null,null,"Custo unitário total de transporte"]
[{"$nulls":5},"Custo unitário direto total",null,null,null,{"$f":"TRUNC(J1727+J1731,2)","v":31.71}]
[null,"Obs."]
[]
[55,"1ª/GRD",{"$nulls":8},{"$f":"J1776","v":452.98}]
[null,"OBRA:","EXECUÇÃO DAS OBRAS E SERVIÇOS DE CONSTRUÇÃO DE PONTES E GALERIAS, INCLUINDO A CONCLUSÃO DE ESTRUTURAS JÁ INICIADAS, LOCALIZADAS NA ÁREA DA BARRAGEM DE APROVEITAMENTO MÚLTIPLO JEQUITAÍ I, NO MUNICÍPIO DE FRANCISCO DUMONT, NO ESTADO DE MINAS GERAIS - ITEM 2: PONTE N e GALERIA O"]
[null,"Custo Unitário de Referência",null,null,"Minas Gerais"]
[{"$nulls":4}," Abril/2025 ",null,null,"Produção da equipe ",2,{"$f":"VLOOKUP(A1740,ORÇAMENTO!A:L,7,0)","v":"m"}]
[null,"0307735","JUNTA DE DILATAÇÃO EM ELASTÔMERO E PERFIL VV - L = 35MM E H = 60MM - FORNECIMENTO E INSTALAÇÃO",{"$nulls":5},"Valores em reais (R$)"]
[null,"A - EQUIPAMENTOS",null,"Quantidade","Utilização",null,"Custo Horário",null,null,"Custo"]
[{"$nulls":4},"Operativa","Improdutiva","Produtivo","Improdutivo",null,"Horário Total"]
[null,"-",0,null,null,null,0,0,null,{"$f":"D1747*(E1747*G1747+F1747*H1747)","v":0}]
[null,"-",0,null,null,null,0,0,null,{"$f":"D1748*(E1748*G1748+F1748*H1748)","v":0}]
[{"$nulls":7},"Custo horário total de equipamentos",null,{"$f":"SUM(J1747:J1748)","v":0}]
[null,"B - MÃO DE OBRA",null,"Quantidade","Unidade",null,"Custo Horário","Custo Horário Total"]
[null,"P9821","Pedreiro",1,"h",null,27.839500000000001,null,null,{"$f":"D1751*G1751","v":27.839500000000001}]
[null,"P9824","Servente",1,"h",null,21.684899999999999,null,null,{"$f":"D1752*G1752","v":21.684899999999999}]
[null,null,null,"Custo horário total de mão de obra",{"$nulls":5},{"$f":"SUM(J1751:J1752)","v":49.5244}]
[null,null,null,"Custo horário total de execução",{"$nulls":5},{"$f":"J1749+J1753","v":49.5244}]
[null,null,null,"Custo unitário de execução",{"$nulls":5},{"$f":"J1754/I1743","v":24.7622}]
[{"$nulls":7},"Custo do FIC",null,0]
[{"$nulls":7},"Custo do FIT",null,0]
[null,"C - MATERIAL",null,"Quantidade","Unidade",null,"Preço Unitário","Custo Unitário"]
[null,"M1150","Adesivo estrutural à base de resina epóxi bicomponente tipo ADE-52 ou similar",0.93600000000000005,"kg",null,134.8125,null,null,{"$f":"D1759*G1759","v":126.18450000000001}]
[null,"M1142","Junta de dilatação em elastômero e perfil VV - L = 35 mm e H = 60 mm",1,"m",null,301.95240000000001,null,null,{"$f":"D1760*G1760","v":301.95240000000001}]
[null,null,null,"Custo unitário total de material",{"$nulls":5},{"$f":"SUM(J1759:J1760)","v":428.13690000000003}]
[null,"D - ATIVIDADES AUXILIARES",null,"Quantidade","Unidade",null,"Custo Unitário","Custo Unitário"]
[null,"-",0,null,0,null,0,null,null,{"$f":"D1763*G1763","v":0}]
[null,"-",0,null,0,null,0,null,null,{"$f":"D1764*G1764","v":0}]
[null,null,null,"Custo total de atividades auxiliares",{"$nulls":5},{"$f":"SUM(J1763:J1764)","v":0}]
[{"$nulls":7},"Subtotal",null,{"$f":"J1755+J1761+J1765+J1756+J1757","v":452.89910000000003}]
[null,"E - TEMPO FIXO",null,"Código","Quantidade","Unidade",null,"Custo Unitário","Custo Unitário"]
[null,"M1150","Adesivo estrutural à base de resina epóxi bicomponente tipo ADE-52 ou similar",5914655,9.3999999999999997E-4,"t",null,33.92,null,{"$f":"ROUNDDOWN(E1768*H1768,4)","v":3.1800000000000002E-2}]
[null,"M1152","Junta de dilatação em elastômero e perfil VV - L = 50 mm e H = 80 mm",5914655,1.47E-3,"t",null,33.92,null,{"$f":"ROUNDDOWN(E1769*H1769,4)","v":4.9799999999999997E-2}]
[null,null,null,"Custo unitário total de tempo fixo",{"$nulls":5},{"$f":"SUM(J1768:J1769)","v":8.1600000000000006E-2}]
[null,"F - MOMENTO DE TRANSPORTE",null,"Quantidade","Unidade","DMT",null,null,null,"Custo Unitário"]
[{"$nulls":5},"LN","RP","P"]
[null,"M1150","Adesivo estrutural à base de resina epóxi bicomponente tipo ADE-52 ou similar",9.3999999999999997E-4,"tkm"]
[null,"M1152","Junta de dilatação em elastômero e perfil VV - L = 50 mm e H = 80 mm",1.47E-3,"tkm"]
[null,null,null,"Custo unitário total de transporte"]
[{"$nulls":5},"Custo unitário direto total",null,null,null,{"$f":"TRUNC(J1766+J1770,2)","v":452.98}]
[null,"Obs."]
[]
[56,"1ª/GRD",{"$nulls":8},{"$f":"J1815","v":125.33}]
[null,"OBRA:","EXECUÇÃO DAS OBRAS E SERVIÇOS DE CONSTRUÇÃO DE PONTES E GALERIAS, INCLUINDO A CONCLUSÃO DE ESTRUTURAS JÁ INICIADAS, LOCALIZADAS NA ÁREA DA BARRAGEM DE APROVEITAMENTO MÚLTIPLO JEQUITAÍ I, NO MUNICÍPIO DE FRANCISCO DUMONT, NO ESTADO DE MINAS GERAIS - ITEM 2: PONTE N e GALERIA O"]
[null,"Custo Unitário de Referência",null,null,"Minas Gerais"]
[{"$nulls":4}," Abril/2025 ",null,null,"Produção da equipe ",6,{"$f":"VLOOKUP(A1779,ORÇAMENTO!A:L,7,0)","v":"dm³"}]
[null,"307732","APARELHO DE APOIO DE NEOPRENE FRETADO PARA ESTRUTURAS PRÉ-MOLDADAS - FORNECIMENTO E INSTALAÇÃO",{"$nulls":5},"Valores em reais (R$)"]
[null,"A - EQUIPAMENTOS",null,"Quantidade","Utilização",null,"Custo Horário",null,null,"Custo"]
[{"$nulls":4},"Operativa","Improdutiva","Produtivo","Improdutivo",null,"Horário Total"]
[null,"-",0,null,null,null,0,0,null,{"$f":"D1786*(E1786*G1786+F1786*H1786)","v":0}]
[null,"-",0,null,null,null,0,0,null,{"$f":"D1787*(E1787*G1787+F1787*H1787)","v":0}]
[{"$nulls":7},"Custo horário total de equipamentos",null,{"$f":"SUM(J1786:J1787)","v":0}]
[null,"B - MÃO DE OBRA",null,"Quantidade","Unidade",null,"Custo Horário","Custo Horário Total"]
[null,"P9821","Pedreiro",1,"h",null,27.839500000000001,null,null,{"$f":"D1790*G1790","v":27.839500000000001}]
[null,"-",0,null,0,null,0,null,null,{"$f":"D1791*G1791","v":0}]
[null,null,null,"Custo horário total de mão de obra",{"$nulls":5},{"$f":"SUM(J1790:J1791)","v":27.839500000000001}]
[null,null,null,"Custo horário total de execução",{"$nulls":5},{"$f":"J1788+J1792","v":27.839500000000001}]
[null,null,null,"Custo unitário de execução",{"$nulls":5},{"$f":"J1793/I1782","v":4.6399166666666671}]
[{"$nulls":7},"Custo do FIC",null,0]
[{"$nulls":7},"Custo do FIT",null,0]
[null,"C - MATERIAL",null,"Quantidade","Unidade",null,"Preço Unitário","Custo Unitário"]
[null,"M0798","Apoio de neoprene fretado",1,"dm³",null,120.5873,null,null,{"$f":"D1798*G1798","v":120.5873}]
[null,"-",0,null," - ",null,0,null,null,{"$f":"D1799*G1799","v":0}]
[null,null,null,"Custo unitário total de material",{"$nulls":5},{"$f":"SUM(J1798:J1799)","v":120.5873}]
[null,"D - ATIVIDADES AUXILIARES",null,"Quantidade","Unidade",null,"Custo Unitário","Custo Unitário"]
[null,"-",0,null,0,null,0,null,null,{"$f":"D1802*G1802","v":0}]
[null,"-",0,null,0,null,0,null,null,{"$f":"D1803*G1803","v":0}]
[null,null,null,"Custo total de atividades auxiliares",{"$nulls":5},{"$f":"SUM(J1802:J1803)","v":0}]
[{"$nulls":7},"Subtotal",null,{"$f":"J1794+J1800+J1804+J1795+J1796","v":125.22721666666666}]
[null,"E - TEMPO FIXO",null,"Código","Quantidade","Unidade",null,"Custo Unitário","Custo Unitário"]
[null,"M0798","Apoio de neoprene fretado",5914655,3.2000000000000002E-3,"t",null,33.92,null,{"$f":"ROUNDDOWN(E1807*H1807,4)","v":0.1085}]
[null,"-",0,"-",null,0,null,0,null,{"$f":"ROUNDDOWN(E1808*H1808,4)","v":0}]
[null,null,null,"Custo unitário total de tempo fixo",{"$nulls":5},{"$f":"SUM(J1807:J1808)","v":0.1085}]
[null,"F - MOMENTO DE TRANSPORTE",null,"Quantidade","Unidade","DMT",null,null,null,"Custo Unitário"]
[{"$nulls":5},"LN","RP","P"]
[null,"M0798","Apoio de neoprene fretado",3.2000000000000002E-3,"tkm"]
[null,"-",0,null,"tkm"]
[null,null,null,"Custo unitário total de transporte"]
[{"$nulls":5},"Custo unitário direto total",null,null,null,{"$f":"TRUNC(J1805+J1809,2)","v":125.33}]
[null,"Obs."]
[]
[60,"1ª/GRD",{"$nulls":8},{"$f":"J1855","v":10934.56}]
[null,"OBRA:","EXECUÇÃO DAS OBRAS E SERVIÇOS DE CONSTRUÇÃO DE PONTES E GALERIAS, INCLUINDO A CONCLUSÃO DE ESTRUTURAS JÁ INICIADAS, LOCALIZADAS NA ÁREA DA BARRAGEM DE APROVEITAMENTO MÚLTIPLO JEQUITAÍ I, NO MUNICÍPIO DE FRANCISCO DUMONT, NO ESTADO DE MINAS GERAIS - ITEM 2: PONTE N e GALERIA O"]
[null,"Custo Unitário de Referência",null,null,"Minas Gerais"]
[{"$nulls":4}," Abril/2025 ",null,null,"Produção da equipe ",1,{"$f":"VLOOKUP(A1818,ORÇAMENTO!A:L,7,0)","v":"unid."}]
[null,"3806421 + 5915401a","CARGA, DESCARGA, MANOBRA E LANÇAMENTO DE VIGA METÁLICA OU PRÉ-MOLDADA DE ATÉ 750KN COM UTILIZAÇÃO DE GUINDASTES E CAVALO MECÂNICO COM REBOQUES DE 5 E 4 EIXOS COM CAPACIDADE DE 130T CADA",{"$nulls":5},"Valores em reais (R$)"]
[null,"A - EQUIPAMENTOS",null,"Quantidade","Utilização",null,"Custo Horário",null,null,"Custo"]
[{"$nulls":4},"Operativa","Improdutiva","Produtivo","Improdutivo",null,"Horário Total"]
[null,"E9094","Guindaste móvel sobre pneus com 6 eixos com capacidade máxima de 350 t - 450 kW",1.9277108433734937,1,0,2374.8665999999998,1291.9903999999999,null,{"$f":"D1825*(E1825*G1825+F1825*H1825)","v":4578.0560963855414}]
[null,"E9095","Guindaste móvel sobre pneus com 8 eixos com capacidade máxima de 500 t - 500 kW",1.445776164934145,1,0,3926.5084000000002,2163.5173,null,{"$f":"D1826*(E1826*G1826+F1826*H1826)","v":5676.8522561337059}]
[null,"E9170","Cavalo mecânico com dois dollys pneumáticos de 3 e 4 eixos e mesas de giro com capacidade de 77 t - 364 kW",0.72288808246707248,1,0,737.803,254.56729999999999,null,{"$f":"D1827*(E1827*G1827+F1827*H1827)","v":533.3489959084535}]
[{"$nulls":7},"Custo horário total de equipamentos",null,{"$f":"SUM(J1825:J1827)","v":10788.2573484277}]
[null,"B - MÃO DE OBRA",null,"Quantidade","Unidade",null,"Custo Horário","Custo Horário Total"]
[null,"P9824","Servente",6.7469740166152778,"h",null,21.684899999999999,null,null,{"$f":"D1830*G1830","v":146.30745685290063}]
[null,"-",0,null,0,null,0,null,null,{"$f":"D1831*G1831","v":0}]
[null,null,null,"Custo horário total de mão de obra",{"$nulls":5},{"$f":"SUM(J1830:J1831)","v":146.30745685290063}]
[null,null,null,"Custo horário total de execução",{"$nulls":5},{"$f":"J1828+J1832","v":10934.564805280601}]
[null,null,null,"Custo unitário de execução",{"$nulls":5},{"$f":"J1833/I1821","v":10934.564805280601}]
[{"$nulls":7},"Custo do FIC",null,0]
[{"$nulls":7},"Custo do FIT",null,0]
[null,"C - MATERIAL",null,"Quantidade","Unidade",null,"Preço Unitário","Custo Unitário"]
[null,"-",0,null," - ",null,0,null,null,{"$f":"D1838*G1838","v":0}]
[null,"-",0,null," - ",null,0,null,null,{"$f":"D1839*G1839","v":0}]
[null,null,null,"Custo unitário total de material",{"$nulls":5},{"$f":"SUM(J1838:J1839)","v":0}]
[null,"D - ATIVIDADES AUXILIARES",null,"Quantidade","Unidade",null,"Custo Unitário","Custo Unitário"]
[null,"-",0,null,0,null,0,null,null,{"$f":"D1842*G1842","v":0}]
[null,"-",0,null,0,null,0,null,null,{"$f":"D1843*G1843","v":0}]
[null,null,null,"Custo total de atividades auxiliares",{"$nulls":5},{"$f":"SUM(J1842:J1843)","v":0}]
[{"$nulls":7},"Subtotal",null,{"$f":"J1834+J1840+J1844+J1835+J1836","v":10934.564805280601}]
[null,"E - TEMPO FIXO",null,"Código","Quantidade","Unidade",null,"Custo Unitário","Custo Unitário"]
[null,"-",0,"-",null,0,null,0,null,{"$f":"ROUNDDOWN(E1847*H1847,4)","v":0}]
[null,"-",0,"-",null,0,null,0,null,{"$f":"ROUNDDOWN(E1848*H1848,4)","v":0}]
[null,null,null,"Custo unitário total de tempo fixo",{"$nulls":5},{"$f":"SUM(J1847:J1848)","v":0}]
[null,"F - MOMENTO DE TRANSPORTE",null,"Quantidade","Unidade","DMT",null,null,null,"Custo Unitário"]
[{"$nulls":5},"LN","RP","P"]
[null,"-",0,null,"tkm"]
[null,"-",0,null,"tkm"]
[null,null,null,"Custo unitário total de transporte"]
[{"$nulls":5},"Custo unitário direto total",null,null,null,{"$f":"TRUNC(J1845+J1849,2)","v":10934.56}]
[null,"Obs."]
[]
[61,"1ª/GRD",{"$nulls":8},{"$f":"J1894","v":63.25}]
[null,"OBRA:","EXECUÇÃO DAS OBRAS E SERVIÇOS DE CONSTRUÇÃO DE PONTES E GALERIAS, INCLUINDO A CONCLUSÃO DE ESTRUTURAS JÁ INICIADAS, LOCALIZADAS NA ÁREA DA BARRAGEM DE APROVEITAMENTO MÚLTIPLO JEQUITAÍ I, NO MUNICÍPIO DE FRANCISCO DUMONT, NO ESTADO DE MINAS GERAIS - ITEM 2: PONTE N e GALERIA O"]
[null,"Custo Unitário de Referência",null,null,"Minas Gerais"]
[{"$nulls":4}," Abril/2025 ",null,null,"Produção da equipe ",6.9720000000000004,{"$f":"VLOOKUP(A1858,ORÇAMENTO!A:L,7,0)","v":"ton"}]
[null,"3806426","LANÇAMENTO DE PRÉ-LAJE E PLACAS PRÉ-MOLDADAS COM UTILIZAÇÃO DE GUINDAUTO",{"$nulls":5},"Valores em reais (R$)"]
[null,"A - EQUIPAMENTOS",null,"Quantidade","Utilização",null,"Custo Horário",null,null,"Custo"]
[{"$nulls":4},"Operativa","Improdutiva","Produtivo","Improdutivo",null,"Horário Total"]
[null,"E9041","Caminhão guindauto com capacidade de elevação de 11,9 t e carroceria de 11,5 t - 188 kW",1,1,0,397.6644,122.861,null,{"$f":"D1865*(E1865*G1865+F1865*H1865)","v":397.6644}]
[null,"-",0,null,null,null,0,0,null,{"$f":"D1866*(E1866*G1866+F1866*H1866)","v":0}]
[{"$nulls":7},"Custo horário total de equipamentos",null,{"$f":"SUM(J1865:J1866)","v":397.6644}]
[null,"B - MÃO DE OBRA",null,"Quantidade","Unidade",null,"Custo Horário","Custo Horário Total"]
[null,"P9824","Servente",2,"h",null,21.684899999999999,null,null,{"$f":"D1869*G1869","v":43.369799999999998}]
[null,"-",0,null,0,null,0,null,null,{"$f":"D1870*G1870","v":0}]
[null,null,null,"Custo horário total de mão de obra",{"$nulls":5},{"$f":"SUM(J1869:J1870)","v":43.369799999999998}]
[null,null,null,"Custo horário total de execução",{"$nulls":5},{"$f":"J1867+J1871","v":441.0342}]
[null,null,null,"Custo unitário de execução",{"$nulls":5},{"$f":"J1872/I1861","v":63.257917383820995}]
[{"$nulls":7},"Custo do FIC",null,0]
[{"$nulls":7},"Custo do FIT",null,0]
[null,"C - MATERIAL",null,"Quantidade","Unidade",null,"Preço Unitário","Custo Unitário"]
[null,"-",0,null," - ",null,0,null,null,{"$f":"D1877*G1877","v":0}]
[null,"-",0,null," - ",null,0,null,null,{"$f":"D1878*G1878","v":0}]
[null,null,null,"Custo unitário total de material",{"$nulls":5},{"$f":"SUM(J1877:J1878)","v":0}]
[null,"D - ATIVIDADES AUXILIARES",null,"Quantidade","Unidade",null,"Custo Unitário","Custo Unitário"]
[null,"-",0,null,0,null,0,null,null,{"$f":"D1881*G1881","v":0}]
[null,"-",0,null,0,null,0,null,null,{"$f":"D1882*G1882","v":0}]
[null,null,null,"Custo total de atividades auxiliares",{"$nulls":5},{"$f":"SUM(J1881:J1882)","v":0}]
[{"$nulls":7},"Subtotal",null,{"$f":"J1873+J1879+J1883+J1874+J1875","v":63.257917383820995}]
[null,"E - TEMPO FIXO",null,"Código","Quantidade","Unidade",null,"Custo Unitário","Custo Unitário"]
[null,"-",0,"-",null,0,null,0,null,{"$f":"ROUNDDOWN(E1886*H1886,4)","v":0}]
[null,"-",0,"-",null,0,null,0,null,{"$f":"ROUNDDOWN(E1887*H1887,4)","v":0}]
[null,null,null,"Custo unitário total de tempo fixo",{"$nulls":5},{"$f":"SUM(J1886:J1887)","v":0}]
[null,"F - MOMENTO DE TRANSPORTE",null,"Quantidade","Unidade","DMT",null,null,null,"Custo Unitário"]
[{"$nulls":5},"LN","RP","P"]
[null,"-",0,null,"tkm"]
[null,"-",0,null,"tkm"]
[null,null,null,"Custo unitário total de transporte"]
[{"$nulls":5},"Custo unitário direto total",null,null,null,{"$f":"TRUNC(J1884+J1888,2)","v":63.25}]
[null,"Obs."]
[]
[62,"1ª/GRD",{"$nulls":8},{"$f":"J1933","v":89.78}]
[null,"OBRA:","EXECUÇÃO DAS OBRAS E SERVIÇOS DE CONSTRUÇÃO DE PONTES E GALERIAS, INCLUINDO A CONCLUSÃO DE ESTRUTURAS JÁ INICIADAS, LOCALIZADAS NA ÁREA DA BARRAGEM DE APROVEITAMENTO MÚLTIPLO JEQUITAÍ I, NO MUNICÍPIO DE FRANCISCO DUMONT, NO ESTADO DE MINAS GERAIS - ITEM 2: PONTE N e GALERIA O"]
[null,"Custo Unitário de Referência",null,null,"Minas Gerais"]
[{"$nulls":4}," Abril/2025 ",null,null,"Produção da equipe ",2,{"$f":"VLOOKUP(A1897,ORÇAMENTO!A:L,7,0)","v":"m"}]
[null,"2007971","DRENO DE PVC D = 100MM PARA OAE - FORNECIMENTO E INSTALAÇÃO",{"$nulls":5},"Valores em reais (R$)"]
[null,"A - EQUIPAMENTOS",null,"Quantidade","Utilização",null,"Custo Horário",null,null,"Custo"]
[{"$nulls":4},"Operativa","Improdutiva","Produtivo","Improdutivo",null,"Horário Total"]
[null,"-",0,1,1,0,0,0,null,{"$f":"D1904*(E1904*G1904+F1904*H1904)","v":0}]
[null,"-",0,null,null,null,0,0,null,{"$f":"D1905*(E1905*G1905+F1905*H1905)","v":0}]
[{"$nulls":7},"Custo horário total de equipamentos",null,{"$f":"SUM(J1904:J1905)","v":0}]
[null,"B - MÃO DE OBRA",null,"Quantidade","Unidade",null,"Custo Horário","Custo Horário Total"]
[null,"P9824","Servente",1,"h",null,21.684899999999999,null,null,{"$f":"D1908*G1908","v":21.684899999999999}]
[null,"-",0,null,0,null,0,null,null,{"$f":"D1909*G1909","v":0}]
[null,null,null,"Custo horário total de mão de obra",{"$nulls":5},{"$f":"SUM(J1908:J1909)","v":21.684899999999999}]
[null,null,null,"Custo horário total de execução",{"$nulls":5},{"$f":"J1906+J1910","v":21.684899999999999}]
[null,null,null,"Custo unitário de execução",{"$nulls":5},{"$f":"J1911/I1900","v":10.842449999999999}]
[{"$nulls":7},"Custo do FIC",null,0]
[{"$nulls":7},"Custo do FIT",null,0]
[null,"C - MATERIAL",null,"Quantidade","Unidade",null,"Preço Unitário","Custo Unitário"]
[null,"M1673","Tubo de PVC rosqueável para água fria - D = 100 mm (4\")",1,"m",null,78.898300000000006,null,null,{"$f":"D1916*G1916","v":78.898300000000006}]
[null,"-",0,null," - ",null,0,null,null,{"$f":"D1917*G1917","v":0}]
[null,null,null,"Custo unitário total de material",{"$nulls":5},{"$f":"SUM(J1916:J1917)","v":78.898300000000006}]
[null,"D - ATIVIDADES AUXILIARES",null,"Quantidade","Unidade",null,"Custo Unitário","Custo Unitário"]
[null,"-",0,null,0,null,0,null,null,{"$f":"D1920*G1920","v":0}]
[null,"-",0,null,0,null,0,null,null,{"$f":"D1921*G1921","v":0}]
[null,null,null,"Custo total de atividades auxiliares",{"$nulls":5},{"$f":"SUM(J1920:J1921)","v":0}]
[{"$nulls":7},"Subtotal",null,{"$f":"J1912+J1918+J1922+J1913+J1914","v":89.740750000000006}]
[null,"E - TEMPO FIXO",null,"Código","Quantidade","Unidade",null,"Custo Unitário","Custo Unitário"]
[null,"M1673","Tubo de PVC rosqueável para água fria - D = 100 mm (4\")",5914655,1.2199999999999999E-3,"t",null,33.92,null,{"$f":"ROUNDDOWN(E1925*H1925,4)","v":4.1300000000000003E-2}]
[null,"-",0,"-",null,0,null,0,null,{"$f":"ROUNDDOWN(E1926*H1926,4)","v":0}]
[null,null,null,"Custo unitário total de tempo fixo",{"$nulls":5},{"$f":"SUM(J1925:J1926)","v":4.1300000000000003E-2}]
[null,"F - MOMENTO DE TRANSPORTE",null,"Quantidade","Unidade","DMT",null,null,null,"Custo Unitário"]
[{"$nulls":5},"LN","RP","P"]
[null,"M1673","Tubo de PVC rosqueável para água fria - D = 100 mm (4\")",6.2199999999999998E-3,"tkm"]
[null,"-",0,null,"tkm"]
[null,null,null,"Custo unitário total de transporte"]
[{"$nulls":5},"Custo unitário direto total",null,null,null,{"$f":"TRUNC(J1923+J1927,2)","v":89.78}]
[null,"Obs."]
[]
[63,"1ª/GRD",{"$nulls":8},{"$f":"J1972","v":18.89}]
[null,"OBRA:","EXECUÇÃO DAS OBRAS E SERVIÇOS DE CONSTRUÇÃO DE PONTES E GALERIAS, INCLUINDO A CONCLUSÃO DE ESTRUTURAS JÁ INICIADAS, LOCALIZADAS NA ÁREA DA BARRAGEM DE APROVEITAMENTO MÚLTIPLO JEQUITAÍ I, NO MUNICÍPIO DE FRANCISCO DUMONT, NO ESTADO DE MINAS GERAIS - ITEM 2: PONTE N e GALERIA O"]
[null,"Custo Unitário de Referência",null,null,"Minas Gerais"]
[{"$nulls":4}," Abril/2025 ",null,null,"Produção da equipe ",79.680000000000007,{"$f":"VLOOKUP(A1936,ORÇAMENTO!A:L,7,0)","v":"ton"}]
[null,"5919538","CARGA, MANOBRA E DESCARGA DE CONCRETO COM CAMINHÃO BETONEIRA EM CENTRAL DE CONCRETO E DESCARGA LIVRE",{"$nulls":5},"Valores em reais (R$)"]
[null,"A - EQUIPAMENTOS",null,"Quantidade","Utilização",null,"Custo Horário",null,null,"Custo"]
[{"$nulls":4},"Operativa","Improdutiva","Produtivo","Improdutivo",null,"Horário Total"]
[null,"E9600","Caminhão betoneira com capacidade de 8 m³ - 236 kW",4,0.96,0.04,387.05610000000001,121.9173,null,{"$f":"D1943*(E1943*G1943+F1943*H1943)","v":1505.8021919999999}]
[null,"-",0,null,null,null,0,0,null,{"$f":"D1944*(E1944*G1944+F1944*H1944)","v":0}]
[{"$nulls":7},"Custo horário total de equipamentos",null,{"$f":"SUM(J1943:J1944)","v":1505.8021919999999}]
[null,"B - MÃO DE OBRA",null,"Quantidade","Unidade",null,"Custo Horário","Custo Horário Total"]
[null,"-",0,null,0,null,0,null,null,{"$f":"D1947*G1947","v":0}]
[null,"-",0,null,0,null,0,null,null,{"$f":"D1948*G1948","v":0}]
[null,null,null,"Custo horário total de mão de obra",{"$nulls":5},{"$f":"SUM(J1947:J1948)","v":0}]
[null,null,null,"Custo horário total de execução",{"$nulls":5},{"$f":"J1945+J1949","v":1505.8021919999999}]
[null,null,null,"Custo unitário de execução",{"$nulls":5},{"$f":"J1950/I1939","v":18.89811987951807}]
[{"$nulls":7},"Custo do FIC",null,0]
[{"$nulls":7},"Custo do FIT",null,0]
[null,"C - MATERIAL",null,"Quantidade","Unidade",null,"Preço Unitário","Custo Unitário"]
[null,"-",0,null," - ",null,0,null,null,{"$f":"D1955*G1955","v":0}]
[null,"-",0,null," - ",null,0,null,null,{"$f":"D1956*G1956","v":0}]
[null,null,null,"Custo unitário total de material",{"$nulls":5},{"$f":"SUM(J1955:J1956)","v":0}]
[null,"D - ATIVIDADES AUXILIARES",null,"Quantidade","Unidade",null,"Custo Unitário","Custo Unitário"]
[null,"-",0,null,0,null,0,null,null,{"$f":"D1959*G1959","v":0}]
[null,"-",0,null,0,null,0,null,null,{"$f":"D1960*G1960","v":0}]
[null,null,null,"Custo total de atividades auxiliares",{"$nulls":5},{"$f":"SUM(J1959:J1960)","v":0}]
[{"$nulls":7},"Subtotal",null,{"$f":"J1951+J1957+J1961+J1952+J1953","v":18.89811987951807}]
[null,"E - TEMPO FIXO",null,"Código","Quantidade","Unidade",null,"Custo Unitário","Custo Unitário"]
[null,"-",0,"-",null,0,null,0,null,{"$f":"ROUNDDOWN(E1964*H1964,4)","v":0}]
[null,"-",0,"-",null,0,null,0,null,{"$f":"ROUNDDOWN(E1965*H1965,4)","v":0}]
[null,null,null,"Custo unitário total de tempo fixo",{"$nulls":5},{"$f":"SUM(J1964:J1965)","v":0}]
[null,"F - MOMENTO DE TRANSPORTE",null,"Quantidade","Unidade","DMT",null,null,null,"Custo Unitário"]
[{"$nulls":5},"LN","RP","P"]
[null,"-",0,null,"tkm"]
[null,"-",0,null,"tkm"]
[null,null,null,"Custo unitário total de transporte"]
[{"$nulls":5},"Custo unitário direto total",null,null,null,{"$f":"TRUNC(J1962+J1966,2)","v":18.89}]
[null,"Obs."]
[]
[64,"1ª/GRD",{"$nulls":8},{"$f":"J2011","v":0.8}]
[null,"OBRA:","EXECUÇÃO DAS OBRAS E SERVIÇOS DE CONSTRUÇÃO DE PONTES E GALERIAS, INCLUINDO A CONCLUSÃO DE ESTRUTURAS JÁ INICIADAS, LOCALIZADAS NA ÁREA DA BARRAGEM DE APROVEITAMENTO MÚLTIPLO JEQUITAÍ I, NO MUNICÍPIO DE FRANCISCO DUMONT, NO ESTADO DE MINAS GERAIS - ITEM 2: PONTE N e GALERIA O"]
[null,"Custo Unitário de Referência",null,null,"Minas Gerais"]
[{"$nulls":4}," Abril/2025 ",null,null,"Produção da equipe ",478.08,{"$f":"VLOOKUP(A1975,ORÇAMENTO!A:L,7,0)","v":"txkm"}]
[null,"5914569","TRANSPORTE COM CAMINHÃO BETONEIRA - RODOVIA PAVIMENTADA",{"$nulls":5},"Valores em reais (R$)"]
[null,"A - EQUIPAMENTOS",null,"Quantidade","Utilização",null,"Custo Horário",null,null,"Custo"]
[{"$nulls":4},"Operativa","Improdutiva","Produtivo","Improdutivo",null,"Horário Total"]
[null,"E9600","Caminhão betoneira com capacidade de 8 m³ - 236 kW",1,1,0,387.05610000000001,121.9173,null,{"$f":"D1982*(E1982*G1982+F1982*H1982)","v":387.05610000000001}]
[null,"-",0,null,null,null,0,0,null,{"$f":"D1983*(E1983*G1983+F1983*H1983)","v":0}]
[{"$nulls":7},"Custo horário total de equipamentos",null,{"$f":"SUM(J1982:J1983)","v":387.05610000000001}]
[null,"B - MÃO DE OBRA",null,"Quantidade","Unidade",null,"Custo Horário","Custo Horário Total"]
[null,"-",0,null,0,null,0,null,null,{"$f":"D1986*G1986","v":0}]
[null,"-",0,null,0,null,0,null,null,{"$f":"D1987*G1987","v":0}]
[null,null,null,"Custo horário total de mão de obra",{"$nulls":5},{"$f":"SUM(J1986:J1987)","v":0}]
[null,null,null,"Custo horário total de execução",{"$nulls":5},{"$f":"J1984+J1988","v":387.05610000000001}]
[null,null,null,"Custo unitário de execução",{"$nulls":5},{"$f":"J1989/I1978","v":0.80960529618473898}]
[{"$nulls":7},"Custo do FIC",null,0]
[{"$nulls":7},"Custo do FIT",null,0]
[null,"C - MATERIAL",null,"Quantidade","Unidade",null,"Preço Unitário","Custo Unitário"]
[null,"-",0,null," - ",null,0,null,null,{"$f":"D1994*G1994","v":0}]
[null,"-",0,null," - ",null,0,null,null,{"$f":"D1995*G1995","v":0}]
[null,null,null,"Custo unitário total de material",{"$nulls":5},{"$f":"SUM(J1994:J1995)","v":0}]
[null,"D - ATIVIDADES AUXILIARES",null,"Quantidade","Unidade",null,"Custo Unitário","Custo Unitário"]
[null,"-",0,null,0,null,0,null,null,{"$f":"D1998*G1998","v":0}]
[null,"-",0,null,0,null,0,null,null,{"$f":"D1999*G1999","v":0}]
[null,null,null,"Custo total de atividades auxiliares",{"$nulls":5},{"$f":"SUM(J1998:J1999)","v":0}]
[{"$nulls":7},"Subtotal",null,{"$f":"J1990+J1996+J2000+J1991+J1992","v":0.80960529618473898}]
[null,"E - TEMPO FIXO",null,"Código","Quantidade","Unidade",null,"Custo Unitário","Custo Unitário"]
[null,"-",0,"-",null,0,null,0,null,{"$f":"ROUNDDOWN(E2003*H2003,4)","v":0}]
[null,"-",0,"-",null,0,null,0,null,{"$f":"ROUNDDOWN(E2004*H2004,4)","v":0}]
[null,null,null,"Custo unitário total de tempo fixo",{"$nulls":5},{"$f":"SUM(J2003:J2004)","v":0}]
[null,"F - MOMENTO DE TRANSPORTE",null,"Quantidade","Unidade","DMT",null,null,null,"Custo Unitário"]
[{"$nulls":5},"LN","RP","P"]
[null,"-",0,null,"tkm"]
[null,"-",0,null,"tkm"]
[null,null,null,"Custo unitário total de transporte"]
[{"$nulls":5},"Custo unitário direto total",null,null,null,{"$f":"TRUNC(J2001+J2005,2)","v":0.8}]
[null,"Obs."]
[]
[65,"1ª/GRD",{"$nulls":8},{"$f":"J2050","v":0.98}]
[null,"OBRA:","EXECUÇÃO DAS OBRAS E SERVIÇOS DE CONSTRUÇÃO DE PONTES E GALERIAS, INCLUINDO A CONCLUSÃO DE ESTRUTURAS JÁ INICIADAS, LOCALIZADAS NA ÁREA DA BARRAGEM DE APROVEITAMENTO MÚLTIPLO JEQUITAÍ I, NO MUNICÍPIO DE FRANCISCO DUMONT, NO ESTADO DE MINAS GERAIS - ITEM 2: PONTE N e GALERIA O"]
[null,"Custo Unitário de Referência",null,null,"Minas Gerais"]
[{"$nulls":4}," Abril/2025 ",null,null,"Produção da equipe ",398.4,{"$f":"VLOOKUP(A2014,ORÇAMENTO!A:L,7,0)","v":"txkm"}]
[null,"5914554","TRANSPORTE COM CAMINHÃO BETONEIRA - RODOVIA EM REVESTIMENTO PRIMÁRIO",{"$nulls":5},"Valores em reais (R$)"]
[null,"A - EQUIPAMENTOS",null,"Quantidade","Utilização",null,"Custo Horário",null,null,"Custo"]
[{"$nulls":4},"Operativa","Improdutiva","Produtivo","Improdutivo",null,"Horário Total"]
[null,"E9600","Caminhão betoneira com capacidade de 8 m³ - 236 kW",1,1,0,387.05610000000001,121.9173,null,{"$f":"D2021*(E2021*G2021+F2021*H2021)","v":387.05610000000001}]
[null,"-",0,null,null,null,0,0,null,{"$f":"D2022*(E2022*G2022+F2022*H2022)","v":0}]
[{"$nulls":7},"Custo horário total de equipamentos",null,{"$f":"SUM(J2021:J2022)","v":387.05610000000001}]
[null,"B - MÃO DE OBRA",null,"Quantidade","Unidade",null,"Custo Horário","Custo Horário Total"]
[null,"-",0,null,0,null,0,null,null,{"$f":"D2025*G2025","v":0}]
[null,"-",0,null,0,null,0,null,null,{"$f":"D2026*G2026","v":0}]
[null,null,null,"Custo horário total de mão de obra",{"$nulls":5},{"$f":"SUM(J2025:J2026)","v":0}]
[null,null,null,"Custo horário total de execução",{"$nulls":5},{"$f":"J2023+J2027","v":387.05610000000001}]
[null,null,null,"Custo unitário de execução",{"$nulls":5},{"$f":"J2028/I2017","v":0.97152635542168686}]
[{"$nulls":7},"Custo do FIC",null,1.78E-2]
[{"$nulls":7},"Custo do FIT",null,0]
[null,"C - MATERIAL",null,"Quantidade","Unidade",null,"Preço Unitário","Custo Unitário"]
[null,"-",0,null," - ",null,0,null,null,{"$f":"D2033*G2033","v":0}]
[null,"-",0,null," - ",null,0,null,null,{"$f":"D2034*G2034","v":0}]
[null,null,null,"Custo unitário total de material",{"$nulls":5},{"$f":"SUM(J2033:J2034)","v":0}]
[null,"D - ATIVIDADES AUXILIARES",null,"Quantidade","Unidade",null,"Custo Unitário","Custo Unitário"]
[null,"-",0,null,0,null,0,null,null,{"$f":"D2037*G2037","v":0}]
[null,"-",0,null,0,null,0,null,null,{"$f":"D2038*G2038","v":0}]
[null,null,null,"Custo total de atividades auxiliares",{"$nulls":5},{"$f":"SUM(J2037:J2038)","v":0}]
[{"$nulls":7},"Subtotal",null,{"$f":"J2029+J2035+J2039+J2030+J2031","v":0.9893263554216869}]
[null,"E - TEMPO FIXO",null,"Código","Quantidade","Unidade",null,"Custo Unitário","Custo Unitário"]
[null,"-",0,"-",null,0,null,0,null,{"$f":"ROUNDDOWN(E2042*H2042,4)","v":0}]
[null,"-",0,"-",null,0,null,0,null,{"$f":"ROUNDDOWN(E2043*H2043,4)","v":0}]
[null,null,null,"Custo unitário total de tempo fixo",{"$nulls":5},{"$f":"SUM(J2042:J2043)","v":0}]
[null,"F - MOMENTO DE TRANSPORTE",null,"Quantidade","Unidade","DMT",null,null,null,"Custo Unitário"]
[{"$nulls":5},"LN","RP","P"]
[null,"-",0,null,"tkm"]
[null,"-",0,null,"tkm"]
[null,null,null,"Custo unitário total de transporte"]
[{"$nulls":5},"Custo unitário direto total",null,null,null,{"$f":"TRUNC(J2040+J2044,2)","v":0.98}]
[null,"Obs."]
[]
[66,"1ª/GRD",{"$nulls":8},{"$f":"J2089","v":7.51}]
[null,"OBRA:","EXECUÇÃO DAS OBRAS E SERVIÇOS DE CONSTRUÇÃO DE PONTES E GALERIAS, INCLUINDO A CONCLUSÃO DE ESTRUTURAS JÁ INICIADAS, LOCALIZADAS NA ÁREA DA BARRAGEM DE APROVEITAMENTO MÚLTIPLO JEQUITAÍ I, NO MUNICÍPIO DE FRANCISCO DUMONT, NO ESTADO DE MINAS GERAIS - ITEM 2: PONTE N e GALERIA O"]
[null,"Custo Unitário de Referência",null,null,"Minas Gerais"]
[{"$nulls":4}," Abril/2025 ",null,null,"Produção da equipe ",4.6687500000000002,{"$f":"VLOOKUP(A2053,ORÇAMENTO!A:L,7,0)","v":"m³"}]
[null,"4805754","COMPACTAÇÃO MANUAL COM SOQUETE VIBRATÓRIO",{"$nulls":5},"Valores em reais (R$)"]
[null,"A - EQUIPAMENTOS",null,"Quantidade","Utilização",null,"Custo Horário",null,null,"Custo"]
[{"$nulls":4},"Operativa","Improdutiva","Produtivo","Improdutivo",null,"Horário Total"]
[null,"E9647","Compactador manual com soquete vibratório - 4,10 kW",1,1,0,12.7166,2.7597,null,{"$f":"D2060*(E2060*G2060+F2060*H2060)","v":12.7166}]
[null,"-",0,null,null,null,0,0,null,{"$f":"D2061*(E2061*G2061+F2061*H2061)","v":0}]
[{"$nulls":7},"Custo horário total de equipamentos",null,{"$f":"SUM(J2060:J2061)","v":12.7166}]
[null,"B - MÃO DE OBRA",null,"Quantidade","Unidade",null,"Custo Horário","Custo Horário Total"]
[null,"P9824","Servente",1,"h",null,21.684899999999999,null,null,{"$f":"D2064*G2064","v":21.684899999999999}]
[null,"-",0,null,0,null,0,null,null,{"$f":"D2065*G2065","v":0}]
[null,null,null,"Custo horário total de mão de obra",{"$nulls":5},{"$f":"SUM(J2064:J2065)","v":21.684899999999999}]
[null,null,null,"Custo horário total de execução",{"$nulls":5},{"$f":"J2062+J2066","v":34.401499999999999}]
[null,null,null,"Custo unitário de execução",{"$nulls":5},{"$f":"J2067/I2056","v":7.3684605087014718}]
[{"$nulls":7},"Custo do FIC",null,0.15110000000000001]
[{"$nulls":7},"Custo do FIT",null,0]
[null,"C - MATERIAL",null,"Quantidade","Unidade",null,"Preço Unitário","Custo Unitário"]
[null,"-",0,null," - ",null,0,null,null,{"$f":"D2072*G2072","v":0}]
[null,"-",0,null," - ",null,0,null,null,{"$f":"D2073*G2073","v":0}]
[null,null,null,"Custo unitário total de material",{"$nulls":5},{"$f":"SUM(J2072:J2073)","v":0}]
[null,"D - ATIVIDADES AUXILIARES",null,"Quantidade","Unidade",null,"Custo Unitário","Custo Unitário"]
[null,"-",0,null,0,null,0,null,null,{"$f":"D2076*G2076","v":0}]
[null,"-",0,null,0,null,0,null,null,{"$f":"D2077*G2077","v":0}]
[null,null,null,"Custo total de atividades auxiliares",{"$nulls":5},{"$f":"SUM(J2076:J2077)","v":0}]
[{"$nulls":7},"Subtotal",null,{"$f":"J2068+J2074+J2078+J2069+J2070","v":7.5195605087014723}]
[null,"E - TEMPO FIXO",null,"Código","Quantidade","Unidade",null,"Custo Unitário","Custo Unitário"]
[null,"-",0,"-",null,0,null,0,null,{"$f":"ROUNDDOWN(E2081*H2081,4)","v":0}]
[null,"-",0,"-",null,0,null,0,null,{"$f":"ROUNDDOWN(E2082*H2082,4)","v":0}]
[null,null,null,"Custo unitário total de tempo fixo",{"$nulls":5},{"$f":"SUM(J2081:J2082)","v":0}]
[null,"F - MOMENTO DE TRANSPORTE",null,"Quantidade","Unidade","DMT",null,null,null,"Custo Unitário"]
[{"$nulls":5},"LN","RP","P"]
[null,"-",0,null,"tkm"]
[null,"-",0,null,"tkm"]
[null,null,null,"Custo unitário total de transporte"]
[{"$nulls":5},"Custo unitário direto total",null,null,null,{"$f":"TRUNC(J2079+J2083,2)","v":7.51}]
[null,"Obs."]
[]
[67,"1ª/GRD",{"$nulls":8},{"$f":"J2128","v":199.59}]
[null,"OBRA:","EXECUÇÃO DAS OBRAS E SERVIÇOS DE CONSTRUÇÃO DE PONTES E GALERIAS, INCLUINDO A CONCLUSÃO DE ESTRUTURAS JÁ INICIADAS, LOCALIZADAS NA ÁREA DA BARRAGEM DE APROVEITAMENTO MÚLTIPLO JEQUITAÍ I, NO MUNICÍPIO DE FRANCISCO DUMONT, NO ESTADO DE MINAS GERAIS - ITEM 2: PONTE N e GALERIA O"]
[null,"Custo Unitário de Referência",null,null,"Minas Gerais"]
[{"$nulls":4}," Abril/2025 ",null,null,"Produção da equipe ",75,{"$f":"VLOOKUP(A2092,ORÇAMENTO!A:L,7,0)","v":"m"}]
[null,"3719529","BARREIRA SIMPLES DE CONCRETO ARMADO, PRÉ-MOLDADA",{"$nulls":5},"Valores em reais (R$)"]
[null,"A - EQUIPAMENTOS",null,"Quantidade","Utilização",null,"Custo Horário",null,null,"Custo"]
[{"$nulls":4},"Operativa","Improdutiva","Produtivo","Improdutivo",null,"Horário Total"]
[null,"E9041","Caminhão guindauto com capacidade de elevação de 11,9 t e carroceria de 11,5 t - 188 kW",1,1,0,397.6644,122.861,null,{"$f":"D2099*(E2099*G2099+F2099*H2099)","v":397.6644}]
[null,"-",0,null,null,null,0,0,null,{"$f":"D2100*(E2100*G2100+F2100*H2100)","v":0}]
[{"$nulls":7},"Custo horário total de equipamentos",null,{"$f":"SUM(J2099:J2100)","v":397.6644}]
[null,"B - MÃO DE OBRA",null,"Quantidade","Unidade",null,"Custo Horário","Custo Horário Total"]
[null,"P9801","Ajudante",4,"h",null,23.715,null,null,{"$f":"D2103*G2103","v":94.86}]
[null,"P9830","Montador",1,"h",null,38.192900000000002,null,null,{"$f":"D2104*G2104","v":38.192900000000002}]
[null,null,null,"Custo horário total de mão de obra",{"$nulls":5},{"$f":"SUM(J2103:J2104)","v":133.05289999999999}]
[null,null,null,"Custo horário total de execução",{"$nulls":5},{"$f":"J2101+J2105","v":530.71730000000002}]
[null,null,null,"Custo unitário de execução",{"$nulls":5},{"$f":"J2106/I2095","v":7.0762306666666666}]
[{"$nulls":7},"Custo do FIC",null,0]
[{"$nulls":7},"Custo do FIT",null,0]
[null,"C - MATERIAL",null,"Quantidade","Unidade",null,"Preço Unitário","Custo Unitário"]
[null,"-",0,null," - ",null,0,null,null,{"$f":"D2111*G2111","v":0}]
[null,"-",0,null," - ",null,0,null,null,{"$f":"D2112*G2112","v":0}]
[null,null,null,"Custo unitário total de material",{"$nulls":5},{"$f":"SUM(J2111:J2112)","v":0}]
[null,"D - ATIVIDADES AUXILIARES",null,"Quantidade","Unidade",null,"Custo Unitário","Custo Unitário"]
[null,3713823,"Confecção de barreira simples de concreto, armada, pré-moldada (perfil New Jersey) - L > 3,00 m e H = 810 mm",1,"m",null,192.52,null,null,{"$f":"D2115*G2115","v":192.52}]
[null,"-",0,null,0,null,0,null,null,{"$f":"D2116*G2116","v":0}]
[null,null,null,"Custo total de atividades auxiliares",{"$nulls":5},{"$f":"SUM(J2115:J2116)","v":192.52}]
[{"$nulls":7},"Subtotal",null,{"$f":"J2107+J2113+J2117+J2108+J2109","v":199.59623066666668}]
[null,"E - TEMPO FIXO",null,"Código","Quantidade","Unidade",null,"Custo Unitário","Custo Unitário"]
[null,"-",0,"-",null,0,null,0,null,{"$f":"ROUNDDOWN(E2120*H2120,4)","v":0}]
[null,"-",0,"-",null,0,null,0,null,{"$f":"ROUNDDOWN(E2121*H2121,4)","v":0}]
[null,null,null,"Custo unitário total de tempo fixo",{"$nulls":5},{"$f":"SUM(J2120:J2121)","v":0}]
[null,"F - MOMENTO DE TRANSPORTE",null,"Quantidade","Unidade","DMT",null,null,null,"Custo Unitário"]
[{"$nulls":5},"LN","RP","P"]
[null,3713823,"Confecção de barreira simples de concreto, armada, pré-moldada (perfil New Jersey) - L > 3,00 m e H = 810 mm",0.46076,"tkm"]
[null,"-",0,null,"tkm"]
[null,null,null,"Custo unitário total de transporte"]
[{"$nulls":5},"Custo unitário direto total",null,null,null,{"$f":"TRUNC(J2118+J2122,2)","v":199.59}]
[null,"Obs."]
[]
[70,"1ª/GRD",{"$nulls":8},{"$f":"J2168","v":12.46}]
[null,"OBRA:","EXECUÇÃO DAS OBRAS E SERVIÇOS DE CONSTRUÇÃO DE PONTES E GALERIAS, INCLUINDO A CONCLUSÃO DE ESTRUTURAS JÁ INICIADAS, LOCALIZADAS NA ÁREA DA BARRAGEM DE APROVEITAMENTO MÚLTIPLO JEQUITAÍ I, NO MUNICÍPIO DE FRANCISCO DUMONT, NO ESTADO DE MINAS GERAIS - ITEM 2: PONTE N e GALERIA O"]
[null,"Custo Unitário de Referência",null,null,"Minas Gerais"]
[{"$nulls":4}," Abril/2025 ",null,null,"Produção da equipe ",243.82,{"$f":"VLOOKUP(A2131,ORÇAMENTO!A:L,7,0)","v":"m³"}]
[null,"5501906","ESCAVAÇÃO, CARGA E TRANSPORTE DE MATERIAL DE 1A CATEGORIA - DMT DE 1.000 A 1.200M - CAMINHO DE SERVIÇO EM REVESTIMENTO PRIMÁRIO",{"$nulls":5},"Valores em reais (R$)"]
[null,"A - EQUIPAMENTOS",null,"Quantidade","Utilização",null,"Custo Horário",null,null,"Custo"]
[{"$nulls":4},"Operativa","Improdutiva","Produtivo","Improdutivo",null,"Horário Total"]
[null,"E9667","Caminhão basculante com capacidade de 14 m³ - 210 kW",5,0.81,0.19,322.66559999999998,97.340599999999995,null,{"$f":"D2138*(E2138*G2138+F2138*H2138)","v":1399.2692499999998}]
[null,"E9511","Carregadeira de pneus com capacidade de 3,40 m³ - 195 kW",1,1,0,522.5317,257.15769999999998,null,{"$f":"D2139*(E2139*G2139+F2139*H2139)","v":522.5317}]
[null,"E9541","Trator sobre esteiras com lâmina - 259 kW",1,1,0,1035.3036999999999,418.1626,null,1035.3036999999999]
[{"$nulls":7},"Custo horário total de equipamentos",null,{"$f":"SUM(J2138:J2140)","v":2957.1046499999998}]
[null,"B - MÃO DE OBRA",null,"Quantidade","Unidade",null,"Custo Horário","Custo Horário Total"]
[null,"P9824","Servente",1,"h",null,21.684899999999999,null,null,{"$f":"D2143*G2143","v":21.684899999999999}]
[null,"-",0,null,0,null,0,null,null,{"$f":"D2144*G2144","v":0}]
[null,null,null,"Custo horário total de mão de obra",{"$nulls":5},{"$f":"SUM(J2143:J2144)","v":21.684899999999999}]
[null,null,null,"Custo horário total de execução",{"$nulls":5},{"$f":"J2141+J2145","v":2978.78955}]
[null,null,null,"Custo unitário de execução",{"$nulls":5},{"$f":"J2146/I2134","v":12.217166557296366}]
[{"$nulls":7},"Custo do FIC",null,0.24929999999999999]
[{"$nulls":7},"Custo do FIT",null,0]
[null,"C - MATERIAL",null,"Quantidade","Unidade",null,"Preço Unitário","Custo Unitário"]
[null,"-",0,null," - ",null,0,null,null,{"$f":"D2151*G2151","v":0}]
[null,"-",0,null," - ",null,0,null,null,{"$f":"D2152*G2152","v":0}]
[null,null,null,"Custo unitário total de material",{"$nulls":5},{"$f":"SUM(J2151:J2152)","v":0}]
[null,"D - ATIVIDADES AUXILIARES",null,"Quantidade","Unidade",null,"Custo Unitário","Custo Unitário"]
[null,"-",0,null,0,null,0,null,null,{"$f":"D2155*G2155","v":0}]
[null,"-",0,null,0,null,0,null,null,{"$f":"D2156*G2156","v":0}]
[null,null,null,"Custo total de atividades auxiliares",{"$nulls":5},{"$f":"SUM(J2155:J2156)","v":0}]
[{"$nulls":7},"Subtotal",null,{"$f":"J2147+J2153+J2157+J2148+J2149","v":12.466466557296366}]
[null,"E - TEMPO FIXO",null,"Código","Quantidade","Unidade",null,"Custo Unitário","Custo Unitário"]
[null,"-",0,"-",null,0,null,0,null,{"$f":"ROUNDDOWN(E2160*H2160,4)","v":0}]
[null,"-",0,"-",null,0,null,0,null,{"$f":"ROUNDDOWN(E2161*H2161,4)","v":0}]
[null,null,null,"Custo unitário total de tempo fixo",{"$nulls":5},{"$f":"SUM(J2160:J2161)","v":0}]
[null,"F - MOMENTO DE TRANSPORTE",null,"Quantidade","Unidade","DMT",null,null,null,"Custo Unitário"]
[{"$nulls":5},"LN","RP","P"]
[null,"-",0,null,"tkm"]
[null,"-",0,null,"tkm"]
[null,null,null,"Custo unitário total de transporte"]
[{"$nulls":5},"Custo unitário direto total",null,null,null,{"$f":"TRUNC(J2158+J2162,2)","v":12.46}]
[null,"Obs."]
[]
[71,"1ª/GRD",{"$nulls":8},{"$f":"J2210","v":6.57}]
[null,"OBRA:","EXECUÇÃO DAS OBRAS E SERVIÇOS DE CONSTRUÇÃO DE PONTES E GALERIAS, INCLUINDO A CONCLUSÃO DE ESTRUTURAS JÁ INICIADAS, LOCALIZADAS NA ÁREA DA BARRAGEM DE APROVEITAMENTO MÚLTIPLO JEQUITAÍ I, NO MUNICÍPIO DE FRANCISCO DUMONT, NO ESTADO DE MINAS GERAIS - ITEM 2: PONTE N e GALERIA O"]
[null,"Custo Unitário de Referência",null,null,"Minas Gerais"]
[{"$nulls":4}," Abril/2025 ",null,null,"Produção da equipe ",134.56,{"$f":"VLOOKUP(A2171,ORÇAMENTO!A:L,7,0)","v":"m³"}]
[null,"5503041","COMPACTAÇÃO DE ATERROS A 100% DO PROCTOR NORMAL",{"$nulls":5},"Valores em reais (R$)"]
[null,"A - EQUIPAMENTOS",null,"Quantidade","Utilização",null,"Custo Horário",null,null,"Custo"]
[{"$nulls":4},"Operativa","Improdutiva","Produtivo","Improdutivo",null,"Horário Total"]
[null,"E9571","Caminhão tanque com capacidade de 10.000 l - 188 kW",1,0.72,0.28000000000000003,358.54259999999999,97.3673,null,{"$f":"D2178*(E2178*G2178+F2178*H2178)","v":285.41351599999996}]
[null,"E9518","Grade de 24 discos rebocável de D = 60 cm (24\")",1,0.41,0.59,4.9439000000000002,3.4428000000000001,null,{"$f":"D2179*(E2179*G2179+F2179*H2179)","v":4.0582510000000003}]
[null,"E9524","Motoniveladora - 93 kW",1,0.23,0.77,342.05520000000001,150.57470000000001,null,194.61521500000001]
[null,"E9685","Rolo compactador pé de carneiro vibratório autopropelido por pneus de 11,6 t - 82 kW",1,1,0,248.25219999999999,114.1401,null,248.25219999999999]
[null,"E9577","Trator agrícola sobre pneus - 77 kW",1,0.41,0.59,178.655,70.547200000000004,null,114.871398]
[{"$nulls":7},"Custo horário total de equipamentos",null,{"$f":"SUM(J2178:J2182)","v":847.21057999999994}]
[null,"B - MÃO DE OBRA",null,"Quantidade","Unidade",null,"Custo Horário","Custo Horário Total"]
[null,"P9824","Servente",1,"h",null,21.684899999999999,null,null,{"$f":"D2185*G2185","v":21.684899999999999}]
[null,"-",0,null,0,null,0,null,null,{"$f":"D2186*G2186","v":0}]
[null,null,null,"Custo horário total de mão de obra",{"$nulls":5},{"$f":"SUM(J2185:J2186)","v":21.684899999999999}]
[null,null,null,"Custo horário total de execução",{"$nulls":5},{"$f":"J2183+J2187","v":868.89547999999991}]
[null,null,null,"Custo unitário de execução",{"$nulls":5},{"$f":"J2188/I2174","v":6.4573088585017828}]
[{"$nulls":7},"Custo do FIC",null,0.1174]
[{"$nulls":7},"Custo do FIT",null,0]
[null,"C - MATERIAL",null,"Quantidade","Unidade",null,"Preço Unitário","Custo Unitário"]
[null,"-",0,null," - ",null,0,null,null,{"$f":"D2193*G2193","v":0}]
[null,"-",0,null," - ",null,0,null,null,{"$f":"D2194*G2194","v":0}]
[null,null,null,"Custo unitário total de material",{"$nulls":5},{"$f":"SUM(J2193:J2194)","v":0}]
[null,"D - ATIVIDADES AUXILIARES",null,"Quantidade","Unidade",null,"Custo Unitário","Custo Unitário"]
[null,"-",0,null,0,null,0,null,null,{"$f":"D2197*G2197","v":0}]
[null,"-",0,null,0,null,0,null,null,{"$f":"D2198*G2198","v":0}]
[null,null,null,"Custo total de atividades auxiliares",{"$nulls":5},{"$f":"SUM(J2197:J2198)","v":0}]
[{"$nulls":7},"Subtotal",null,{"$f":"J2189+J2195+J2199+J2190+J2191","v":6.5747088585017828}]
[null,"E - TEMPO FIXO",null,"Código","Quantidade","Unidade",null,"Custo Unitário","Custo Unitário"]
[null,"-",0,"-",null,0,null,0,null,{"$f":"ROUNDDOWN(E2202*H2202,4)","v":0}]
[null,"-",0,"-",null,0,null,0,null,{"$f":"ROUNDDOWN(E2203*H2203,4)","v":0}]
[null,null,null,"Custo unitário total de tempo fixo",{"$nulls":5},{"$f":"SUM(J2202:J2203)","v":0}]
[null,"F - MOMENTO DE TRANSPORTE",null,"Quantidade","Unidade","DMT",null,null,null,"Custo Unitário"]
[{"$nulls":5},"LN","RP","P"]
[null,"-",0,null,"tkm"]
[null,"-",0,null,"tkm"]
[null,null,null,"Custo unitário total de transporte"]
[{"$nulls":5},"Custo unitário direto total",null,null,null,{"$f":"TRUNC(J2200+J2204,2)","v":6.57}]
[null,"Obs."]
[]
[72,"1ª/GRD",{"$nulls":8},{"$f":"J2253","v":15.35}]
[null,"OBRA:","EXECUÇÃO DAS OBRAS E SERVIÇOS DE CONSTRUÇÃO DE PONTES E GALERIAS, INCLUINDO A CONCLUSÃO DE ESTRUTURAS JÁ INICIADAS, LOCALIZADAS NA ÁREA DA BARRAGEM DE APROVEITAMENTO MÚLTIPLO JEQUITAÍ I, NO MUNICÍPIO DE FRANCISCO DUMONT, NO ESTADO DE MINAS GERAIS - ITEM 2: PONTE N e GALERIA O"]
[null,"Custo Unitário de Referência",null,null,"Minas Gerais"]
[{"$nulls":4}," Abril/2025 ",null,null,"Produção da equipe ",134.56,{"$f":"VLOOKUP(A2213,ORÇAMENTO!A:L,7,0)","v":"m³"}]
[null,"4011227","SUB-BASE DE SOLO ESTABILIZADO GRANULOMETRICAMENTE SEM MISTURA COM MATERIAL DE JAZIDA - 100% PROCTOR INTERMEDIÁRIO",{"$nulls":5},"Valores em reais (R$)"]
[null,"A - EQUIPAMENTOS",null,"Quantidade","Utilização",null,"Custo Horário",null,null,"Custo"]
[{"$nulls":4},"Operativa","Improdutiva","Produtivo","Improdutivo",null,"Horário Total"]
[null,"E9571","Caminhão tanque com capacidade de 10.000 l - 188 kW",1,0.74,0.26,358.54259999999999,97.3673,null,{"$f":"D2220*(E2220*G2220+F2220*H2220)","v":290.637022}]
[null,"E9518","Grade de 24 discos rebocável de D = 60 cm (24\")",1,0.41,0.59,4.9439000000000002,3.4428000000000001,null,{"$f":"D2221*(E2221*G2221+F2221*H2221)","v":4.0582510000000003}]
[null,"E9524","Motoniveladora - 93 kW",1,0.59,0.41,342.05520000000001,150.57470000000001,null,263.54819500000002]
[null,"E9762","Rolo compactador de pneus autopropelido de 27 t - 85 kW",1,0.96,0.04,331.78800000000001,164.60919999999999,null,325.10084799999998]
[null,"E9685","Rolo compactador pé de carneiro vibratório autopropelido por pneus de 11,6 t - 82 kW",1,1,0,248.25219999999999,114.1401,null,248.25219999999999]
[null,"E9577","Trator agrícola sobre pneus - 77 kW",1,0.41,0.59,178.655,70.547200000000004,null,{"$f":"D2225*(E2225*G2225+F2225*H2225)","v":114.871398}]
[{"$nulls":7},"Custo horário total de equipamentos",null,{"$f":"SUM(J2220:J2225)","v":1246.4679139999998}]
[null,"B - MÃO DE OBRA",null,"Quantidade","Unidade",null,"Custo Horário","Custo Horário Total"]
[null,"P9824","Servente",1,"h",null,21.684899999999999,null,null,{"$f":"D2228*G2228","v":21.684899999999999}]
[null,"-",0,null,0,null,0,null,null,{"$f":"D2229*G2229","v":0}]
[null,null,null,"Custo horário total de mão de obra",{"$nulls":5},{"$f":"SUM(J2228:J2229)","v":21.684899999999999}]
[null,null,null,"Custo horário total de execução",{"$nulls":5},{"$f":"J2226+J2230","v":1268.1528139999998}]
[null,null,null,"Custo unitário de execução",{"$nulls":5},{"$f":"J2231/I2216","v":9.4244412455410203}]
[{"$nulls":7},"Custo do FIC",null,0.19120000000000001]
[{"$nulls":7},"Custo do FIT",null,0]
[null,"C - MATERIAL",null,"Quantidade","Unidade",null,"Preço Unitário","Custo Unitário"]
[null,"-",0,null," - ",null,0,null,null,{"$f":"D2236*G2236","v":0}]
[null,"-",0,null," - ",null,0,null,null,{"$f":"D2237*G2237","v":0}]
[null,null,null,"Custo unitário total de material",{"$nulls":5},{"$f":"SUM(J2236:J2237)","v":0}]
[null,"D - ATIVIDADES AUXILIARES",null,"Quantidade","Unidade",null,"Custo Unitário","Custo Unitário"]
[null,4016096,"Escavação e carga de material de jazida com escavadeira hidráulica de 1,56 m³",1.1002700000000001,"m³",null,1.62,null,null,{"$f":"D2240*G2240","v":1.7824374000000003}]
[null,"-",0,null,0,null,0,null,null,{"$f":"D2241*G2241","v":0}]
[null,null,null,"Custo total de atividades auxiliares",{"$nulls":5},{"$f":"SUM(J2240:J2241)","v":1.7824374000000003}]
[{"$nulls":7},"Subtotal",null,{"$f":"J2232+J2238+J2242+J2233+J2234","v":11.398078645541021}]
[null,"E - TEMPO FIXO",null,"Código","Quantidade","Unidade",null,"Custo Unitário","Custo Unitário"]
[null,4016096,"Escavação e carga de material de jazida com escavadeira hidráulica de 1,56 m³",5914354,2.0630999999999999,"t",null,1.92,null,{"$f":"ROUNDDOWN(E2245*H2245,4)","v":3.9611000000000001}]
[null,"-",0,"-",null,0,null,0,null,{"$f":"ROUNDDOWN(E2246*H2246,4)","v":0}]
[null,null,null,"Custo unitário total de tempo fixo",{"$nulls":5},{"$f":"SUM(J2245:J2246)","v":3.9611000000000001}]
[null,"F - MOMENTO DE TRANSPORTE",null,"Quantidade","Unidade","DMT",null,null,null,"Custo Unitário"]
[{"$nulls":5},"LN","RP","P"]
[null,4016096,"Escavação e carga de material de jazida com escavadeira hidráulica de 1,56 m³",2.0630999999999999,"tkm"]
[null,"-",0,null,"tkm"]
[null,null,null,"Custo unitário total de transporte"]
[{"$nulls":5},"Custo unitário direto total",null,null,null,{"$f":"TRUNC(J2243+J2247,2)","v":15.35}]
[null,"Obs."]
[]
[73,"1ª/GRD",{"$nulls":8},{"$f":"J2296","v":16.77}]
[null,"OBRA:","EXECUÇÃO DAS OBRAS E SERVIÇOS DE CONSTRUÇÃO DE PONTES E GALERIAS, INCLUINDO A CONCLUSÃO DE ESTRUTURAS JÁ INICIADAS, LOCALIZADAS NA ÁREA DA BARRAGEM DE APROVEITAMENTO MÚLTIPLO JEQUITAÍ I, NO MUNICÍPIO DE FRANCISCO DUMONT, NO ESTADO DE MINAS GERAIS - ITEM 2: PONTE N e GALERIA O"]
[null,"Custo Unitário de Referência",null,null,"Minas Gerais"]
[{"$nulls":4}," Abril/2025 ",null,null,"Produção da equipe ",112.13,{"$f":"VLOOKUP(A2256,ORÇAMENTO!A:L,7,0)","v":"m³"}]
[null,"4011219","BASE DE SOLO ESTABILIZADO GRANULOMETRICAMENTE SEM MISTURA COM MATERIAL DE JAZIDA - 100% PROCTOR MODIFICADO",{"$nulls":5},"Valores em reais (R$)"]
[null,"A - EQUIPAMENTOS",null,"Quantidade","Utilização",null,"Custo Horário",null,null,"Custo"]
[{"$nulls":4},"Operativa","Improdutiva","Produtivo","Improdutivo",null,"Horário Total"]
[null,"E9571","Caminhão tanque com capacidade de 10.000 l - 188 kW",1,0.62,0.38,358.54259999999999,97.3673,null,{"$f":"D2263*(E2263*G2263+F2263*H2263)","v":259.29598600000003}]
[null,"E9518","Grade de 24 discos rebocável de D = 60 cm (24\")",1,0.34,0.65999999999999992,4.9439000000000002,3.4428000000000001,null,{"$f":"D2264*(E2264*G2264+F2264*H2264)","v":3.9531739999999997}]
[null,"E9524","Motoniveladora - 93 kW",1,0.5,0.5,342.05520000000001,150.57470000000001,null,246.31495000000001]
[null,"E9762","Rolo compactador de pneus autopropelido de 27 t - 85 kW",1,0.96,4.0000000000000036E-2,331.78800000000001,164.60919999999999,null,325.10084799999998]
[null,"E9685","Rolo compactador pé de carneiro vibratório autopropelido por pneus de 11,6 t - 82 kW",1,1,0,248.25219999999999,114.1401,null,248.25219999999999]
[null,"E9577","Trator agrícola sobre pneus - 77 kW",1,0.34,0.65999999999999992,178.655,70.547200000000004,null,{"$f":"D2268*(E2268*G2268+F2268*H2268)","v":107.30385200000001}]
[{"$nulls":7},"Custo horário total de equipamentos",null,{"$f":"SUM(J2263:J2268)","v":1190.22101}]
[null,"B - MÃO DE OBRA",null,"Quantidade","Unidade",null,"Custo Horário","Custo Horário Total"]
[null,"P9824","Servente",1,"h",null,21.684899999999999,null,null,{"$f":"D2271*G2271","v":21.684899999999999}]
[null,"-",0,null,0,null,0,null,null,{"$f":"D2272*G2272","v":0}]
[null,null,null,"Custo horário total de mão de obra",{"$nulls":5},{"$f":"SUM(J2271:J2272)","v":21.684899999999999}]
[null,null,null,"Custo horário total de execução",{"$nulls":5},{"$f":"J2269+J2273","v":1211.9059099999999}]
[null,null,null,"Custo unitário de execução",{"$nulls":5},{"$f":"J2274/I2259","v":10.808043431731026}]
[{"$nulls":7},"Custo do FIC",null,0.21920000000000001]
[{"$nulls":7},"Custo do FIT",null,0]
[null,"C - MATERIAL",null,"Quantidade","Unidade",null,"Preço Unitário","Custo Unitário"]
[null,"-",0,null," - ",null,0,null,null,{"$f":"D2279*G2279","v":0}]
[null,"-",0,null," - ",null,0,null,null,{"$f":"D2280*G2280","v":0}]
[null,null,null,"Custo unitário total de material",{"$nulls":5},{"$f":"SUM(J2279:J2280)","v":0}]
[null,"D - ATIVIDADES AUXILIARES",null,"Quantidade","Unidade",null,"Custo Unitário","Custo Unitário"]
[null,4016096,"Escavação e carga de material de jazida com escavadeira hidráulica de 1,56 m³",1.1002700000000001,"m³",null,1.62,null,null,{"$f":"D2283*G2283","v":1.7824374000000003}]
[null,"-",0,null,0,null,0,null,null,{"$f":"D2284*G2284","v":0}]
[null,null,null,"Custo total de atividades auxiliares",{"$nulls":5},{"$f":"SUM(J2283:J2284)","v":1.7824374000000003}]
[{"$nulls":7},"Subtotal",null,{"$f":"J2275+J2281+J2285+J2276+J2277","v":12.809680831731027}]
[null,"E - TEMPO FIXO",null,"Código","Quantidade","Unidade",null,"Custo Unitário","Custo Unitário"]
[null,4016096,"Escavação e carga de material de jazida com escavadeira hidráulica de 1,56 m³",5914354,2.0630999999999999,"t",null,1.92,null,{"$f":"ROUNDDOWN(E2288*H2288,4)","v":3.9611000000000001}]
[null,"-",0,"-",null,0,null,0,null,{"$f":"ROUNDDOWN(E2289*H2289,4)","v":0}]
[null,null,null,"Custo unitário total de tempo fixo",{"$nulls":5},{"$f":"SUM(J2288:J2289)","v":3.9611000000000001}]
[null,"F - MOMENTO DE TRANSPORTE",null,"Quantidade","Unidade","DMT",null,null,null,"Custo Unitário"]
[{"$nulls":5},"LN","RP","P"]
[null,4016096,"Escavação e carga de material de jazida com escavadeira hidráulica de 1,56 m³",2.0630999999999999,"tkm"]
[null,"-",0,null,"tkm"]
[null,null,null,"Custo unitário total de transporte"]
[{"$nulls":5},"Custo unitário direto total",null,null,null,{"$f":"TRUNC(J2286+J2290,2)","v":16.77}]
[null,"Obs."]
[]
[74,"1ª/GRD",{"$nulls":8},{"$f":"J2335","v":0.62}]
[null,"OBRA:","EXECUÇÃO DAS OBRAS E SERVIÇOS DE CONSTRUÇÃO DE PONTES E GALERIAS, INCLUINDO A CONCLUSÃO DE ESTRUTURAS JÁ INICIADAS, LOCALIZADAS NA ÁREA DA BARRAGEM DE APROVEITAMENTO MÚLTIPLO JEQUITAÍ I, NO MUNICÍPIO DE FRANCISCO DUMONT, NO ESTADO DE MINAS GERAIS - ITEM 2: PONTE N e GALERIA O"]
[null,"Custo Unitário de Referência",null,null,"Minas Gerais"]
[{"$nulls":4}," Abril/2025 ",null,null,"Produção da equipe ",1038.46,{"$f":"VLOOKUP(A2299,ORÇAMENTO!A:L,7,0)","v":"m²"}]
[null,"4011352","IMPRIMAÇÃO COM EMULSÃO ASFÁLTICA (EAI)",{"$nulls":5},"Valores em reais (R$)"]
[null,"A - EQUIPAMENTOS",null,"Quantidade","Utilização",null,"Custo Horário",null,null,"Custo"]
[{"$nulls":4},"Operativa","Improdutiva","Produtivo","Improdutivo",null,"Horário Total"]
[null,"E9509","Caminhão tanque distribuidor de asfalto com capacidade de 6.000 l - 7 kW/136 kW",1,1,0,334.7824,110.0958,null,{"$f":"D2306*(E2306*G2306+F2306*H2306)","v":334.7824}]
[null,"E9558","Tanque de estocagem de asfalto com capacidade de 30.000 l",2,1,0,134.63939999999999,87.344399999999993,null,{"$f":"D2307*(E2307*G2307+F2307*H2307)","v":269.27879999999999}]
[{"$nulls":7},"Custo horário total de equipamentos",null,{"$f":"SUM(J2306:J2307)","v":604.06119999999999}]
[null,"B - MÃO DE OBRA",null,"Quantidade","Unidade",null,"Custo Horário","Custo Horário Total"]
[null,"P9824","Servente",2,"h",null,21.684899999999999,null,null,{"$f":"D2310*G2310","v":43.369799999999998}]
[null,"-",0,null,0,null,0,null,null,{"$f":"D2311*G2311","v":0}]
[null,null,null,"Custo horário total de mão de obra",{"$nulls":5},{"$f":"SUM(J2310:J2311)","v":43.369799999999998}]
[null,null,null,"Custo horário total de execução",{"$nulls":5},{"$f":"J2308+J2312","v":647.43100000000004}]
[null,null,null,"Custo unitário de execução",{"$nulls":5},{"$f":"J2313/I2302","v":0.62345299770814477}]
[{"$nulls":7},"Custo do FIC",null,0]
[{"$nulls":7},"Custo do FIT",null,0]
[null,"C - MATERIAL",null,"Quantidade","Unidade",null,"Preço Unitário","Custo Unitário"]
[null,"M2092","Emulsão asfáltica para imprimação",1.2999999999999999E-3,"t",null,null,"FORNECIMENTO COM BDI DIFERENCIADO",null,{"$f":"D2318*G2318","v":0}]
[null,"-",0,null," - ",null,0,null,null,{"$f":"D2319*G2319","v":0}]
[null,null,null,"Custo unitário total de material",{"$nulls":5},{"$f":"SUM(J2318:J2319)","v":0}]
[null,"D - ATIVIDADES AUXILIARES",null,"Quantidade","Unidade",null,"Custo Unitário","Custo Unitário"]
[null,"-",0,null,0,null,0,null,null,{"$f":"D2322*G2322","v":0}]
[null,"-",0,null,0,null,0,null,null,{"$f":"D2323*G2323","v":0}]
[null,null,null,"Custo total de atividades auxiliares",{"$nulls":5},{"$f":"SUM(J2322:J2323)","v":0}]
[{"$nulls":7},"Subtotal",null,{"$f":"J2314+J2320+J2324+J2315+J2316","v":0.62345299770814477}]
[null,"E - TEMPO FIXO",null,"Código","Quantidade","Unidade",null,"Custo Unitário","Custo Unitário"]
[null,"-",0,"-",null,0,null,0,null,{"$f":"ROUNDDOWN(E2327*H2327,4)","v":0}]
[null,"-",0,"-",null,0,null,0,null,{"$f":"ROUNDDOWN(E2328*H2328,4)","v":0}]
[null,null,null,"Custo unitário total de tempo fixo",{"$nulls":5},{"$f":"SUM(J2327:J2328)","v":0}]
[null,"F - MOMENTO DE TRANSPORTE",null,"Quantidade","Unidade","DMT",null,null,null,"Custo Unitário"]
[{"$nulls":5},"LN","RP","P"]
[null,"-",0,null,"tkm"]
[null,"-",0,null,"tkm"]
[null,null,null,"Custo unitário total de transporte"]
[{"$nulls":5},"Custo unitário direto total",null,null,null,{"$f":"TRUNC(J2325+J2329,2)","v":0.62}]
[null,"Obs."]
[]
[75,"1ª/GRD",{"$nulls":8},{"$f":"J2374","v":0.43}]
[null,"OBRA:","EXECUÇÃO DAS OBRAS E SERVIÇOS DE CONSTRUÇÃO DE PONTES E GALERIAS, INCLUINDO A CONCLUSÃO DE ESTRUTURAS JÁ INICIADAS, LOCALIZADAS NA ÁREA DA BARRAGEM DE APROVEITAMENTO MÚLTIPLO JEQUITAÍ I, NO MUNICÍPIO DE FRANCISCO DUMONT, NO ESTADO DE MINAS GERAIS - ITEM 2: PONTE N e GALERIA O"]
[null,"Custo Unitário de Referência",null,null,"Minas Gerais"]
[{"$nulls":4}," Abril/2025 ",null,null,"Produção da equipe ",1500,{"$f":"VLOOKUP(A2338,ORÇAMENTO!A:L,7,0)","v":"m²"}]
[null,"4011353","PINTURA DE LIGAÇÃO",{"$nulls":5},"Valores em reais (R$)"]
[null,"A - EQUIPAMENTOS",null,"Quantidade","Utilização",null,"Custo Horário",null,null,"Custo"]
[{"$nulls":4},"Operativa","Improdutiva","Produtivo","Improdutivo",null,"Horário Total"]
[null,"E9509","Caminhão tanque distribuidor de asfalto com capacidade de 6.000 l - 7 kW/136 kW",1,1,0,334.7824,110.0958,null,{"$f":"D2345*(E2345*G2345+F2345*H2345)","v":334.7824}]
[null,"E9558","Tanque de estocagem de asfalto com capacidade de 30.000 l",2,1,0,134.63939999999999,87.344399999999993,null,{"$f":"D2346*(E2346*G2346+F2346*H2346)","v":269.27879999999999}]
[{"$nulls":7},"Custo horário total de equipamentos",null,{"$f":"SUM(J2345:J2346)","v":604.06119999999999}]
[null,"B - MÃO DE OBRA",null,"Quantidade","Unidade",null,"Custo Horário","Custo Horário Total"]
[null,"P9824","Servente",2,"h",null,21.684899999999999,null,null,{"$f":"D2349*G2349","v":43.369799999999998}]
[null,"-",0,null,0,null,0,null,null,{"$f":"D2350*G2350","v":0}]
[null,null,null,"Custo horário total de mão de obra",{"$nulls":5},{"$f":"SUM(J2349:J2350)","v":43.369799999999998}]
[null,null,null,"Custo horário total de execução",{"$nulls":5},{"$f":"J2347+J2351","v":647.43100000000004}]
[null,null,null,"Custo unitário de execução",{"$nulls":5},{"$f":"J2352/I2341","v":0.43162066666666671}]
[{"$nulls":7},"Custo do FIC",null,1E-3]
[{"$nulls":7},"Custo do FIT",null,0]
[null,"C - MATERIAL",null,"Quantidade","Unidade",null,"Preço Unitário","Custo Unitário"]
[null,"M1946","Emulsão asfáltica - RR-1C",4.4999999999999999E-4,"t",null,null,"FORNECIMENTO COM BDI DIFERENCIADO",null,{"$f":"D2357*G2357","v":0}]
[null,"-",0,null," - ",null,0,null,null,{"$f":"D2358*G2358","v":0}]
[null,null,null,"Custo unitário total de material",{"$nulls":5},{"$f":"SUM(J2357:J2358)","v":0}]
[null,"D - ATIVIDADES AUXILIARES",null,"Quantidade","Unidade",null,"Custo Unitário","Custo Unitário"]
[null,"-",0,null,0,null,0,null,null,{"$f":"D2361*G2361","v":0}]
[null,"-",0,null,0,null,0,null,null,{"$f":"D2362*G2362","v":0}]
[null,null,null,"Custo total de atividades auxiliares",{"$nulls":5},{"$f":"SUM(J2361:J2362)","v":0}]
[{"$nulls":7},"Subtotal",null,{"$f":"J2353+J2359+J2363+J2354+J2355","v":0.43262066666666671}]
[null,"E - TEMPO FIXO",null,"Código","Quantidade","Unidade",null,"Custo Unitário","Custo Unitário"]
[null,"-",0,"-",null,0,null,0,null,{"$f":"ROUNDDOWN(E2366*H2366,4)","v":0}]
[null,"-",0,"-",null,0,null,0,null,{"$f":"ROUNDDOWN(E2367*H2367,4)","v":0}]
[null,null,null,"Custo unitário total de tempo fixo",{"$nulls":5},{"$f":"SUM(J2366:J2367)","v":0}]
[null,"F - MOMENTO DE TRANSPORTE",null,"Quantidade","Unidade","DMT",null,null,null,"Custo Unitário"]
[{"$nulls":5},"LN","RP","P"]
[null,"-",0,null,"tkm"]
[null,"-",0,null,"tkm"]
[null,null,null,"Custo unitário total de transporte"]
[{"$nulls":5},"Custo unitário direto total",null,null,null,{"$f":"TRUNC(J2364+J2368,2)","v":0.43}]
[null,"Obs."]
[]
[76,"1ª/GRD",{"$nulls":8},{"$f":"J2414","v":21.1}]
[null,"OBRA:","EXECUÇÃO DAS OBRAS E SERVIÇOS DE CONSTRUÇÃO DE PONTES E GALERIAS, INCLUINDO A CONCLUSÃO DE ESTRUTURAS JÁ INICIADAS, LOCALIZADAS NA ÁREA DA BARRAGEM DE APROVEITAMENTO MÚLTIPLO JEQUITAÍ I, NO MUNICÍPIO DE FRANCISCO DUMONT, NO ESTADO DE MINAS GERAIS - ITEM 2: PONTE N e GALERIA O"]
[null,"Custo Unitário de Referência",null,null,"Minas Gerais"]
[{"$nulls":4}," Abril/2025 ",null,null,"Produção da equipe ",99.6,{"$f":"VLOOKUP(A2377,ORÇAMENTO!A:L,7,0)","v":"ton"}]
[null,"4011464","CONCRETO ASFÁLTICO FAIXA C - MASSA COMERCIAL",{"$nulls":5},"Valores em reais (R$)"]
[null,"A - EQUIPAMENTOS",null,"Quantidade","Utilização",null,"Custo Horário",null,null,"Custo"]
[{"$nulls":4},"Operativa","Improdutiva","Produtivo","Improdutivo",null,"Horário Total"]
[null,"E9762","Rolo compactador de pneus autopropelido de 27 t - 85 kW",1,0.71,0.28999999999999998,331.78800000000001,164.60919999999999,null,{"$f":"D2384*(E2384*G2384+F2384*H2384)","v":283.30614800000001}]
[null,"E9681","Rolo compactador liso tandem vibratório autopropelido de 10,4 t - 82 kW",1,0.82,0.18,359.5138,146.84549999999999,null,{"$f":"D2385*(E2385*G2385+F2385*H2385)","v":321.23350599999998}]
[null,"E9545","Vibroacabadora de asfalto sobre esteiras - 97 kW",1,1,0,509.91320000000002,223.8082,null,509.91320000000002]
[{"$nulls":7},"Custo horário total de equipamentos",null,{"$f":"SUM(J2384:J2386)","v":1114.4528539999999}]
[null,"B - MÃO DE OBRA",null,"Quantidade","Unidade",null,"Custo Horário","Custo Horário Total"]
[null,"P9824","Servente",8,"h",null,21.684899999999999,null,null,{"$f":"D2389*G2389","v":173.47919999999999}]
[null,"-",0,null,0,null,0,null,null,{"$f":"D2390*G2390","v":0}]
[null,null,null,"Custo horário total de mão de obra",{"$nulls":5},{"$f":"SUM(J2389:J2390)","v":173.47919999999999}]
[null,null,null,"Custo horário total de execução",{"$nulls":5},{"$f":"J2387+J2391","v":1287.9320539999999}]
[null,null,null,"Custo unitário de execução",{"$nulls":5},{"$f":"J2392/I2380","v":12.931044718875501}]
[{"$nulls":7},"Custo do FIC",null,3.49E-2]
[{"$nulls":7},"Custo do FIT",null,0]
[null,"C - MATERIAL",null,"Quantidade","Unidade",null,"Preço Unitário","Custo Unitário"]
[null,"M0785","Massa asfáltica comercial",1,"t",null,null,"FORNECIMENTO COM BDI DIFERENCIADO",null,{"$f":"D2397*G2397","v":0}]
[null,"-",0,null," - ",null,0,null,null,{"$f":"D2398*G2398","v":0}]
[null,null,null,"Custo unitário total de material",{"$nulls":5},{"$f":"SUM(J2397:J2398)","v":0}]
[null,"D - ATIVIDADES AUXILIARES",null,"Quantidade","Unidade",null,"Custo Unitário","Custo Unitário"]
[null,"-",0,null,0,null,0,null,null,{"$f":"D2401*G2401","v":0}]
[null,"-",0,null,0,null,0,null,null,{"$f":"D2402*G2402","v":0}]
[null,null,null,"Custo total de atividades auxiliares",{"$nulls":5},{"$f":"SUM(J2401:J2402)","v":0}]
[{"$nulls":7},"Subtotal",null,{"$f":"J2393+J2399+J2403+J2394+J2395","v":12.965944718875502}]
[null,"E - TEMPO FIXO",null,"Código","Quantidade","Unidade",null,"Custo Unitário","Custo Unitário"]
[null,"M0785","Massa asfáltica comercial",5914649,1,"t",null,8.14,null,{"$f":"ROUNDDOWN(E2406*H2406,4)","v":8.14}]
[null,"-",0,"-",null,0,null,0,null,{"$f":"ROUNDDOWN(E2407*H2407,4)","v":0}]
[null,null,null,"Custo unitário total de tempo fixo",{"$nulls":5},{"$f":"SUM(J2406:J2407)","v":8.14}]
[null,"F - MOMENTO DE TRANSPORTE",null,"Quantidade","Unidade","DMT",null,null,null,"Custo Unitário"]
[{"$nulls":5},"LN","RP","P"]
[null,"-",0,null,"tkm"]
[null,"-",0,null,"tkm"]
[null,null,null,"Custo unitário total de transporte"]
[{"$nulls":5},"Custo unitário direto total",null,null,null,{"$f":"TRUNC(J2404+J2408,2)","v":21.1}]
[null,"Obs."]
[]
[77,"1ª/GRD",{"$nulls":8},{"$f":"J2453","v":28.49}]
[null,"OBRA:","EXECUÇÃO DAS OBRAS E SERVIÇOS DE CONSTRUÇÃO DE PONTES E GALERIAS, INCLUINDO A CONCLUSÃO DE ESTRUTURAS JÁ INICIADAS, LOCALIZADAS NA ÁREA DA BARRAGEM DE APROVEITAMENTO MÚLTIPLO JEQUITAÍ I, NO MUNICÍPIO DE FRANCISCO DUMONT, NO ESTADO DE MINAS GERAIS - ITEM 2: PONTE N e GALERIA O"]
[null,"Custo Unitário de Referência",null,null,"Minas Gerais"]
[{"$nulls":4}," Abril/2025 ",null,null,"Produção da equipe ",8.6026900000000008,{"$f":"VLOOKUP(A2417,ORÇAMENTO!A:L,7,0)","v":"ton"}]
[null,"5914610","CARGA, MANOBRA E DESCARGA DE MISTURA BETUMINOSA A QUENTE EM CAMINHÃO COM CAÇAMBA TÉRMICA - CARGA EM USINA DE ASFALTO E DESCARGA MANUAL",{"$nulls":5},"Valores em reais (R$)"]
[null,"A - EQUIPAMENTOS",null,"Quantidade","Utilização",null,"Custo Horário",null,null,"Custo"]
[{"$nulls":4},"Operativa","Improdutiva","Produtivo","Improdutivo",null,"Horário Total"]
[null,"E9520","Caminhão com caçamba térmica com capacidade de 6 m³ - 136 kW",1,1,0,201.7756,79.827600000000004,null,{"$f":"D2424*(E2424*G2424+F2424*H2424)","v":201.7756}]
[null,"-",0,null,null,null,0,0,null,{"$f":"D2425*(E2425*G2425+F2425*H2425)","v":0}]
[{"$nulls":7},"Custo horário total de equipamentos",null,{"$f":"SUM(J2424:J2425)","v":201.7756}]
[null,"B - MÃO DE OBRA",null,"Quantidade","Unidade",null,"Custo Horário","Custo Horário Total"]
[null,"P9824","Servente",2,"h",null,21.684899999999999,null,null,{"$f":"D2428*G2428","v":43.369799999999998}]
[null,"-",0,null,0,null,0,null,null,{"$f":"D2429*G2429","v":0}]
[null,null,null,"Custo horário total de mão de obra",{"$nulls":5},{"$f":"SUM(J2428:J2429)","v":43.369799999999998}]
[null,null,null,"Custo horário total de execução",{"$nulls":5},{"$f":"J2426+J2430","v":245.1454}]
[null,null,null,"Custo unitário de execução",{"$nulls":5},{"$f":"J2431/I2420","v":28.496365671667814}]
[{"$nulls":7},"Custo do FIC",null,0]
[{"$nulls":7},"Custo do FIT",null,0]
[null,"C - MATERIAL",null,"Quantidade","Unidade",null,"Preço Unitário","Custo Unitário"]
[null,"-",0,null," - ",null,0,null,null,{"$f":"D2436*G2436","v":0}]
[null,"-",0,null," - ",null,0,null,null,{"$f":"D2437*G2437","v":0}]
[null,null,null,"Custo unitário total de material",{"$nulls":5},{"$f":"SUM(J2436:J2437)","v":0}]
[null,"D - ATIVIDADES AUXILIARES",null,"Quantidade","Unidade",null,"Custo Unitário","Custo Unitário"]
[null,"-",0,null,0,null,0,null,null,{"$f":"D2440*G2440","v":0}]
[null,"-",0,null,0,null,0,null,null,{"$f":"D2441*G2441","v":0}]
[null,null,null,"Custo total de atividades auxiliares",{"$nulls":5},{"$f":"SUM(J2440:J2441)","v":0}]
[{"$nulls":7},"Subtotal",null,{"$f":"J2432+J2438+J2442+J2433+J2434","v":28.496365671667814}]
[null,"E - TEMPO FIXO",null,"Código","Quantidade","Unidade",null,"Custo Unitário","Custo Unitário"]
[null,"-",0,"-",null,0,null,0,null,{"$f":"ROUNDDOWN(E2445*H2445,4)","v":0}]
[null,"-",0,"-",null,0,null,0,null,{"$f":"ROUNDDOWN(E2446*H2446,4)","v":0}]
[null,null,null,"Custo unitário total de tempo fixo",{"$nulls":5},{"$f":"SUM(J2445:J2446)","v":0}]
[null,"F - MOMENTO DE TRANSPORTE",null,"Quantidade","Unidade","DMT",null,null,null,"Custo Unitário"]
[{"$nulls":5},"LN","RP","P"]
[null,"-",0,null,"tkm"]
[null,"-",0,null,"tkm"]
[null,null,null,"Custo unitário total de transporte"]
[{"$nulls":5},"Custo unitário direto total",null,null,null,{"$f":"TRUNC(J2443+J2447,2)","v":28.49}]
[null,"Obs."]
[]
[78,"1ª/GRD",{"$nulls":8},{"$f":"J2492","v":0.9}]
[null,"OBRA:","EXECUÇÃO DAS OBRAS E SERVIÇOS DE CONSTRUÇÃO DE PONTES E GALERIAS, INCLUINDO A CONCLUSÃO DE ESTRUTURAS JÁ INICIADAS, LOCALIZADAS NA ÁREA DA BARRAGEM DE APROVEITAMENTO MÚLTIPLO JEQUITAÍ I, NO MUNICÍPIO DE FRANCISCO DUMONT, NO ESTADO DE MINAS GERAIS - ITEM 2: PONTE N e GALERIA O"]
[null,"Custo Unitário de Referência",null,null,"Minas Gerais"]
[{"$nulls":4}," Abril/2025 ",null,null,"Produção da equipe ",224.1,{"$f":"VLOOKUP(A2456,ORÇAMENTO!A:L,7,0)","v":"txkm"}]
[null,"5914612","TRANSPORTE DE MISTURA BETUMINOSA A QUENTE COM CAMINHÃO CAÇAMBA TÉRMICA - RODOVIA PAVIMENTADA",{"$nulls":5},"Valores em reais (R$)"]
[null,"A - EQUIPAMENTOS",null,"Quantidade","Utilização",null,"Custo Horário",null,null,"Custo"]
[{"$nulls":4},"Operativa","Improdutiva","Produtivo","Improdutivo",null,"Horário Total"]
[null,"E9520","Caminhão com caçamba térmica com capacidade de 6 m³ - 136 kW",1,1,0,201.7756,79.827600000000004,null,{"$f":"D2463*(E2463*G2463+F2463*H2463)","v":201.7756}]
[null,"-",0,null,null,null,0,0,null,{"$f":"D2464*(E2464*G2464+F2464*H2464)","v":0}]
[{"$nulls":7},"Custo horário total de equipamentos",null,{"$f":"SUM(J2463:J2464)","v":201.7756}]
[null,"B - MÃO DE OBRA",null,"Quantidade","Unidade",null,"Custo Horário","Custo Horário Total"]
[null,"-",0,null,0,null,0,null,null,{"$f":"D2467*G2467","v":0}]
[null,"-",0,null,0,null,0,null,null,{"$f":"D2468*G2468","v":0}]
[null,null,null,"Custo horário total de mão de obra",{"$nulls":5},{"$f":"SUM(J2467:J2468)","v":0}]
[null,null,null,"Custo horário total de execução",{"$nulls":5},{"$f":"J2465+J2469","v":201.7756}]
[null,null,null,"Custo unitário de execução",{"$nulls":5},{"$f":"J2470/I2459","v":0.90038197233377959}]
[{"$nulls":7},"Custo do FIC",null,0]
[{"$nulls":7},"Custo do FIT",null,0]
[null,"C - MATERIAL",null,"Quantidade","Unidade",null,"Preço Unitário","Custo Unitário"]
[null,"-",0,null," - ",null,0,null,null,{"$f":"D2475*G2475","v":0}]
[null,"-",0,null," - ",null,0,null,null,{"$f":"D2476*G2476","v":0}]
[null,null,null,"Custo unitário total de material",{"$nulls":5},{"$f":"SUM(J2475:J2476)","v":0}]
[null,"D - ATIVIDADES AUXILIARES",null,"Quantidade","Unidade",null,"Custo Unitário","Custo Unitário"]
[null,"-",0,null,0,null,0,null,null,{"$f":"D2479*G2479","v":0}]
[null,"-",0,null,0,null,0,null,null,{"$f":"D2480*G2480","v":0}]
[null,null,null,"Custo total de atividades auxiliares",{"$nulls":5},{"$f":"SUM(J2479:J2480)","v":0}]
[{"$nulls":7},"Subtotal",null,{"$f":"J2471+J2477+J2481+J2472+J2473","v":0.90038197233377959}]
[null,"E - TEMPO FIXO",null,"Código","Quantidade","Unidade",null,"Custo Unitário","Custo Unitário"]
[null,"-",0,"-",null,0,null,0,null,{"$f":"ROUNDDOWN(E2484*H2484,4)","v":0}]
[null,"-",0,"-",null,0,null,0,null,{"$f":"ROUNDDOWN(E2485*H2485,4)","v":0}]
[null,null,null,"Custo unitário total de tempo fixo",{"$nulls":5},{"$f":"SUM(J2484:J2485)","v":0}]
[null,"F - MOMENTO DE TRANSPORTE",null,"Quantidade","Unidade","DMT",null,null,null,"Custo Unitário"]
[{"$nulls":5},"LN","RP","P"]
[null,"-",0,null,"tkm"]
[null,"-",0,null,"tkm"]
[null,null,null,"Custo unitário total de transporte"]
[{"$nulls":5},"Custo unitário direto total",null,null,null,{"$f":"TRUNC(J2482+J2486,2)","v":0.9}]
[null,"Obs."]
[]
[79,"1ª/GRD",{"$nulls":8},{"$f":"J2531","v":1.1000000000000001}]
[null,"OBRA:","EXECUÇÃO DAS OBRAS E SERVIÇOS DE CONSTRUÇÃO DE PONTES E GALERIAS, INCLUINDO A CONCLUSÃO DE ESTRUTURAS JÁ INICIADAS, LOCALIZADAS NA ÁREA DA BARRAGEM DE APROVEITAMENTO MÚLTIPLO JEQUITAÍ I, NO MUNICÍPIO DE FRANCISCO DUMONT, NO ESTADO DE MINAS GERAIS - ITEM 2: PONTE N e GALERIA O"]
[null,"Custo Unitário de Referência",null,null,"Minas Gerais"]
[{"$nulls":4}," Abril/2025 ",null,null,"Produção da equipe ",186.75,{"$f":"VLOOKUP(A2495,ORÇAMENTO!A:L,7,0)","v":"txkm"}]
[null,"5914613","TRANSPORTE DE MISTURA BETUMINOSA A QUENTE COM CAMINHÃO CAÇAMBA TÉRMICA - RODOVIA EM REVESTIMENTO PRIMÁRIO",{"$nulls":5},"Valores em reais (R$)"]
[null,"A - EQUIPAMENTOS",null,"Quantidade","Utilização",null,"Custo Horário",null,null,"Custo"]
[{"$nulls":4},"Operativa","Improdutiva","Produtivo","Improdutivo",null,"Horário Total"]
[null,"E9520","Caminhão com caçamba térmica com capacidade de 6 m³ - 136 kW",1,1,0,201.7756,79.827600000000004,null,{"$f":"D2502*(E2502*G2502+F2502*H2502)","v":201.7756}]
[null,"-",0,null,null,null,0,0,null,{"$f":"D2503*(E2503*G2503+F2503*H2503)","v":0}]
[{"$nulls":7},"Custo horário total de equipamentos",null,{"$f":"SUM(J2502:J2503)","v":201.7756}]
[null,"B - MÃO DE OBRA",null,"Quantidade","Unidade",null,"Custo Horário","Custo Horário Total"]
[null,"-",0,null,0,null,0,null,null,{"$f":"D2506*G2506","v":0}]
[null,"-",0,null,0,null,0,null,null,{"$f":"D2507*G2507","v":0}]
[null,null,null,"Custo horário total de mão de obra",{"$nulls":5},{"$f":"SUM(J2506:J2507)","v":0}]
[null,null,null,"Custo horário total de execução",{"$nulls":5},{"$f":"J2504+J2508","v":201.7756}]
[null,null,null,"Custo unitário de execução",{"$nulls":5},{"$f":"J2509/I2498","v":1.0804583668005354}]
[{"$nulls":7},"Custo do FIC",null,2.1999999999999999E-2]
[{"$nulls":7},"Custo do FIT",null,0]
[null,"C - MATERIAL",null,"Quantidade","Unidade",null,"Preço Unitário","Custo Unitário"]
[null,"-",0,null," - ",null,0,null,null,{"$f":"D2514*G2514","v":0}]
[null,"-",0,null," - ",null,0,null,null,{"$f":"D2515*G2515","v":0}]
[null,null,null,"Custo unitário total de material",{"$nulls":5},{"$f":"SUM(J2514:J2515)","v":0}]
[null,"D - ATIVIDADES AUXILIARES",null,"Quantidade","Unidade",null,"Custo Unitário","Custo Unitário"]
[null,"-",0,null,0,null,0,null,null,{"$f":"D2518*G2518","v":0}]
[null,"-",0,null,0,null,0,null,null,{"$f":"D2519*G2519","v":0}]
[null,null,null,"Custo total de atividades auxiliares",{"$nulls":5},{"$f":"SUM(J2518:J2519)","v":0}]
[{"$nulls":7},"Subtotal",null,{"$f":"J2510+J2516+J2520+J2511+J2512","v":1.1024583668005354}]
[null,"E - TEMPO FIXO",null,"Código","Quantidade","Unidade",null,"Custo Unitário","Custo Unitário"]
[null,"-",0,"-",null,0,null,0,null,{"$f":"ROUNDDOWN(E2523*H2523,4)","v":0}]
[null,"-",0,"-",null,0,null,0,null,{"$f":"ROUNDDOWN(E2524*H2524,4)","v":0}]
[null,null,null,"Custo unitário total de tempo fixo",{"$nulls":5},{"$f":"SUM(J2523:J2524)","v":0}]
[null,"F - MOMENTO DE TRANSPORTE",null,"Quantidade","Unidade","DMT",null,null,null,"Custo Unitário"]
[{"$nulls":5},"LN","RP","P"]
[null,"-",0,null,"tkm"]
[null,"-",0,null,"tkm"]
[null,null,null,"Custo unitário total de transporte"]
[{"$nulls":5},"Custo unitário direto total",null,null,null,{"$f":"TRUNC(J2521+J2525,2)","v":1.1000000000000001}]
[null,"Obs."]
[]
[80,"1ª/GRD",{"$nulls":8},{"$f":"J2570","v":2.2400000000000002}]
[null,"OBRA:","EXECUÇÃO DAS OBRAS E SERVIÇOS DE CONSTRUÇÃO DE PONTES E GALERIAS, INCLUINDO A CONCLUSÃO DE ESTRUTURAS JÁ INICIADAS, LOCALIZADAS NA ÁREA DA BARRAGEM DE APROVEITAMENTO MÚLTIPLO JEQUITAÍ I, NO MUNICÍPIO DE FRANCISCO DUMONT, NO ESTADO DE MINAS GERAIS - ITEM 2: PONTE N e GALERIA O"]
[null,"Custo Unitário de Referência",null,null,"Minas Gerais"]
[{"$nulls":4}," Abril/2025 ",null,null,"Produção da equipe ",149.4,{"$f":"VLOOKUP(A2534,ORÇAMENTO!A:L,7,0)","v":"txkm"}]
[null,"5914622","TRANSPORTE DE MATERIAL BETUMINOSO COM CAMINHÃO TANQUE DISTRIBUIDOR - RODOVIA PAVIMENTADA",{"$nulls":5},"Valores em reais (R$)"]
[null,"A - EQUIPAMENTOS",null,"Quantidade","Utilização",null,"Custo Horário",null,null,"Custo"]
[{"$nulls":4},"Operativa","Improdutiva","Produtivo","Improdutivo",null,"Horário Total"]
[null,"E9509","Caminhão tanque distribuidor de asfalto com capacidade de 6.000 l - 7 kW/136 kW",1,1,0,334.7824,110.0958,null,{"$f":"D2541*(E2541*G2541+F2541*H2541)","v":334.7824}]
[null,"-",0,null,null,null,0,0,null,{"$f":"D2542*(E2542*G2542+F2542*H2542)","v":0}]
[{"$nulls":7},"Custo horário total de equipamentos",null,{"$f":"SUM(J2541:J2542)","v":334.7824}]
[null,"B - MÃO DE OBRA",null,"Quantidade","Unidade",null,"Custo Horário","Custo Horário Total"]
[null,"-",0,null,0,null,0,null,null,{"$f":"D2545*G2545","v":0}]
[null,"-",0,null,0,null,0,null,null,{"$f":"D2546*G2546","v":0}]
[null,null,null,"Custo horário total de mão de obra",{"$nulls":5},{"$f":"SUM(J2545:J2546)","v":0}]
[null,null,null,"Custo horário total de execução",{"$nulls":5},{"$f":"J2543+J2547","v":334.7824}]
[null,null,null,"Custo unitário de execução",{"$nulls":5},{"$f":"J2548/I2537","v":2.2408460508701471}]
[{"$nulls":7},"Custo do FIC",null,0]
[{"$nulls":7},"Custo do FIT",null,0]
[null,"C - MATERIAL",null,"Quantidade","Unidade",null,"Preço Unitário","Custo Unitário"]
[null,"-",0,null," - ",null,0,null,null,{"$f":"D2553*G2553","v":0}]
[null,"-",0,null," - ",null,0,null,null,{"$f":"D2554*G2554","v":0}]
[null,null,null,"Custo unitário total de material",{"$nulls":5},{"$f":"SUM(J2553:J2554)","v":0}]
[null,"D - ATIVIDADES AUXILIARES",null,"Quantidade","Unidade",null,"Custo Unitário","Custo Unitário"]
[null,"-",0,null,0,null,0,null,null,{"$f":"D2557*G2557","v":0}]
[null,"-",0,null,0,null,0,null,null,{"$f":"D2558*G2558","v":0}]
[null,null,null,"Custo total de atividades auxiliares",{"$nulls":5},{"$f":"SUM(J2557:J2558)","v":0}]
[{"$nulls":7},"Subtotal",null,{"$f":"J2549+J2555+J2559+J2550+J2551","v":2.2408460508701471}]
[null,"E - TEMPO FIXO",null,"Código","Quantidade","Unidade",null,"Custo Unitário","Custo Unitário"]
[null,"-",0,"-",null,0,null,0,null,{"$f":"ROUNDDOWN(E2562*H2562,4)","v":0}]
[null,"-",0,"-",null,0,null,0,null,{"$f":"ROUNDDOWN(E2563*H2563,4)","v":0}]
[null,null,null,"Custo unitário total de tempo fixo",{"$nulls":5},{"$f":"SUM(J2562:J2563)","v":0}]
[null,"F - MOMENTO DE TRANSPORTE",null,"Quantidade","Unidade","DMT",null,null,null,"Custo Unitário"]
[{"$nulls":5},"LN","RP","P"]
[null,"-",0,null,"tkm"]
[null,"-",0,null,"tkm"]
[null,null,null,"Custo unitário total de transporte"]
[{"$nulls":5},"Custo unitário direto total",null,null,null,{"$f":"TRUNC(J2560+J2564,2)","v":2.2400000000000002}]
[null,"Obs."]
[]
[81,"1ª/GRD",{"$nulls":8},{"$f":"J2609","v":2.73}]
[null,"OBRA:","EXECUÇÃO DAS OBRAS E SERVIÇOS DE CONSTRUÇÃO DE PONTES E GALERIAS, INCLUINDO A CONCLUSÃO DE ESTRUTURAS JÁ INICIADAS, LOCALIZADAS NA ÁREA DA BARRAGEM DE APROVEITAMENTO MÚLTIPLO JEQUITAÍ I, NO MUNICÍPIO DE FRANCISCO DUMONT, NO ESTADO DE MINAS GERAIS - ITEM 2: PONTE N e GALERIA O"]
[null,"Custo Unitário de Referência",null,null,"Minas Gerais"]
[{"$nulls":4}," Abril/2025 ",null,null,"Produção da equipe ",124.5,{"$f":"VLOOKUP(A2573,ORÇAMENTO!A:L,7,0)","v":"txkm"}]
[null,"5914621","TRANSPORTE DE MATERIAL BETUMINOSO COM CAMINHÃO TANQUE DISTRIBUIDOR - RODOVIA EM REVESTIMENTO PRIMÁRIO",{"$nulls":5},"Valores em reais (R$)"]
[null,"A - EQUIPAMENTOS",null,"Quantidade","Utilização",null,"Custo Horário",null,null,"Custo"]
[{"$nulls":4},"Operativa","Improdutiva","Produtivo","Improdutivo",null,"Horário Total"]
[null,"E9509","Caminhão tanque distribuidor de asfalto com capacidade de 6.000 l - 7 kW/136 kW",1,1,0,334.7824,110.0958,null,{"$f":"D2580*(E2580*G2580+F2580*H2580)","v":334.7824}]
[null,"-",0,null,null,null,0,0,null,{"$f":"D2581*(E2581*G2581+F2581*H2581)","v":0}]
[{"$nulls":7},"Custo horário total de equipamentos",null,{"$f":"SUM(J2580:J2581)","v":334.7824}]
[null,"B - MÃO DE OBRA",null,"Quantidade","Unidade",null,"Custo Horário","Custo Horário Total"]
[null,"-",0,null,0,null,0,null,null,{"$f":"D2584*G2584","v":0}]
[null,"-",0,null,0,null,0,null,null,{"$f":"D2585*G2585","v":0}]
[null,null,null,"Custo horário total de mão de obra",{"$nulls":5},{"$f":"SUM(J2584:J2585)","v":0}]
[null,null,null,"Custo horário total de execução",{"$nulls":5},{"$f":"J2582+J2586","v":334.7824}]
[null,null,null,"Custo unitário de execução",{"$nulls":5},{"$f":"J2587/I2576","v":2.6890152610441769}]
[{"$nulls":7},"Custo do FIC",null,4.3900000000000002E-2]
[{"$nulls":7},"Custo do FIT",null,0]
[null,"C - MATERIAL",null,"Quantidade","Unidade",null,"Preço Unitário","Custo Unitário"]
[null,"-",0,null," - ",null,0,null,null,{"$f":"D2592*G2592","v":0}]
[null,"-",0,null," - ",null,0,null,null,{"$f":"D2593*G2593","v":0}]
[null,null,null,"Custo unitário total de material",{"$nulls":5},{"$f":"SUM(J2592:J2593)","v":0}]
[null,"D - ATIVIDADES AUXILIARES",null,"Quantidade","Unidade",null,"Custo Unitário","Custo Unitário"]
[null,"-",0,null,0,null,0,null,null,{"$f":"D2596*G2596","v":0}]
[null,"-",0,null,0,null,0,null,null,{"$f":"D2597*G2597","v":0}]
[null,null,null,"Custo total de atividades auxiliares",{"$nulls":5},{"$f":"SUM(J2596:J2597)","v":0}]
[{"$nulls":7},"Subtotal",null,{"$f":"J2588+J2594+J2598+J2589+J2590","v":2.7329152610441767}]
[null,"E - TEMPO FIXO",null,"Código","Quantidade","Unidade",null,"Custo Unitário","Custo Unitário"]
[null,"-",0,"-",null,0,null,0,null,{"$f":"ROUNDDOWN(E2601*H2601,4)","v":0}]
[null,"-",0,"-",null,0,null,0,null,{"$f":"ROUNDDOWN(E2602*H2602,4)","v":0}]
[null,null,null,"Custo unitário total de tempo fixo",{"$nulls":5},{"$f":"SUM(J2601:J2602)","v":0}]
[null,"F - MOMENTO DE TRANSPORTE",null,"Quantidade","Unidade","DMT",null,null,null,"Custo Unitário"]
[{"$nulls":5},"LN","RP","P"]
[null,"-",0,null,"tkm"]
[null,"-",0,null,"tkm"]
[null,null,null,"Custo unitário total de transporte"]
[{"$nulls":5},"Custo unitário direto total",null,null,null,{"$f":"TRUNC(J2599+J2603,2)","v":2.73}]
[null,"Obs."]
[]
[82,"1ª/GRD",{"$nulls":8},{"$f":"J2648","v":0.68}]
[null,"OBRA:","EXECUÇÃO DAS OBRAS E SERVIÇOS DE CONSTRUÇÃO DE PONTES E GALERIAS, INCLUINDO A CONCLUSÃO DE ESTRUTURAS JÁ INICIADAS, LOCALIZADAS NA ÁREA DA BARRAGEM DE APROVEITAMENTO MÚLTIPLO JEQUITAÍ I, NO MUNICÍPIO DE FRANCISCO DUMONT, NO ESTADO DE MINAS GERAIS - ITEM 2: PONTE N e GALERIA O"]
[null,"Custo Unitário de Referência",null,null,"Minas Gerais"]
[{"$nulls":4}," Abril/2025 ",null,null,"Produção da equipe ",470.61,{"$f":"VLOOKUP(A2612,ORÇAMENTO!A:L,7,0)","v":"txkm"}]
[null,"5915321","TRANSPORTE COM CAMINHÃO BASCULANTE - RODOVIA PAVIMENTADA",{"$nulls":5},"Valores em reais (R$)"]
[null,"A - EQUIPAMENTOS",null,"Quantidade","Utilização",null,"Custo Horário",null,null,"Custo"]
[{"$nulls":4},"Operativa","Improdutiva","Produtivo","Improdutivo",null,"Horário Total"]
[null,"E9667","Caminhão basculante com capacidade de 14 m³ - 210 kW",1,1,0,322.66559999999998,97.340599999999995,null,{"$f":"D2619*(E2619*G2619+F2619*H2619)","v":322.66559999999998}]
[null,"-",0,null,null,null,0,0,null,{"$f":"D2620*(E2620*G2620+F2620*H2620)","v":0}]
[{"$nulls":7},"Custo horário total de equipamentos",null,{"$f":"SUM(J2619:J2620)","v":322.66559999999998}]
[null,"B - MÃO DE OBRA",null,"Quantidade","Unidade",null,"Custo Horário","Custo Horário Total"]
[null,"-",0,null,0,null,0,null,null,{"$f":"D2623*G2623","v":0}]
[null,"-",0,null,0,null,0,null,null,{"$f":"D2624*G2624","v":0}]
[null,null,null,"Custo horário total de mão de obra",{"$nulls":5},{"$f":"SUM(J2623:J2624)","v":0}]
[null,null,null,"Custo horário total de execução",{"$nulls":5},{"$f":"J2621+J2625","v":322.66559999999998}]
[null,null,null,"Custo unitário de execução",{"$nulls":5},{"$f":"J2626/I2615","v":0.68563268948811107}]
[{"$nulls":7},"Custo do FIC",null,0]
[{"$nulls":7},"Custo do FIT",null,0]
[null,"C - MATERIAL",null,"Quantidade","Unidade",null,"Preço Unitário","Custo Unitário"]
[null,"-",0,null," - ",null,0,null,null,{"$f":"D2631*G2631","v":0}]
[null,"-",0,null," - ",null,0,null,null,{"$f":"D2632*G2632","v":0}]
[null,null,null,"Custo unitário total de material",{"$nulls":5},{"$f":"SUM(J2631:J2632)","v":0}]
[null,"D - ATIVIDADES AUXILIARES",null,"Quantidade","Unidade",null,"Custo Unitário","Custo Unitário"]
[null,"-",0,null,0,null,0,null,null,{"$f":"D2635*G2635","v":0}]
[null,"-",0,null,0,null,0,null,null,{"$f":"D2636*G2636","v":0}]
[null,null,null,"Custo total de atividades auxiliares",{"$nulls":5},{"$f":"SUM(J2635:J2636)","v":0}]
[{"$nulls":7},"Subtotal",null,{"$f":"J2627+J2633+J2637+J2628+J2629","v":0.68563268948811107}]
[null,"E - TEMPO FIXO",null,"Código","Quantidade","Unidade",null,"Custo Unitário","Custo Unitário"]
[null,"-",0,"-",null,0,null,0,null,{"$f":"ROUNDDOWN(E2640*H2640,4)","v":0}]
[null,"-",0,"-",null,0,null,0,null,{"$f":"ROUNDDOWN(E2641*H2641,4)","v":0}]
[null,null,null,"Custo unitário total de tempo fixo",{"$nulls":5},{"$f":"SUM(J2640:J2641)","v":0}]
[null,"F - MOMENTO DE TRANSPORTE",null,"Quantidade","Unidade","DMT",null,null,null,"Custo Unitário"]
[{"$nulls":5},"LN","RP","P"]
[null,"-",0,null,"tkm"]
[null,"-",0,null,"tkm"]
[null,null,null,"Custo unitário total de transporte"]
[{"$nulls":5},"Custo unitário direto total",null,null,null,{"$f":"TRUNC(J2638+J2642,2)","v":0.68}]
[null,"Obs."]
[]
[83,"1ª/GRD",{"$nulls":8},{"$f":"J2687","v":0.75}]
[null,"OBRA:","EXECUÇÃO DAS OBRAS E SERVIÇOS DE CONSTRUÇÃO DE PONTES E GALERIAS, INCLUINDO A CONCLUSÃO DE ESTRUTURAS JÁ INICIADAS, LOCALIZADAS NA ÁREA DA BARRAGEM DE APROVEITAMENTO MÚLTIPLO JEQUITAÍ I, NO MUNICÍPIO DE FRANCISCO DUMONT, NO ESTADO DE MINAS GERAIS - ITEM 2: PONTE N e GALERIA O"]
[null,"Custo Unitário de Referência",null,null,"Minas Gerais"]
[{"$nulls":4}," Abril/2025 ",null,null,"Produção da equipe ",435.75,{"$f":"VLOOKUP(A2651,ORÇAMENTO!A:L,7,0)","v":"txkm"}]
[null,"5915320","TRANSPORTE COM CAMINHÃO BASCULANTE - RODOVIA EM REVESTIMENTO PRIMÁRIO",{"$nulls":5},"Valores em reais (R$)"]
[null,"A - EQUIPAMENTOS",null,"Quantidade","Utilização",null,"Custo Horário",null,null,"Custo"]
[{"$nulls":4},"Operativa","Improdutiva","Produtivo","Improdutivo",null,"Horário Total"]
[null,"E9667","Caminhão basculante com capacidade de 14 m³ - 210 kW",1,1,0,322.66559999999998,97.340599999999995,null,{"$f":"D2658*(E2658*G2658+F2658*H2658)","v":322.66559999999998}]
[null,"-",0,null,null,null,0,0,null,{"$f":"D2659*(E2659*G2659+F2659*H2659)","v":0}]
[{"$nulls":7},"Custo horário total de equipamentos",null,{"$f":"SUM(J2658:J2659)","v":322.66559999999998}]
[null,"B - MÃO DE OBRA",null,"Quantidade","Unidade",null,"Custo Horário","Custo Horário Total"]
[null,"-",0,null,0,null,0,null,null,{"$f":"D2662*G2662","v":0}]
[null,"-",0,null,0,null,0,null,null,{"$f":"D2663*G2663","v":0}]
[null,null,null,"Custo horário total de mão de obra",{"$nulls":5},{"$f":"SUM(J2662:J2663)","v":0}]
[null,null,null,"Custo horário total de execução",{"$nulls":5},{"$f":"J2660+J2664","v":322.66559999999998}]
[null,null,null,"Custo unitário de execução",{"$nulls":5},{"$f":"J2665/I2654","v":0.74048330464716006}]
[{"$nulls":7},"Custo do FIC",null,1.4999999999999999E-2]
[{"$nulls":7},"Custo do FIT",null,0]
[null,"C - MATERIAL",null,"Quantidade","Unidade",null,"Preço Unitário","Custo Unitário"]
[null,"-",0,null," - ",null,0,null,null,{"$f":"D2670*G2670","v":0}]
[null,"-",0,null," - ",null,0,null,null,{"$f":"D2671*G2671","v":0}]
[null,null,null,"Custo unitário total de material",{"$nulls":5},{"$f":"SUM(J2670:J2671)","v":0}]
[null,"D - ATIVIDADES AUXILIARES",null,"Quantidade","Unidade",null,"Custo Unitário","Custo Unitário"]
[null,"-",0,null,0,null,0,null,null,{"$f":"D2674*G2674","v":0}]
[null,"-",0,null,0,null,0,null,null,{"$f":"D2675*G2675","v":0}]
[null,null,null,"Custo total de atividades auxiliares",{"$nulls":5},{"$f":"SUM(J2674:J2675)","v":0}]
[{"$nulls":7},"Subtotal",null,{"$f":"J2666+J2672+J2676+J2667+J2668","v":0.75548330464716007}]
[null,"E - TEMPO FIXO",null,"Código","Quantidade","Unidade",null,"Custo Unitário","Custo Unitário"]
[null,"-",0,"-",null,0,null,0,null,{"$f":"ROUNDDOWN(E2679*H2679,4)","v":0}]
[null,"-",0,"-",null,0,null,0,null,{"$f":"ROUNDDOWN(E2680*H2680,4)","v":0}]
[null,null,null,"Custo unitário total de tempo fixo",{"$nulls":5},{"$f":"SUM(J2679:J2680)","v":0}]
[null,"F - MOMENTO DE TRANSPORTE",null,"Quantidade","Unidade","DMT",null,null,null,"Custo Unitário"]
[{"$nulls":5},"LN","RP","P"]
[null,"-",0,null,"tkm"]
[null,"-",0,null,"tkm"]
[null,null,null,"Custo unitário total de transporte"]
[{"$nulls":5},"Custo unitário direto total",null,null,null,{"$f":"TRUNC(J2677+J2681,2)","v":0.75}]
[null,"Obs."]
[]
[85,"1ª/GRD",{"$nulls":8},{"$f":"J2732","v":23}]
[null,"OBRA:","EXECUÇÃO DAS OBRAS E SERVIÇOS DE CONSTRUÇÃO DE PONTES E GALERIAS, INCLUINDO A CONCLUSÃO DE ESTRUTURAS JÁ INICIADAS, LOCALIZADAS NA ÁREA DA BARRAGEM DE APROVEITAMENTO MÚLTIPLO JEQUITAÍ I, NO MUNICÍPIO DE FRANCISCO DUMONT, NO ESTADO DE MINAS GERAIS - ITEM 2: PONTE N e GALERIA O"]
[null,"Custo Unitário de Referência",null,null,"Minas Gerais"]
[{"$nulls":4}," Abril/2025 ",null,null,"Produção da equipe ",10,{"$f":"VLOOKUP(A2690,ORÇAMENTO!A:L,7,0)","v":"m"}]
[null,3713608,"CERCA COM 4 FIOS DE ARAME FARPADO E MOURÃO DE MADEIRA A CADA 2,5M, ESTICADOR A CADA 50M",{"$nulls":5},"Valores em reais (R$)"]
[null,"A - EQUIPAMENTOS",null,"Quantidade","Utilização",null,"Custo Horário",null,null,"Custo"]
[{"$nulls":4},"Operativa","Improdutiva","Produtivo","Improdutivo",null,"Horário Total"]
[null,"-",0,null,null,null,0,0,null,{"$f":"D2697*(E2697*G2697+F2697*H2697)","v":0}]
[null,"-",0,null,null,null,0,0,null,{"$f":"D2698*(E2698*G2698+F2698*H2698)","v":0}]
[{"$nulls":7},"Custo horário total de equipamentos",null,{"$f":"SUM(J2697:J2698)","v":0}]
[null,"B - MÃO DE OBRA",null,"Quantidade","Unidade",null,"Custo Horário","Custo Horário Total"]
[null,"P9824","Servente",4,"h",null,21.684899999999999,null,null,{"$f":"D2701*G2701","v":86.739599999999996}]
[null,"-",0,null,0,null,0,null,null,{"$f":"D2702*G2702","v":0}]
[null,null,null,"Custo horário total de mão de obra",{"$nulls":5},{"$f":"SUM(J2701:J2702)","v":86.739599999999996}]
[null,null,null,"Custo horário total de execução",{"$nulls":5},{"$f":"J2699+J2703","v":86.739599999999996}]
[null,null,null,"Custo unitário de execução",{"$nulls":5},{"$f":"J2704/I2693","v":8.6739599999999992}]
[{"$nulls":7},"Custo do FIC",null,0]
[{"$nulls":7},"Custo do FIT",null,0]
[null,"C - MATERIAL",null,"Quantidade","Unidade",null,"Preço Unitário","Custo Unitário"]
[null,"M0069","Arame farpado em aço galvanizado - D = 1,60 mm",4,"m",null,0.81479999999999997,null,null,{"$f":"D2709*G2709","v":3.2591999999999999}]
[null,"M0745","Grampo em aço galvanizado para cerca - C = 25,4 mm e E = 3,76 mm (1\" x 9 BWG)",8.2500000000000004E-3,"kg",null,16.972799999999999,null,null,{"$f":"D2710*G2710","v":0.1400256}]
[null,"M1638","Mourão de madeira - H = 2,10 m e D = 0,10 m",0.42,"un",null,23.2027,null,null,9.7451340000000002]
[null,"M1639","Mourão de madeira - H = 2,20 m e D = 0,15 m",0.02,"un",null,46.0289,null,null,0.92057800000000001]
[null,null,null,"Custo unitário total de material",{"$nulls":5},{"$f":"SUM(J2709:J2712)","v":14.0649376}]
[null,"D - ATIVIDADES AUXILIARES",null,"Quantidade","Unidade",null,"Custo Unitário","Custo Unitário"]
[null,"-",0,null,0,null,0,null,null,{"$f":"D2715*G2715","v":0}]
[null,"-",0,null,0,null,0,null,null,{"$f":"D2716*G2716","v":0}]
[null,null,null,"Custo total de atividades auxiliares",{"$nulls":5},{"$f":"SUM(J2715:J2716)","v":0}]
[{"$nulls":7},"Subtotal",null,{"$f":"J2705+J2713+J2717+J2706+J2707","v":22.738897600000001}]
[null,"E - TEMPO FIXO",null,"Código","Quantidade","Unidade",null,"Custo Unitário","Custo Unitário"]
[null,"M0069","Arame farpado em aço galvanizado - D = 1,60 mm",5914655,2.0000000000000001E-4,"t",null,33.92,null,{"$f":"ROUNDDOWN(E2720*H2720,4)","v":6.7000000000000002E-3}]
[null,"M0745","Grampo em aço galvanizado para cerca - C = 25,4 mm e E = 3,76 mm (1\" x 9 BWG)",5914655,1.0000000000000001E-5,"t",null,33.92,null,{"$f":"ROUNDDOWN(E2721*H2721,4)","v":2.9999999999999997E-4}]
[null,"M1638","Mourão de madeira - H = 2,10 m e D = 0,10 m",5914655,6.9300000000000004E-3,"t",null,33.92,null,0.23499999999999999]
[null,"M1639","Mourão de madeira - H = 2,20 m e D = 0,15 m",5914655,7.7999999999999999E-4,"t",null,33.92,null,2.64E-2]
[null,null,null,"Custo unitário total de tempo fixo",{"$nulls":5},{"$f":"SUM(J2720:J2723)","v":0.26839999999999997}]
[null,"F - MOMENTO DE TRANSPORTE",null,"Quantidade","Unidade","DMT",null,null,null,"Custo Unitário"]
[{"$nulls":5},"LN","RP","P"]
[null,"M0069","Arame farpado em aço galvanizado - D = 1,60 mm",2.0000000000000001E-4,"tkm"]
[null,"M0745","Grampo em aço galvanizado para cerca - C = 25,4 mm e E = 3,76 mm (1\" x 9 BWG)",1.0000000000000001E-5,"tkm"]
[null,"M1638","Mourão de madeira - H = 2,10 m e D = 0,10 m",6.9300000000000004E-3,"tkm"]
[null,"M1639","Mourão de madeira - H = 2,20 m e D = 0,15 m",7.7999999999999999E-4,"tkm"]
[null,null,null,"Custo unitário total de transporte"]
[{"$nulls":5},"Custo unitário direto total",null,null,null,{"$f":"TRUNC(J2718+J2724,2)","v":23}]
[null,"Obs."]
[]
[86,"1ª/GRD",{"$nulls":8},{"$f":"J2771","v":331.88}]
[null,"OBRA:","EXECUÇÃO DAS OBRAS E SERVIÇOS DE CONSTRUÇÃO DE PONTES E GALERIAS, INCLUINDO A CONCLUSÃO DE ESTRUTURAS JÁ INICIADAS, LOCALIZADAS NA ÁREA DA BARRAGEM DE APROVEITAMENTO MÚLTIPLO JEQUITAÍ I, NO MUNICÍPIO DE FRANCISCO DUMONT, NO ESTADO DE MINAS GERAIS - ITEM 2: PONTE N e GALERIA O"]
[null,"Custo Unitário de Referência",null,null,"Minas Gerais"]
[{"$nulls":4}," Abril/2025 ",null,null,"Produção da equipe ",66.400000000000006,{"$f":"VLOOKUP(A2735,ORÇAMENTO!A:L,7,0)","v":"m"}]
[null,3713604,"DEFENSA SEMIMALEÁVEL SIMPLES - FORNECIMENTO E IMPLANTAÇÃO",{"$nulls":5},"Valores em reais (R$)"]
[null,"A - EQUIPAMENTOS",null,"Quantidade","Utilização",null,"Custo Horário",null,null,"Custo"]
[{"$nulls":4},"Operativa","Improdutiva","Produtivo","Improdutivo",null,"Horário Total"]
[null,"E9082","Bate-estaca hidráulico para defensas montado em caminhão guindauto com capacidade de 6,2 t e carroceria de 5 t - 152 kW",1,1,0,395.358,155.6985,null,{"$f":"D2742*(E2742*G2742+F2742*H2742)","v":395.358}]
[null,"-",0,null,null,null,0,0,null,{"$f":"D2743*(E2743*G2743+F2743*H2743)","v":0}]
[{"$nulls":7},"Custo horário total de equipamentos",null,{"$f":"SUM(J2742:J2743)","v":395.358}]
[null,"B - MÃO DE OBRA",null,"Quantidade","Unidade",null,"Custo Horário","Custo Horário Total"]
[null,"P9801","Ajudante",3,"h",null,23.715,null,null,{"$f":"D2746*G2746","v":71.144999999999996}]
[null,"P9830","Montador",1,"h",null,38.192900000000002,null,null,{"$f":"D2747*G2747","v":38.192900000000002}]
[null,null,null,"Custo horário total de mão de obra",{"$nulls":5},{"$f":"SUM(J2746:J2747)","v":109.33789999999999}]
[null,null,null,"Custo horário total de execução",{"$nulls":5},{"$f":"J2744+J2748","v":504.69589999999999}]
[null,null,null,"Custo unitário de execução",{"$nulls":5},{"$f":"J2749/I2738","v":7.600841867469879}]
[{"$nulls":7},"Custo do FIC",null,0]
[{"$nulls":7},"Custo do FIT",null,0]
[null,"C - MATERIAL",null,"Quantidade","Unidade",null,"Preço Unitário","Custo Unitário"]
[null,"M1968","Defensa metálica semimaleável simples",0.25,"un",null,1295.6512,null,null,{"$f":"D2754*G2754","v":323.9128}]
[null,"-",0,null," - ",null,0,null,null,{"$f":"D2755*G2755","v":0}]
[null,null,null,"Custo unitário total de material",{"$nulls":5},{"$f":"SUM(J2754:J2755)","v":323.9128}]
[null,"D - ATIVIDADES AUXILIARES",null,"Quantidade","Unidade",null,"Custo Unitário","Custo Unitário"]
[null,"-",0,null,0,null,0,null,null,{"$f":"D2758*G2758","v":0}]
[null,"-",0,null,0,null,0,null,null,{"$f":"D2759*G2759","v":0}]
[null,null,null,"Custo total de atividades auxiliares",{"$nulls":5},{"$f":"SUM(J2758:J2759)","v":0}]
[{"$nulls":7},"Subtotal",null,{"$f":"J2750+J2756+J2760+J2751+J2752","v":331.51364186746986}]
[null,"E - TEMPO FIXO",null,"Código","Quantidade","Unidade",null,"Custo Unitário","Custo Unitário"]
[null,"M1968","Defensa metálica semimaleável simples",5915373,1.9359999999999999E-2,"t",null,19.12,null,{"$f":"ROUNDDOWN(E2763*H2763,4)","v":0.37009999999999998}]
[null,"-",0,"-",null,0,null,0,null,{"$f":"ROUNDDOWN(E2764*H2764,4)","v":0}]
[null,null,null,"Custo unitário total de tempo fixo",{"$nulls":5},{"$f":"SUM(J2763:J2764)","v":0.37009999999999998}]
[null,"F - MOMENTO DE TRANSPORTE",null,"Quantidade","Unidade","DMT",null,null,null,"Custo Unitário"]
[{"$nulls":5},"LN","RP","P"]
[null,"M1968","Defensa metálica semimaleável simples",1.9359999999999999E-2,"tkm"]
[null,"-",0,null,"tkm"]
[null,null,null,"Custo unitário total de transporte"]
[{"$nulls":5},"Custo unitário direto total",null,null,null,{"$f":"TRUNC(J2761+J2765,2)","v":331.88}]
[null,"Obs."]
[]
[87,"1ª/GRD",{"$nulls":8},{"$f":"J2810","v":392.66}]
[null,"OBRA:","EXECUÇÃO DAS OBRAS E SERVIÇOS DE CONSTRUÇÃO DE PONTES E GALERIAS, INCLUINDO A CONCLUSÃO DE ESTRUTURAS JÁ INICIADAS, LOCALIZADAS NA ÁREA DA BARRAGEM DE APROVEITAMENTO MÚLTIPLO JEQUITAÍ I, NO MUNICÍPIO DE FRANCISCO DUMONT, NO ESTADO DE MINAS GERAIS - ITEM 2: PONTE N e GALERIA O"]
[null,"Custo Unitário de Referência",null,null,"Minas Gerais"]
[{"$nulls":4}," Abril/2025 ",null,null,"Produção da equipe ",7.38,{"$f":"VLOOKUP(A2774,ORÇAMENTO!A:L,7,0)","v":"m"}]
[null,3713605,"ANCORAGEM DE DEFENSA SEMIMALEÁVEL SIMPLES - FORNECIMENTO E IMPLANTAÇÃO",{"$nulls":5},"Valores em reais (R$)"]
[null,"A - EQUIPAMENTOS",null,"Quantidade","Utilização",null,"Custo Horário",null,null,"Custo"]
[{"$nulls":4},"Operativa","Improdutiva","Produtivo","Improdutivo",null,"Horário Total"]
[null,"E9082","Bate-estaca hidráulico para defensas montado em caminhão guindauto com capacidade de 6,2 t e carroceria de 5 t - 152 kW",1,1,0,395.358,155.6985,null,{"$f":"D2781*(E2781*G2781+F2781*H2781)","v":395.358}]
[null,"-",0,null,null,null,0,0,null,{"$f":"D2782*(E2782*G2782+F2782*H2782)","v":0}]
[{"$nulls":7},"Custo horário total de equipamentos",null,{"$f":"SUM(J2781:J2782)","v":395.358}]
[null,"B - MÃO DE OBRA",null,"Quantidade","Unidade",null,"Custo Horário","Custo Horário Total"]
[null,"P9801","Ajudante",3,"h",null,23.715,null,null,{"$f":"D2785*G2785","v":71.144999999999996}]
[null,"P9830","Montador",1,"h",null,38.192900000000002,null,null,{"$f":"D2786*G2786","v":38.192900000000002}]
[null,null,null,"Custo horário total de mão de obra",{"$nulls":5},{"$f":"SUM(J2785:J2786)","v":109.33789999999999}]
[null,null,null,"Custo horário total de execução",{"$nulls":5},{"$f":"J2783+J2787","v":504.69589999999999}]
[null,null,null,"Custo unitário de execução",{"$nulls":5},{"$f":"J2788/I2777","v":68.386978319783196}]
[{"$nulls":7},"Custo do FIC",null,0]
[{"$nulls":7},"Custo do FIT",null,0]
[null,"C - MATERIAL",null,"Quantidade","Unidade",null,"Preço Unitário","Custo Unitário"]
[null,"M1968","Defensa metálica semimaleável simples",0.25,"un",null,1295.6512,null,null,{"$f":"D2793*G2793","v":323.9128}]
[null,"-",0,null," - ",null,0,null,null,{"$f":"D2794*G2794","v":0}]
[null,null,null,"Custo unitário total de material",{"$nulls":5},{"$f":"SUM(J2793:J2794)","v":323.9128}]
[null,"D - ATIVIDADES AUXILIARES",null,"Quantidade","Unidade",null,"Custo Unitário","Custo Unitário"]
[null,"-",0,null,0,null,0,null,null,{"$f":"D2797*G2797","v":0}]
[null,"-",0,null,0,null,0,null,null,{"$f":"D2798*G2798","v":0}]
[null,null,null,"Custo total de atividades auxiliares",{"$nulls":5},{"$f":"SUM(J2797:J2798)","v":0}]
[{"$nulls":7},"Subtotal",null,{"$f":"J2789+J2795+J2799+J2790+J2791","v":392.29977831978317}]
[null,"E - TEMPO FIXO",null,"Código","Quantidade","Unidade",null,"Custo Unitário","Custo Unitário"]
[null,"M1968","Defensa metálica semimaleável simples",5915373,1.9359999999999999E-2,"t",null,19.12,null,{"$f":"ROUNDDOWN(E2802*H2802,4)","v":0.37009999999999998}]
[null,"-",0,"-",null,0,null,0,null,{"$f":"ROUNDDOWN(E2803*H2803,4)","v":0}]
[null,null,null,"Custo unitário total de tempo fixo",{"$nulls":5},{"$f":"SUM(J2802:J2803)","v":0.37009999999999998}]
[null,"F - MOMENTO DE TRANSPORTE",null,"Quantidade","Unidade","DMT",null,null,null,"Custo Unitário"]
[{"$nulls":5},"LN","RP","P"]
[null,"M1968","Defensa metálica semimaleável simples",1.9359999999999999E-2,"tkm"]
[null,"-",0,null,"tkm"]
[null,null,null,"Custo unitário total de transporte"]
[{"$nulls":5},"Custo unitário direto total",null,null,null,{"$f":"TRUNC(J2800+J2804,2)","v":392.66}]
[null,"Obs."]
[]
[88,"1ª/GRD",{"$nulls":8},{"$f":"J2849","v":501.13}]
[null,"OBRA:","EXECUÇÃO DAS OBRAS E SERVIÇOS DE CONSTRUÇÃO DE PONTES E GALERIAS, INCLUINDO A CONCLUSÃO DE ESTRUTURAS JÁ INICIADAS, LOCALIZADAS NA ÁREA DA BARRAGEM DE APROVEITAMENTO MÚLTIPLO JEQUITAÍ I, NO MUNICÍPIO DE FRANCISCO DUMONT, NO ESTADO DE MINAS GERAIS - ITEM 2: PONTE N e GALERIA O"]
[null,"Custo Unitário de Referência",null,null,"Minas Gerais"]
[{"$nulls":4}," Abril/2025 ",null,null,"Produção da equipe ",2,{"$f":"VLOOKUP(A2813,ORÇAMENTO!A:L,7,0)","v":"unid."}]
[null,"3713690","TERMINAL DE ANCORAGEM DE DEFENSA METÁLICA EM BARREIRA DE CONCRETO, TIPO D - FORNECIMENTO E IMPLANTAÇÃO",{"$nulls":5},"Valores em reais (R$)"]
[null,"A - EQUIPAMENTOS",null,"Quantidade","Utilização",null,"Custo Horário",null,null,"Custo"]
[{"$nulls":4},"Operativa","Improdutiva","Produtivo","Improdutivo",null,"Horário Total"]
[null,"-",0,null,null,null,0,0,null,{"$f":"D2820*(E2820*G2820+F2820*H2820)","v":0}]
[null,"-",0,null,null,null,0,0,null,{"$f":"D2821*(E2821*G2821+F2821*H2821)","v":0}]
[{"$nulls":7},"Custo horário total de equipamentos",null,{"$f":"SUM(J2820:J2821)","v":0}]
[null,"B - MÃO DE OBRA",null,"Quantidade","Unidade",null,"Custo Horário","Custo Horário Total"]
[null,"P9801","Ajudante",1,"h",null,23.715,null,null,{"$f":"D2824*G2824","v":23.715}]
[null,"P9830","Montador",1,"h",null,38.192900000000002,null,null,{"$f":"D2825*G2825","v":38.192900000000002}]
[null,null,null,"Custo horário total de mão de obra",{"$nulls":5},{"$f":"SUM(J2824:J2825)","v":61.907899999999998}]
[null,null,null,"Custo horário total de execução",{"$nulls":5},{"$f":"J2822+J2826","v":61.907899999999998}]
[null,null,null,"Custo unitário de execução",{"$nulls":5},{"$f":"J2827/I2816","v":30.953949999999999}]
[{"$nulls":7},"Custo do FIC",null,0]
[{"$nulls":7},"Custo do FIT",null,0]
[null,"C - MATERIAL",null,"Quantidade","Unidade",null,"Preço Unitário","Custo Unitário"]
[null,"M1977","Terminal de ancoragem de defensa metálica em barreira rígida (tipo D)",1,"un",null,386.91449999999998,null,null,{"$f":"D2832*G2832","v":386.91449999999998}]
[null,"-",0,null," - ",null,0,null,null,{"$f":"D2833*G2833","v":0}]
[null,null,null,"Custo unitário total de material",{"$nulls":5},{"$f":"SUM(J2832:J2833)","v":386.91449999999998}]
[null,"D - ATIVIDADES AUXILIARES",null,"Quantidade","Unidade",null,"Custo Unitário","Custo Unitário"]
[null,3807865,"Chumbador de expansão controlada por torque para concreto D = 20 mm - fornecimento e instalação",5,"un",null,16.59,null,null,{"$f":"D2836*G2836","v":82.95}]
[null,"-",0,null,0,null,0,null,null,{"$f":"D2837*G2837","v":0}]
[null,null,null,"Custo total de atividades auxiliares",{"$nulls":5},{"$f":"SUM(J2836:J2837)","v":82.95}]
[{"$nulls":7},"Subtotal",null,{"$f":"J2828+J2834+J2838+J2829+J2830","v":500.81844999999998}]
[null,"E - TEMPO FIXO",null,"Código","Quantidade","Unidade",null,"Custo Unitário","Custo Unitário"]
[null,"M1977","Terminal de ancoragem de defensa metálica em barreira rígida (tipo D)",5914655,9.2999999999999992E-3,"t",null,33.92,null,{"$f":"ROUNDDOWN(E2841*H2841,4)","v":0.31540000000000001}]
[null,"-",0,"-",null,0,null,0,null,{"$f":"ROUNDDOWN(E2842*H2842,4)","v":0}]
[null,null,null,"Custo unitário total de tempo fixo",{"$nulls":5},{"$f":"SUM(J2841:J2842)","v":0.31540000000000001}]
[null,"F - MOMENTO DE TRANSPORTE",null,"Quantidade","Unidade","DMT",null,null,null,"Custo Unitário"]
[{"$nulls":5},"LN","RP","P"]
[null,"M1977","Terminal de ancoragem de defensa metálica em barreira rígida (tipo D)",9.2999999999999992E-3,"tkm"]
[null,"-",0,null,"tkm"]
[null,null,null,"Custo unitário total de transporte"]
[{"$nulls":5},"Custo unitário direto total",null,null,null,{"$f":"TRUNC(J2839+J2843,2)","v":501.13}]
[null,"Obs."]
[]
[89,"1ª/GRD",{"$nulls":8},{"$f":"J2888","v":73.77}]
[null,"OBRA:","EXECUÇÃO DAS OBRAS E SERVIÇOS DE CONSTRUÇÃO DE PONTES E GALERIAS, INCLUINDO A CONCLUSÃO DE ESTRUTURAS JÁ INICIADAS, LOCALIZADAS NA ÁREA DA BARRAGEM DE APROVEITAMENTO MÚLTIPLO JEQUITAÍ I, NO MUNICÍPIO DE FRANCISCO DUMONT, NO ESTADO DE MINAS GERAIS - ITEM 2: PONTE N e GALERIA O"]
[null,"Custo Unitário de Referência",null,null,"Minas Gerais"]
[{"$nulls":4}," Abril/2025 ",null,null,"Produção da equipe ",3,{"$f":"VLOOKUP(A2852,ORÇAMENTO!A:L,7,0)","v":"unid."}]
[null,"5213477a","PLACA DELINEADORA EM AÇO - 80MM X 72MM - PELÍCULA RETROREFLETIVA TIPO I + IV - FORNECIMENTO E IMPLANTAÇÃO",{"$nulls":5},"Valores em reais (R$)"]
[null,"A - EQUIPAMENTOS",null,"Quantidade","Utilização",null,"Custo Horário",null,null,"Custo"]
[{"$nulls":4},"Operativa","Improdutiva","Produtivo","Improdutivo",null,"Horário Total"]
[null,"E9687","Caminhão carroceria com capacidade de 5 t - 120 kW",1,0.3,0.7,172.44059999999999,68.639300000000006,null,{"$f":"D2859*(E2859*G2859+F2859*H2859)","v":99.779689999999988}]
[null,"-",0,null,null,null,0,0,null,{"$f":"D2860*(E2860*G2860+F2860*H2860)","v":0}]
[{"$nulls":7},"Custo horário total de equipamentos",null,{"$f":"SUM(J2859:J2860)","v":99.779689999999988}]
[null,"B - MÃO DE OBRA",null,"Quantidade","Unidade",null,"Custo Horário","Custo Horário Total"]
[null,"P9830","Montador",1,"h",null,38.192900000000002,null,null,{"$f":"D2863*G2863","v":38.192900000000002}]
[null,"P9824","Servente",2,"h",null,21.684899999999999,null,null,{"$f":"D2864*G2864","v":43.369799999999998}]
[null,null,null,"Custo horário total de mão de obra",{"$nulls":5},{"$f":"SUM(J2863:J2864)","v":81.562700000000007}]
[null,null,null,"Custo horário total de execução",{"$nulls":5},{"$f":"J2861+J2865","v":181.34238999999999}]
[null,null,null,"Custo unitário de execução",{"$nulls":5},{"$f":"J2866/I2855","v":60.447463333333332}]
[{"$nulls":7},"Custo do FIC",null,0]
[{"$nulls":7},"Custo do FIT",null,0]
[null,"C - MATERIAL",null,"Quantidade","Unidade",null,"Preço Unitário","Custo Unitário"]
[null,"-",0,null," - ",null,0,null,null,{"$f":"D2871*G2871","v":0}]
[null,"-",0,null," - ",null,0,null,null,{"$f":"D2872*G2872","v":0}]
[null,null,null,"Custo unitário total de material",{"$nulls":5},{"$f":"SUM(J2871:J2872)","v":0}]
[null,"D - ATIVIDADES AUXILIARES",null,"Quantidade","Unidade",null,"Custo Unitário","Custo Unitário"]
[null,5213421,"Placa em aço nº 16 galvanizado com película retrorrefletiva tipo I + IV - confecção",3.4041599999999998E-2,"m²",null,391.5,null,null,{"$f":"D2875*G2875","v":13.3272864}]
[null,"-",0,null,0,null,0,null,null,{"$f":"D2876*G2876","v":0}]
[null,null,null,"Custo total de atividades auxiliares",{"$nulls":5},{"$f":"SUM(J2875:J2876)","v":13.3272864}]
[{"$nulls":7},"Subtotal",null,{"$f":"J2867+J2873+J2877+J2868+J2869","v":73.774749733333337}]
[null,"E - TEMPO FIXO",null,"Código","Quantidade","Unidade",null,"Custo Unitário","Custo Unitário"]
[null,"-",0,"-",null,0,null,0,null,{"$f":"ROUNDDOWN(E2880*H2880,4)","v":0}]
[null,"-",0,"-",null,0,null,0,null,{"$f":"ROUNDDOWN(E2881*H2881,4)","v":0}]
[null,null,null,"Custo unitário total de tempo fixo",{"$nulls":5},{"$f":"SUM(J2880:J2881)","v":0}]
[null,"F - MOMENTO DE TRANSPORTE",null,"Quantidade","Unidade","DMT",null,null,null,"Custo Unitário"]
[{"$nulls":5},"LN","RP","P"]
[null,"-",0,null,"tkm"]
[null,"-",0,null,"tkm"]
[null,null,null,"Custo unitário total de transporte"]
[{"$nulls":5},"Custo unitário direto total",null,null,null,{"$f":"TRUNC(J2878+J2882,2)","v":73.77}]
[null,"Obs."]
[]
[90,"1ª/GRD",{"$nulls":8},{"$f":"J2927","v":583.76}]
[null,"OBRA:","EXECUÇÃO DAS OBRAS E SERVIÇOS DE CONSTRUÇÃO DE PONTES E GALERIAS, INCLUINDO A CONCLUSÃO DE ESTRUTURAS JÁ INICIADAS, LOCALIZADAS NA ÁREA DA BARRAGEM DE APROVEITAMENTO MÚLTIPLO JEQUITAÍ I, NO MUNICÍPIO DE FRANCISCO DUMONT, NO ESTADO DE MINAS GERAIS - ITEM 2: PONTE N e GALERIA O"]
[null,"Custo Unitário de Referência",null,null,"Minas Gerais"]
[{"$nulls":4}," Abril/2025 ",null,null,"Produção da equipe ",3,{"$f":"VLOOKUP(A2891,ORÇAMENTO!A:L,7,0)","v":"m²"}]
[null,"5213572","PLACA EM AÇO Nº 16 GALVANIZADO COM PELÍCULA RETRORREFLETIVA TIPO III + III - FORNECIMENTO E INSTALAÇÃO",{"$nulls":5},"Valores em reais (R$)"]
[null,"A - EQUIPAMENTOS",null,"Quantidade","Utilização",null,"Custo Horário",null,null,"Custo"]
[{"$nulls":4},"Operativa","Improdutiva","Produtivo","Improdutivo",null,"Horário Total"]
[null,"E9687","Caminhão carroceria com capacidade de 5 t - 120 kW",1,0.3,0.7,172.44059999999999,68.639300000000006,null,{"$f":"D2898*(E2898*G2898+F2898*H2898)","v":99.779689999999988}]
[null,"-",0,null,null,null,0,0,null,{"$f":"D2899*(E2899*G2899+F2899*H2899)","v":0}]
[{"$nulls":7},"Custo horário total de equipamentos",null,{"$f":"SUM(J2898:J2899)","v":99.779689999999988}]
[null,"B - MÃO DE OBRA",null,"Quantidade","Unidade",null,"Custo Horário","Custo Horário Total"]
[null,"P9830","Montador",1,"h",null,38.192900000000002,null,null,{"$f":"D2902*G2902","v":38.192900000000002}]
[null,"P9824","Servente",2,"h",null,21.684899999999999,null,null,{"$f":"D2903*G2903","v":43.369799999999998}]
[null,null,null,"Custo horário total de mão de obra",{"$nulls":5},{"$f":"SUM(J2902:J2903)","v":81.562700000000007}]
[null,null,null,"Custo horário total de execução",{"$nulls":5},{"$f":"J2900+J2904","v":181.34238999999999}]
[null,null,null,"Custo unitário de execução",{"$nulls":5},{"$f":"J2905/I2894","v":60.447463333333332}]
[{"$nulls":7},"Custo do FIC",null,0]
[{"$nulls":7},"Custo do FIT",null,0]
[null,"C - MATERIAL",null,"Quantidade","Unidade",null,"Preço Unitário","Custo Unitário"]
[null,"-",0,null," - ",null,0,null,null,{"$f":"D2910*G2910","v":0}]
[null,"-",0,null," - ",null,0,null,null,{"$f":"D2911*G2911","v":0}]
[null,null,null,"Custo unitário total de material",{"$nulls":5},{"$f":"SUM(J2910:J2911)","v":0}]
[null,"D - ATIVIDADES AUXILIARES",null,"Quantidade","Unidade",null,"Custo Unitário","Custo Unitário"]
[null,5213418,"Placa em aço nº 16 galvanizado com película retrorrefletiva tipo III + III - confecção",1,"m²",null,523.32000000000005,null,null,{"$f":"D2914*G2914","v":523.32000000000005}]
[null,"-",0,null,0,null,0,null,null,{"$f":"D2915*G2915","v":0}]
[null,null,null,"Custo total de atividades auxiliares",{"$nulls":5},{"$f":"SUM(J2914:J2915)","v":523.32000000000005}]
[{"$nulls":7},"Subtotal",null,{"$f":"J2906+J2912+J2916+J2907+J2908","v":583.76746333333335}]
[null,"E - TEMPO FIXO",null,"Código","Quantidade","Unidade",null,"Custo Unitário","Custo Unitário"]
[null,"-",0,"-",null,0,null,0,null,{"$f":"ROUNDDOWN(E2919*H2919,4)","v":0}]
[null,"-",0,"-",null,0,null,0,null,{"$f":"ROUNDDOWN(E2920*H2920,4)","v":0}]
[null,null,null,"Custo unitário total de tempo fixo",{"$nulls":5},{"$f":"SUM(J2919:J2920)","v":0}]
[null,"F - MOMENTO DE TRANSPORTE",null,"Quantidade","Unidade","DMT",null,null,null,"Custo Unitário"]
[{"$nulls":5},"LN","RP","P"]
[null,"-",0,null,"tkm"]
[null,"-",0,null,"tkm"]
[null,null,null,"Custo unitário total de transporte"]
[{"$nulls":5},"Custo unitário direto total",null,null,null,{"$f":"TRUNC(J2917+J2921,2)","v":583.76}]
[null,"Obs."]
[]
[91,"1ª/GRD",{"$nulls":8},{"$f":"J2971","v":134.74}]
[null,"OBRA:","EXECUÇÃO DAS OBRAS E SERVIÇOS DE CONSTRUÇÃO DE PONTES E GALERIAS, INCLUINDO A CONCLUSÃO DE ESTRUTURAS JÁ INICIADAS, LOCALIZADAS NA ÁREA DA BARRAGEM DE APROVEITAMENTO MÚLTIPLO JEQUITAÍ I, NO MUNICÍPIO DE FRANCISCO DUMONT, NO ESTADO DE MINAS GERAIS - ITEM 2: PONTE N e GALERIA O"]
[null,"Custo Unitário de Referência",null,null,"Minas Gerais"]
[{"$nulls":4}," Abril/2025 ",null,null,"Produção da equipe ",4,{"$f":"VLOOKUP(A2930,ORÇAMENTO!A:L,7,0)","v":"unid."}]
[null,"5216111","SUPORTE PARA PLACA DE SINALIZAÇÃO EM MADEIRA DE LEI TRATADA 8 X 8CM - FORNECIMENTO E INSTALAÇÃO",{"$nulls":5},"Valores em reais (R$)"]
[null,"A - EQUIPAMENTOS",null,"Quantidade","Utilização",null,"Custo Horário",null,null,"Custo"]
[{"$nulls":4},"Operativa","Improdutiva","Produtivo","Improdutivo",null,"Horário Total"]
[null,"E9687","Caminhão carroceria com capacidade de 5 t - 120 kW",1,0.3,0.7,172.44059999999999,68.639300000000006,null,{"$f":"D2937*(E2937*G2937+F2937*H2937)","v":99.779689999999988}]
[null,"-",0,null,null,null,0,0,null,{"$f":"D2938*(E2938*G2938+F2938*H2938)","v":0}]
[{"$nulls":7},"Custo horário total de equipamentos",null,{"$f":"SUM(J2937:J2938)","v":99.779689999999988}]
[null,"B - MÃO DE OBRA",null,"Quantidade","Unidade",null,"Custo Horário","Custo Horário Total"]
[null,"P9808","Carpinteiro",1,"h",null,27.647099999999998,null,null,{"$f":"D2941*G2941","v":27.647099999999998}]
[null,"P9822","Pintor",0.5,"h",null,35.187199999999997,null,null,{"$f":"D2942*G2942","v":17.593599999999999}]
[null,"P9824","Servente",1,"h",null,21.684899999999999,null,null,{"$f":"D2943*G2943","v":21.684899999999999}]
[null,null,null,"Custo horário total de mão de obra",{"$nulls":5},{"$f":"SUM(J2941:J2943)","v":66.925600000000003}]
[null,null,null,"Custo horário total de execução",{"$nulls":5},{"$f":"J2939+J2944","v":166.70528999999999}]
[null,null,null,"Custo unitário de execução",{"$nulls":5},{"$f":"J2945/I2933","v":41.676322499999998}]
[{"$nulls":7},"Custo do FIC",null,0]
[{"$nulls":7},"Custo do FIT",null,0]
[null,"C - MATERIAL",null,"Quantidade","Unidade",null,"Preço Unitário","Custo Unitário"]
[null,"M0789","Conjunto para fixação de placas em aço galvanizado composto por barra chata, abraçadeira, parafusos, porcas e arruelas",0.69699999999999995,"kg",null,35.537799999999997,null,null,{"$f":"D2950*G2950","v":24.769846599999997}]
[null,"M1662","Suporte em madeira de eucalipto tratado - seção de 8 x 8 cm",3,"m",null,17.920000000000002,null,null,{"$f":"D2951*G2951","v":53.760000000000005}]
[null,"M2128","Tinta esmalte sintético acetinado",0.25622,"l",null,34.098700000000001,null,null,{"$f":"D2952*G2952","v":8.7367689140000007}]
[null,null,null,"Custo unitário total de material",{"$nulls":5},{"$f":"SUM(J2950:J2952)","v":87.266615513999994}]
[null,"D - ATIVIDADES AUXILIARES",null,"Quantidade","Unidade",null,"Custo Unitário","Custo Unitário"]
[null,1106165,"Concreto ciclópico fck = 20 MPa - confecção em betoneira e lançamento manual - areia, brita e pedra de mão comerciais",3.7499999999999999E-3,"m³",null,431.03,null,null,{"$f":"D2955*G2955","v":1.6163624999999999}]
[null,4805750,"Escavação manual em material de 1ª categoria na profundidade de até 1 m",5.6550000000000003E-2,"m³",null,44.69,null,null,{"$f":"D2956*G2956","v":2.5272195000000002}]
[null,4815671,"Reaterro e compactação com soquete vibratório",5.28E-2,"m³",null,18.47,null,null,{"$f":"D2957*G2957","v":0.97521599999999997}]
[null,null,null,"Custo total de atividades auxiliares",{"$nulls":5},{"$f":"SUM(J2955:J2957)","v":5.118798}]
[{"$nulls":7},"Subtotal",null,{"$f":"J2946+J2953+J2958+J2947+J2948","v":134.06173601399999}]
[null,"E - TEMPO FIXO",null,"Código","Quantidade","Unidade",null,"Custo Unitário","Custo Unitário"]
[null,"M0789","Conjunto para fixação de placas em aço galvanizado composto por barra chata, abraçadeira, parafusos, porcas e arruelas",5914655,6.9999999999999999E-4,"kg",null,33.92,null,{"$f":"ROUNDDOWN(E2961*H2961,4)","v":2.3699999999999999E-2}]
[null,"M1662","Suporte em madeira de eucalipto tratado - seção de 8 x 8 cm",5914655,1.9199999999999998E-2,"m",null,33.92,null,{"$f":"ROUNDDOWN(E2962*H2962,4)","v":0.6512}]
[null,"M2128","Tinta esmalte sintético acetinado",5914655,3.5E-4,"l",null,33.92,null,1.18E-2]
[null,null,null,"Custo unitário total de tempo fixo",{"$nulls":5},{"$f":"SUM(J2961:J2963)","v":0.68670000000000009}]
[null,"F - MOMENTO DE TRANSPORTE",null,"Quantidade","Unidade","DMT",null,null,null,"Custo Unitário"]
[{"$nulls":5},"LN","RP","P"]
[null,"M0789","Conjunto para fixação de placas em aço galvanizado composto por barra chata, abraçadeira, parafusos, porcas e arruelas",6.9999999999999999E-4,"tkm"]
[null,"M1662","Suporte em madeira de eucalipto tratado - seção de 8 x 8 cm",1.9199999999999998E-2,"tkm"]
[null,"M2128","Tinta esmalte sintético acetinado",3.5E-4,"tkm"]
[null,null,null,"Custo unitário total de transporte"]
[{"$nulls":5},"Custo unitário direto total",null,null,null,{"$f":"TRUNC(J2959+J2964,2)","v":134.74}]
[null,"Obs."]
[]
[92,"1ª/GRD",{"$nulls":8},{"$f":"J3011","v":47.07}]
[null,"OBRA:","EXECUÇÃO DAS OBRAS E SERVIÇOS DE CONSTRUÇÃO DE PONTES E GALERIAS, INCLUINDO A CONCLUSÃO DE ESTRUTURAS JÁ INICIADAS, LOCALIZADAS NA ÁREA DA BARRAGEM DE APROVEITAMENTO MÚLTIPLO JEQUITAÍ I, NO MUNICÍPIO DE FRANCISCO DUMONT, NO ESTADO DE MINAS GERAIS - ITEM 2: PONTE N e GALERIA O"]
[null,"Custo Unitário de Referência",null,null,"Minas Gerais"]
[{"$nulls":4}," Abril/2025 ",null,null,"Produção da equipe ",95.4,{"$f":"VLOOKUP(A2974,ORÇAMENTO!A:L,7,0)","v":"m²"}]
[null,"5213408","PINTURA DE FAIXA COM TERMOPLÁSTICO POR ASPERSÃO - ESPESSURA 1,5MM",{"$nulls":5},"Valores em reais (R$)"]
[null,"A - EQUIPAMENTOS",null,"Quantidade","Utilização",null,"Custo Horário",null,null,"Custo"]
[{"$nulls":4},"Operativa","Improdutiva","Produtivo","Improdutivo",null,"Horário Total"]
[null,"E9645","Caminhão demarcador de faixas com sistema de pintura a quente - 5 kW/30,10 kW/136 kW",1,1,0,688.70680000000004,305.58449999999999,null,{"$f":"D2981*(E2981*G2981+F2981*H2981)","v":688.70680000000004}]
[null,"-",0,null,null,null,0,0,null,{"$f":"D2982*(E2982*G2982+F2982*H2982)","v":0}]
[{"$nulls":7},"Custo horário total de equipamentos",null,{"$f":"SUM(J2981:J2982)","v":688.70680000000004}]
[null,"B - MÃO DE OBRA",null,"Quantidade","Unidade",null,"Custo Horário","Custo Horário Total"]
[null,"P9853","Pré-marcador",1,"h",null,23.580200000000001,null,null,{"$f":"D2985*G2985","v":23.580200000000001}]
[null,"P9824","Servente",5,"h",null,21.684899999999999,null,null,{"$f":"D2986*G2986","v":108.42449999999999}]
[null,null,null,"Custo horário total de mão de obra",{"$nulls":5},{"$f":"SUM(J2985:J2986)","v":132.00469999999999}]
[null,null,null,"Custo horário total de execução",{"$nulls":5},{"$f":"J2983+J2987","v":820.7115}]
[null,null,null,"Custo unitário de execução",{"$nulls":5},{"$f":"J2988/I2977","v":8.6028459119496858}]
[{"$nulls":7},"Custo do FIC",null,0]
[{"$nulls":7},"Custo do FIT",null,0]
[null,"C - MATERIAL",null,"Quantidade","Unidade",null,"Preço Unitário","Custo Unitário"]
[null,"M2040","Massa termoplástica para aspersão",3.0750000000000002,"kg",null,11.3744,null,null,{"$f":"D2993*G2993","v":34.976280000000003}]
[null,"M2038","Microesferas refletivas de vidro tipo II-A",0.4,"kg",null,8.3902999999999999,null,null,{"$f":"D2994*G2994","v":3.3561200000000002}]
[null,"M2044","Tinta à base de resina acrílica emulsionada em água para pré-marcação viária",9.7000000000000005E-4,"l",null,20.158799999999999,null,null,1.9554036E-2]
[null,null,null,"Custo unitário total de material",{"$nulls":5},{"$f":"SUM(J2993:J2995)","v":38.351954036000002}]
[null,"D - ATIVIDADES AUXILIARES",null,"Quantidade","Unidade",null,"Custo Unitário","Custo Unitário"]
[null,"-",0,null,0,null,0,null,null,{"$f":"D2998*G2998","v":0}]
[null,"-",0,null,0,null,0,null,null,{"$f":"D2999*G2999","v":0}]
[null,null,null,"Custo total de atividades auxiliares",{"$nulls":5},{"$f":"SUM(J2998:J2999)","v":0}]
[{"$nulls":7},"Subtotal",null,{"$f":"J2989+J2996+J3000+J2990+J2991","v":46.954799947949688}]
[null,"E - TEMPO FIXO",null,"Código","Quantidade","Unidade",null,"Custo Unitário","Custo Unitário"]
[null,"M2040","Massa termoplástica para aspersão",5914655,3.0799999999999998E-3,"t",null,33.92,null,{"$f":"ROUNDDOWN(E3003*H3003,4)","v":0.10440000000000001}]
[null,"M2038","Microesferas refletivas de vidro tipo II-A",5914655,4.0000000000000002E-4,"t",null,33.92,null,{"$f":"ROUNDDOWN(E3004*H3004,4)","v":1.35E-2}]
[null,null,null,"Custo unitário total de tempo fixo",{"$nulls":5},{"$f":"SUM(J3003:J3004)","v":0.1179}]
[null,"F - MOMENTO DE TRANSPORTE",null,"Quantidade","Unidade","DMT",null,null,null,"Custo Unitário"]
[{"$nulls":5},"LN","RP","P"]
[null,"M2040","Massa termoplástica para aspersão",3.0799999999999998E-3,"tkm"]
[null,"M2038","Microesferas refletivas de vidro tipo II-A",4.0000000000000002E-4,"tkm"]
[null,null,null,"Custo unitário total de transporte"]
[{"$nulls":5},"Custo unitário direto total",null,null,null,{"$f":"TRUNC(J3001+J3005,2)","v":47.07}]
[null,"Obs."]
[]
[95,"1ª/GRD",{"$nulls":8},{"$f":"J3053","v":27.93}]
[null,"OBRA:","EXECUÇÃO DAS OBRAS E SERVIÇOS DE CONSTRUÇÃO DE PONTES E GALERIAS, INCLUINDO A CONCLUSÃO DE ESTRUTURAS JÁ INICIADAS, LOCALIZADAS NA ÁREA DA BARRAGEM DE APROVEITAMENTO MÚLTIPLO JEQUITAÍ I, NO MUNICÍPIO DE FRANCISCO DUMONT, NO ESTADO DE MINAS GERAIS - ITEM 2: PONTE N e GALERIA O"]
[null,"Custo Unitário de Referência",null,null,"Minas Gerais"]
[{"$nulls":4}," Abril/2025 ",null,null,"Produção da equipe ",10,{"$f":"VLOOKUP(A3014,ORÇAMENTO!A:L,7,0)","v":"m"}]
[null,"5213840","DISPOSITIVO DE DIRECIONAMENTO OU BLOQUEIO COM TELA PLÁSTICA E SUPORTE FIXO - CONFECÇÃO",{"$nulls":5},"Valores em reais (R$)"]
[null,"A - EQUIPAMENTOS",null,"Quantidade","Utilização",null,"Custo Horário",null,null,"Custo"]
[{"$nulls":4},"Operativa","Improdutiva","Produtivo","Improdutivo",null,"Horário Total"]
[null,"E9066","Grupo gerador - 14 kVA",0.22311,1,0,21.014500000000002,6.157,null,{"$f":"D3021*(E3021*G3021+F3021*H3021)","v":4.6885450950000003}]
[null,"E9535","Serra circular com bancada - D = 30 cm - 4 kW",0.22311,1,0,27.200299999999999,26.836200000000002,null,{"$f":"D3022*(E3022*G3022+F3022*H3022)","v":6.068658933}]
[{"$nulls":7},"Custo horário total de equipamentos",null,{"$f":"SUM(J3021:J3022)","v":10.757204028}]
[null,"B - MÃO DE OBRA",null,"Quantidade","Unidade",null,"Custo Horário","Custo Horário Total"]
[null,"P9801","Ajudante",1,"h",null,23.715,null,null,{"$f":"D3025*G3025","v":23.715}]
[null,"P9808","Carpinteiro",1,"h",null,27.647099999999998,null,null,{"$f":"D3026*G3026","v":27.647099999999998}]
[null,null,null,"Custo horário total de mão de obra",{"$nulls":5},{"$f":"SUM(J3025:J3026)","v":51.362099999999998}]
[null,null,null,"Custo horário total de execução",{"$nulls":5},{"$f":"J3023+J3027","v":62.119304028000002}]
[null,null,null,"Custo unitário de execução",{"$nulls":5},{"$f":"J3028/I3017","v":6.2119304028000002}]
[{"$nulls":7},"Custo do FIC",null,0]
[{"$nulls":7},"Custo do FIT",null,0]
[null,"C - MATERIAL",null,"Quantidade","Unidade",null,"Preço Unitário","Custo Unitário"]
[null,"M0284","Caibro de pinho - L = 7,5 cm e E = 7,5 cm",2.3222200000000002,"m",null,8.3402999999999992,null,null,{"$f":"D3033*G3033","v":19.368011465999999}]
[null,"M1205","Prego de ferro",2.222E-2,"kg",null,15.2544,null,null,{"$f":"D3034*G3034","v":0.33895276800000002}]
[null,"M0053","Tela plástica em polipropileno na cor laranja para tapume - L = 1,2 m",0.875,"m",null,1.79,null,null,{"$f":"D3035*G3035","v":1.5662500000000001}]
[null,null,null,"Custo unitário total de material",{"$nulls":5},{"$f":"SUM(J3033:J3035)","v":21.273214233999997}]
[null,"D - ATIVIDADES AUXILIARES",null,"Quantidade","Unidade",null,"Custo Unitário","Custo Unitário"]
[null,"-",0,null,0,null,0,null,null,{"$f":"D3038*G3038","v":0}]
[null,"-",0,null,0,null,0,null,null,{"$f":"D3039*G3039","v":0}]
[null,null,null,"Custo total de atividades auxiliares",{"$nulls":5},{"$f":"SUM(J3038:J3039)","v":0}]
[{"$nulls":7},"Subtotal",null,{"$f":"J3029+J3036+J3040+J3030+J3031","v":27.485144636799998}]
[null,"E - TEMPO FIXO",null,"Código","Quantidade","Unidade",null,"Custo Unitário","Custo Unitário"]
[null,"M0284","Caibro de pinho - L = 7,5 cm e E = 7,5 cm",5914655,1.306E-2,"t",null,33.92,null,{"$f":"ROUNDDOWN(E3043*H3043,4)","v":0.44290000000000002}]
[null,"M1205","Prego de ferro",5914655,2.0000000000000002E-5,"t",null,33.92,null,{"$f":"ROUNDDOWN(E3044*H3044,4)","v":5.9999999999999995E-4}]
[null,"M0053","Tela plástica em polipropileno na cor laranja para tapume - L = 1,2 m",5914655,1.2999999999999999E-4,"t",null,33.92,null,4.4000000000000003E-3]
[null,null,null,"Custo unitário total de tempo fixo",{"$nulls":5},{"$f":"SUM(J3043:J3045)","v":0.44790000000000002}]
[null,"F - MOMENTO DE TRANSPORTE",null,"Quantidade","Unidade","DMT",null,null,null,"Custo Unitário"]
[{"$nulls":5},"LN","RP","P"]
[null,"M0284","Caibro de pinho - L = 7,5 cm e E = 7,5 cm",1.306E-2,"tkm"]
[null,"M1205","Prego de ferro",2.0000000000000002E-5,"tkm"]
[null,"M0053","Tela plástica em polipropileno na cor laranja para tapume - L = 1,2 m",1.2999999999999999E-4,"tkm"]
[null,null,null,"Custo unitário total de transporte"]
[{"$nulls":5},"Custo unitário direto total",null,null,null,{"$f":"TRUNC(J3041+J3046,2)","v":27.93}]
[null,"Obs."]
[]
[102,"1ª/GRD",{"$nulls":8},{"$f":"J3094","v":304.81}]
[null,"OBRA:","EXECUÇÃO DAS OBRAS E SERVIÇOS DE CONSTRUÇÃO DE PONTES E GALERIAS, INCLUINDO A CONCLUSÃO DE ESTRUTURAS JÁ INICIADAS, LOCALIZADAS NA ÁREA DA BARRAGEM DE APROVEITAMENTO MÚLTIPLO JEQUITAÍ I, NO MUNICÍPIO DE FRANCISCO DUMONT, NO ESTADO DE MINAS GERAIS - ITEM 2: PONTE N e GALERIA O"]
[null,"Custo Unitário de Referência",null,null,"Minas Gerais"]
[{"$nulls":4}," Abril/2025 ",null,null,"Produção da equipe ",1,{"$f":"VLOOKUP(A3056,ORÇAMENTO!A:L,7,0)","v":"m³"}]
[null,"C2767","ENSECADEIRA COM SACOS DE AREIA",{"$nulls":5},"Valores em reais (R$)"]
[null,"A - EQUIPAMENTOS",null,"Quantidade","Utilização",null,"Custo Horário",null,null,"Custo"]
[{"$nulls":4},"Operativa","Improdutiva","Produtivo","Improdutivo",null,"Horário Total"]
[null,"-",0,null,null,null,0,0,null,{"$f":"D3063*(E3063*G3063+F3063*H3063)","v":0}]
[null,"-",0,null,null,null,0,0,null,{"$f":"D3064*(E3064*G3064+F3064*H3064)","v":0}]
[{"$nulls":7},"Custo horário total de equipamentos",null,{"$f":"SUM(J3063:J3064)","v":0}]
[null,"B - MÃO DE OBRA",null,"Quantidade","Unidade",null,"Custo Horário","Custo Horário Total"]
[null,"P9824","Servente",4,"h",null,21.684899999999999,null,null,{"$f":"D3067*G3067","v":86.739599999999996}]
[null,"-",0,null,0,null,0,null,null,{"$f":"D3068*G3068","v":0}]
[null,null,null,"Custo horário total de mão de obra",{"$nulls":5},{"$f":"SUM(J3067:J3068)","v":86.739599999999996}]
[null,null,null,"Custo horário total de execução",{"$nulls":5},{"$f":"J3065+J3069","v":86.739599999999996}]
[null,null,null,"Custo unitário de execução",{"$nulls":5},{"$f":"J3070/I3059","v":86.739599999999996}]
[{"$nulls":7},"Custo do FIC",null,0]
[{"$nulls":7},"Custo do FIT",null,0]
[null,"C - MATERIAL",null,"Quantidade","Unidade",null,"Preço Unitário","Custo Unitário"]
[null,"M0028","Areia média",1,"m³",null,154.1473,null,null,{"$f":"D3075*G3075","v":154.1473}]
[null,"M0017","Saco de aniagem ou de ráfia de 50 kg - C = 95 cm e L = 65 cm",28,"un",null,2.1974999999999998,null,null,{"$f":"D3076*G3076","v":61.529999999999994}]
[null,"I2543","Fio para costurar saco",24,"m",null,0.09,null,null,{"$f":"D3077*G3077","v":2.16}]
[null,"I0036","Agulha 125 para saco",0.2,"unid.",null,1.2,null,null,0.24]
[null,null,null,"Custo unitário total de material",{"$nulls":5},{"$f":"SUM(J3075:J3078)","v":218.07730000000001}]
[null,"D - ATIVIDADES AUXILIARES",null,"Quantidade","Unidade",null,"Custo Unitário","Custo Unitário"]
[null,"-",0,null,0,null,0,null,null,{"$f":"D3081*G3081","v":0}]
[null,"-",0,null,0,null,0,null,null,{"$f":"D3082*G3082","v":0}]
[null,null,null,"Custo total de atividades auxiliares",{"$nulls":5},{"$f":"SUM(J3081:J3082)","v":0}]
[{"$nulls":7},"Subtotal",null,{"$f":"J3071+J3079+J3083+J3072+J3073","v":304.81690000000003}]
[null,"E - TEMPO FIXO",null,"Código","Quantidade","Unidade",null,"Custo Unitário","Custo Unitário"]
[null,"-",0,"-",null,0,null,0,null,{"$f":"ROUNDDOWN(E3086*H3086,4)","v":0}]
[null,"-",0,"-",null,0,null,0,null,{"$f":"ROUNDDOWN(E3087*H3087,4)","v":0}]
[null,null,null,"Custo unitário total de tempo fixo",{"$nulls":5},{"$f":"SUM(J3086:J3087)","v":0}]
[null,"F - MOMENTO DE TRANSPORTE",null,"Quantidade","Unidade","DMT",null,null,null,"Custo Unitário"]
[{"$nulls":5},"LN","RP","P"]
[null,"-",0,null,"tkm"]
[null,"-",0,null,"tkm"]
[null,null,null,"Custo unitário total de transporte"]
[{"$nulls":5},"Custo unitário direto total",null,null,null,{"$f":"TRUNC(J3084+J3088,2)","v":304.81}]
[null,"Obs."]
[]
[103,"1ª/GRD",{"$nulls":8},{"$f":"J3133","v":155.43}]
[null,"OBRA:","EXECUÇÃO DAS OBRAS E SERVIÇOS DE CONSTRUÇÃO DE PONTES E GALERIAS, INCLUINDO A CONCLUSÃO DE ESTRUTURAS JÁ INICIADAS, LOCALIZADAS NA ÁREA DA BARRAGEM DE APROVEITAMENTO MÚLTIPLO JEQUITAÍ I, NO MUNICÍPIO DE FRANCISCO DUMONT, NO ESTADO DE MINAS GERAIS - ITEM 2: PONTE N e GALERIA O"]
[null,"Custo Unitário de Referência",null,null,"Minas Gerais"]
[{"$nulls":4}," Abril/2025 ",null,null,"Produção da equipe ",3.125,{"$f":"VLOOKUP(A3097,ORÇAMENTO!A:L,7,0)","v":"m³"}]
[null,"2003767a","TRANSIÇÃO COMPACTADA COM AREIA COMERCIAL, ESPALHAMENTO MANUAL",{"$nulls":5},"Valores em reais (R$)"]
[null,"A - EQUIPAMENTOS",null,"Quantidade","Utilização",null,"Custo Horário",null,null,"Custo"]
[{"$nulls":4},"Operativa","Improdutiva","Produtivo","Improdutivo",null,"Horário Total"]
[null,"-",0,null,null,null,0,0,null,{"$f":"D3104*(E3104*G3104+F3104*H3104)","v":0}]
[null,"-",0,null,null,null,0,0,null,{"$f":"D3105*(E3105*G3105+F3105*H3105)","v":0}]
[{"$nulls":7},"Custo horário total de equipamentos",null,{"$f":"SUM(J3104:J3105)","v":0}]
[null,"B - MÃO DE OBRA",null,"Quantidade","Unidade",null,"Custo Horário","Custo Horário Total"]
[null,"P9824","Servente",1,"h",null,21.684899999999999,null,null,{"$f":"D3108*G3108","v":21.684899999999999}]
[null,"-",0,null,0,null,0,null,null,{"$f":"D3109*G3109","v":0}]
[null,null,null,"Custo horário total de mão de obra",{"$nulls":5},{"$f":"SUM(J3108:J3109)","v":21.684899999999999}]
[null,null,null,"Custo horário total de execução",{"$nulls":5},{"$f":"J3106+J3110","v":21.684899999999999}]
[null,null,null,"Custo unitário de execução",{"$nulls":5},{"$f":"J3111/I3100","v":6.9391679999999996}]
[{"$nulls":7},"Custo do FIC",null,2.3400000000000001E-2]
[{"$nulls":7},"Custo do FIT",null,0]
[null,"C - MATERIAL",null,"Quantidade","Unidade",null,"Preço Unitário","Custo Unitário"]
[null,"M0081","Areia grossa",1,"m³",null,145.6926,null,null,{"$f":"D3116*G3116","v":145.6926}]
[null,"-",0,null," - ",null,0,null,null,{"$f":"D3117*G3117","v":0}]
[null,null,null,"Custo unitário total de material",{"$nulls":5},{"$f":"SUM(J3116:J3117)","v":145.6926}]
[null,"D - ATIVIDADES AUXILIARES",null,"Quantidade","Unidade",null,"Custo Unitário","Custo Unitário"]
[null,"-",0,null,0,null,0,null,null,{"$f":"D3120*G3120","v":0}]
[null,"-",0,null,0,null,0,null,null,{"$f":"D3121*G3121","v":0}]
[null,null,null,"Custo total de atividades auxiliares",{"$nulls":5},{"$f":"SUM(J3120:J3121)","v":0}]
[{"$nulls":7},"Subtotal",null,{"$f":"J3112+J3118+J3122+J3113+J3114","v":152.655168}]
[null,"E - TEMPO FIXO",null,"Código","Quantidade","Unidade",null,"Custo Unitário","Custo Unitário"]
[null,"M0081","Areia grossa",5914647,1.5,"t",null,1.85,null,{"$f":"ROUNDDOWN(E3125*H3125,4)","v":2.7749999999999999}]
[null,"-",0,"-",null,0,null,0,null,{"$f":"ROUNDDOWN(E3126*H3126,4)","v":0}]
[null,null,null,"Custo unitário total de tempo fixo",{"$nulls":5},{"$f":"SUM(J3125:J3126)","v":2.7749999999999999}]
[null,"F - MOMENTO DE TRANSPORTE",null,"Quantidade","Unidade","DMT",null,null,null,"Custo Unitário"]
[{"$nulls":5},"LN","RP","P"]
[null,"M0081","Areia grossa",null,"tkm"]
[null,"-",0,null,"tkm"]
[null,null,null,"Custo unitário total de transporte"]
[{"$nulls":5},"Custo unitário direto total",null,null,null,{"$f":"TRUNC(J3123+J3127,2)","v":155.43}]
[null,"Obs."]
[]
[104,"1ª/GRD",{"$nulls":8},{"$f":"J3172","v":192.58}]
[null,"OBRA:","EXECUÇÃO DAS OBRAS E SERVIÇOS DE CONSTRUÇÃO DE PONTES E GALERIAS, INCLUINDO A CONCLUSÃO DE ESTRUTURAS JÁ INICIADAS, LOCALIZADAS NA ÁREA DA BARRAGEM DE APROVEITAMENTO MÚLTIPLO JEQUITAÍ I, NO MUNICÍPIO DE FRANCISCO DUMONT, NO ESTADO DE MINAS GERAIS - ITEM 2: PONTE N e GALERIA O"]
[null,"Custo Unitário de Referência",null,null,"Minas Gerais"]
[{"$nulls":4}," Abril/2025 ",null,null,"Produção da equipe ",3.57938,{"$f":"VLOOKUP(A3136,ORÇAMENTO!A:L,7,0)","v":"m³"}]
[null,2003850,"LASTRO COM MATERIAL GRANULAR (PEDRA BRITADA) - BRITA COMERCIAL",{"$nulls":5},"Valores em reais (R$)"]
[null,"A - EQUIPAMENTOS",null,"Quantidade","Utilização",null,"Custo Horário",null,null,"Custo"]
[{"$nulls":4},"Operativa","Improdutiva","Produtivo","Improdutivo",null,"Horário Total"]
[null,"E9647","Compactador manual com soquete vibratório - 4,10 kW",1,1,0,12.7166,2.7597,null,{"$f":"D3143*(E3143*G3143+F3143*H3143)","v":12.7166}]
[null,"-",0,null,null,null,0,0,null,{"$f":"D3144*(E3144*G3144+F3144*H3144)","v":0}]
[{"$nulls":7},"Custo horário total de equipamentos",null,{"$f":"SUM(J3143:J3144)","v":12.7166}]
[null,"B - MÃO DE OBRA",null,"Quantidade","Unidade",null,"Custo Horário","Custo Horário Total"]
[null,"P9824","Servente",1.5,"h",null,21.684899999999999,null,null,{"$f":"D3147*G3147","v":32.527349999999998}]
[null,"-",0,null,0,null,0,null,null,{"$f":"D3148*G3148","v":0}]
[null,null,null,"Custo horário total de mão de obra",{"$nulls":5},{"$f":"SUM(J3147:J3148)","v":32.527349999999998}]
[null,null,null,"Custo horário total de execução",{"$nulls":5},{"$f":"J3145+J3149","v":45.243949999999998}]
[null,null,null,"Custo unitário de execução",{"$nulls":5},{"$f":"J3150/I3139","v":12.640163939006197}]
[{"$nulls":7},"Custo do FIC",null,7.9500000000000001E-2]
[{"$nulls":7},"Custo do FIT",null,0]
[null,"C - MATERIAL",null,"Quantidade","Unidade",null,"Preço Unitário","Custo Unitário"]
[null,"M0192","Brita 2",1.05,"m³",null,168.52109999999999,null,null,{"$f":"D3155*G3155","v":176.94715500000001}]
[null,"-",0,null," - ",null,0,null,null,{"$f":"D3156*G3156","v":0}]
[null,null,null,"Custo unitário total de material",{"$nulls":5},{"$f":"SUM(J3155:J3156)","v":176.94715500000001}]
[null,"D - ATIVIDADES AUXILIARES",null,"Quantidade","Unidade",null,"Custo Unitário","Custo Unitário"]
[null,"-",0,null,0,null,0,null,null,{"$f":"D3159*G3159","v":0}]
[null,"-",0,null,0,null,0,null,null,{"$f":"D3160*G3160","v":0}]
[null,null,null,"Custo total de atividades auxiliares",{"$nulls":5},{"$f":"SUM(J3159:J3160)","v":0}]
[{"$nulls":7},"Subtotal",null,{"$f":"J3151+J3157+J3161+J3152+J3153","v":189.66681893900619}]
[null,"E - TEMPO FIXO",null,"Código","Quantidade","Unidade",null,"Custo Unitário","Custo Unitário"]
[null,"M0192","Brita 2",5914647,1.575,"t",null,1.85,null,{"$f":"ROUNDDOWN(E3164*H3164,4)","v":2.9137}]
[null,"-",0,"-",null,0,null,0,null,{"$f":"ROUNDDOWN(E3165*H3165,4)","v":0}]
[null,null,null,"Custo unitário total de tempo fixo",{"$nulls":5},{"$f":"SUM(J3164:J3165)","v":2.9137}]
[null,"F - MOMENTO DE TRANSPORTE",null,"Quantidade","Unidade","DMT",null,null,null,"Custo Unitário"]
[{"$nulls":5},"LN","RP","P"]
[null,"M0192","Brita 2",1.575,"tkm"]
[null,"-",0,null,"tkm"]
[null,null,null,"Custo unitário total de transporte"]
[{"$nulls":5},"Custo unitário direto total",null,null,null,{"$f":"TRUNC(J3162+J3166,2)","v":192.58}]
[null,"Obs."]
[]
[105,"1ª/GRD",{"$nulls":8},{"$f":"J3211","v":151.96}]
[null,"OBRA:","EXECUÇÃO DAS OBRAS E SERVIÇOS DE CONSTRUÇÃO DE PONTES E GALERIAS, INCLUINDO A CONCLUSÃO DE ESTRUTURAS JÁ INICIADAS, LOCALIZADAS NA ÁREA DA BARRAGEM DE APROVEITAMENTO MÚLTIPLO JEQUITAÍ I, NO MUNICÍPIO DE FRANCISCO DUMONT, NO ESTADO DE MINAS GERAIS - ITEM 2: PONTE N e GALERIA O"]
[null,"Custo Unitário de Referência",null,null,"Minas Gerais"]
[{"$nulls":4}," Abril/2025 ",null,null,"Produção da equipe ",6.25,{"$f":"VLOOKUP(A3175,ORÇAMENTO!A:L,7,0)","v":"m³"}]
[null,2003767,"LASTRO COM MATERIAL GRANULAR (AREIA) -AREIA COMERCIAL",{"$nulls":5},"Valores em reais (R$)"]
[null,"A - EQUIPAMENTOS",null,"Quantidade","Utilização",null,"Custo Horário",null,null,"Custo"]
[{"$nulls":4},"Operativa","Improdutiva","Produtivo","Improdutivo",null,"Horário Total"]
[null,"-",0,null,null,null,0,0,null,{"$f":"D3182*(E3182*G3182+F3182*H3182)","v":0}]
[null,"-",0,null,null,null,0,0,null,{"$f":"D3183*(E3183*G3183+F3183*H3183)","v":0}]
[{"$nulls":7},"Custo horário total de equipamentos",null,{"$f":"SUM(J3182:J3183)","v":0}]
[null,"B - MÃO DE OBRA",null,"Quantidade","Unidade",null,"Custo Horário","Custo Horário Total"]
[null,"P9824","Servente",1,"h",null,21.684899999999999,null,null,{"$f":"D3186*G3186","v":21.684899999999999}]
[null,"-",0,null,0,null,0,null,null,{"$f":"D3187*G3187","v":0}]
[null,null,null,"Custo horário total de mão de obra",{"$nulls":5},{"$f":"SUM(J3186:J3187)","v":21.684899999999999}]
[null,null,null,"Custo horário total de execução",{"$nulls":5},{"$f":"J3184+J3188","v":21.684899999999999}]
[null,null,null,"Custo unitário de execução",{"$nulls":5},{"$f":"J3189/I3178","v":3.4695839999999998}]
[{"$nulls":7},"Custo do FIC",null,2.3400000000000001E-2]
[{"$nulls":7},"Custo do FIT",null,0]
[null,"C - MATERIAL",null,"Quantidade","Unidade",null,"Preço Unitário","Custo Unitário"]
[null,"M0081","Areia grossa",1,"m³",null,145.6926,null,null,{"$f":"D3194*G3194","v":145.6926}]
[null,"-",0,null," - ",null,0,null,null,{"$f":"D3195*G3195","v":0}]
[null,null,null,"Custo unitário total de material",{"$nulls":5},{"$f":"SUM(J3194:J3195)","v":145.6926}]
[null,"D - ATIVIDADES AUXILIARES",null,"Quantidade","Unidade",null,"Custo Unitário","Custo Unitário"]
[null,"-",0,null,0,null,0,null,null,{"$f":"D3198*G3198","v":0}]
[null,"-",0,null,0,null,0,null,null,{"$f":"D3199*G3199","v":0}]
[null,null,null,"Custo total de atividades auxiliares",{"$nulls":5},{"$f":"SUM(J3198:J3199)","v":0}]
[{"$nulls":7},"Subtotal",null,{"$f":"J3190+J3196+J3200+J3191+J3192","v":149.18558400000001}]
[null,"E - TEMPO FIXO",null,"Código","Quantidade","Unidade",null,"Custo Unitário","Custo Unitário"]
[null,"M0081","Areia grossa",5914647,1.5,"t",null,1.85,null,{"$f":"ROUNDDOWN(E3203*H3203,4)","v":2.7749999999999999}]
[null,"-",0,"-",null,0,null,0,null,{"$f":"ROUNDDOWN(E3204*H3204,4)","v":0}]
[null,null,null,"Custo unitário total de tempo fixo",{"$nulls":5},{"$f":"SUM(J3203:J3204)","v":2.7749999999999999}]
[null,"F - MOMENTO DE TRANSPORTE",null,"Quantidade","Unidade","DMT",null,null,null,"Custo Unitário"]
[{"$nulls":5},"LN","RP","P"]
[null,"M0081","Areia grossa",null,"tkm"]
[null,"-",0,null,"tkm"]
[null,null,null,"Custo unitário total de transporte"]
[{"$nulls":5},"Custo unitário direto total",null,null,null,{"$f":"TRUNC(J3201+J3205,2)","v":151.96}]
[null,"Obs."]
[]
[108,"1ª/GRD",{"$nulls":8},{"$f":"J3261","v":54.81}]
[null,"OBRA:","EXECUÇÃO DAS OBRAS E SERVIÇOS DE CONSTRUÇÃO DE PONTES E GALERIAS, INCLUINDO A CONCLUSÃO DE ESTRUTURAS JÁ INICIADAS, LOCALIZADAS NA ÁREA DA BARRAGEM DE APROVEITAMENTO MÚLTIPLO JEQUITAÍ I, NO MUNICÍPIO DE FRANCISCO DUMONT, NO ESTADO DE MINAS GERAIS - ITEM 2: PONTE N e GALERIA O"]
[null,"Custo Unitário de Referência",null,null,"Minas Gerais"]
[{"$nulls":4}," Abril/2025 ",null,null,"Produção da equipe ",1,{"$f":"VLOOKUP(A3214,ORÇAMENTO!A:L,7,0)","v":"m³"}]
[null,"2105605","ESCORAMENTO PARA CORPO DE BUEIROS CELULARES - CONFECÇÃO, INSTALAÇÃO E RETIRADA",{"$nulls":5},"Valores em reais (R$)"]
[null,"A - EQUIPAMENTOS",null,"Quantidade","Utilização",null,"Custo Horário",null,null,"Custo"]
[{"$nulls":4},"Operativa","Improdutiva","Produtivo","Improdutivo",null,"Horário Total"]
[null,"E9066","Grupo gerador - 14 kVA",6.9970000000000004E-2,1,0,21.014500000000002,6.157,null,{"$f":"D3221*(E3221*G3221+F3221*H3221)","v":1.4703845650000003}]
[null,"E9535","Serra circular com bancada - D = 30 cm - 4 kW",6.9970000000000004E-2,1,0,27.200299999999999,26.836200000000002,null,{"$f":"D3222*(E3222*G3222+F3222*H3222)","v":1.903204991}]
[{"$nulls":7},"Custo horário total de equipamentos",null,{"$f":"SUM(J3221:J3222)","v":3.3735895560000002}]
[null,"B - MÃO DE OBRA",null,"Quantidade","Unidade",null,"Custo Horário","Custo Horário Total"]
[null,"P9801","Ajudante",0.5,"h",null,23.715,null,null,{"$f":"D3225*G3225","v":11.8575}]
[null,"P9808","Carpinteiro",0.5,"h",null,27.647099999999998,null,null,{"$f":"D3226*G3226","v":13.823549999999999}]
[null,null,null,"Custo horário total de mão de obra",{"$nulls":5},{"$f":"SUM(J3225:J3226)","v":25.681049999999999}]
[null,null,null,"Custo horário total de execução",{"$nulls":5},{"$f":"J3223+J3227","v":29.054639555999998}]
[null,null,null,"Custo unitário de execução",{"$nulls":5},{"$f":"J3228/I3217","v":29.054639555999998}]
[{"$nulls":7},"Custo do FIC",null,0]
[{"$nulls":7},"Custo do FIT",null,0]
[null,"C - MATERIAL",null,"Quantidade","Unidade",null,"Preço Unitário","Custo Unitário"]
[null,"M0284","Caibro de pinho - L = 7,5 cm e E = 7,5 cm",0.64680000000000004,"m",null,8.3402999999999992,null,null,{"$f":"D3233*G3233","v":5.3945060399999996}]
[null,"M0285","Pontalete para escoramento - D = 15 cm",0.10780000000000001,"m",null,6.0609999999999999,null,null,{"$f":"D3234*G3234","v":0.65337580000000006}]
[null,"M1205","Prego de ferro",0.31957000000000002,"kg",null,15.2544,null,null,4.8748486080000006]
[null,"M0290","Tábua - E = 2,5 cm e L = 10 cm",2.7734800000000002,"m",null,4.1909000000000001,null,null,11.623377332]
[null,"M0289","Tábua - E = 2,5 cm e L = 15 cm",0.30399999999999999,"m",null,5.6333000000000002,null,null,1.7125231999999999]
[null,"M0286","Tábua - E = 2,5 cm e L = 30 cm",6.4680000000000001E-2,"m",null,15.6488,null,null,1.0121643840000001]
[null,null,null,"Custo unitário total de material",{"$nulls":5},{"$f":"SUM(J3233:J3238)","v":25.270795364000001}]
[null,"D - ATIVIDADES AUXILIARES",null,"Quantidade","Unidade",null,"Custo Unitário","Custo Unitário"]
[null,"-",0,null,0,null,0,null,null,{"$f":"D3241*G3241","v":0}]
[null,null,null,"Custo total de atividades auxiliares",{"$nulls":5},{"$f":"SUM(J3241:J3241)","v":0}]
[{"$nulls":7},"Subtotal",null,{"$f":"J3229+J3239+J3242+J3230+J3231","v":54.325434919999999}]
[null,"E - TEMPO FIXO",null,"Código","Quantidade","Unidade",null,"Custo Unitário","Custo Unitário"]
[null,"M0284","Caibro de pinho - L = 7,5 cm e E = 7,5 cm",5914655,3.64E-3,"t",null,33.92,null,{"$f":"ROUNDDOWN(E3245*H3245,4)","v":0.1234}]
[null,"M0285","Pontalete para escoramento - D = 15 cm",5914655,1.9E-3,"t",null,33.92,null,{"$f":"ROUNDDOWN(E3246*H3246,4)","v":6.4399999999999999E-2}]
[null,"M1205","Prego de ferro",5914655,3.2000000000000003E-4,"t",null,33.92,null,1.0800000000000001E-2]
[null,"M0290","Tábua - E = 2,5 cm e L = 10 cm",5914655,6.9300000000000004E-3,"t",null,33.92,null,0.23499999999999999]
[null,"M0289","Tábua - E = 2,5 cm e L = 15 cm",5914655,1.14E-3,"t",null,33.92,null,3.8600000000000002E-2]
[null,"M0286","Tábua - E = 2,5 cm e L = 30 cm",5914655,4.8999999999999998E-4,"t",null,33.92,null,1.66E-2]
[null,null,null,"Custo unitário total de tempo fixo",{"$nulls":5},{"$f":"SUM(J3245:J3250)","v":0.48880000000000001}]
[null,"F - MOMENTO DE TRANSPORTE",null,"Quantidade","Unidade","DMT",null,null,null,"Custo Unitário"]
[{"$nulls":5},"LN","RP","P"]
[null,"M0284","Caibro de pinho - L = 7,5 cm e E = 7,5 cm",3.64E-3,"tkm"]
[null,"M0285","Pontalete para escoramento - D = 15 cm",1.9E-3,"tkm"]
[null,"M1205","Prego de ferro",3.2000000000000003E-4,"tkm"]
[null,"M0290","Tábua - E = 2,5 cm e L = 10 cm",6.9300000000000004E-3,"tkm"]
[null,"M0289","Tábua - E = 2,5 cm e L = 15 cm",1.14E-3,"tkm"]
[null,"M0286","Tábua - E = 2,5 cm e L = 30 cm",4.8999999999999998E-4,"tkm"]
[null,null,null,"Custo unitário total de transporte"]
[{"$nulls":5},"Custo unitário direto total",null,null,null,{"$f":"TRUNC(J3243+J3251,2)","v":54.81}]
[null,"Obs."]
[]
[109,"1ª/GRD",{"$nulls":8},{"$f":"J3300","v":6.99}]
[null,"OBRA:","EXECUÇÃO DAS OBRAS E SERVIÇOS DE CONSTRUÇÃO DE PONTES E GALERIAS, INCLUINDO A CONCLUSÃO DE ESTRUTURAS JÁ INICIADAS, LOCALIZADAS NA ÁREA DA BARRAGEM DE APROVEITAMENTO MÚLTIPLO JEQUITAÍ I, NO MUNICÍPIO DE FRANCISCO DUMONT, NO ESTADO DE MINAS GERAIS - ITEM 2: PONTE N e GALERIA O"]
[null,"Custo Unitário de Referência",null,null,"Minas Gerais"]
[{"$nulls":4}," Abril/2025 ",null,null,"Produção da equipe ",26,{"$f":"VLOOKUP(A3264,ORÇAMENTO!A:L,7,0)","v":"m³"}]
[null,4805757,"ESCAVAÇÃO MECÂNICA DE VALA EM MATERIAL DE 1ª CATEGORIA",{"$nulls":5},"Valores em reais (R$)"]
[null,"A - EQUIPAMENTOS",null,"Quantidade","Utilização",null,"Custo Horário",null,null,"Custo"]
[{"$nulls":4},"Operativa","Improdutiva","Produtivo","Improdutivo",null,"Horário Total"]
[null,"E9526","Retroescavadeira de pneus - capacidade da caçamba da pá-carregadeira de 0,76 m³ e da retroescavadeira de 0,29 m³ - 58 kW ",1,1,0,156.566,80.653599999999997,null,{"$f":"D3271*(E3271*G3271+F3271*H3271)","v":156.566}]
[null,"-",0,null,null,null,0,0,null,{"$f":"D3272*(E3272*G3272+F3272*H3272)","v":0}]
[{"$nulls":7},"Custo horário total de equipamentos",null,{"$f":"SUM(J3271:J3272)","v":156.566}]
[null,"B - MÃO DE OBRA",null,"Quantidade","Unidade",null,"Custo Horário","Custo Horário Total"]
[null,"P9824","Servente",1,"h",null,21.684899999999999,null,null,{"$f":"D3275*G3275","v":21.684899999999999}]
[null,"-",0,null,0,null,0,null,null,{"$f":"D3276*G3276","v":0}]
[null,null,null,"Custo horário total de mão de obra",{"$nulls":5},{"$f":"SUM(J3275:J3276)","v":21.684899999999999}]
[null,null,null,"Custo horário total de execução",{"$nulls":5},{"$f":"J3273+J3277","v":178.2509}]
[null,null,null,"Custo unitário de execução",{"$nulls":5},{"$f":"J3278/I3267","v":6.8558038461538464}]
[{"$nulls":7},"Custo do FIC",null,0.13700000000000001]
[{"$nulls":7},"Custo do FIT",null,0]
[null,"C - MATERIAL",null,"Quantidade","Unidade",null,"Preço Unitário","Custo Unitário"]
[null,"-",0,null," - ",null,0,null,null,{"$f":"D3283*G3283","v":0}]
[null,"-",0,null," - ",null,0,null,null,{"$f":"D3284*G3284","v":0}]
[null,null,null,"Custo unitário total de material",{"$nulls":5},{"$f":"SUM(J3283:J3284)","v":0}]
[null,"D - ATIVIDADES AUXILIARES",null,"Quantidade","Unidade",null,"Custo Unitário","Custo Unitário"]
[null,"-",0,null,0,null,0,null,null,{"$f":"D3287*G3287","v":0}]
[null,"-",0,null,0,null,0,null,null,{"$f":"D3288*G3288","v":0}]
[null,null,null,"Custo total de atividades auxiliares",{"$nulls":5},{"$f":"SUM(J3287:J3288)","v":0}]
[{"$nulls":7},"Subtotal",null,{"$f":"J3279+J3285+J3289+J3280+J3281","v":6.992803846153846}]
[null,"E - TEMPO FIXO",null,"Código","Quantidade","Unidade",null,"Custo Unitário","Custo Unitário"]
[null,"-",0,"-",null,0,null,0,null,{"$f":"ROUNDDOWN(E3292*H3292,4)","v":0}]
[null,"-",0,"-",null,0,null,0,null,{"$f":"ROUNDDOWN(E3293*H3293,4)","v":0}]
[null,null,null,"Custo unitário total de tempo fixo",{"$nulls":5},{"$f":"SUM(J3292:J3293)","v":0}]
[null,"F - MOMENTO DE TRANSPORTE",null,"Quantidade","Unidade","DMT",null,null,null,"Custo Unitário"]
[{"$nulls":5},"LN","RP","P"]
[null,"-",0,null,"tkm"]
[null,"-",0,null,"tkm"]
[null,null,null,"Custo unitário total de transporte"]
[{"$nulls":5},"Custo unitário direto total",null,null,null,{"$f":"TRUNC(J3290+J3294,2)","v":6.99}]
[null,"Obs."]
[]
[110,"1ª/GRD",{"$nulls":8},{"$f":"J3339","v":8.6199999999999992}]
[null,"OBRA:","EXECUÇÃO DAS OBRAS E SERVIÇOS DE CONSTRUÇÃO DE PONTES E GALERIAS, INCLUINDO A CONCLUSÃO DE ESTRUTURAS JÁ INICIADAS, LOCALIZADAS NA ÁREA DA BARRAGEM DE APROVEITAMENTO MÚLTIPLO JEQUITAÍ I, NO MUNICÍPIO DE FRANCISCO DUMONT, NO ESTADO DE MINAS GERAIS - ITEM 2: PONTE N e GALERIA O"]
[null,"Custo Unitário de Referência",null,null,"Minas Gerais"]
[{"$nulls":4}," Abril/2025 ",null,null,"Produção da equipe ",20.8,{"$f":"VLOOKUP(A3303,ORÇAMENTO!A:L,7,0)","v":"m³"}]
[null,"4805762","ESCAVACAO MECANICA DE VALA EM MATERIAL DE 2ª CATEGORIA",{"$nulls":5},"Valores em reais (R$)"]
[null,"A - EQUIPAMENTOS",null,"Quantidade","Utilização",null,"Custo Horário",null,null,"Custo"]
[{"$nulls":4},"Operativa","Improdutiva","Produtivo","Improdutivo",null,"Horário Total"]
[null,"E9526","Retroescavadeira de pneus - capacidade da caçamba da pá-carregadeira de 0,76 m³ e da retroescavadeira de 0,29 m³ - 58 kW ",1,1,0,156.566,80.653599999999997,null,{"$f":"D3310*(E3310*G3310+F3310*H3310)","v":156.566}]
[null,"-",0,null,null,null,0,0,null,{"$f":"D3311*(E3311*G3311+F3311*H3311)","v":0}]
[{"$nulls":7},"Custo horário total de equipamentos",null,{"$f":"SUM(J3310:J3311)","v":156.566}]
[null,"B - MÃO DE OBRA",null,"Quantidade","Unidade",null,"Custo Horário","Custo Horário Total"]
[null,"P9824","Servente",1,"h",null,21.684899999999999,null,null,{"$f":"D3314*G3314","v":21.684899999999999}]
[null,"-",0,null,0,null,0,null,null,{"$f":"D3315*G3315","v":0}]
[null,null,null,"Custo horário total de mão de obra",{"$nulls":5},{"$f":"SUM(J3314:J3315)","v":21.684899999999999}]
[null,null,null,"Custo horário total de execução",{"$nulls":5},{"$f":"J3312+J3316","v":178.2509}]
[null,null,null,"Custo unitário de execução",{"$nulls":5},{"$f":"J3317/I3306","v":8.5697548076923074}]
[{"$nulls":7},"Custo do FIC",null,5.7200000000000001E-2]
[{"$nulls":7},"Custo do FIT",null,0]
[null,"C - MATERIAL",null,"Quantidade","Unidade",null,"Preço Unitário","Custo Unitário"]
[null,"-",0,null," - ",null,0,null,null,{"$f":"D3322*G3322","v":0}]
[null,"-",0,null," - ",null,0,null,null,{"$f":"D3323*G3323","v":0}]
[null,null,null,"Custo unitário total de material",{"$nulls":5},{"$f":"SUM(J3322:J3323)","v":0}]
[null,"D - ATIVIDADES AUXILIARES",null,"Quantidade","Unidade",null,"Custo Unitário","Custo Unitário"]
[null,"-",0,null,0,null,0,null,null,{"$f":"D3326*G3326","v":0}]
[null,"-",0,null,0,null,0,null,null,{"$f":"D3327*G3327","v":0}]
[null,null,null,"Custo total de atividades auxiliares",{"$nulls":5},{"$f":"SUM(J3326:J3327)","v":0}]
[{"$nulls":7},"Subtotal",null,{"$f":"J3318+J3324+J3328+J3319+J3320","v":8.6269548076923073}]
[null,"E - TEMPO FIXO",null,"Código","Quantidade","Unidade",null,"Custo Unitário","Custo Unitário"]
[null,"-",0,"-",null,0,null,0,null,{"$f":"ROUNDDOWN(E3331*H3331,4)","v":0}]
[null,"-",0,"-",null,0,null,0,null,{"$f":"ROUNDDOWN(E3332*H3332,4)","v":0}]
[null,null,null,"Custo unitário total de tempo fixo",{"$nulls":5},{"$f":"SUM(J3331:J3332)","v":0}]
[null,"F - MOMENTO DE TRANSPORTE",null,"Quantidade","Unidade","DMT",null,null,null,"Custo Unitário"]
[{"$nulls":5},"LN","RP","P"]
[null,"-",0,null,"tkm"]
[null,"-",0,null,"tkm"]
[null,null,null,"Custo unitário total de transporte"]
[{"$nulls":5},"Custo unitário direto total",null,null,null,{"$f":"TRUNC(J3329+J3333,2)","v":8.6199999999999992}]
[null,"Obs."]
[]
[111,"1ª/GRD",{"$nulls":8},{"$f":"J3378","v":4.87}]
[null,"OBRA:","EXECUÇÃO DAS OBRAS E SERVIÇOS DE CONSTRUÇÃO DE PONTES E GALERIAS, INCLUINDO A CONCLUSÃO DE ESTRUTURAS JÁ INICIADAS, LOCALIZADAS NA ÁREA DA BARRAGEM DE APROVEITAMENTO MÚLTIPLO JEQUITAÍ I, NO MUNICÍPIO DE FRANCISCO DUMONT, NO ESTADO DE MINAS GERAIS - ITEM 2: PONTE N e GALERIA O"]
[null,"Custo Unitário de Referência",null,null,"Minas Gerais"]
[{"$nulls":4}," Abril/2025 ",null,null,"Produção da equipe ",4.4444400000000002,{"$f":"VLOOKUP(A3342,ORÇAMENTO!A:L,7,0)","v":"m²"}]
[null,4805756,"APILOAMENTO MANUAL DE FUNDO DE VALA (ESP. = 15CM)",{"$nulls":5},"Valores em reais (R$)"]
[null,"A - EQUIPAMENTOS",null,"Quantidade","Utilização",null,"Custo Horário",null,null,"Custo"]
[{"$nulls":4},"Operativa","Improdutiva","Produtivo","Improdutivo",null,"Horário Total"]
[null,"-",0,1,1,0,0,0,null,{"$f":"D3349*(E3349*G3349+F3349*H3349)","v":0}]
[null,"-",0,null,null,null,0,0,null,{"$f":"D3350*(E3350*G3350+F3350*H3350)","v":0}]
[{"$nulls":7},"Custo horário total de equipamentos",null,{"$f":"SUM(J3349:J3350)","v":0}]
[null,"B - MÃO DE OBRA",null,"Quantidade","Unidade",null,"Custo Horário","Custo Horário Total"]
[null,"P9824","Servente",1,"h",null,21.684899999999999,null,null,{"$f":"D3353*G3353","v":21.684899999999999}]
[null,"-",0,null,0,null,0,null,null,{"$f":"D3354*G3354","v":0}]
[null,null,null,"Custo horário total de mão de obra",{"$nulls":5},{"$f":"SUM(J3353:J3354)","v":21.684899999999999}]
[null,null,null,"Custo horário total de execução",{"$nulls":5},{"$f":"J3351+J3355","v":21.684899999999999}]
[null,null,null,"Custo unitário de execução",{"$nulls":5},{"$f":"J3356/I3345","v":4.8791073791073787}]
[{"$nulls":7},"Custo do FIC",null,0]
[{"$nulls":7},"Custo do FIT",null,0]
[null,"C - MATERIAL",null,"Quantidade","Unidade",null,"Preço Unitário","Custo Unitário"]
[null,"-",0,null," - ",null,0,null,null,{"$f":"D3361*G3361","v":0}]
[null,"-",0,null," - ",null,0,null,null,{"$f":"D3362*G3362","v":0}]
[null,null,null,"Custo unitário total de material",{"$nulls":5},{"$f":"SUM(J3361:J3362)","v":0}]
[null,"D - ATIVIDADES AUXILIARES",null,"Quantidade","Unidade",null,"Custo Unitário","Custo Unitário"]
[null,"-",0,null,0,null,0,null,null,{"$f":"D3365*G3365","v":0}]
[null,"-",0,null,0,null,0,null,null,{"$f":"D3366*G3366","v":0}]
[null,null,null,"Custo total de atividades auxiliares",{"$nulls":5},{"$f":"SUM(J3365:J3366)","v":0}]
[{"$nulls":7},"Subtotal",null,{"$f":"J3357+J3363+J3367+J3358+J3359","v":4.8791073791073787}]
[null,"E - TEMPO FIXO",null,"Código","Quantidade","Unidade",null,"Custo Unitário","Custo Unitário"]
[null,"-",0,"-",null,0,null,0,null,{"$f":"ROUNDDOWN(E3370*H3370,4)","v":0}]
[null,"-",0,"-",null,0,null,0,null,{"$f":"ROUNDDOWN(E3371*H3371,4)","v":0}]
[null,null,null,"Custo unitário total de tempo fixo",{"$nulls":5},{"$f":"SUM(J3370:J3371)","v":0}]
[null,"F - MOMENTO DE TRANSPORTE",null,"Quantidade","Unidade","DMT",null,null,null,"Custo Unitário"]
[{"$nulls":5},"LN","RP","P"]
[null,"-",0,null,"tkm"]
[null,"-",0,null,"tkm"]
[null,null,null,"Custo unitário total de transporte"]
[{"$nulls":5},"Custo unitário direto total",null,null,null,{"$f":"TRUNC(J3368+J3372,2)","v":4.87}]
[null,"Obs."]
[]
[112,"1ª/GRD",{"$nulls":8},{"$f":"J3417","v":18.010000000000002}]
[null,"OBRA:","EXECUÇÃO DAS OBRAS E SERVIÇOS DE CONSTRUÇÃO DE PONTES E GALERIAS, INCLUINDO A CONCLUSÃO DE ESTRUTURAS JÁ INICIADAS, LOCALIZADAS NA ÁREA DA BARRAGEM DE APROVEITAMENTO MÚLTIPLO JEQUITAÍ I, NO MUNICÍPIO DE FRANCISCO DUMONT, NO ESTADO DE MINAS GERAIS - ITEM 2: PONTE N e GALERIA O"]
[null,"Custo Unitário de Referência",null,null,"Minas Gerais"]
[{"$nulls":4}," Abril/2025 ",null,null,"Produção da equipe ",3.1124999999999998,{"$f":"VLOOKUP(A3381,ORÇAMENTO!A:L,7,0)","v":"m³"}]
[null,"4815671","REATERRO MANUAL DE VALAS COM COMPACTAÇÃO COM SOQUETE VIBRATÓRIO",{"$nulls":5},"Valores em reais (R$)"]
[null,"A - EQUIPAMENTOS",null,"Quantidade","Utilização",null,"Custo Horário",null,null,"Custo"]
[{"$nulls":4},"Operativa","Improdutiva","Produtivo","Improdutivo",null,"Horário Total"]
[null,"E9647","Compactador manual com soquete vibratório - 4,10 kW",1,1,0,12.7166,2.7597,null,{"$f":"D3388*(E3388*G3388+F3388*H3388)","v":12.7166}]
[null,"-",0,null,null,null,0,0,null,{"$f":"D3389*(E3389*G3389+F3389*H3389)","v":0}]
[{"$nulls":7},"Custo horário total de equipamentos",null,{"$f":"SUM(J3388:J3389)","v":12.7166}]
[null,"B - MÃO DE OBRA",null,"Quantidade","Unidade",null,"Custo Horário","Custo Horário Total"]
[null,"P9824","Servente",2,"h",null,21.684899999999999,null,null,{"$f":"D3392*G3392","v":43.369799999999998}]
[null,"-",0,null,0,null,0,null,null,{"$f":"D3393*G3393","v":0}]
[null,null,null,"Custo horário total de mão de obra",{"$nulls":5},{"$f":"SUM(J3392:J3393)","v":43.369799999999998}]
[null,null,null,"Custo horário total de execução",{"$nulls":5},{"$f":"J3390+J3394","v":56.086399999999998}]
[null,null,null,"Custo unitário de execução",{"$nulls":5},{"$f":"J3395/I3384","v":18.019726907630524}]
[{"$nulls":7},"Custo do FIC",null,0]
[{"$nulls":7},"Custo do FIT",null,0]
[null,"C - MATERIAL",null,"Quantidade","Unidade",null,"Preço Unitário","Custo Unitário"]
[null,"-",0,null," - ",null,0,null,null,{"$f":"D3400*G3400","v":0}]
[null,"-",0,null," - ",null,0,null,null,{"$f":"D3401*G3401","v":0}]
[null,null,null,"Custo unitário total de material",{"$nulls":5},{"$f":"SUM(J3400:J3401)","v":0}]
[null,"D - ATIVIDADES AUXILIARES",null,"Quantidade","Unidade",null,"Custo Unitário","Custo Unitário"]
[null,"-",0,null,0,null,0,null,null,{"$f":"D3404*G3404","v":0}]
[null,"-",0,null,0,null,0,null,null,{"$f":"D3405*G3405","v":0}]
[null,null,null,"Custo total de atividades auxiliares",{"$nulls":5},{"$f":"SUM(J3404:J3405)","v":0}]
[{"$nulls":7},"Subtotal",null,{"$f":"J3396+J3402+J3406+J3397+J3398","v":18.019726907630524}]
[null,"E - TEMPO FIXO",null,"Código","Quantidade","Unidade",null,"Custo Unitário","Custo Unitário"]
[null,"-",0,"-",null,0,null,0,null,{"$f":"ROUNDDOWN(E3409*H3409,4)","v":0}]
[null,"-",0,"-",null,0,null,0,null,{"$f":"ROUNDDOWN(E3410*H3410,4)","v":0}]
[null,null,null,"Custo unitário total de tempo fixo",{"$nulls":5},{"$f":"SUM(J3409:J3410)","v":0}]
[null,"F - MOMENTO DE TRANSPORTE",null,"Quantidade","Unidade","DMT",null,null,null,"Custo Unitário"]
[{"$nulls":5},"LN","RP","P"]
[null,"-",0,null,"tkm"]
[null,"-",0,null,"tkm"]
[null,null,null,"Custo unitário total de transporte"]
[{"$nulls":5},"Custo unitário direto total",null,null,null,{"$f":"TRUNC(J3407+J3411,2)","v":18.010000000000002}]
[null,"Obs."]
[]
[113,"1ª/GRD",{"$nulls":8},{"$f":"J3457","v":664.94}]
[null,"OBRA:","EXECUÇÃO DAS OBRAS E SERVIÇOS DE CONSTRUÇÃO DE PONTES E GALERIAS, INCLUINDO A CONCLUSÃO DE ESTRUTURAS JÁ INICIADAS, LOCALIZADAS NA ÁREA DA BARRAGEM DE APROVEITAMENTO MÚLTIPLO JEQUITAÍ I, NO MUNICÍPIO DE FRANCISCO DUMONT, NO ESTADO DE MINAS GERAIS - ITEM 2: PONTE N e GALERIA O"]
[null,"Custo Unitário de Referência",null,null,"Minas Gerais"]
[{"$nulls":4}," Abril/2025 ",null,null,"Produção da equipe ",4.1500000000000004,{"$f":"VLOOKUP(A3420,ORÇAMENTO!A:L,7,0)","v":"m"}]
[null,"804029","CORPO DE BSTC ø 800 - AREIA, BRITA E PEDRA DE MÃO COMERCIAIS",{"$nulls":5},"Valores em reais (R$)"]
[null,"A - EQUIPAMENTOS",null,"Quantidade","Utilização",null,"Custo Horário",null,null,"Custo"]
[{"$nulls":4},"Operativa","Improdutiva","Produtivo","Improdutivo",null,"Horário Total"]
[null,"E9686","Caminhão guindauto com capacidade de elevação de 6,2 t e carroceria de 7 t - 136 kW",1,1,0,321.74520000000001,111.5652,null,{"$f":"D3427*(E3427*G3427+F3427*H3427)","v":321.74520000000001}]
[null,"-",0,null,null,null,0,0,null,{"$f":"D3428*(E3428*G3428+F3428*H3428)","v":0}]
[{"$nulls":7},"Custo horário total de equipamentos",null,{"$f":"SUM(J3427:J3428)","v":321.74520000000001}]
[null,"B - MÃO DE OBRA",null,"Quantidade","Unidade",null,"Custo Horário","Custo Horário Total"]
[null,"P9824","Servente",3,"h",null,21.684899999999999,null,null,{"$f":"D3431*G3431","v":65.054699999999997}]
[null,"-",0,null,0,null,0,null,null,{"$f":"D3432*G3432","v":0}]
[null,null,null,"Custo horário total de mão de obra",{"$nulls":5},{"$f":"SUM(J3431:J3432)","v":65.054699999999997}]
[null,null,null,"Custo horário total de execução",{"$nulls":5},{"$f":"J3429+J3433","v":386.79989999999998}]
[null,null,null,"Custo unitário de execução",{"$nulls":5},{"$f":"J3434/I3423","v":93.204795180722883}]
[{"$nulls":7},"Custo do FIC",null,0]
[{"$nulls":7},"Custo do FIT",null,0]
[null,"C - MATERIAL",null,"Quantidade","Unidade",null,"Preço Unitário","Custo Unitário"]
[null,"M2171","Tubo de concreto armado PA1 - D = 0,80 m",1,"m",null,383.375,null,null,{"$f":"D3439*G3439","v":383.375}]
[null,"-",0,null," - ",null,0,null,null,{"$f":"D3440*G3440","v":0}]
[null,null,null,"Custo unitário total de material",{"$nulls":5},{"$f":"SUM(J3439:J3440)","v":383.375}]
[null,"D - ATIVIDADES AUXILIARES",null,"Quantidade","Unidade",null,"Custo Unitário","Custo Unitário"]
[null,1109671,"Argamassa de cimento e areia 1:4 - confecção em betoneira e lançamento manual - areia comercial",5.4999999999999997E-3,"m³",null,459.88,null,null,{"$f":"D3443*G3443","v":2.5293399999999999}]
[null,1106165,"Concreto ciclópico fck = 20 MPa - confecção em betoneira e lançamento manual - areia, brita e pedra de mão comerciais",0.308,"m³",null,431.03,null,null,{"$f":"D3444*G3444","v":132.75724}]
[null,3103302,"Fôrmas de tábuas de pinho para dispositivos de drenagem - utilização de 3 vezes - confecção, instalação e retirada",0.7,"m²",null,75.819999999999993,null,null,{"$f":"D3445*G3445","v":53.073999999999991}]
[null,null,null,"Custo total de atividades auxiliares",{"$nulls":5},{"$f":"SUM(J3443:J3445)","v":188.36057999999997}]
[{"$nulls":7},"Subtotal",null,{"$f":"J3435+J3441+J3446+J3436+J3437","v":664.94037518072287}]
[null,"E - TEMPO FIXO",null,"Código","Quantidade","Unidade",null,"Custo Unitário","Custo Unitário"]
[null,"-",0,"-",null,0,null,0,null,{"$f":"ROUNDDOWN(E3449*H3449,4)","v":0}]
[null,"-",0,"-",null,0,null,0,null,{"$f":"ROUNDDOWN(E3450*H3450,4)","v":0}]
[null,null,null,"Custo unitário total de tempo fixo",{"$nulls":5},{"$f":"SUM(J3449:J3450)","v":0}]
[null,"F - MOMENTO DE TRANSPORTE",null,"Quantidade","Unidade","DMT",null,null,null,"Custo Unitário"]
[{"$nulls":5},"LN","RP","P"]
[null,"-",0,null,"tkm"]
[null,"-",0,null,"tkm"]
[null,null,null,"Custo unitário total de transporte"]
[{"$nulls":5},"Custo unitário direto total",null,null,null,{"$f":"TRUNC(J3447+J3451,2)","v":664.94}]
[null,"Obs."]
[]
[114,"1ª/GRD",{"$nulls":8},{"$f":"J3496","v":1493.66}]
[null,"OBRA:","EXECUÇÃO DAS OBRAS E SERVIÇOS DE CONSTRUÇÃO DE PONTES E GALERIAS, INCLUINDO A CONCLUSÃO DE ESTRUTURAS JÁ INICIADAS, LOCALIZADAS NA ÁREA DA BARRAGEM DE APROVEITAMENTO MÚLTIPLO JEQUITAÍ I, NO MUNICÍPIO DE FRANCISCO DUMONT, NO ESTADO DE MINAS GERAIS - ITEM 2: PONTE N e GALERIA O"]
[null,"Custo Unitário de Referência",null,null,"Minas Gerais"]
[{"$nulls":4}," Abril/2025 ",null,null,"Produção da equipe ",1,{"$f":"VLOOKUP(A3460,ORÇAMENTO!A:L,7,0)","v":"unid."}]
[null,"804384","BOCA DE BSTC ø 800 - AREIA E BRITA COMERCIAIS",{"$nulls":5},"Valores em reais (R$)"]
[null,"A - EQUIPAMENTOS",null,"Quantidade","Utilização",null,"Custo Horário",null,null,"Custo"]
[{"$nulls":4},"Operativa","Improdutiva","Produtivo","Improdutivo",null,"Horário Total"]
[null,"-",0,1,1,0,0,0,null,{"$f":"D3467*(E3467*G3467+F3467*H3467)","v":0}]
[null,"-",0,null,null,null,0,0,null,{"$f":"D3468*(E3468*G3468+F3468*H3468)","v":0}]
[{"$nulls":7},"Custo horário total de equipamentos",null,{"$f":"SUM(J3467:J3468)","v":0}]
[null,"B - MÃO DE OBRA",null,"Quantidade","Unidade",null,"Custo Horário","Custo Horário Total"]
[null,"-",0,null,0,null,0,null,null,{"$f":"D3471*G3471","v":0}]
[null,"-",0,null,0,null,0,null,null,{"$f":"D3472*G3472","v":0}]
[null,null,null,"Custo horário total de mão de obra",{"$nulls":5},{"$f":"SUM(J3471:J3472)","v":0}]
[null,null,null,"Custo horário total de execução",{"$nulls":5},{"$f":"J3469+J3473","v":0}]
[null,null,null,"Custo unitário de execução",{"$nulls":5},{"$f":"J3474/I3463","v":0}]
[{"$nulls":7},"Custo do FIC",null,0]
[{"$nulls":7},"Custo do FIT",null,0]
[null,"C - MATERIAL",null,"Quantidade","Unidade",null,"Preço Unitário","Custo Unitário"]
[null,"-",0,null," - ",null,0,null,null,{"$f":"D3479*G3479","v":0}]
[null,"-",0,null," - ",null,0,null,null,{"$f":"D3480*G3480","v":0}]
[null,null,null,"Custo unitário total de material",{"$nulls":5},{"$f":"SUM(J3479:J3480)","v":0}]
[null,"D - ATIVIDADES AUXILIARES",null,"Quantidade","Unidade",null,"Custo Unitário","Custo Unitário"]
[null,1107891,"Concreto fck = 20 MPa - confecção em betoneira e lançamento manual - areia extraída e brita produzida",2.14,"m³",null,302.22000000000003,null,null,{"$f":"D3483*G3483","v":646.75080000000014}]
[null,3103302,"Fôrmas de tábuas de pinho para dispositivos de drenagem - utilização de 3 vezes - confecção, instalação e retirada",11.17,"m²",null,75.819999999999993,null,null,{"$f":"D3484*G3484","v":846.90939999999989}]
[null,null,null,"Custo total de atividades auxiliares",{"$nulls":5},{"$f":"SUM(J3483:J3484)","v":1493.6602}]
[{"$nulls":7},"Subtotal",null,{"$f":"J3475+J3481+J3485+J3476+J3477","v":1493.6602}]
[null,"E - TEMPO FIXO",null,"Código","Quantidade","Unidade",null,"Custo Unitário","Custo Unitário"]
[null,"-",0,"-",null,0,null,0,null,{"$f":"ROUNDDOWN(E3488*H3488,4)","v":0}]
[null,"-",0,"-",null,0,null,0,null,{"$f":"ROUNDDOWN(E3489*H3489,4)","v":0}]
[null,null,null,"Custo unitário total de tempo fixo",{"$nulls":5},{"$f":"SUM(J3488:J3489)","v":0}]
[null,"F - MOMENTO DE TRANSPORTE",null,"Quantidade","Unidade","DMT",null,null,null,"Custo Unitário"]
[{"$nulls":5},"LN","RP","P"]
[null,"-",0,null,"tkm"]
[null,"-",0,null,"tkm"]
[null,null,null,"Custo unitário total de transporte"]
[{"$nulls":5},"Custo unitário direto total",null,null,null,{"$f":"TRUNC(J3486+J3490,2)","v":1493.66}]
[null,"Obs."]
[]
[115,"1ª/GRD",{"$nulls":8},{"$f":"J3536","v":1847.14}]
[null,"OBRA:","EXECUÇÃO DAS OBRAS E SERVIÇOS DE CONSTRUÇÃO DE PONTES E GALERIAS, INCLUINDO A CONCLUSÃO DE ESTRUTURAS JÁ INICIADAS, LOCALIZADAS NA ÁREA DA BARRAGEM DE APROVEITAMENTO MÚLTIPLO JEQUITAÍ I, NO MUNICÍPIO DE FRANCISCO DUMONT, NO ESTADO DE MINAS GERAIS - ITEM 2: PONTE N e GALERIA O"]
[null,"Custo Unitário de Referência",null,null,"Minas Gerais"]
[{"$nulls":4}," Abril/2025 ",null,null,"Produção da equipe ",1.9153800000000001,{"$f":"VLOOKUP(A3499,ORÇAMENTO!A:L,7,0)","v":"m"}]
[null,"804053","CORPO DE BSTC ø 1500 - AREIA, BRITA E PEDRA DE MÃO COMERCIAIS",{"$nulls":5},"Valores em reais (R$)"]
[null,"A - EQUIPAMENTOS",null,"Quantidade","Utilização",null,"Custo Horário",null,null,"Custo"]
[{"$nulls":4},"Operativa","Improdutiva","Produtivo","Improdutivo",null,"Horário Total"]
[null,"E9686","Caminhão guindauto com capacidade de elevação de 6,2 t e carroceria de 7 t - 136 kW",1,1,0,321.74520000000001,111.5652,null,{"$f":"D3506*(E3506*G3506+F3506*H3506)","v":321.74520000000001}]
[null,"-",0,null,null,null,0,0,null,{"$f":"D3507*(E3507*G3507+F3507*H3507)","v":0}]
[{"$nulls":7},"Custo horário total de equipamentos",null,{"$f":"SUM(J3506:J3507)","v":321.74520000000001}]
[null,"B - MÃO DE OBRA",null,"Quantidade","Unidade",null,"Custo Horário","Custo Horário Total"]
[null,"P9824","Servente",3,"h",null,21.684899999999999,null,null,{"$f":"D3510*G3510","v":65.054699999999997}]
[null,"-",0,null,0,null,0,null,null,{"$f":"D3511*G3511","v":0}]
[null,null,null,"Custo horário total de mão de obra",{"$nulls":5},{"$f":"SUM(J3510:J3511)","v":65.054699999999997}]
[null,null,null,"Custo horário total de execução",{"$nulls":5},{"$f":"J3508+J3512","v":386.79989999999998}]
[null,null,null,"Custo unitário de execução",{"$nulls":5},{"$f":"J3513/I3502","v":201.94420950411927}]
[{"$nulls":7},"Custo do FIC",null,0]
[{"$nulls":7},"Custo do FIT",null,0]
[null,"C - MATERIAL",null,"Quantidade","Unidade",null,"Preço Unitário","Custo Unitário"]
[null,"M2183","Tubo de concreto armado PA1 - D = 1,50 m",1,"m",null,1282.0597,null,null,{"$f":"D3518*G3518","v":1282.0597}]
[null,"-",0,null," - ",null,0,null,null,{"$f":"D3519*G3519","v":0}]
[null,null,null,"Custo unitário total de material",{"$nulls":5},{"$f":"SUM(J3518:J3519)","v":1282.0597}]
[null,"D - ATIVIDADES AUXILIARES",null,"Quantidade","Unidade",null,"Custo Unitário","Custo Unitário"]
[null,1109671,"Argamassa de cimento e areia 1:4 - confecção em betoneira e lançamento manual - areia comercial",2.1170000000000001E-2,"m³",null,459.88,null,null,{"$f":"D3522*G3522","v":9.7356596}]
[null,1106165,"Concreto ciclópico fck = 20 MPa - confecção em betoneira e lançamento manual - areia, brita e pedra de mão comerciais",0.64400000000000002,"m³",null,431.03,null,null,{"$f":"D3523*G3523","v":277.58332000000001}]
[null,3103302,"Fôrmas de tábuas de pinho para dispositivos de drenagem - utilização de 3 vezes - confecção, instalação e retirada",1,"m²",null,75.819999999999993,null,null,75.819999999999993]
[null,null,null,"Custo total de atividades auxiliares",{"$nulls":5},{"$f":"SUM(J3522:J3524)","v":363.13897960000003}]
[{"$nulls":7},"Subtotal",null,{"$f":"J3514+J3520+J3525+J3515+J3516","v":1847.1428891041194}]
[null,"E - TEMPO FIXO",null,"Código","Quantidade","Unidade",null,"Custo Unitário","Custo Unitário"]
[null,"-",0,"-",null,0,null,0,null,{"$f":"ROUNDDOWN(E3528*H3528,4)","v":0}]
[null,"-",0,"-",null,0,null,0,null,{"$f":"ROUNDDOWN(E3529*H3529,4)","v":0}]
[null,null,null,"Custo unitário total de tempo fixo",{"$nulls":5},{"$f":"SUM(J3528:J3529)","v":0}]
[null,"F - MOMENTO DE TRANSPORTE",null,"Quantidade","Unidade","DMT",null,null,null,"Custo Unitário"]
[{"$nulls":5},"LN","RP","P"]
[null,"-",0,null,"tkm"]
[null,"-",0,null,"tkm"]
[null,null,null,"Custo unitário total de transporte"]
[{"$nulls":5},"Custo unitário direto total",null,null,null,{"$f":"TRUNC(J3526+J3530,2)","v":1847.14}]
[null,"Obs."]
[]
[116,"1ª/GRD",{"$nulls":8},{"$f":"J3575","v":7631.33}]
[null,"OBRA:","EXECUÇÃO DAS OBRAS E SERVIÇOS DE CONSTRUÇÃO DE PONTES E GALERIAS, INCLUINDO A CONCLUSÃO DE ESTRUTURAS JÁ INICIADAS, LOCALIZADAS NA ÁREA DA BARRAGEM DE APROVEITAMENTO MÚLTIPLO JEQUITAÍ I, NO MUNICÍPIO DE FRANCISCO DUMONT, NO ESTADO DE MINAS GERAIS - ITEM 2: PONTE N e GALERIA O"]
[null,"Custo Unitário de Referência",null,null,"Minas Gerais"]
[{"$nulls":4}," Abril/2025 ",null,null,"Produção da equipe ",1,{"$f":"VLOOKUP(A3539,ORÇAMENTO!A:L,7,0)","v":"unid."}]
[null,"804409","BOCA DE BSTC ø 1500 - AREIA E BRITA COMERCIAIS",{"$nulls":5},"Valores em reais (R$)"]
[null,"A - EQUIPAMENTOS",null,"Quantidade","Utilização",null,"Custo Horário",null,null,"Custo"]
[{"$nulls":4},"Operativa","Improdutiva","Produtivo","Improdutivo",null,"Horário Total"]
[null,"-",0,1,1,0,0,0,null,{"$f":"D3546*(E3546*G3546+F3546*H3546)","v":0}]
[null,"-",0,null,null,null,0,0,null,{"$f":"D3547*(E3547*G3547+F3547*H3547)","v":0}]
[{"$nulls":7},"Custo horário total de equipamentos",null,{"$f":"SUM(J3546:J3547)","v":0}]
[null,"B - MÃO DE OBRA",null,"Quantidade","Unidade",null,"Custo Horário","Custo Horário Total"]
[null,"-",0,null,0,null,0,null,null,{"$f":"D3550*G3550","v":0}]
[null,"-",0,null,0,null,0,null,null,{"$f":"D3551*G3551","v":0}]
[null,null,null,"Custo horário total de mão de obra",{"$nulls":5},{"$f":"SUM(J3550:J3551)","v":0}]
[null,null,null,"Custo horário total de execução",{"$nulls":5},{"$f":"J3548+J3552","v":0}]
[null,null,null,"Custo unitário de execução",{"$nulls":5},{"$f":"J3553/I3542","v":0}]
[{"$nulls":7},"Custo do FIC",null,0]
[{"$nulls":7},"Custo do FIT",null,0]
[null,"C - MATERIAL",null,"Quantidade","Unidade",null,"Preço Unitário","Custo Unitário"]
[null,"-",0,null," - ",null,0,null,null,{"$f":"D3558*G3558","v":0}]
[null,"-",0,null," - ",null,0,null,null,{"$f":"D3559*G3559","v":0}]
[null,null,null,"Custo unitário total de material",{"$nulls":5},{"$f":"SUM(J3558:J3559)","v":0}]
[null,"D - ATIVIDADES AUXILIARES",null,"Quantidade","Unidade",null,"Custo Unitário","Custo Unitário"]
[null,1107892,"Concreto fck = 20 MPa - confecção em betoneira e lançamento manual - areia e brita comerciais",10.81,"m³",null,477.72,null,null,{"$f":"D3562*G3562","v":5164.1532000000007}]
[null,3103302,"Fôrmas de tábuas de pinho para dispositivos de drenagem - utilização de 3 vezes - confecção, instalação e retirada",32.54,"m²",null,75.819999999999993,null,null,{"$f":"D3563*G3563","v":2467.1827999999996}]
[null,null,null,"Custo total de atividades auxiliares",{"$nulls":5},{"$f":"SUM(J3562:J3563)","v":7631.3360000000002}]
[{"$nulls":7},"Subtotal",null,{"$f":"J3554+J3560+J3564+J3555+J3556","v":7631.3360000000002}]
[null,"E - TEMPO FIXO",null,"Código","Quantidade","Unidade",null,"Custo Unitário","Custo Unitário"]
[null,"-",0,"-",null,0,null,0,null,{"$f":"ROUNDDOWN(E3567*H3567,4)","v":0}]
[null,"-",0,"-",null,0,null,0,null,{"$f":"ROUNDDOWN(E3568*H3568,4)","v":0}]
[null,null,null,"Custo unitário total de tempo fixo",{"$nulls":5},{"$f":"SUM(J3567:J3568)","v":0}]
[null,"F - MOMENTO DE TRANSPORTE",null,"Quantidade","Unidade","DMT",null,null,null,"Custo Unitário"]
[{"$nulls":5},"LN","RP","P"]
[null,"-",0,null,"tkm"]
[null,"-",0,null,"tkm"]
[null,null,null,"Custo unitário total de transporte"]
[{"$nulls":5},"Custo unitário direto total",null,null,null,{"$f":"TRUNC(J3565+J3569,2)","v":7631.33}]
[null,"Obs."]
[]
[118,"1ª/GRD",{"$nulls":8},{"$f":"J3614","v":465.36}]
[null,"OBRA:","EXECUÇÃO DAS OBRAS E SERVIÇOS DE CONSTRUÇÃO DE PONTES E GALERIAS, INCLUINDO A CONCLUSÃO DE ESTRUTURAS JÁ INICIADAS, LOCALIZADAS NA ÁREA DA BARRAGEM DE APROVEITAMENTO MÚLTIPLO JEQUITAÍ I, NO MUNICÍPIO DE FRANCISCO DUMONT, NO ESTADO DE MINAS GERAIS - ITEM 2: PONTE N e GALERIA O"]
[null,"Custo Unitário de Referência",null,null,"Minas Gerais"]
[{"$nulls":4}," Abril/2025 ",null,null,"Produção da equipe ",1,{"$f":"VLOOKUP(A3578,ORÇAMENTO!A:L,7,0)","v":"m³"}]
[null,"1506055","BACIA DE DISSIPAÇÃO COM PEDRA ARGAMASSADA - AREIA E PEDRA DE MÃO COMERCIAIS",{"$nulls":5},"Valores em reais (R$)"]
[null,"A - EQUIPAMENTOS",null,"Quantidade","Utilização",null,"Custo Horário",null,null,"Custo"]
[{"$nulls":4},"Operativa","Improdutiva","Produtivo","Improdutivo",null,"Horário Total"]
[null,"-",0,null,null,null,0,0,null,{"$f":"D3585*(E3585*G3585+F3585*H3585)","v":0}]
[null,"-",0,null,null,null,0,0,null,{"$f":"D3586*(E3586*G3586+F3586*H3586)","v":0}]
[{"$nulls":7},"Custo horário total de equipamentos",null,{"$f":"SUM(J3585:J3586)","v":0}]
[null,"B - MÃO DE OBRA",null,"Quantidade","Unidade",null,"Custo Horário","Custo Horário Total"]
[null,"P9821","Pedreiro",1,"h",null,27.839500000000001,null,null,{"$f":"D3589*G3589","v":27.839500000000001}]
[null,"P9824","Servente",4,"h",null,21.684899999999999,null,null,{"$f":"D3590*G3590","v":86.739599999999996}]
[null,null,null,"Custo horário total de mão de obra",{"$nulls":5},{"$f":"SUM(J3589:J3590)","v":114.5791}]
[null,null,null,"Custo horário total de execução",{"$nulls":5},{"$f":"J3587+J3591","v":114.5791}]
[null,null,null,"Custo unitário de execução",{"$nulls":5},{"$f":"J3592/I3581","v":114.5791}]
[{"$nulls":7},"Custo do FIC",null,0]
[{"$nulls":7},"Custo do FIT",null,0]
[null,"C - MATERIAL",null,"Quantidade","Unidade",null,"Preço Unitário","Custo Unitário"]
[null,"M1097","Pedra de mão ou rachão",1.2,"m³",null,159.40690000000001,null,null,{"$f":"D3597*G3597","v":191.28828000000001}]
[null,"-",0,null," - ",null,0,null,null,{"$f":"D3598*G3598","v":0}]
[null,null,null,"Custo unitário total de material",{"$nulls":5},{"$f":"SUM(J3597:J3598)","v":191.28828000000001}]
[null,"D - ATIVIDADES AUXILIARES",null,"Quantidade","Unidade",null,"Custo Unitário","Custo Unitário"]
[null,1109669,"Argamassa de cimento e areia 1:3 - confecção em betoneira e lançamento manual - areia comercial",0.31558999999999998,"m³",null,494.85,null,null,{"$f":"D3601*G3601","v":156.16971150000001}]
[null,"-",0,null,0,null,0,null,null,{"$f":"D3602*G3602","v":0}]
[null,null,null,"Custo total de atividades auxiliares",{"$nulls":5},{"$f":"SUM(J3601:J3602)","v":156.16971150000001}]
[{"$nulls":7},"Subtotal",null,{"$f":"J3593+J3599+J3603+J3594+J3595","v":462.03709150000003}]
[null,"E - TEMPO FIXO",null,"Código","Quantidade","Unidade",null,"Custo Unitário","Custo Unitário"]
[null,"M1097","Pedra de mão ou rachão",5914647,1.8,"t",null,1.85,null,{"$f":"ROUNDDOWN(E3606*H3606,4)","v":3.33}]
[null,"-",0,"-",null,0,null,0,null,{"$f":"ROUNDDOWN(E3607*H3607,4)","v":0}]
[null,null,null,"Custo unitário total de tempo fixo",{"$nulls":5},{"$f":"SUM(J3606:J3607)","v":3.33}]
[null,"F - MOMENTO DE TRANSPORTE",null,"Quantidade","Unidade","DMT",null,null,null,"Custo Unitário"]
[{"$nulls":5},"LN","RP","P"]
[null,"M1097","Pedra de mão ou rachão",1.8,"tkm"]
[null,"-",0,null,"tkm"]
[null,null,null,"Custo unitário total de transporte"]
[{"$nulls":5},"Custo unitário direto total",null,null,null,{"$f":"TRUNC(J3604+J3608,2)","v":465.36}]
[null,"Obs."]
[]
[119,"1ª/GRD",{"$nulls":8},{"$f":"J3653","v":5.45}]
[null,"OBRA:","EXECUÇÃO DAS OBRAS E SERVIÇOS DE CONSTRUÇÃO DE PONTES E GALERIAS, INCLUINDO A CONCLUSÃO DE ESTRUTURAS JÁ INICIADAS, LOCALIZADAS NA ÁREA DA BARRAGEM DE APROVEITAMENTO MÚLTIPLO JEQUITAÍ I, NO MUNICÍPIO DE FRANCISCO DUMONT, NO ESTADO DE MINAS GERAIS - ITEM 2: PONTE N e GALERIA O"]
[null,"Custo Unitário de Referência",null,null,"Minas Gerais"]
[{"$nulls":4}," Abril/2025 ",null,null,"Produção da equipe ",1,{"$f":"VLOOKUP(A3617,ORÇAMENTO!A:L,7,0)","v":"kg"}]
[null,"0407819a","ARMAÇÃO EM AÇO CA-50 - EXCLUSIVE FORNECIMENTO, CORTE E DOBRA",{"$nulls":5},"Valores em reais (R$)"]
[null,"A - EQUIPAMENTOS",null,"Quantidade","Utilização",null,"Custo Horário",null,null,"Custo"]
[{"$nulls":4},"Operativa","Improdutiva","Produtivo","Improdutivo",null,"Horário Total"]
[null,"-",0,1,1,0,0,0,null,{"$f":"D3624*(E3624*G3624+F3624*H3624)","v":0}]
[null,"-",0,null,null,null,0,0,null,{"$f":"D3625*(E3625*G3625+F3625*H3625)","v":0}]
[{"$nulls":7},"Custo horário total de equipamentos",null,{"$f":"SUM(J3624:J3625)","v":0}]
[null,"B - MÃO DE OBRA",null,"Quantidade","Unidade",null,"Custo Horário","Custo Horário Total"]
[null,"P9801","Ajudante",0.09,"h",null,23.715,null,null,{"$f":"D3628*G3628","v":2.13435}]
[null,"P9805","Armador",0.09,"h",null,35.150199999999998,null,null,{"$f":"D3629*G3629","v":3.1635179999999998}]
[null,null,null,"Custo horário total de mão de obra",{"$nulls":5},{"$f":"SUM(J3628:J3629)","v":5.2978679999999994}]
[null,null,null,"Custo horário total de execução",{"$nulls":5},{"$f":"J3626+J3630","v":5.2978679999999994}]
[null,null,null,"Custo unitário de execução",{"$nulls":5},{"$f":"J3631/I3620","v":5.2978679999999994}]
[{"$nulls":7},"Custo do FIC",null,0]
[{"$nulls":7},"Custo do FIT",null,0]
[null,"C - MATERIAL",null,"Quantidade","Unidade",null,"Preço Unitário","Custo Unitário"]
[null,"M0004","Aço CA 50",0,"kg",null,6.2323000000000004,"MATERIAL DISPONÍVEL NO LOCAL",null,{"$f":"D3636*G3636","v":0}]
[null,"M0075","Arame liso recozido em aço-carbono - D = 1,24 mm (18 BWG)",1.4999999999999999E-2,"kg",null,10.790100000000001,null,null,{"$f":"D3637*G3637","v":0.16185150000000001}]
[null,null,null,"Custo unitário total de material",{"$nulls":5},{"$f":"SUM(J3636:J3637)","v":0.16185150000000001}]
[null,"D - ATIVIDADES AUXILIARES",null,"Quantidade","Unidade",null,"Custo Unitário","Custo Unitário"]
[null,"-",0,null,0,null,0,null,null,{"$f":"D3640*G3640","v":0}]
[null,"-",0,null,0,null,0,null,null,{"$f":"D3641*G3641","v":0}]
[null,null,null,"Custo total de atividades auxiliares",{"$nulls":5},{"$f":"SUM(J3640:J3641)","v":0}]
[{"$nulls":7},"Subtotal",null,{"$f":"J3632+J3638+J3642+J3633+J3634","v":5.4597194999999994}]
[null,"E - TEMPO FIXO",null,"Código","Quantidade","Unidade",null,"Custo Unitário","Custo Unitário"]
[null,"M0004","Aço CA 50","-",1.1000000000000001E-3,"t",null,0,null,{"$f":"ROUNDDOWN(E3645*H3645,4)","v":0}]
[null,"M0075","Arame liso recozido em aço-carbono - D = 1,24 mm (18 BWG)","-",2.0000000000000002E-5,"t",null,0,null,{"$f":"ROUNDDOWN(E3646*H3646,4)","v":0}]
[null,null,null,"Custo unitário total de tempo fixo",{"$nulls":5},{"$f":"SUM(J3645:J3646)","v":0}]
[null,"F - MOMENTO DE TRANSPORTE",null,"Quantidade","Unidade","DMT",null,null,null,"Custo Unitário"]
[{"$nulls":5},"LN","RP","P"]
[null,"M0004","Aço CA 50",1.1000000000000001E-3,"tkm"]
[null,"M0075","Arame liso recozido em aço-carbono - D = 1,24 mm (18 BWG)",2.0000000000000002E-5,"tkm"]
[null,null,null,"Custo unitário total de transporte"]
[{"$nulls":5},"Custo unitário direto total",null,null,null,{"$f":"TRUNC(J3643+J3647,2)","v":5.45}]
[null,"Obs."]
[]
[120,"1ª/GRD",{"$nulls":8},{"$f":"J3692","v":1.35}]
[null,"OBRA:","EXECUÇÃO DAS OBRAS E SERVIÇOS DE CONSTRUÇÃO DE PONTES E GALERIAS, INCLUINDO A CONCLUSÃO DE ESTRUTURAS JÁ INICIADAS, LOCALIZADAS NA ÁREA DA BARRAGEM DE APROVEITAMENTO MÚLTIPLO JEQUITAÍ I, NO MUNICÍPIO DE FRANCISCO DUMONT, NO ESTADO DE MINAS GERAIS - ITEM 2: PONTE N e GALERIA O"]
[null,"Custo Unitário de Referência",null,null,"Minas Gerais"]
[{"$nulls":4}," Abril/2025 ",null,null,"Produção da equipe ",220.14,{"$f":"VLOOKUP(A3656,ORÇAMENTO!A:L,7,0)","v":"txkm"}]
[null,"5914583","TRANSPORTE COM CAMINHÃO CARROCERIA COM GUINDAUTO DE 10 t.m - RODOVIA PAVIMENTADA",{"$nulls":5},"Valores em reais (R$)"]
[null,"A - EQUIPAMENTOS",null,"Quantidade","Utilização",null,"Custo Horário",null,null,"Custo"]
[{"$nulls":4},"Operativa","Improdutiva","Produtivo","Improdutivo",null,"Horário Total"]
[null,"E9690","Caminhão guindauto com cesto aéreo simples e capacidade de elevação de 5,7 t e carroceria de 8,5 t - 136 kW",1,1,0,298.78370000000001,99.075000000000003,null,{"$f":"D3663*(E3663*G3663+F3663*H3663)","v":298.78370000000001}]
[null,"-",0,null,null,null,0,0,null,{"$f":"D3664*(E3664*G3664+F3664*H3664)","v":0}]
[{"$nulls":7},"Custo horário total de equipamentos",null,{"$f":"SUM(J3663:J3664)","v":298.78370000000001}]
[null,"B - MÃO DE OBRA",null,"Quantidade","Unidade",null,"Custo Horário","Custo Horário Total"]
[null,"-",0,null,0,null,0,null,null,{"$f":"D3667*G3667","v":0}]
[null,"-",0,null,0,null,0,null,null,{"$f":"D3668*G3668","v":0}]
[null,null,null,"Custo horário total de mão de obra",{"$nulls":5},{"$f":"SUM(J3667:J3668)","v":0}]
[null,null,null,"Custo horário total de execução",{"$nulls":5},{"$f":"J3665+J3669","v":298.78370000000001}]
[null,null,null,"Custo unitário de execução",{"$nulls":5},{"$f":"J3670/I3659","v":1.3572440265285728}]
[{"$nulls":7},"Custo do FIC",null,0]
[{"$nulls":7},"Custo do FIT",null,0]
[null,"C - MATERIAL",null,"Quantidade","Unidade",null,"Preço Unitário","Custo Unitário"]
[null,"-",0,null," - ",null,0,null,null,{"$f":"D3675*G3675","v":0}]
[null,"-",0,null," - ",null,0,null,null,{"$f":"D3676*G3676","v":0}]
[null,null,null,"Custo unitário total de material",{"$nulls":5},{"$f":"SUM(J3675:J3676)","v":0}]
[null,"D - ATIVIDADES AUXILIARES",null,"Quantidade","Unidade",null,"Custo Unitário","Custo Unitário"]
[null,"-",0,null,0,null,0,null,null,{"$f":"D3679*G3679","v":0}]
[null,"-",0,null,0,null,0,null,null,{"$f":"D3680*G3680","v":0}]
[null,null,null,"Custo total de atividades auxiliares",{"$nulls":5},{"$f":"SUM(J3679:J3680)","v":0}]
[{"$nulls":7},"Subtotal",null,{"$f":"J3671+J3677+J3681+J3672+J3673","v":1.3572440265285728}]
[null,"E - TEMPO FIXO",null,"Código","Quantidade","Unidade",null,"Custo Unitário","Custo Unitário"]
[null,"-",0,"-",null,0,null,0,null,{"$f":"ROUNDDOWN(E3684*H3684,4)","v":0}]
[null,"-",0,"-",null,0,null,0,null,{"$f":"ROUNDDOWN(E3685*H3685,4)","v":0}]
[null,null,null,"Custo unitário total de tempo fixo",{"$nulls":5},{"$f":"SUM(J3684:J3685)","v":0}]
[null,"F - MOMENTO DE TRANSPORTE",null,"Quantidade","Unidade","DMT",null,null,null,"Custo Unitário"]
[{"$nulls":5},"LN","RP","P"]
[null,"-",0,null,"tkm"]
[null,"-",0,null,"tkm"]
[null,null,null,"Custo unitário total de transporte"]
[{"$nulls":5},"Custo unitário direto total",null,null,null,{"$f":"TRUNC(J3682+J3686,2)","v":1.35}]
[null,"Obs."]
[]
[121,"1ª/GRD",{"$nulls":8},{"$f":"J3731","v":2.0699999999999998}]
[null,"OBRA:","EXECUÇÃO DAS OBRAS E SERVIÇOS DE CONSTRUÇÃO DE PONTES E GALERIAS, INCLUINDO A CONCLUSÃO DE ESTRUTURAS JÁ INICIADAS, LOCALIZADAS NA ÁREA DA BARRAGEM DE APROVEITAMENTO MÚLTIPLO JEQUITAÍ I, NO MUNICÍPIO DE FRANCISCO DUMONT, NO ESTADO DE MINAS GERAIS - ITEM 2: PONTE N e GALERIA O"]
[null,"Custo Unitário de Referência",null,null,"Minas Gerais"]
[{"$nulls":4}," Abril/2025 ",null,null,"Produção da equipe ",146.76,{"$f":"VLOOKUP(A3695,ORÇAMENTO!A:L,7,0)","v":"txkm"}]
[null,"5914581","TRANSPORTE COM CAMINHÃO CARROCERIA COM GUINDAUTO DE 10 t.m - RODOVIA LEITO NATURAL",{"$nulls":5},"Valores em reais (R$)"]
[null,"A - EQUIPAMENTOS",null,"Quantidade","Utilização",null,"Custo Horário",null,null,"Custo"]
[{"$nulls":4},"Operativa","Improdutiva","Produtivo","Improdutivo",null,"Horário Total"]
[null,"E9690","Caminhão guindauto com cesto aéreo simples e capacidade de elevação de 5,7 t e carroceria de 8,5 t - 136 kW",1,1,0,298.78370000000001,99.075000000000003,null,{"$f":"D3702*(E3702*G3702+F3702*H3702)","v":298.78370000000001}]
[null,"-",0,null,null,null,0,0,null,{"$f":"D3703*(E3703*G3703+F3703*H3703)","v":0}]
[{"$nulls":7},"Custo horário total de equipamentos",null,{"$f":"SUM(J3702:J3703)","v":298.78370000000001}]
[null,"B - MÃO DE OBRA",null,"Quantidade","Unidade",null,"Custo Horário","Custo Horário Total"]
[null,"-",0,null,0,null,0,null,null,{"$f":"D3706*G3706","v":0}]
[null,"-",0,null,0,null,0,null,null,{"$f":"D3707*G3707","v":0}]
[null,null,null,"Custo horário total de mão de obra",{"$nulls":5},{"$f":"SUM(J3706:J3707)","v":0}]
[null,null,null,"Custo horário total de execução",{"$nulls":5},{"$f":"J3704+J3708","v":298.78370000000001}]
[null,null,null,"Custo unitário de execução",{"$nulls":5},{"$f":"J3709/I3698","v":2.0358660397928592}]
[{"$nulls":7},"Custo do FIC",null,3.9300000000000002E-2]
[{"$nulls":7},"Custo do FIT",null,0]
[null,"C - MATERIAL",null,"Quantidade","Unidade",null,"Preço Unitário","Custo Unitário"]
[null,"-",0,null," - ",null,0,null,null,{"$f":"D3714*G3714","v":0}]
[null,"-",0,null," - ",null,0,null,null,{"$f":"D3715*G3715","v":0}]
[null,null,null,"Custo unitário total de material",{"$nulls":5},{"$f":"SUM(J3714:J3715)","v":0}]
[null,"D - ATIVIDADES AUXILIARES",null,"Quantidade","Unidade",null,"Custo Unitário","Custo Unitário"]
[null,"-",0,null,0,null,0,null,null,{"$f":"D3718*G3718","v":0}]
[null,"-",0,null,0,null,0,null,null,{"$f":"D3719*G3719","v":0}]
[null,null,null,"Custo total de atividades auxiliares",{"$nulls":5},{"$f":"SUM(J3718:J3719)","v":0}]
[{"$nulls":7},"Subtotal",null,{"$f":"J3710+J3716+J3720+J3711+J3712","v":2.0751660397928591}]
[null,"E - TEMPO FIXO",null,"Código","Quantidade","Unidade",null,"Custo Unitário","Custo Unitário"]
[null,"-",0,"-",null,0,null,0,null,{"$f":"ROUNDDOWN(E3723*H3723,4)","v":0}]
[null,"-",0,"-",null,0,null,0,null,{"$f":"ROUNDDOWN(E3724*H3724,4)","v":0}]
[null,null,null,"Custo unitário total de tempo fixo",{"$nulls":5},{"$f":"SUM(J3723:J3724)","v":0}]
[null,"F - MOMENTO DE TRANSPORTE",null,"Quantidade","Unidade","DMT",null,null,null,"Custo Unitário"]
[{"$nulls":5},"LN","RP","P"]
[null,"-",0,null,"tkm"]
[null,"-",0,null,"tkm"]
[null,null,null,"Custo unitário total de transporte"]
[{"$nulls":5},"Custo unitário direto total",null,null,null,{"$f":"TRUNC(J3721+J3725,2)","v":2.0699999999999998}]
[null,"Obs."]
[]
[122,"1ª/GRD",{"$nulls":8},{"$f":"J3771","v":819.02}]
[null,"OBRA:","EXECUÇÃO DAS OBRAS E SERVIÇOS DE CONSTRUÇÃO DE PONTES E GALERIAS, INCLUINDO A CONCLUSÃO DE ESTRUTURAS JÁ INICIADAS, LOCALIZADAS NA ÁREA DA BARRAGEM DE APROVEITAMENTO MÚLTIPLO JEQUITAÍ I, NO MUNICÍPIO DE FRANCISCO DUMONT, NO ESTADO DE MINAS GERAIS - ITEM 2: PONTE N e GALERIA O"]
[null,"Custo Unitário de Referência",null,null,"Minas Gerais"]
[{"$nulls":4}," Abril/2025 ",null,null,"Produção da equipe ",2.0750000000000002,{"$f":"VLOOKUP(A3734,ORÇAMENTO!A:L,7,0)","v":"m"}]
[null,"804180a","CORPO DE BDTC ø 600 - AREIA, BRITA E PEDRA DE MÃO COMERCIAIS",{"$nulls":5},"Valores em reais (R$)"]
[null,"A - EQUIPAMENTOS",null,"Quantidade","Utilização",null,"Custo Horário",null,null,"Custo"]
[{"$nulls":4},"Operativa","Improdutiva","Produtivo","Improdutivo",null,"Horário Total"]
[null,"E9686","Caminhão guindauto com capacidade de elevação de 6,2 t e carroceria de 7 t - 136 kW",1,1,0,321.74520000000001,111.5652,null,{"$f":"D3741*(E3741*G3741+F3741*H3741)","v":321.74520000000001}]
[null,"-",0,null,null,null,0,0,null,{"$f":"D3742*(E3742*G3742+F3742*H3742)","v":0}]
[{"$nulls":7},"Custo horário total de equipamentos",null,{"$f":"SUM(J3741:J3742)","v":321.74520000000001}]
[null,"B - MÃO DE OBRA",null,"Quantidade","Unidade",null,"Custo Horário","Custo Horário Total"]
[null,"P9824","Servente",3,"h",null,21.684899999999999,null,null,{"$f":"D3745*G3745","v":65.054699999999997}]
[null,"-",0,null,0,null,0,null,null,{"$f":"D3746*G3746","v":0}]
[null,null,null,"Custo horário total de mão de obra",{"$nulls":5},{"$f":"SUM(J3745:J3746)","v":65.054699999999997}]
[null,null,null,"Custo horário total de execução",{"$nulls":5},{"$f":"J3743+J3747","v":386.79989999999998}]
[null,null,null,"Custo unitário de execução",{"$nulls":5},{"$f":"J3748/I3737","v":186.40959036144577}]
[{"$nulls":7},"Custo do FIC",null,0]
[{"$nulls":7},"Custo do FIT",null,0]
[null,"C - MATERIAL",null,"Quantidade","Unidade",null,"Preço Unitário","Custo Unitário"]
[null,"M2167","Tubo de concreto armado PA1 - D = 0,60 m",2,"m",null,211.9,null,null,{"$f":"D3753*G3753","v":423.8}]
[null,"-",0,null," - ",null,0,null,null,{"$f":"D3754*G3754","v":0}]
[null,null,null,"Custo unitário total de material",{"$nulls":5},{"$f":"SUM(J3753:J3754)","v":423.8}]
[null,"D - ATIVIDADES AUXILIARES",null,"Quantidade","Unidade",null,"Custo Unitário","Custo Unitário"]
[null,1109670,"Argamassa de cimento e areia 1:4 - confecção em betoneira e lançamento manual - areia extraída",1.1010000000000001E-2,"m³",null,302.89999999999998,null,null,{"$f":"D3757*G3757","v":3.3349289999999998}]
[null,1106164,"Concreto ciclópico fck = 20 MPa - confecção em betoneira e lançamento manual - areia extraída, brita e pedra de mão produzidas",0.61599999999999999,"m³",null,247.42,null,null,{"$f":"D3758*G3758","v":152.41072}]
[null,3103302,"Fôrmas de tábuas de pinho para dispositivos de drenagem - utilização de 3 vezes - confecção, instalação e retirada",0.7,"m²",null,75.819999999999993,null,null,{"$f":"D3759*G3759","v":53.073999999999991}]
[null,null,null,"Custo total de atividades auxiliares",{"$nulls":5},{"$f":"SUM(J3757:J3759)","v":208.81964899999997}]
[{"$nulls":7},"Subtotal",null,{"$f":"J3749+J3755+J3760+J3750+J3751","v":819.02923936144566}]
[null,"E - TEMPO FIXO",null,"Código","Quantidade","Unidade",null,"Custo Unitário","Custo Unitário"]
[null,"-",0,"-",null,0,null,0,null,{"$f":"ROUNDDOWN(E3763*H3763,4)","v":0}]
[null,"-",0,"-",null,0,null,0,null,{"$f":"ROUNDDOWN(E3764*H3764,4)","v":0}]
[null,null,null,"Custo unitário total de tempo fixo",{"$nulls":5},{"$f":"SUM(J3763:J3764)","v":0}]
[null,"F - MOMENTO DE TRANSPORTE",null,"Quantidade","Unidade","DMT",null,null,null,"Custo Unitário"]
[{"$nulls":5},"LN","RP","P"]
[null,"M2171","Tubo de concreto armado PA1 - D = 0,80 m",1.06986,"tkm"]
[null,"-",0,null,"tkm"]
[null,null,null,"Custo unitário total de transporte"]
[{"$nulls":5},"Custo unitário direto total",null,null,null,{"$f":"TRUNC(J3761+J3765,2)","v":819.02}]
[null,"Obs."]
[]
[123,"1ª/GRD",{"$nulls":8},{"$f":"J3810","v":1397.77}]
[null,"OBRA:","EXECUÇÃO DAS OBRAS E SERVIÇOS DE CONSTRUÇÃO DE PONTES E GALERIAS, INCLUINDO A CONCLUSÃO DE ESTRUTURAS JÁ INICIADAS, LOCALIZADAS NA ÁREA DA BARRAGEM DE APROVEITAMENTO MÚLTIPLO JEQUITAÍ I, NO MUNICÍPIO DE FRANCISCO DUMONT, NO ESTADO DE MINAS GERAIS - ITEM 2: PONTE N e GALERIA O"]
[null,"Custo Unitário de Referência",null,null,"Minas Gerais"]
[{"$nulls":4}," Abril/2025 ",null,null,"Produção da equipe ",1,{"$f":"VLOOKUP(A3774,ORÇAMENTO!A:L,7,0)","v":"unid."}]
[null,"804213a","BOCA DE BDTC ø 60 - AREIA E BRITA COMERCIAIS",{"$nulls":5},"Valores em reais (R$)"]
[null,"A - EQUIPAMENTOS",null,"Quantidade","Utilização",null,"Custo Horário",null,null,"Custo"]
[{"$nulls":4},"Operativa","Improdutiva","Produtivo","Improdutivo",null,"Horário Total"]
[null,"-",0,null,null,null,0,0,null,{"$f":"D3781*(E3781*G3781+F3781*H3781)","v":0}]
[null,"-",0,null,null,null,0,0,null,{"$f":"D3782*(E3782*G3782+F3782*H3782)","v":0}]
[{"$nulls":7},"Custo horário total de equipamentos",null,{"$f":"SUM(J3781:J3782)","v":0}]
[null,"B - MÃO DE OBRA",null,"Quantidade","Unidade",null,"Custo Horário","Custo Horário Total"]
[null,"-",0,null,0,null,0,null,null,{"$f":"D3785*G3785","v":0}]
[null,"-",0,null,0,null,0,null,null,{"$f":"D3786*G3786","v":0}]
[null,null,null,"Custo horário total de mão de obra",{"$nulls":5},{"$f":"SUM(J3785:J3786)","v":0}]
[null,null,null,"Custo horário total de execução",{"$nulls":5},{"$f":"J3783+J3787","v":0}]
[null,null,null,"Custo unitário de execução",{"$nulls":5},{"$f":"J3788/I3777","v":0}]
[{"$nulls":7},"Custo do FIC",null,0]
[{"$nulls":7},"Custo do FIT",null,0]
[null,"C - MATERIAL",null,"Quantidade","Unidade",null,"Preço Unitário","Custo Unitário"]
[null,"-",0,null," - ",null,0,null,null,{"$f":"D3793*G3793","v":0}]
[null,"-",0,null," - ",null,0,null,null,{"$f":"D3794*G3794","v":0}]
[null,null,null,"Custo unitário total de material",{"$nulls":5},{"$f":"SUM(J3793:J3794)","v":0}]
[null,"D - ATIVIDADES AUXILIARES",null,"Quantidade","Unidade",null,"Custo Unitário","Custo Unitário"]
[null,1107892,"Concreto fck = 20 MPa - confecção em betoneira e lançamento manual - areia e brita comerciais",1.8069999999999999,"m³",null,477.72,null,null,{"$f":"D3797*G3797","v":863.24004000000002}]
[null,3103302,"Fôrmas de tábuas de pinho para dispositivos de drenagem - utilização de 3 vezes - confecção, instalação e retirada",7.05,"m²",null,75.819999999999993,null,null,{"$f":"D3798*G3798","v":534.53099999999995}]
[null,null,null,"Custo total de atividades auxiliares",{"$nulls":5},{"$f":"SUM(J3797:J3798)","v":1397.7710400000001}]
[{"$nulls":7},"Subtotal",null,{"$f":"J3789+J3795+J3799+J3790+J3791","v":1397.7710400000001}]
[null,"E - TEMPO FIXO",null,"Código","Quantidade","Unidade",null,"Custo Unitário","Custo Unitário"]
[null,"-",0,"-",null,0,null,0,null,{"$f":"ROUNDDOWN(E3802*H3802,4)","v":0}]
[null,"-",0,"-",null,0,null,0,null,{"$f":"ROUNDDOWN(E3803*H3803,4)","v":0}]
[null,null,null,"Custo unitário total de tempo fixo",{"$nulls":5},{"$f":"SUM(J3802:J3803)","v":0}]
[null,"F - MOMENTO DE TRANSPORTE",null,"Quantidade","Unidade","DMT",null,null,null,"Custo Unitário"]
[{"$nulls":5},"LN","RP","P"]
[null,"-",0,null,"tkm"]
[null,"-",0,null,"tkm"]
[null,null,null,"Custo unitário total de transporte"]
[{"$nulls":5},"Custo unitário direto total",null,null,null,{"$f":"TRUNC(J3800+J3804,2)","v":1397.77}]
[null,"Obs."]
[]
[124,"1ª/GRD",{"$nulls":8},{"$f":"J3853","v":15.35}]
[null,"OBRA:","EXECUÇÃO DAS OBRAS E SERVIÇOS DE CONSTRUÇÃO DE PONTES E GALERIAS, INCLUINDO A CONCLUSÃO DE ESTRUTURAS JÁ INICIADAS, LOCALIZADAS NA ÁREA DA BARRAGEM DE APROVEITAMENTO MÚLTIPLO JEQUITAÍ I, NO MUNICÍPIO DE FRANCISCO DUMONT, NO ESTADO DE MINAS GERAIS - ITEM 2: PONTE N e GALERIA O"]
[null,"Custo Unitário de Referência",null,null,"Minas Gerais"]
[{"$nulls":4}," Abril/2025 ",null,null,"Produção da equipe ",134.56,{"$f":"VLOOKUP(A3813,ORÇAMENTO!A:L,7,0)","v":"m³"}]
[null,"4015612","EXECUÇÃO DE REVESTIMENTO PRIMÁRIO COM MATERIAL DE JAZIDA",{"$nulls":5},"Valores em reais (R$)"]
[null,"A - EQUIPAMENTOS",null,"Quantidade","Utilização",null,"Custo Horário",null,null,"Custo"]
[{"$nulls":4},"Operativa","Improdutiva","Produtivo","Improdutivo",null,"Horário Total"]
[null,"E9571","Caminhão tanque com capacidade de 10.000 l - 188 kW",1,0.74,0.26,358.54259999999999,97.3673,null,{"$f":"D3820*(E3820*G3820+F3820*H3820)","v":290.637022}]
[null,"E9518","Grade de 24 discos rebocável de D = 60 cm (24\")",1,0.41,0.59000000000000008,4.9439000000000002,3.4428000000000001,null,{"$f":"D3821*(E3821*G3821+F3821*H3821)","v":4.0582510000000003}]
[null,"E9524","Motoniveladora - 93 kW",1,0.59,0.41000000000000003,342.05520000000001,150.57470000000001,null,263.54819500000002]
[null,"E9762","Rolo compactador de pneus autopropelido de 27 t - 85 kW",1,0.96,4.0000000000000036E-2,331.78800000000001,164.60919999999999,null,325.10084799999998]
[null,"E9685","Rolo compactador pé de carneiro vibratório autopropelido por pneus de 11,6 t - 82 kW",1,1,0,248.25219999999999,114.1401,null,248.25219999999999]
[null,"E9577","Trator agrícola sobre pneus - 77 kW",1,0.41,0.59000000000000008,178.655,70.547200000000004,null,114.871398]
[{"$nulls":7},"Custo horário total de equipamentos",null,{"$f":"SUM(J3820:J3825)","v":1246.4679139999998}]
[null,"B - MÃO DE OBRA",null,"Quantidade","Unidade",null,"Custo Horário","Custo Horário Total"]
[null,"P9824","Servente",1,"h",null,21.684899999999999,null,null,{"$f":"D3828*G3828","v":21.684899999999999}]
[null,"-",0,null,0,null,0,null,null,{"$f":"D3829*G3829","v":0}]
[null,null,null,"Custo horário total de mão de obra",{"$nulls":5},{"$f":"SUM(J3828:J3829)","v":21.684899999999999}]
[null,null,null,"Custo horário total de execução",{"$nulls":5},{"$f":"J3826+J3830","v":1268.1528139999998}]
[null,null,null,"Custo unitário de execução",{"$nulls":5},{"$f":"J3831/I3816","v":9.4244412455410203}]
[{"$nulls":7},"Custo do FIC",null,0.19120000000000001]
[{"$nulls":7},"Custo do FIT",null,0]
[null,"C - MATERIAL",null,"Quantidade","Unidade",null,"Preço Unitário","Custo Unitário"]
[null,"-",0,null," - ",null,0,null,null,{"$f":"D3836*G3836","v":0}]
[null,"-",0,null," - ",null,0,null,null,{"$f":"D3837*G3837","v":0}]
[null,null,null,"Custo unitário total de material",{"$nulls":5},{"$f":"SUM(J3836:J3837)","v":0}]
[null,"D - ATIVIDADES AUXILIARES",null,"Quantidade","Unidade",null,"Custo Unitário","Custo Unitário"]
[null,4016096,"Escavação e carga de material de jazida com escavadeira hidráulica de 1,56 m³",1.1002700000000001,"m³",null,1.62,null,null,{"$f":"D3840*G3840","v":1.7824374000000003}]
[null,"-",0,null,0,null,0,null,null,{"$f":"D3841*G3841","v":0}]
[null,null,null,"Custo total de atividades auxiliares",{"$nulls":5},{"$f":"SUM(J3840:J3841)","v":1.7824374000000003}]
[{"$nulls":7},"Subtotal",null,{"$f":"J3832+J3838+J3842+J3833+J3834","v":11.398078645541021}]
[null,"E - TEMPO FIXO",null,"Código","Quantidade","Unidade",null,"Custo Unitário","Custo Unitário"]
[null,4016096,"Escavação e carga de material de jazida com escavadeira hidráulica de 1,56 m³",5914354,2.0630099999999998,"t",null,1.92,null,{"$f":"ROUNDDOWN(E3845*H3845,4)","v":3.9609000000000001}]
[null,"-",0,"-",null,0,null,0,null,{"$f":"ROUNDDOWN(E3846*H3846,4)","v":0}]
[null,null,null,"Custo unitário total de tempo fixo",{"$nulls":5},{"$f":"SUM(J3845:J3846)","v":3.9609000000000001}]
[null,"F - MOMENTO DE TRANSPORTE",null,"Quantidade","Unidade","DMT",null,null,null,"Custo Unitário"]
[{"$nulls":5},"LN","RP","P"]
[null,4016096,"Escavação e carga de material de jazida com escavadeira hidráulica de 1,56 m³",2.0630099999999998,"tkm"]
[null,"-",0,null,"tkm"]
[null,null,null,"Custo unitário total de transporte"]
[{"$nulls":5},"Custo unitário direto total",null,null,null,{"$f":"TRUNC(J3843+J3847,2)","v":15.35}]
[null,"Obs."]
[]
[125,"1ª/GRD",{"$nulls":8},{"$f":"J3894","v":3.39}]
[null,"OBRA:","EXECUÇÃO DAS OBRAS E SERVIÇOS DE CONSTRUÇÃO DE PONTES E GALERIAS, INCLUINDO A CONCLUSÃO DE ESTRUTURAS JÁ INICIADAS, LOCALIZADAS NA ÁREA DA BARRAGEM DE APROVEITAMENTO MÚLTIPLO JEQUITAÍ I, NO MUNICÍPIO DE FRANCISCO DUMONT, NO ESTADO DE MINAS GERAIS - ITEM 2: PONTE N e GALERIA O"]
[null,"Custo Unitário de Referência",null,null,"Minas Gerais"]
[{"$nulls":4}," Abril/2025 ",null,null,"Produção da equipe ",1,{"$f":"VLOOKUP(A3856,ORÇAMENTO!A:L,7,0)","v":"unid."}]
[null,"5212559","PLACA DE SINALIZAÇÃO DE OBRAS, MONTADA EM SUPORTE METÁLICO MÓVEL, R2 LADO 1,00M - FORNECIMENTO, 01 IMPLANTAÇÃO E 01 RETIRADA DIÁRIA",{"$nulls":5},"Valores em reais (R$)"]
[null,"A - EQUIPAMENTOS",null,"Quantidade","Utilização",null,"Custo Horário",null,null,"Custo"]
[{"$nulls":4},"Operativa","Improdutiva","Produtivo","Improdutivo",null,"Horário Total"]
[null,"-",0,null,null,null,0,0,null,{"$f":"D3863*(E3863*G3863+F3863*H3863)","v":0}]
[null,"-",0,null,null,null,0,0,null,{"$f":"D3864*(E3864*G3864+F3864*H3864)","v":0}]
[{"$nulls":7},"Custo horário total de equipamentos",null,{"$f":"SUM(J3863:J3864)","v":0}]
[null,"B - MÃO DE OBRA",null,"Quantidade","Unidade",null,"Custo Horário","Custo Horário Total"]
[null,"-",0,null,0,null,0,null,null,{"$f":"D3867*G3867","v":0}]
[null,"-",0,null,0,null,0,null,null,{"$f":"D3868*G3868","v":0}]
[null,null,null,"Custo horário total de mão de obra",{"$nulls":5},{"$f":"SUM(J3867:J3868)","v":0}]
[null,null,null,"Custo horário total de execução",{"$nulls":5},{"$f":"J3865+J3869","v":0}]
[null,null,null,"Custo unitário de execução",{"$nulls":5},{"$f":"J3870/I3859","v":0}]
[{"$nulls":7},"Custo do FIC",null,0]
[{"$nulls":7},"Custo do FIT",null,0]
[null,"C - MATERIAL",null,"Quantidade","Unidade",null,"Preço Unitário","Custo Unitário"]
[null,"M0789","Conjunto para fixação de placas em aço galvanizado composto por barra chata, abraçadeira, parafusos, porcas e arruelas",1.16E-3,"kg",null,35.537799999999997,null,null,{"$f":"D3875*G3875","v":4.1223847999999993E-2}]
[null,"-",0,null," - ",null,0,null,null,{"$f":"D3876*G3876","v":0}]
[null,null,null,"Custo unitário total de material",{"$nulls":5},{"$f":"SUM(J3875:J3876)","v":4.1223847999999993E-2}]
[null,"D - ATIVIDADES AUXILIARES",null,"Quantidade","Unidade",null,"Custo Unitário","Custo Unitário"]
[null,5213416,"Placa em aço nº 16 galvanizado com película retrorrefletiva tipo I + I - confecção",7.2000000000000005E-4,"m²",null,396.33,null,null,{"$f":"D3879*G3879","v":0.28535759999999999}]
[null,5219546,"Suporte metálico móvel para placa de sinalização - confecção",1.67E-3,"un",null,344.85,null,null,{"$f":"D3880*G3880","v":0.57589950000000001}]
[null,null,null,"Custo total de atividades auxiliares",{"$nulls":5},{"$f":"SUM(J3879:J3880)","v":0.8612571}]
[{"$nulls":7},"Subtotal",null,{"$f":"J3871+J3877+J3881+J3872+J3873","v":0.90248094800000001}]
[null,"E - TEMPO FIXO",null,"Código","Quantidade","Unidade",null,"Custo Unitário","Custo Unitário"]
[null,5213416,"Placa em aço nº 16 galvanizado com película retrorrefletiva tipo I + I - confecção",5914655,5.3699999999999998E-3,"t",null,33.92,null,{"$f":"ROUNDDOWN(E3884*H3884,4)","v":0.18210000000000001}]
[null,5219546,"Suporte metálico móvel para placa de sinalização - confecção",5914655,6.7379999999999995E-2,"t",null,33.92,null,{"$f":"ROUNDDOWN(E3885*H3885,4)","v":2.2854999999999999}]
[null,"M0789","Conjunto para fixação de placas em aço galvanizado composto por barra chata, abraçadeira, parafusos, porcas e arruelas",5914655,6.9999999999999999E-4,"t",null,33.92,null,{"$f":"ROUNDDOWN(E3886*H3886,4)","v":2.3699999999999999E-2}]
[null,null,null,"Custo unitário total de tempo fixo",{"$nulls":5},{"$f":"SUM(J3884:J3886)","v":2.4912999999999998}]
[null,"F - MOMENTO DE TRANSPORTE",null,"Quantidade","Unidade","DMT",null,null,null,"Custo Unitário"]
[{"$nulls":5},"LN","RP","P"]
[null,5213416,"Placa em aço nº 16 galvanizado com película retrorrefletiva tipo I + I - confecção",5.3699999999999998E-3,"tkm"]
[null,5219546,"Suporte metálico móvel para placa de sinalização - confecção",6.7379999999999995E-2,"tkm"]
[null,"M0789","Conjunto para fixação de placas em aço galvanizado composto por barra chata, abraçadeira, parafusos, porcas e arruelas",6.9999999999999999E-4,"tkm"]
[null,null,null,"Custo unitário total de transporte"]
[{"$nulls":5},"Custo unitário direto total",null,null,null,{"$f":"TRUNC(J3882+J3887,2)","v":3.39}]
[null,"Obs."]
[]
[126,"1ª/GRD",{"$nulls":8},{"$f":"J3934","v":2465.69}]
[null,"OBRA:","EXECUÇÃO DAS OBRAS E SERVIÇOS DE CONSTRUÇÃO DE PONTES E GALERIAS, INCLUINDO A CONCLUSÃO DE ESTRUTURAS JÁ INICIADAS, LOCALIZADAS NA ÁREA DA BARRAGEM DE APROVEITAMENTO MÚLTIPLO JEQUITAÍ I, NO MUNICÍPIO DE FRANCISCO DUMONT, NO ESTADO DE MINAS GERAIS - ITEM 2: PONTE N e GALERIA O"]
[null,"Custo Unitário de Referência",null,null,"Minas Gerais"]
[{"$nulls":4}," Abril/2025 ",null,null,"Produção da equipe ",1,{"$f":"VLOOKUP(A3897,ORÇAMENTO!A:L,7,0)","v":"ton"}]
[null,"FORN.0001","EMULSÃO ASFÁLTICA PARA IMPRIMAÇÃO (EAI)",{"$nulls":5},"Valores em reais (R$)"]
[null,"A - EQUIPAMENTOS",null,"Quantidade","Utilização",null,"Custo Horário",null,null,"Custo"]
[{"$nulls":4},"Operativa","Improdutiva","Produtivo","Improdutivo",null,"Horário Total"]
[null,"-",0,1,1,0,0,0,null,{"$f":"D3904*(E3904*G3904+F3904*H3904)","v":0}]
[null,"-",0,null,null,null,0,0,null,{"$f":"D3905*(E3905*G3905+F3905*H3905)","v":0}]
[{"$nulls":7},"Custo horário total de equipamentos",null,{"$f":"SUM(J3904:J3905)","v":0}]
[null,"B - MÃO DE OBRA",null,"Quantidade","Unidade",null,"Custo Horário","Custo Horário Total"]
[null,"-",0,null,0,null,0,null,null,{"$f":"D3908*G3908","v":0}]
[null,"-",0,null,0,null,0,null,null,{"$f":"D3909*G3909","v":0}]
[null,null,null,"Custo horário total de mão de obra",{"$nulls":5},{"$f":"SUM(J3908:J3909)","v":0}]
[null,null,null,"Custo horário total de execução",{"$nulls":5},{"$f":"J3906+J3910","v":0}]
[null,null,null,"Custo unitário de execução",{"$nulls":5},{"$f":"J3911/I3900","v":0}]
[{"$nulls":7},"Custo do FIC",null,0]
[{"$nulls":7},"Custo do FIT",null,0]
[null,"C - MATERIAL",null,"Quantidade","Unidade",null,"Preço Unitário","Custo Unitário"]
[null,"ANP.001","Emulsão asfáltica para imprimação - EAI - Valor ANP (ref: 01/2026)",1,"t",null,1961.5999859270555,null,null,{"$f":"D3916*G3916","v":1961.5999859270555}]
[null,"-",0,null," - ",null,0,null,null,{"$f":"D3917*G3917","v":0}]
[null,null,null,"Custo unitário total de material",{"$nulls":5},{"$f":"SUM(J3916:J3917)","v":1961.5999859270555}]
[null,"D - ATIVIDADES AUXILIARES",null,"Quantidade","Unidade",null,"Custo Unitário","Custo Unitário"]
[null,"ICMS","ICMS - Custo de incidência de imposto sobre a mercadoria",1,"unid",null,430.6,null,null,{"$f":"D3920*G3920","v":430.6}]
[null,"PIS","PIS - Custo de incidência de imposto sobre a mercadoria",1,"unid",null,60.67,null,null,{"$f":"D3921*G3921","v":60.67}]
[null,"COFINS","COFINS - Custo de incidência de imposto sobre a mercadoria",1,"unid",null,12.83,null,null,12.83]
[null,null,null,"Custo total de atividades auxiliares",{"$nulls":5},{"$f":"SUM(J3920:J3922)","v":504.1}]
[{"$nulls":7},"Subtotal",null,{"$f":"J3912+J3918+J3923+J3913+J3914","v":2465.6999859270554}]
[null,"E - TEMPO FIXO",null,"Código","Quantidade","Unidade",null,"Custo Unitário","Custo Unitário"]
[null,"-",0,"-",null,0,null,0,null,{"$f":"ROUNDDOWN(E3926*H3926,4)","v":0}]
[null,"-",0,"-",null,0,null,0,null,{"$f":"ROUNDDOWN(E3927*H3927,4)","v":0}]
[null,null,null,"Custo unitário total de tempo fixo",{"$nulls":5},{"$f":"SUM(J3926:J3927)","v":0}]
[null,"F - MOMENTO DE TRANSPORTE",null,"Quantidade","Unidade","DMT",null,null,null,"Custo Unitário"]
[{"$nulls":5},"LN","RP","P"]
[null,"-",0,null,"tkm"]
[null,"-",0,null,"tkm"]
[null,null,null,"Custo unitário total de transporte"]
[{"$nulls":5},"Custo unitário direto total",null,null,null,{"$f":"TRUNC(J3924+J3928,2)","v":2465.69}]
[null,"Obs."]
[]
[127,"1ª/GRD",{"$nulls":8},{"$f":"J3974","v":2953.58}]
[null,"OBRA:","EXECUÇÃO DAS OBRAS E SERVIÇOS DE CONSTRUÇÃO DE PONTES E GALERIAS, INCLUINDO A CONCLUSÃO DE ESTRUTURAS JÁ INICIADAS, LOCALIZADAS NA ÁREA DA BARRAGEM DE APROVEITAMENTO MÚLTIPLO JEQUITAÍ I, NO MUNICÍPIO DE FRANCISCO DUMONT, NO ESTADO DE MINAS GERAIS - ITEM 2: PONTE N e GALERIA O"]
[null,"Custo Unitário de Referência",null,null,"Minas Gerais"]
[{"$nulls":4}," Abril/2025 ",null,null,"Produção da equipe ",1,{"$f":"VLOOKUP(A3937,ORÇAMENTO!A:L,7,0)","v":"ton"}]
[null,"FORN.0002","EMULSÃO ASFÁLTICA TIPO RR-1C",{"$nulls":5},"Valores em reais (R$)"]
[null,"A - EQUIPAMENTOS",null,"Quantidade","Utilização",null,"Custo Horário",null,null,"Custo"]
[{"$nulls":4},"Operativa","Improdutiva","Produtivo","Improdutivo",null,"Horário Total"]
[null,"-",0,1,1,0,0,0,null,{"$f":"D3944*(E3944*G3944+F3944*H3944)","v":0}]
[null,"-",0,null,null,null,0,0,null,{"$f":"D3945*(E3945*G3945+F3945*H3945)","v":0}]
[{"$nulls":7},"Custo horário total de equipamentos",null,{"$f":"SUM(J3944:J3945)","v":0}]
[null,"B - MÃO DE OBRA",null,"Quantidade","Unidade",null,"Custo Horário","Custo Horário Total"]
[null,"-",0,null,0,null,0,null,null,{"$f":"D3948*G3948","v":0}]
[null,"-",0,null,0,null,0,null,null,{"$f":"D3949*G3949","v":0}]
[null,null,null,"Custo horário total de mão de obra",{"$nulls":5},{"$f":"SUM(J3948:J3949)","v":0}]
[null,null,null,"Custo horário total de execução",{"$nulls":5},{"$f":"J3946+J3950","v":0}]
[null,null,null,"Custo unitário de execução",{"$nulls":5},{"$f":"J3951/I3940","v":0}]
[{"$nulls":7},"Custo do FIC",null,0]
[{"$nulls":7},"Custo do FIT",null,0]
[null,"C - MATERIAL",null,"Quantidade","Unidade",null,"Preço Unitário","Custo Unitário"]
[null,"ANP.002","Emulsão asfáltica para pintura de ligação tipo RR-1C - Valor ANP (ref: 08/2025)",1,"t",null,2408.851047573135,null,null,{"$f":"D3956*G3956","v":2408.851047573135}]
[null,"-",0,null," - ",null,0,null,null,{"$f":"D3957*G3957","v":0}]
[null,null,null,"Custo unitário total de material",{"$nulls":5},{"$f":"SUM(J3956:J3957)","v":2408.851047573135}]
[null,"D - ATIVIDADES AUXILIARES",null,"Quantidade","Unidade",null,"Custo Unitário","Custo Unitário"]
[null,"ICMS","ICMS - Custo de incidência de imposto sobre a mercadoria",1,"unid",null,528.77,null,null,{"$f":"D3960*G3960","v":528.77}]
[null,"PIS","PIS - Custo de incidência de imposto sobre a mercadoria",1,"unid",null,74.5]
[null,"COFINS","COFINS - Custo de incidência de imposto sobre a mercadoria",1,"unid",null,15.96,null,null,{"$f":"D3962*G3962","v":15.96}]
[null,null,null,"Custo total de atividades auxiliares",{"$nulls":5},{"$f":"SUM(J3960:J3962)","v":544.73}]
[{"$nulls":7},"Subtotal",null,{"$f":"J3952+J3958+J3963+J3953+J3954","v":2953.581047573135}]
[null,"E - TEMPO FIXO",null,"Código","Quantidade","Unidade",null,"Custo Unitário","Custo Unitário"]
[null,"-",0,"-",null,0,null,0,null,{"$f":"ROUNDDOWN(E3966*H3966,4)","v":0}]
[null,"-",0,"-",null,0,null,0,null,{"$f":"ROUNDDOWN(E3967*H3967,4)","v":0}]
[null,null,null,"Custo unitário total de tempo fixo",{"$nulls":5},{"$f":"SUM(J3966:J3967)","v":0}]
[null,"F - MOMENTO DE TRANSPORTE",null,"Quantidade","Unidade","DMT",null,null,null,"Custo Unitário"]
[{"$nulls":5},"LN","RP","P"]
[null,"-",0,null,"tkm"]
[null,"-",0,null,"tkm"]
[null,null,null,"Custo unitário total de transporte"]
[{"$nulls":5},"Custo unitário direto total",null,null,null,{"$f":"TRUNC(J3964+J3968,2)","v":2953.58}]
[null,"Obs."]
[]
[128,"1ª/GRD",{"$nulls":8},{"$f":"J4013","v":693.6}]
[null,"OBRA:","EXECUÇÃO DAS OBRAS E SERVIÇOS DE CONSTRUÇÃO DE PONTES E GALERIAS, INCLUINDO A CONCLUSÃO DE ESTRUTURAS JÁ INICIADAS, LOCALIZADAS NA ÁREA DA BARRAGEM DE APROVEITAMENTO MÚLTIPLO JEQUITAÍ I, NO MUNICÍPIO DE FRANCISCO DUMONT, NO ESTADO DE MINAS GERAIS - ITEM 2: PONTE N e GALERIA O"]
[null,"Custo Unitário de Referência",null,null,"Minas Gerais"]
[{"$nulls":4}," Abril/2025 ",null,null,"Produção da equipe ",1,{"$f":"VLOOKUP(A3977,ORÇAMENTO!A:L,7,0)","v":"ton"}]
[null,"FORN.0003","CONCRETO BETUMINOSO USINADO A QUENTE - FAIXA C - COMERCIAL",{"$nulls":5},"Valores em reais (R$)"]
[null,"A - EQUIPAMENTOS",null,"Quantidade","Utilização",null,"Custo Horário",null,null,"Custo"]
[{"$nulls":4},"Operativa","Improdutiva","Produtivo","Improdutivo",null,"Horário Total"]
[null,"-",0,1,1,0,0,0,null,{"$f":"D3984*(E3984*G3984+F3984*H3984)","v":0}]
[null,"-",0,null,null,null,0,0,null,{"$f":"D3985*(E3985*G3985+F3985*H3985)","v":0}]
[{"$nulls":7},"Custo horário total de equipamentos",null,{"$f":"SUM(J3984:J3985)","v":0}]
[null,"B - MÃO DE OBRA",null,"Quantidade","Unidade",null,"Custo Horário","Custo Horário Total"]
[null,"-",0,null,0,null,0,null,null,{"$f":"D3988*G3988","v":0}]
[null,"-",0,null,0,null,0,null,null,{"$f":"D3989*G3989","v":0}]
[null,null,null,"Custo horário total de mão de obra",{"$nulls":5},{"$f":"SUM(J3988:J3989)","v":0}]
[null,null,null,"Custo horário total de execução",{"$nulls":5},{"$f":"J3986+J3990","v":0}]
[null,null,null,"Custo unitário de execução",{"$nulls":5},{"$f":"J3991/I3980","v":0}]
[{"$nulls":7},"Custo do FIC",null,0]
[{"$nulls":7},"Custo do FIT",null,0]
[null,"C - MATERIAL",null,"Quantidade","Unidade",null,"Preço Unitário","Custo Unitário"]
[null,"COT.CBUQ","Massa asfáltica comercial - Cotação em Montes Claros",1.02,"t",null,680,null,null,{"$f":"D3996*G3996","v":693.6}]
[null,"-",0,null," - ",null,0,null,null,{"$f":"D3997*G3997","v":0}]
[null,null,null,"Custo unitário total de material",{"$nulls":5},{"$f":"SUM(J3996:J3997)","v":693.6}]
[null,"D - ATIVIDADES AUXILIARES",null,"Quantidade","Unidade",null,"Custo Unitário","Custo Unitário"]
[null,"-",0,null,0,null,0,null,null,{"$f":"D4000*G4000","v":0}]
[null,"-",0,null,0,null,0,null,null,{"$f":"D4001*G4001","v":0}]
[null,null,null,"Custo total de atividades auxiliares",{"$nulls":5},{"$f":"SUM(J4000:J4001)","v":0}]
[{"$nulls":7},"Subtotal",null,{"$f":"J3992+J3998+J4002+J3993+J3994","v":693.6}]
[null,"E - TEMPO FIXO",null,"Código","Quantidade","Unidade",null,"Custo Unitário","Custo Unitário"]
[null,"-",0,"-",null,0,null,0,null,{"$f":"ROUNDDOWN(E4005*H4005,4)","v":0}]
[null,"-",0,"-",null,0,null,0,null,{"$f":"ROUNDDOWN(E4006*H4006,4)","v":0}]
[null,null,null,"Custo unitário total de tempo fixo",{"$nulls":5},{"$f":"SUM(J4005:J4006)","v":0}]
[null,"F - MOMENTO DE TRANSPORTE",null,"Quantidade","Unidade","DMT",null,null,null,"Custo Unitário"]
[{"$nulls":5},"LN","RP","P"]
[null,"-",0,null,"tkm"]
[null,"-",0,null,"tkm"]
[null,null,null,"Custo unitário total de transporte"]
[{"$nulls":5},"Custo unitário direto total",null,null,null,{"$f":"TRUNC(J4003+J4007,2)","v":693.6}]
[null,"Obs."]
[]
[129,"1ª/GRD",{"$nulls":8},{"$f":"J4057","v":189.32}]
[null,"OBRA:","EXECUÇÃO DAS OBRAS E SERVIÇOS DE CONSTRUÇÃO DE PONTES E GALERIAS, INCLUINDO A CONCLUSÃO DE ESTRUTURAS JÁ INICIADAS, LOCALIZADAS NA ÁREA DA BARRAGEM DE APROVEITAMENTO MÚLTIPLO JEQUITAÍ I, NO MUNICÍPIO DE FRANCISCO DUMONT, NO ESTADO DE MINAS GERAIS - ITEM 2: PONTE N e GALERIA O"]
[null,"Custo Unitário de Referência",null,null,"Minas Gerais"]
[{"$nulls":4}," Abril/2025 ",null,null,"Produção da equipe ",4.0670000000000002,{"$f":"VLOOKUP(A4016,ORÇAMENTO!A:L,7,0)","v":"m"}]
[null,2306065,"ESTACA RAIZ PERFURADA EM SOLO COM D = 31CM - CONFECÇÃO",{"$nulls":5},"Valores em reais (R$)"]
[null,"A - EQUIPAMENTOS",null,"Quantidade","Utilização",null,"Custo Horário",null,null,"Custo"]
[{"$nulls":4},"Operativa","Improdutiva","Produtivo","Improdutivo",null,"Horário Total"]
[null,"E9750","Bomba de injeção de argamassa com capacidade de 50 l/min",0.1225,1,0,9.9245000000000001,5.7248999999999999,null,{"$f":"D4023*(E4023*G4023+F4023*H4023)","v":1.2157512500000001}]
[null,"E9605","Caminhão tanque com capacidade de 6.000 l - 136 kW",1,0.06,0.94,279.8931,85.028800000000004,null,{"$f":"D4024*(E4024*G4024+F4024*H4024)","v":96.720658}]
[null,"E9754","Grupo gerador - 68 kVA",0.16320000000000001,1,0,70.654300000000006,9.4520999999999997,null,11.530781760000002]
[null,"E9694","Misturador de argamassa de alta turbulência com capacidade de 220 l - 13 kW",0.16320000000000001,1,0,37.491500000000002,32.509,null,6.1186128000000011]
[null,"E9642","Perfuratriz hidráulica sobre esteiras para estaca raiz - 56 kW",1,1,0,390.63420000000002,215.30789999999999,null,390.63420000000002]
[null,"E9071","Transportador manual carrinho de mão com capacidade de 80 l",0.45524999999999999,1,0,0.70299999999999996,0.47570000000000001,null,0.32004074999999998]
[{"$nulls":7},"Custo horário total de equipamentos",null,{"$f":"SUM(J4023:J4028)","v":506.54004455999996}]
[null,"B - MÃO DE OBRA",null,"Quantidade","Unidade",null,"Custo Horário","Custo Horário Total"]
[null,"P9824","Servente",4.4552500000000004,"h",null,21.684899999999999,null,null,{"$f":"D4031*G4031","v":96.611650725000004}]
[null,null,null,"Custo horário total de mão de obra",{"$nulls":5},{"$f":"SUM(J4031:J4031)","v":96.611650725000004}]
[null,null,null,"Custo horário total de execução",{"$nulls":5},{"$f":"J4029+J4032","v":603.15169528499996}]
[null,null,null,"Custo unitário de execução",{"$nulls":5},{"$f":"J4033/I4019","v":148.30383459183673}]
[{"$nulls":7},"Custo do FIC",null,0]
[{"$nulls":7},"Custo do FIT",null,0]
[null,"C - MATERIAL",null,"Quantidade","Unidade",null,"Preço Unitário","Custo Unitário"]
[null,"M0082","Areia média lavada",6.4759999999999998E-2,"m³",null,157.22040000000001,null,null,{"$f":"D4038*G4038","v":10.181593104000001}]
[null,"M0424","Cimento Portland CP II - 32 - saco",49.816800000000001,"kg",null,0.55669999999999997,null,null,{"$f":"D4039*G4039","v":27.733012559999999}]
[null,"M2320","Tubo de revestimento em aço-carbono schedule 40 para estaca raiz - ponteira schedule 80, D = 273,0 mm, peso 67 kg/m",1E-3,"m",null,1231.2641000000001,null,null,{"$f":"D4040*G4040","v":1.2312641000000002}]
[null,null,null,"Custo unitário total de material",{"$nulls":5},{"$f":"SUM(J4038:J4040)","v":39.145869763999997}]
[null,"D - ATIVIDADES AUXILIARES",null,"Quantidade","Unidade",null,"Custo Unitário","Custo Unitário"]
[null,"-",0,null,0,null,0,null,null,{"$f":"D4043*G4043","v":0}]
[null,null,null,"Custo total de atividades auxiliares",{"$nulls":5},{"$f":"SUM(J4043:J4043)","v":0}]
[{"$nulls":7},"Subtotal",null,{"$f":"J4034+J4041+J4044+J4035+J4036","v":187.44970435583673}]
[null,"E - TEMPO FIXO",null,"Código","Quantidade","Unidade",null,"Custo Unitário","Custo Unitário"]
[null,"M0082","Areia média lavada",5914647,9.7140000000000004E-2,"t",null,1.85,null,{"$f":"ROUNDDOWN(E4047*H4047,4)","v":0.1797}]
[null,"M0424","Cimento Portland CP II - 32 - saco",5914655,4.9820000000000003E-2,"t",null,33.92,null,{"$f":"ROUNDDOWN(E4048*H4048,4)","v":1.6898}]
[null,"M2320","Tubo de revestimento em aço-carbono schedule 40 para estaca raiz - ponteira schedule 80, D = 273,0 mm, peso 67 kg/m",5914655,6.9999999999999994E-5,"t",null,33.92,null,{"$f":"ROUNDDOWN(E4049*H4049,4)","v":2.3E-3}]
[null,null,null,"Custo unitário total de tempo fixo",{"$nulls":5},{"$f":"SUM(J4047:J4049)","v":1.8717999999999999}]
[null,"F - MOMENTO DE TRANSPORTE",null,"Quantidade","Unidade","DMT",null,null,null,"Custo Unitário"]
[{"$nulls":5},"LN","RP","P"]
[null,"M0082","Areia média lavada",9.7140000000000004E-2,"tkm"]
[null,"M0424","Cimento Portland CP II - 32 - saco",4.9820000000000003E-2,"tkm"]
[null,"M2320","Tubo de revestimento em aço-carbono schedule 40 para estaca raiz - ponteira schedule 80, D = 273,0 mm, peso 67 kg/m",6.9999999999999994E-5,"tkm"]
[null,null,null,"Custo unitário total de transporte"]
[{"$nulls":5},"Custo unitário direto total",null,null,null,{"$f":"TRUNC(J4045+J4050,2)","v":189.32}]
[null,"Obs."]
[]
[130,"1ª/GRD",{"$nulls":8},{"$f":"J4101","v":263.95999999999998}]
[null,"OBRA:","EXECUÇÃO DAS OBRAS E SERVIÇOS DE CONSTRUÇÃO DE PONTES E GALERIAS, INCLUINDO A CONCLUSÃO DE ESTRUTURAS JÁ INICIADAS, LOCALIZADAS NA ÁREA DA BARRAGEM DE APROVEITAMENTO MÚLTIPLO JEQUITAÍ I, NO MUNICÍPIO DE FRANCISCO DUMONT, NO ESTADO DE MINAS GERAIS - ITEM 2: PONTE N e GALERIA O"]
[null,"Custo Unitário de Referência",null,null,"Minas Gerais"]
[{"$nulls":4}," Abril/2025 ",null,null,"Produção da equipe ",3.1539999999999999,{"$f":"VLOOKUP(A4060,ORÇAMENTO!A:L,7,0)","v":"m"}]
[null,2306066,"ESTACA RAIZ PERFURADA EM SOLO COM D = 40CM - CONFECÇÃO",{"$nulls":5},"Valores em reais (R$)"]
[null,"A - EQUIPAMENTOS",null,"Quantidade","Utilização",null,"Custo Horário",null,null,"Custo"]
[{"$nulls":4},"Operativa","Improdutiva","Produtivo","Improdutivo",null,"Horário Total"]
[null,"E9750","Bomba de injeção de argamassa com capacidade de 50 l/min",0.15962000000000001,1,0,9.9245000000000001,5.7248999999999999,null,{"$f":"D4067*(E4067*G4067+F4067*H4067)","v":1.5841486900000001}]
[null,"E9605","Caminhão tanque com capacidade de 6.000 l - 136 kW",1,7.0000000000000007E-2,0.93,279.8931,85.028800000000004,null,{"$f":"D4068*(E4068*G4068+F4068*H4068)","v":98.669301000000004}]
[null,"E9754","Grupo gerador - 68 kVA",0.25830999999999998,1,0,70.654300000000006,9.4520999999999997,null,18.250712233000002]
[null,"E9694","Misturador de argamassa de alta turbulência com capacidade de 220 l - 13 kW",0.25830999999999998,1,0,37.491500000000002,32.509,null,9.6844293649999997]
[null,"E9642","Perfuratriz hidráulica sobre esteiras para estaca raiz - 56 kW",1,1,0,390.63420000000002,215.30789999999999,null,390.63420000000002]
[null,"E9071","Transportador manual carrinho de mão com capacidade de 80 l",0.58779999999999999,1,0,0.70299999999999996,0.47570000000000001,null,0.41322339999999996]
[{"$nulls":7},"Custo horário total de equipamentos",null,{"$f":"SUM(J4067:J4072)","v":519.23601468799995}]
[null,"B - MÃO DE OBRA",null,"Quantidade","Unidade",null,"Custo Horário","Custo Horário Total"]
[null,"P9824","Servente",4.5877999999999997,"h",null,21.684899999999999,null,null,{"$f":"D4075*G4075","v":99.485984219999992}]
[null,null,null,"Custo horário total de mão de obra",{"$nulls":5},{"$f":"SUM(J4075:J4075)","v":99.485984219999992}]
[null,null,null,"Custo horário total de execução",{"$nulls":5},{"$f":"J4073+J4076","v":618.72199890799993}]
[null,null,null,"Custo unitário de execução",{"$nulls":5},{"$f":"J4077/I4063","v":196.17057669879517}]
[{"$nulls":7},"Custo do FIC",null,0]
[{"$nulls":7},"Custo do FIT",null,0]
[null,"C - MATERIAL",null,"Quantidade","Unidade",null,"Preço Unitário","Custo Unitário"]
[null,"M0082","Areia média lavada",0.10782,"m³",null,157.22040000000001,null,null,{"$f":"D4082*G4082","v":16.951503528}]
[null,"M0424","Cimento Portland CP II - 32 - saco",82.935599999999994,"kg",null,0.55669999999999997,null,null,{"$f":"D4083*G4083","v":46.170248519999994}]
[null,"M2321","Tubo de revestimento em aço-carbono schedule 40 para estaca raiz - ponteira schedule 80, D = 323,8 mm, peso 90 kg/m",1E-3,"m",null,1559.1168,null,null,{"$f":"D4084*G4084","v":1.5591168}]
[null,null,null,"Custo unitário total de material",{"$nulls":5},{"$f":"SUM(J4082:J4084)","v":64.680868847999989}]
[null,"D - ATIVIDADES AUXILIARES",null,"Quantidade","Unidade",null,"Custo Unitário","Custo Unitário"]
[null,"-",0,null,0,null,0,null,null,{"$f":"D4087*G4087","v":0}]
[null,null,null,"Custo total de atividades auxiliares",{"$nulls":5},{"$f":"SUM(J4087:J4087)","v":0}]
[{"$nulls":7},"Subtotal",null,{"$f":"J4078+J4085+J4088+J4079+J4080","v":260.85144554679516}]
[null,"E - TEMPO FIXO",null,"Código","Quantidade","Unidade",null,"Custo Unitário","Custo Unitário"]
[null,"M0082","Areia média lavada",5914647,0.16173000000000001,"t",null,1.85,null,{"$f":"ROUNDDOWN(E4091*H4091,4)","v":0.29920000000000002}]
[null,"M0424","Cimento Portland CP II - 32 - saco",5914655,8.294E-2,"t",null,33.92,null,{"$f":"ROUNDDOWN(E4092*H4092,4)","v":2.8132999999999999}]
[null,"M2321","Tubo de revestimento em aço-carbono schedule 40 para estaca raiz - ponteira schedule 80, D = 323,8 mm, peso 90 kg/m",5914655,9.0000000000000006E-5,"t",null,33.92,null,{"$f":"ROUNDDOWN(E4093*H4093,4)","v":3.0000000000000001E-3}]
[null,null,null,"Custo unitário total de tempo fixo",{"$nulls":5},{"$f":"SUM(J4091:J4093)","v":3.1154999999999999}]
[null,"F - MOMENTO DE TRANSPORTE",null,"Quantidade","Unidade","DMT",null,null,null,"Custo Unitário"]
[{"$nulls":5},"LN","RP","P"]
[null,"M0082","Areia média lavada",0.16173000000000001,"tkm"]
[null,"M0424","Cimento Portland CP II - 32 - saco",8.294E-2,"tkm"]
[null,"M2321","Tubo de revestimento em aço-carbono schedule 40 para estaca raiz - ponteira schedule 80, D = 323,8 mm, peso 90 kg/m",9.0000000000000006E-5,"tkm"]
[null,null,null,"Custo unitário total de transporte"]
[{"$nulls":5},"Custo unitário direto total",null,null,null,{"$f":"TRUNC(J4089+J4094,2)","v":263.95999999999998}]
[null,"Obs."]
[]
[131,"1ª/GRD",{"$nulls":8},{"$f":"J4141","v":257.7}]
[null,"OBRA:","EXECUÇÃO DAS OBRAS E SERVIÇOS DE CONSTRUÇÃO DE PONTES E GALERIAS, INCLUINDO A CONCLUSÃO DE ESTRUTURAS JÁ INICIADAS, LOCALIZADAS NA ÁREA DA BARRAGEM DE APROVEITAMENTO MÚLTIPLO JEQUITAÍ I, NO MUNICÍPIO DE FRANCISCO DUMONT, NO ESTADO DE MINAS GERAIS - ITEM 2: PONTE N e GALERIA O"]
[null,"Custo Unitário de Referência",null,null,"Minas Gerais"]
[{"$nulls":4}," Abril/2025 ",null,null,"Produção da equipe ",0.45865,{"$f":"VLOOKUP(A4104,ORÇAMENTO!A:L,7,0)","v":"m³"}]
[null,2306247,"ARRASAMENTO DE ESTACAS DE CONCRETO ",{"$nulls":5},"Valores em reais (R$)"]
[null,"A - EQUIPAMENTOS",null,"Quantidade","Utilização",null,"Custo Horário",null,null,"Custo"]
[{"$nulls":4},"Operativa","Improdutiva","Produtivo","Improdutivo",null,"Horário Total"]
[null,"E9640","Compressor de ar portátil de 33,51 l/s (71 PCM) - 14 kW",1,1,0,31.792100000000001,10.3933,null,{"$f":"D4111*(E4111*G4111+F4111*H4111)","v":31.792100000000001}]
[null,"E9677","Martelete perfurador/rompedor a ar comprimido de 10 kg com capacidade de 1.800 gpm",1,1,0,31.093499999999999,28.750499999999999,null,{"$f":"D4112*(E4112*G4112+F4112*H4112)","v":31.093499999999999}]
[null,"E9071","Transportador manual carrinho de mão com capacidade de 80 l",0.40549000000000002,1,0,0.70299999999999996,0.47570000000000001,null,{"$f":"D4113*(E4113*G4113+F4113*H4113)","v":0.28505946999999998}]
[{"$nulls":7},"Custo horário total de equipamentos",null,{"$f":"SUM(J4111:J4113)","v":63.170659469999997}]
[null,"B - MÃO DE OBRA",null,"Quantidade","Unidade",null,"Custo Horário","Custo Horário Total"]
[null,"P9824","Servente",0.68691999999999998,"h",null,21.684899999999999,null,null,{"$f":"D4116*G4116","v":14.895791507999999}]
[null,"-",0,null,0,null,0,null,null,{"$f":"D4117*G4117","v":0}]
[null,null,null,"Custo horário total de mão de obra",{"$nulls":5},{"$f":"SUM(J4116:J4117)","v":14.895791507999999}]
[null,null,null,"Custo horário total de execução",{"$nulls":5},{"$f":"J4114+J4118","v":78.066450977999992}]
[null,null,null,"Custo unitário de execução",{"$nulls":5},{"$f":"J4119/I4107","v":170.20920304807586}]
[{"$nulls":7},"Custo do FIC",null,0]
[{"$nulls":7},"Custo do FIT",null,0]
[null,"C - MATERIAL",null,"Quantidade","Unidade",null,"Preço Unitário","Custo Unitário"]
[null,"M1391","Ponteiro para martelete - D = 22 mm e C = 1,00 m",0.17799999999999999,"un",null,491.53449999999998,null,null,{"$f":"D4124*G4124","v":87.493140999999994}]
[null,"-",0,null," - ",null,0,null,null,{"$f":"D4125*G4125","v":0}]
[null,null,null,"Custo unitário total de material",{"$nulls":5},{"$f":"SUM(J4124:J4125)","v":87.493140999999994}]
[null,"D - ATIVIDADES AUXILIARES",null,"Quantidade","Unidade",null,"Custo Unitário","Custo Unitário"]
[null,"-",0,null,0,null,0,null,null,{"$f":"D4128*G4128","v":0}]
[null,"-",0,null,0,null,0,null,null,{"$f":"D4129*G4129","v":0}]
[null,null,null,"Custo total de atividades auxiliares",{"$nulls":5},{"$f":"SUM(J4128:J4129)","v":0}]
[{"$nulls":7},"Subtotal",null,{"$f":"J4120+J4126+J4130+J4121+J4122","v":257.70234404807587}]
[null,"E - TEMPO FIXO",null,"Código","Quantidade","Unidade",null,"Custo Unitário","Custo Unitário"]
[null,"-",0,"-",null,0,null,0,null,{"$f":"ROUNDDOWN(E4133*H4133,4)","v":0}]
[null,"-",0,"-",null,0,null,0,null,{"$f":"ROUNDDOWN(E4134*H4134,4)","v":0}]
[null,null,null,"Custo unitário total de tempo fixo",{"$nulls":5},{"$f":"SUM(J4133:J4134)","v":0}]
[null,"F - MOMENTO DE TRANSPORTE",null,"Quantidade","Unidade","DMT",null,null,null,"Custo Unitário"]
[{"$nulls":5},"LN","RP","P"]
[null,"-",0,null,"tkm"]
[null,"-",0,null,"tkm"]
[null,null,null,"Custo unitário total de transporte"]
[{"$nulls":5},"Custo unitário direto total",null,null,null,{"$f":"TRUNC(J4131+J4135,2)","v":257.7}]
[null,"Obs."]
[]
[132,"1ª/GRD",{"$nulls":8},{"$f":"J4184","v":15.35}]
[null,"OBRA:","EXECUÇÃO DAS OBRAS E SERVIÇOS DE CONSTRUÇÃO DE PONTES E GALERIAS, INCLUINDO A CONCLUSÃO DE ESTRUTURAS JÁ INICIADAS, LOCALIZADAS NA ÁREA DA BARRAGEM DE APROVEITAMENTO MÚLTIPLO JEQUITAÍ I, NO MUNICÍPIO DE FRANCISCO DUMONT, NO ESTADO DE MINAS GERAIS - ITEM 2: PONTE N e GALERIA O"]
[null,"Custo Unitário de Referência",null,null,"Minas Gerais"]
[{"$nulls":4}," Abril/2025 ",null,null,"Produção da equipe ",134.56,{"$f":"VLOOKUP(A4144,ORÇAMENTO!A:L,7,0)","v":"m³"}]
[null,"4011211","REFORÇO DO SUBLEITO COM MATERIAL DE JAZIDA - 100% PROCTOR INTERMEDIÁRIO",{"$nulls":5},"Valores em reais (R$)"]
[null,"A - EQUIPAMENTOS",null,"Quantidade","Utilização",null,"Custo Horário",null,null,"Custo"]
[{"$nulls":4},"Operativa","Improdutiva","Produtivo","Improdutivo",null,"Horário Total"]
[null,"E9571","Caminhão tanque com capacidade de 10.000 l - 188 kW",1,0.74,0.26,358.54259999999999,97.3673,null,{"$f":"D4151*(E4151*G4151+F4151*H4151)","v":290.637022}]
[null,"E9518","Grade de 24 discos rebocável de D = 60 cm (24\")",1,0.41,0.59000000000000008,4.9439000000000002,3.4428000000000001,null,{"$f":"D4152*(E4152*G4152+F4152*H4152)","v":4.0582510000000003}]
[null,"E9524","Motoniveladora - 93 kW",1,0.59,0.41000000000000003,342.05520000000001,150.57470000000001,null,263.54819500000002]
[null,"E9762","Rolo compactador de pneus autopropelido de 27 t - 85 kW",1,0.96,4.0000000000000036E-2,331.78800000000001,164.60919999999999,null,325.10084799999998]
[null,"E9685","Rolo compactador pé de carneiro vibratório autopropelido por pneus de 11,6 t - 82 kW",1,1,0,248.25219999999999,114.1401,null,248.25219999999999]
[null,"E9577","Trator agrícola sobre pneus - 77 kW",1,0.41,0.59000000000000008,178.655,70.547200000000004,null,114.871398]
[{"$nulls":7},"Custo horário total de equipamentos",null,{"$f":"SUM(J4151:J4156)","v":1246.4679139999998}]
[null,"B - MÃO DE OBRA",null,"Quantidade","Unidade",null,"Custo Horário","Custo Horário Total"]
[null,"P9824","Servente",1,"h",null,21.684899999999999,null,null,{"$f":"D4159*G4159","v":21.684899999999999}]
[null,"-",0,null,0,null,0,null,null,{"$f":"D4160*G4160","v":0}]
[null,null,null,"Custo horário total de mão de obra",{"$nulls":5},{"$f":"SUM(J4159:J4160)","v":21.684899999999999}]
[null,null,null,"Custo horário total de execução",{"$nulls":5},{"$f":"J4157+J4161","v":1268.1528139999998}]
[null,null,null,"Custo unitário de execução",{"$nulls":5},{"$f":"J4162/I4147","v":9.4244412455410203}]
[{"$nulls":7},"Custo do FIC",null,0.19120000000000001]
[{"$nulls":7},"Custo do FIT",null,0]
[null,"C - MATERIAL",null,"Quantidade","Unidade",null,"Preço Unitário","Custo Unitário"]
[null,"-",0,null," - ",null,0,null,null,{"$f":"D4167*G4167","v":0}]
[null,"-",0,null," - ",null,0,null,null,{"$f":"D4168*G4168","v":0}]
[null,null,null,"Custo unitário total de material",{"$nulls":5},{"$f":"SUM(J4167:J4168)","v":0}]
[null,"D - ATIVIDADES AUXILIARES",null,"Quantidade","Unidade",null,"Custo Unitário","Custo Unitário"]
[null,4016096,"Escavação e carga de material de jazida com escavadeira hidráulica de 1,56 m³",1.1002700000000001,"m³",null,1.62,null,null,{"$f":"D4171*G4171","v":1.7824374000000003}]
[null,"-",0,null,0,null,0,null,null,{"$f":"D4172*G4172","v":0}]
[null,null,null,"Custo total de atividades auxiliares",{"$nulls":5},{"$f":"SUM(J4171:J4172)","v":1.7824374000000003}]
[{"$nulls":7},"Subtotal",null,{"$f":"J4163+J4169+J4173+J4164+J4165","v":11.398078645541021}]
[null,"E - TEMPO FIXO",null,"Código","Quantidade","Unidade",null,"Custo Unitário","Custo Unitário"]
[null,4016096,"Escavação e carga de material de jazida com escavadeira hidráulica de 1,56 m³",5914354,2.0630099999999998,"m³",null,1.92,null,{"$f":"ROUNDDOWN(E4176*H4176,4)","v":3.9609000000000001}]
[null,"-",0,"-",null,0,null,0,null,{"$f":"ROUNDDOWN(E4177*H4177,4)","v":0}]
[null,null,null,"Custo unitário total de tempo fixo",{"$nulls":5},{"$f":"SUM(J4176:J4177)","v":3.9609000000000001}]
[null,"F - MOMENTO DE TRANSPORTE",null,"Quantidade","Unidade","DMT",null,null,null,"Custo Unitário"]
[{"$nulls":5},"LN","RP","P"]
[null,"-",0,null,"tkm"]
[null,"-",0,null,"tkm"]
[null,null,null,"Custo unitário total de transporte"]
[{"$nulls":5},"Custo unitário direto total",null,null,null,{"$f":"TRUNC(J4174+J4178,2)","v":15.35}]
[null,"Obs."]
[]
[133,"1ª/GRD",{"$nulls":8},{"$f":"J4223","v":21.2}]
[null,"OBRA:","EXECUÇÃO DAS OBRAS E SERVIÇOS DE CONSTRUÇÃO DE PONTES E GALERIAS, INCLUINDO A CONCLUSÃO DE ESTRUTURAS JÁ INICIADAS, LOCALIZADAS NA ÁREA DA BARRAGEM DE APROVEITAMENTO MÚLTIPLO JEQUITAÍ I, NO MUNICÍPIO DE FRANCISCO DUMONT, NO ESTADO DE MINAS GERAIS - ITEM 2: PONTE N e GALERIA O"]
[null,"Custo Unitário de Referência",null,null,"Minas Gerais"]
[{"$nulls":4}," Abril/2025 ",null,null,"Produção da equipe ",20.8,{"$f":"VLOOKUP(A4187,ORÇAMENTO!A:L,7,0)","v":"ton"}]
[null,"5915015","CARGA, MANOBRA E DESCARGA DE MATERIAIS DIVERSOS EM CAMINHÃO CARROCERIA COM GUINDAUTO",{"$nulls":5},"Valores em reais (R$)"]
[null,"A - EQUIPAMENTOS",null,"Quantidade","Utilização",null,"Custo Horário",null,null,"Custo"]
[{"$nulls":4},"Operativa","Improdutiva","Produtivo","Improdutivo",null,"Horário Total"]
[null,"E9041","Caminhão guindauto com capacidade de elevação de 11,9 t e carroceria de 11,5 t - 188 kW",1,1,0,397.6644,122.861,null,{"$f":"D4194*(E4194*G4194+F4194*H4194)","v":397.6644}]
[null,"-",0,null,null,null,0,0,null,{"$f":"D4195*(E4195*G4195+F4195*H4195)","v":0}]
[{"$nulls":7},"Custo horário total de equipamentos",null,{"$f":"SUM(J4194:J4195)","v":397.6644}]
[null,"B - MÃO DE OBRA",null,"Quantidade","Unidade",null,"Custo Horário","Custo Horário Total"]
[null,"P9824","Servente",2,"h",null,21.684899999999999,null,null,{"$f":"D4198*G4198","v":43.369799999999998}]
[null,"-",0,null,0,null,0,null,null,{"$f":"D4199*G4199","v":0}]
[null,null,null,"Custo horário total de mão de obra",{"$nulls":5},{"$f":"SUM(J4198:J4199)","v":43.369799999999998}]
[null,null,null,"Custo horário total de execução",{"$nulls":5},{"$f":"J4196+J4200","v":441.0342}]
[null,null,null,"Custo unitário de execução",{"$nulls":5},{"$f":"J4201/I4190","v":21.203567307692307}]
[{"$nulls":7},"Custo do FIC",null,0]
[{"$nulls":7},"Custo do FIT",null,0]
[null,"C - MATERIAL",null,"Quantidade","Unidade",null,"Preço Unitário","Custo Unitário"]
[null,"-",0,null," - ",null,0,null,null,{"$f":"D4206*G4206","v":0}]
[null,"-",0,null," - ",null,0,null,null,{"$f":"D4207*G4207","v":0}]
[null,null,null,"Custo unitário total de material",{"$nulls":5},{"$f":"SUM(J4206:J4207)","v":0}]
[null,"D - ATIVIDADES AUXILIARES",null,"Quantidade","Unidade",null,"Custo Unitário","Custo Unitário"]
[null,"-",0,null,0,null,0,null,null,{"$f":"D4210*G4210","v":0}]
[null,"-",0,null,0,null,0,null,null,{"$f":"D4211*G4211","v":0}]
[null,null,null,"Custo total de atividades auxiliares",{"$nulls":5},{"$f":"SUM(J4210:J4211)","v":0}]
[{"$nulls":7},"Subtotal",null,{"$f":"J4202+J4208+J4212+J4203+J4204","v":21.203567307692307}]
[null,"E - TEMPO FIXO",null,"Código","Quantidade","Unidade",null,"Custo Unitário","Custo Unitário"]
[null,"-",0,"-",null,0,null,0,null,{"$f":"ROUNDDOWN(E4215*H4215,4)","v":0}]
[null,"-",0,"-",null,0,null,0,null,{"$f":"ROUNDDOWN(E4216*H4216,4)","v":0}]
[null,null,null,"Custo unitário total de tempo fixo",{"$nulls":5},{"$f":"SUM(J4215:J4216)","v":0}]
[null,"F - MOMENTO DE TRANSPORTE",null,"Quantidade","Unidade","DMT",null,null,null,"Custo Unitário"]
[{"$nulls":5},"LN","RP","P"]
[null,"-",0,null,"tkm"]
[null,"-",0,null,"tkm"]
[null,null,null,"Custo unitário total de transporte"]
[{"$nulls":5},"Custo unitário direto total",null,null,null,{"$f":"TRUNC(J4213+J4217,2)","v":21.2}]
[null,"Obs."]
[]
[134,"1ª/GRD",{"$nulls":8},{"$f":"J4262","v":19.62}]
[null,"OBRA:","EXECUÇÃO DAS OBRAS E SERVIÇOS DE CONSTRUÇÃO DE PONTES E GALERIAS, INCLUINDO A CONCLUSÃO DE ESTRUTURAS JÁ INICIADAS, LOCALIZADAS NA ÁREA DA BARRAGEM DE APROVEITAMENTO MÚLTIPLO JEQUITAÍ I, NO MUNICÍPIO DE FRANCISCO DUMONT, NO ESTADO DE MINAS GERAIS - ITEM 2: PONTE N e GALERIA O"]
[null,"Custo Unitário de Referência",null,null,"Minas Gerais"]
[{"$nulls":4}," Abril/2025 ",null,null,"Produção da equipe ",15,{"$f":"VLOOKUP(A4226,ORÇAMENTO!A:L,7,0)","v":"kg"}]
[null,"2408149a","ESTRUTURA EM PERFIL DE AÇO ASTM A572, CORTE, SOLDA E MONTAGEM - FORNECIMENTO E INSTALAÇÃO",{"$nulls":5},"Valores em reais (R$)"]
[null,"A - EQUIPAMENTOS",null,"Quantidade","Utilização",null,"Custo Horário",null,null,"Custo"]
[{"$nulls":4},"Operativa","Improdutiva","Produtivo","Improdutivo",null,"Horário Total"]
[null,"E9686","Caminhão guindauto com capacidade de elevação de 6,2 t e carroceria de 7 t - 136 kW",7.5300000000000006E-2,1,0,321.74520000000001,111.5652,null,{"$f":"D4233*(E4233*G4233+F4233*H4233)","v":24.227413560000002}]
[null,"-",0,null,null,null,0,0,null,{"$f":"D4234*(E4234*G4234+F4234*H4234)","v":0}]
[{"$nulls":7},"Custo horário total de equipamentos",null,{"$f":"SUM(J4233:J4234)","v":24.227413560000002}]
[null,"B - MÃO DE OBRA",null,"Quantidade","Unidade",null,"Custo Horário","Custo Horário Total"]
[null,"P9801","Ajudante",1,"h",null,23.715,null,null,{"$f":"D4237*G4237","v":23.715}]
[null,"P9830","Montador",1,"h",null,38.192900000000002,null,null,{"$f":"D4238*G4238","v":38.192900000000002}]
[null,null,null,"Custo horário total de mão de obra",{"$nulls":5},{"$f":"SUM(J4237:J4238)","v":61.907899999999998}]
[null,null,null,"Custo horário total de execução",{"$nulls":5},{"$f":"J4235+J4239","v":86.13531356}]
[null,null,null,"Custo unitário de execução",{"$nulls":5},{"$f":"J4240/I4229","v":5.7423542373333332}]
[{"$nulls":7},"Custo do FIC",null,0]
[{"$nulls":7},"Custo do FIT",null,0]
[null,"C - MATERIAL",null,"Quantidade","Unidade",null,"Preço Unitário","Custo Unitário"]
[null,"M0946","Aço em perfis ASTM A572 grau 50",1.03,"kg",null,12.376300000000001,null,null,{"$f":"D4245*G4245","v":12.747589000000001}]
[null,"-",0,null," - ",null,0,null,null,{"$f":"D4246*G4246","v":0}]
[null,null,null,"Custo unitário total de material",{"$nulls":5},{"$f":"SUM(J4245:J4246)","v":12.747589000000001}]
[null,"D - ATIVIDADES AUXILIARES",null,"Quantidade","Unidade",null,"Custo Unitário","Custo Unitário"]
[null,1408173,"Corte de perfis metálicos com maçarico oxiacetileno",1,"cm²",null,0.06,null,null,{"$f":"D4249*G4249","v":0.06}]
[null,2408058,"Solda elétrica de perfis metálicos e chapas de aço com eletrodo E70XX",1.4999999999999999E-2,"kg",null,69.06,null,null,{"$f":"D4250*G4250","v":1.0359}]
[null,null,null,"Custo total de atividades auxiliares",{"$nulls":5},{"$f":"SUM(J4249:J4250)","v":1.0959000000000001}]
[{"$nulls":7},"Subtotal",null,{"$f":"J4241+J4247+J4251+J4242+J4243","v":19.585843237333336}]
[null,"E - TEMPO FIXO",null,"Código","Quantidade","Unidade",null,"Custo Unitário","Custo Unitário"]
[null,"M0946","Aço em perfis ASTM A572 grau 50",5914655,1.0300000000000001E-3,"t",null,33.92,null,{"$f":"ROUNDDOWN(E4254*H4254,4)","v":3.49E-2}]
[null,"-",0,"-",null,0,null,0,null,{"$f":"ROUNDDOWN(E4255*H4255,4)","v":0}]
[null,null,null,"Custo unitário total de tempo fixo",{"$nulls":5},{"$f":"SUM(J4254:J4255)","v":3.49E-2}]
[null,"F - MOMENTO DE TRANSPORTE",null,"Quantidade","Unidade","DMT",null,null,null,"Custo Unitário"]
[{"$nulls":5},"LN","RP","P"]
[null,"M0946","Aço em perfis ASTM A572 grau 50",1.0300000000000001E-3,"tkm"]
[null,"-",0,null,"tkm"]
[null,null,null,"Custo unitário total de transporte"]
[{"$nulls":5},"Custo unitário direto total",null,null,null,{"$f":"TRUNC(J4252+J4256,2)","v":19.62}]
[null,"Obs."]

{"sheet":"AUX-VEIC","index":2,"n_rows":61,"n_cols":3,"rows_kept":61,"cut":false,"hidden":false,"merged":[[52,19,52,26],[4,0,4,2],[6,0,6,2],[7,0,7,1],[7,4,7,7],[8,0,8,2],[52,8,52,18]]}
[]
[]
[]
[]
["Composição de Preços de Locação de Veículo tipo pick-up"]
[null,"Data de atualização:","2026-02-11"]
["CODEVASF "]
["OBS:               Preço sem BDI e sem motorista                                                                   BDI="]
["Veículo tipo pick-up, cabine dupla - 2.0 16V 4x4 diesel Aut."]
[null,"Custo Mensal (R$):",4448.0572095749767]
[null,"Custo Diária (R$):",202.1844186170444]
[null,"Custo Horário (R$):",25.27305232713055]
["A","Depreciação mensal do equipamento"]
["A1","Preço de Aquisição ",209327.5]
["A2","Tempo previsto de vida útil (meses)",36]
["A3","Previsão de recup. Na venda do bem usado",0.7]
["A4","Custo mensal [A1-(A3xA1)]/A2",1744.3958333333333]
["B","Juros pelo Capital empregado"]
["B1","Taxa mensal de Juros *",1.1641575009651461E-2]
["B2","Juros s/depreciação/aluguel (B1xA4)",20.307514940273467]
["C","Conservação e manutenção **",0.75]
["C1","Taxa de gastos s/a deprec. Inc. seguros (%)",0.75]
["C2","Incidência mensal (C1xA4)",1308.296875]
["D","Combustível"]
["D1","Média mensal de quilômetro por veículo",2000]
["D2","Preço do litro de combustível",6.12]
["D3","Quilômetros rodados com um litro combustivel",10]
["D4","Combustivel    (D1/D3)*D2",1224]
["E","Lubrificantes"]
["E1","Quilometragem do Contrato (D1*12)",72000]
["E2","Franquia por troca de óleo (km)",10000]
["E3","Preço do litro de óleo",38.935000000000002]
["E4","Quantidade de litros de óleo por troca",5]
["E5","Quantidade de dias do Contrato",1095]
["E6","Lubrificantes  E = (E1*E3*E4*30)/E2*E5",38.40164383561644]
["F","Pneus"]
["F1","Quilometragem do Contrato ",72000]
["F2","Vida do Pneu em quilômetros",45000]
["F3","Quantidade de pneus",5]
["F4","Preço do Pneu",513.99]
["F5","Quantidade de dias do contrato ",1095]
["F6","Pneus = (F1*F3*F4*30)/(F2*F5)",112.65534246575342]
["G","Motorista"]
["G1","Salário com encargos sociais",5276.8743149542925]
["H","Custo Mensal"," "]
[null,"Sem Motorista (A4+B2+C2+D4+E6+F6)",4448.0572095749767]
[null,"Com Motorista (A4+B2+C2+D4+E6+F6+G1)",9724.9315245292692]
["I","Custo Direto p/ km Rodado"]
[null,"Sem Motorista",2.2240286047874882]
[null,"Com Motorista",4.8624657622646348]
["J","Preço cobrado sem BDI",4448.0572095749767]
["J1","Sem Motorista",4448.0572095749767]
["J2","Com Motorista",9724.9315245292692]
[]
[null,"OBSERVAÇÕES:"]
["*","Calculado com base na taxa SELIC JANEIRO/2026:",0.14899999999999999]
[null," Taxa de Juros Selic — Português (Brasil) (www.gov.br) "]
["**","Conservação e manutenção - é calculado com o uso de um coeficiente multiplicador \"k\", conforme tabela abaixo, sobre a "]
[null,"depreciação mensal do equipamento (Item A da planilha de composição de preços). Os valores de K são fornecidos por"]
[null," fabricantes. "]
[null,"Metodologia conforme a bibliografia \"Como Preparar Orçamentos de Obras\", 3 edição, Aldo Dórea Mattos, 2019."]

{"sheet":"BDI","index":3,"n_rows":63,"n_cols":3,"rows_kept":63,"cut":false,"hidden":false,"merged":[[1,0,1,3],[2,0,2,3],[3,0,3,3],[66,0,66,2],[4,0,4,2],[5,0,5,2],[49,0,49,3],[64,0,64,1],[17,0,17,2],[50,1,50,2],[63,0,63,1],[48,0,48,2]]}
[]
["OBRA:  CONSTRUÇÃO DE PONTES E GALERIAS, INCLUINDO A CONCLUSÃO DE ESTRUTURAS JÁ INICIADAS,\n              LOCALIZADAS NA ÁREA DA BARRAGEM DE APROVEITAMENTO MÚLTIPLO JEQUITAÍ I"]
["LOCAL:  Francisco Dumont - MG"]
["DATA BASE:  Novembro / 2025"]
["DETALHAMENTO DO BDI  - SEM DESONERAÇÃO"]
["EXECUÇÃO DAS OBRAS E SERVIÇOS DE CONSTRUÇÃO DE PONTES E GALERIAS, INCLUINDO A CONCLUSÃO DE ESTRUTURAS JÁ INICIADAS, LOCALIZADAS NA ÁREA DA BARRAGEM DE APROVEITAMENTO MÚLTIPLO JEQUITAÍ I, NO MUNICÍPIO DE FRANCISCO DUMONT, NO ESTADO DE MINAS GERAIS - ITEM 2: PONTE N e GALERIA O"]
["DESCRIÇÃO DOS SERVIÇOS","PREÇO DE VENDA (%)","CUSTO DIRETO (%)"]
["ADMINISTRAÇÃO CENTRAL",null,0.06]
["DESPESA FINANCEIRAS",1.0200000000000001E-2]
["SEGUROS E GARANTIAS CONTRATUAIS",2.5000000000000001E-3]
["RISCOS",5.0000000000000001E-3]
["LUCRO OPERACIONAL",null,7.0000000000000007E-2]
["PIS",6.4999999999999997E-3]
["COFINS",0.03]
["ISSQN",0.05]
["Contribuição Previdenciaria",0]
[null,"BDI",0.26140000000000002]
["Observação: O percentual de ISSQN aqui utilizado consiste apenas em um referencial médio. O valor real do ISSQN a ser adotado deve ser aquele proveniente das alíquotas dos municípios situados na área de influência das obras."]
[null," "]
{"$rows_empty":29}
["DETALHAMENTO DO BDI DIFERENCIADO  - SEM DESONERAÇÃO"]
["EXECUÇÃO DAS OBRAS E SERVIÇOS DE CONSTRUÇÃO DE PONTES E GALERIAS, INCLUINDO A CONCLUSÃO DE ESTRUTURAS JÁ INICIADAS, LOCALIZADAS NA ÁREA DA BARRAGEM DE APROVEITAMENTO MÚLTIPLO JEQUITAÍ I, NO MUNICÍPIO DE FRANCISCO DUMONT, NO ESTADO DE MINAS GERAIS - ITEM 2: PONTE N e GALERIA O"]
[]
["DESCRIÇÃO DOS SERVIÇOS","PREÇO DE VENDA (%)","CUSTO DIRETO (%)"]
["ADMINISTRAÇÃO CENTRAL",null,3.7699999999999997E-2]
["DESPESA FINANCEIRAS",1.0200000000000001E-2]
["SEGUROS E GARANTIAS CONTRATUAIS",2.5000000000000001E-3]
["RISCOS",5.0000000000000001E-3]
["LUCRO OPERACIONAL",null,0.05]
["PIS",6.4999999999999997E-3]
["COFINS",0.03]
["ISSQN",0]
["Contribuição Previdenciaria",0]
[null,"BDI",0.15]
["Fonte da composição, valores de referência e fórmula do BDI:  Instrução Normativa N° 62/DNIT SEDE"]

{"sheet":"CRONOG","index":4,"n_rows":47,"n_cols":18,"rows_kept":47,"cut":false,"hidden":false,"merged":[[43,1,44,2],[46,1,50,17],[39,0,40,0],[39,1,40,1],[39,2,40,2],[41,0,42,0],[41,1,42,1],[41,2,42,2],[37,1,38,1],[37,2,38,2],[37,0,38,0],[33,0,34,0],[33,1,34,1],[33,2,34,2],[35,0,36,0],[35,1,36,1],[35,2,36,2],[29,0,30,0],[29,1,30,1],[29,2,30,2],[31,0,32,0],[31,1,32,1],[31,2,32,2],[25,0,26,0],[25,1,26,1],[25,2,26,2],[27,0,28,0],[27,1,28,1],[27,2,28,2],[21,0,22,0],[21,1,22,1],[21,2,22,2],[23,0,24,0],[23,1,24,1],[23,2,24,2],[17,0,18,0],[17,1,18,1],[17,2,18,2],[19,0,20,0],[19,1,20,1],[19,2,20,2],[13,0,14,0],[13,1,14,1],[13,2,14,2],[15,0,16,0],[15,1,16,1],[15,2,16,2],[9,0,10,0],[9,1,10,1],[9,2,10,2],[11,0,12,0],[11,1,12,1],[11,2,12,2],[5,0,6,0],[5,1,6,1],[5,2,6,2],[7,0,8,0],[7,1,8,1],[7,2,8,2],[3,1,3,17],[0,1,0,17],[1,1,2,1],[1,2,2,4],[1,6,1,17],[2,6,2,17]]}
[null,"CRONOGRAMA FÍSICO-FINANCEIRO"]
[null,"OBRA: ","EXECUÇÃO DAS OBRAS E SERVIÇOS DE CONSTRUÇÃO DE PONTES E GALERIAS, INCLUINDO A CONCLUSÃO DE ESTRUTURAS JÁ INICIADAS, LOCALIZADAS NA ÁREA DA BARRAGEM DE APROVEITAMENTO MÚLTIPLO JEQUITAÍ I, NO MUNICÍPIO DE FRANCISCO DUMONT, NO ESTADO DE MINAS GERAIS - ITEM 2: PONTE N e GALERIA O",null,null,"VALOR:",12186985.699999999]
[{"$nulls":5},"PRAZO: ","360 DIAS "]
[]
[null,"ITEM","ETAPAS/DESCRIÇAO","FISICO/  FINANCEIRO","TOTAL    ETAPAS","MÊS 1","MÊS 2","MÊS 3","MÊS 4","MÊS 5","MÊS 6","MÊS 7","MÊS 8","MÊS 9","MÊS 10","MÊS 11","MÊS 12","TOTAL"]
["A","1","MOBILIZAÇÃO E SERVIÇOS PRELIMINARES","FISICO ",0.158,0.21144618617950028,0.14052970243278565,8.2347333669278294E-2,9.9580873371478223E-2,0.13404795277587808,9.6812406876068832E-2,6.7023976387939041E-2,5.2129755950776152E-2,4.4682650925292687E-2,3.723554070671125E-2,2.2341325462646344E-2,1.1822295261644997E-2,0.99999999999999978]
[null,null,null,"FINANCEIRO",1925632.8400000003,407167.72,270608.61,158570.73000000001,191756.2,258127.14,186425.15,129063.57,100382.77,86042.38,71701.98,43021.19,22765.4,1925632.8399999999]
["A1","1.1","CANTEIRO DE OBRAS  ","FISICO ",0.1177,0.1,7.0000000000000007E-2,0.09,0.12,0.18,0.13,0.09,7.0000000000000007E-2,0.06,0.05,0.03,0.01,1.0000000000000002]
[null,null,null,"FINANCEIRO",1434039.6400000001,143403.96,100382.77,129063.57,172084.76,258127.14,186425.15,129063.57,100382.77,86042.38,71701.98,43021.19,14340.4,1434039.6400000001]
["A2","1.2","TRANSPORTE DE EQUIPAMENTOS","FISICO ",1.4E-3,0.5,{"$nulls":10},0.5,1]
[null,null,null,"FINANCEIRO",16850,8425,0,0,0,0,0,0,0,0,0,0,8425,16850]
["A3","1.3","SERVIÇOS PRELIMINARES","FISICO ",3.49E-2,0.6,0.4,{"$nulls":10},1]
[null,null,null,"FINANCEIRO",425564.6,255338.76,170225.84,0,0,0,0,0,0,0,0,0,0,425564.6]
["A4","1.4","PLANO DE RIGGING","FISICO ",4.0000000000000001E-3,null,null,0.6,0.4,{"$nulls":8},1]
[null,null,null,"FINANCEIRO",49178.6,0,0,29507.16,19671.439999999999,0,0,0,0,0,0,0,0,49178.6]
["B","2","PONTE N ","FISICO ",0.63749999999999996,2.5911823542750876E-3,4.9047609937815206E-2,9.291285387995192E-2,0.11614106767172198,0.14174602309305628,0.12089455093085046,0.12186157042903334,9.8633356637263289E-2,9.8633356637263289E-2,7.3028401215928976E-2,6.5966739077973929E-2,1.8543293283379246E-2,1.0000000051485129]
[null,null,null,"FINANCEIRO",7769233.2100000018,20131.5,381062.32,721861.63,902327.04,1101257.9100000001,939257.96,946770.96,766305.55,766305.55,567374.67999999993,512510.98,144067.17000000001,7769233.25]
["B1","2.1","OBRAS DE ARTE CORRENTE E DRENAGEM","FISICO ",0.16320000000000001,{"$nulls":4},0.1,0.2,0.2,0.2,0.2,0.1,null,null,0.99999999999999989]
[null,null,null,"FINANCEIRO",1989308.6800000002,0,0,0,0,198930.87,397861.74,397861.74,397861.74,397861.74,198930.87,0,0,1989308.6999999997]
["B2","2.2","ESTRUTURAS","FISICO ",0.29620000000000002,null,0.1,0.2,0.25,0.25,0.15,0.05,{"$nulls":5},1]
[null,null,null,"FINANCEIRO",3609308.16,0,360930.82,721861.63,902327.04,902327.04,541396.22,180465.41,0,0,0,0,0,3609308.16]
["B3","2.3","TERRAPLANAGEM E PAVIMENTAÇÃO ASFÁLTICA","FISICO ",0.1512,{"$nulls":6},0.2,0.2,0.2,0.2,0.2,null,1]
[null,null,null,"FINANCEIRO",1842219.0399999998,0,0,0,0,0,0,368443.81,368443.81,368443.81,368443.81,368443.81,0,1842219.05]
["B4","2.4","SINALIZAÇÃO E OBRAS COMPLEMENTARES","FISICO ",2.3599999999999999E-2,{"$nulls":10},0.5,0.5,1]
[null,null,null,"FINANCEIRO",288134.34000000003,0,0,0,0,0,0,0,0,0,0,144067.17000000001,144067.17000000001,288134.34000000003]
["B5","2.5","SINALIZAÇÃO DE OBRA","FISICO ",3.3E-3,0.5,0.5,{"$nulls":10},1]
[null,null,null,"FINANCEIRO",40262.99,20131.5,20131.5,0,0,0,0,0,0,0,0,0,0,40263]
["C","3","GALERIA O","FISICO ",0.15989999999999999,6.5746217905189477E-4,5.0671503179491713E-2,5.0014041000439817E-2,5.0014041000439817E-2,0.17345844686339085,0.17345844686339085,0.12344440586295104,0.12344440586295104,0.1562926174772899,3.2848211614338839E-2,3.2848211614338839E-2,3.2848211614338839E-2,1.0000000051324134]
[null,null,null,"FINANCEIRO",1948401.0500000003,1281,98728.41,97447.41,97447.41,337966.62,337966.62,240519.21,240519.21,304520.7,64001.49,64001.49,64001.49,1948401.0599999998]
["C1","3.1","TERRAPLANAGEM","FISICO ",9.8699999999999996E-2,{"$nulls":4},0.2,0.2,0.2,0.2,0.2,null,null,null,1]
[null,null,null,"FINANCEIRO",1202596.04,0,0,0,0,240519.21,240519.21,240519.21,240519.21,240519.21,0,0,0,1202596.05]
["C2","3.2","ESTRUTURAS","FISICO ",0.04,null,0.2,0.2,0.2,0.2,0.2,{"$nulls":6},1]
[null,null,null,"FINANCEIRO",487237.05,0,97447.41,97447.41,97447.41,97447.41,97447.41,0,0,0,0,0,0,487237.05000000005]
["C3","3.3","RELOCAÇÃO DE TRECHO","FISICO ",2.1000000000000001E-2,{"$nulls":8},0.25,0.25,0.25,0.25,1]
[null,null,null,"FINANCEIRO",256005.96000000002,0,0,0,0,0,0,0,0,64001.49,64001.49,64001.49,64001.49,256005.96]
["C4","3.4","SINALIZAÇÃO DE OBRA","FISICO ",2.0000000000000001E-4,0.5,0.5,{"$nulls":10},1]
[null,null,null,"FINANCEIRO",2562,1281,1281,0,0,0,0,0,0,0,0,0,0,2562]
["D","4","FORNECIMENTO DE MATERIAIS BETUMINOSOS E MASSA ASFÁLTICA (BDI DIFERENCIADO)","FISICO ",4.4600000000000001E-2,0,0,0,0,0,0,0,0,1,0,0,0,1]
[null,null,null,"FINANCEIRO",543718.6,0,0,0,0,0,0,0,0,543718.6,0,0,0,543718.6]
["D1","4.1","EMULSÕES ASFÁLTICAS","FISICO ",1.52E-2,{"$nulls":8},1,null,null,null,1]
[null,null,null,"FINANCEIRO",184780.6,0,0,0,0,0,0,0,0,184780.6,0,0,0,184780.6]
["D2","4.2","MASSA ASFÁLTICA","FISICO ",2.9499999999999998E-2,{"$nulls":8},1,null,null,null,1]
[null,null,null,"FINANCEIRO",358938,0,0,0,0,0,0,0,0,358938,0,0,0,358938]
[null,"TOTAL",null,"FISICO ",0.53412644769083462,3.5167040525861941E-2,6.1573826249750989E-2,8.0239674852494489E-2,9.7770743260985365E-2,0.13927575790952149,0.12009940489222039,0.10801307004077307,9.0851631178987924E-2,0.13954125095920969,5.7690898086472674E-2,5.0835676290323359E-2,1.8941029856135792E-2,1.000000004102737]
[null,null,null,"FINANCEIRO",12186985.700000001,428580.22,750399.34,977879.77,1191530.6500000001,1697351.6700000004,1463649.73,1316353.74,1107207.53,1700587.23,703078.14999999991,619533.65999999992,230834.06,12186985.760000002]
[]
[null,"OBSERVAÇÕES:"]